{"text_format":"3","workbook":"xlsx","n_sheets":1,"sheets":["Australian_Data_Export"],"not_rendered":{"defined_names":1},"read":"whole","date_system":"1900"}

{"sheet":"Australian_Data_Export","index":0,"n_rows":1082,"n_cols":110,"rows_kept":1082}
["unique_id","site_id","original_site_id","site_city","site_state_abbrev","site_country","site_vapor_src_type","site_hydrology","vz_alt_soil_desc","vz_soil_text_code","vz_alt_soil_grade","sample_location_id","loc_name","Soil_vapor_sample_ID","sample_start_date","leak_test_yn","sample_comment","ground_cover","building_id","GW_sample_id","Soil_sample_id","Sep_Distance_High_ft","Sep_Distance_Low_ft","depth_to_GW_ft","depth_to_src_ft","gw_temp","vz_moisture_content","vz_porosity","fixed_gas_method","BDL_CO2","CO2%","BDL_O2","O2%","BDL_CH4","CH4%","Source_type_calculated","NAPL_direct_indication","NAPL_reported","NAPL_inferred_prox","Benzene GW>5000(ug/L)","TPH GW>30000(ug/L)","Benzene Soil> 10(ug/g)","TPH Soil>250(ug/g)","NAPL_inferred_other","NAPL_inferred_other_comment","site_vapor_src_origin","source_comments","GW_loc_name","GW_sample_start_date","GW_sample_comment","BDL_Dissolved_TPH","Dissolved_TPH_ug/L","BDL_Dissolved_C6-C9","Dissolved_C6-C9_ug/L","BDL_Dissolved_C10-C14","Dissolved_C10-C14_ug/L","BDL_Dissolved_Benzene","Dissolved_Benzene_ug/L","BDL_Dissolved_Toluene","Dissolved_Toluene_ug/L","BDL_Dissolved_Ehtylebenzene","Dissolved_Ethylbenzene_ug/L","BDL_Dissolved_Xylenes","Dissolved_Xylenes_ug/L","Sum BTEX","Ratio BTEX/TPH","Thickness_Clean_Soil_Benzene _100_ug/m3","Thickness_Clean_Soil_Benzene _100_ug/m3 (Less than)","Thickness_Clean_Soil_Benzene _100_ug/m3 (Both)","Thickness_Clean_Soil_Benzene _100_ug/m3 (Refined estimate)","Thickness_Clean_Soil_Benzene _100_ug/m3 (Greater than)","BDL_SoilVapor_Benzene","Vapor_Benzene_ug/m3","BDL_SoilVapor_Toluene","Vapor_Toulene_ug/m3","BDL_SoilVapor_Ethylbenzene","Vapor_Ethylbenzene_ug/m3","BDL_SoilVapor_Xylenes","Vapor_Xylenes_ug/m3","BDL_SoilVapor_Hexane","Vapor_Hexane_ug/m3","BDL_SoilVapor_TPH","SoilVapor_TPH_ug/m3","BDL_SoilVapor_HC","SoilVapor_HC_ug/m3","Soil_loc_name","Soil_sample_comment","BDL_Soil_Benzene","Soil_Benzene_mg/kg","BDL_Soil_Toluene","Soil_Toluene_mg/kg","BDL_Soil_Ethylbenzene","Soil_Ethylbenzene_mg/kg","BDL_Soil_Xylenes","Soil_Xylenes_mg/kg","BDL_Soil_TPH","Soil_TPH_mg/kg","BDL_Soil_C6-C9","Soil_C6-C9_mg/kg","BDL_Soil_C10-C14","Soil_C10-C14_mg/kg","Benzene Beneath Building","TPH Beneath Building","Comments","Questions/Data Gaps","vz_alt_soil_desc_src","fractured_rock","overlying_clean_soil","sample_DQ","sample_confidence"]
[7638,485,"BAC7","Canberra Airport","ACT","AU","Avgas",null,"clay fill","C",null,3563,"SG01",7638,"2007-02-01",{"$nulls":4},8721,null,null,1.312336,null,4.265092,{"$nulls":10},"Dissolved",false,false,false,false,false,false,false,false,null,"UST","dissolved phase impacts in GW (tank pit)","SG01-GW","2007-02-01","dissolved phase impacts in GW (tank pit)",null,16000,null,16000,{"$nulls":3},3100,null,6800,null,760,null,7200,{"$nulls":8},1,null,85,null,2.2,null,8.9,{"$nulls":3},103.33,{"$nulls":22},"clay fill","no","yes","4","2"]
[7639,485,"BAC7","Canberra Airport","ACT","AU","Avgas",null,"clay fill","C",null,3564,"SG02",7639,"2007-02-01",{"$nulls":4},8722,null,null,1.804462,null,4.265092,{"$nulls":10},"NAPL",false,false,false,false,false,false,false,true,"Aliphatics (TPH) in soil gas >50000 ug/m3 (where no hexane is reported)","UST","dissolved phase impacts in GW (MW7)","MW7","2007-02-01","dissolved phase impacts in GW (MW7)",null,16000,null,16000,{"$nulls":3},3100,null,6800,null,760,null,7200,{"$nulls":7},"<",5.73,null,13.8,null,103,null,111,{"$nulls":3},88659.8,{"$nulls":22},"clay fill","no","yes","4","2"]
[7640,485,"BAC7","Canberra Airport","ACT","AU","Avgas",null,"clay fill","C",null,3565,"SG03",7640,"2007-02-01",{"$nulls":4},8723,null,null,2.624672,null,4.265092,{"$nulls":10},"Dissolved",false,false,false,false,false,false,false,false,null,"UST","dissolved phase impacts in GW (M13A)","M13A","2007-02-01","dissolved phase impacts in GW (M13A)",null,16000,null,16000,{"$nulls":3},3100,null,6800,null,760,null,7200,{"$nulls":8},0.65,null,2.1,null,0.54,null,1.1,{"$nulls":3},53.83,{"$nulls":22},"clay fill","no","yes","4","2"]
[7641,561,"BAK83","Kingston","ACT","AU","Gasoline/Diesel",null,"concrete, fill, mudstone, siltstone","SIC",null,3566,"SV3",7641,"2009-11-01",null,null,"Pavement",{"$nulls":4},21.32546,null,45.93176,{"$nulls":5},4.9,null,0.3,null,13.8,"NAPL",true,false,false,false,false,false,false,false,null,"UST","PSH",{"$nulls":25},13000,"<",3500,"<",4000,"<",8200,null,810000,null,33750000,{"$nulls":22},"siltstone","yes","no","5","3"]
[7642,561,"BAK83","Kingston","ACT","AU","Gasoline/Diesel",null,"concrete, fill, mudstone, siltstone","SIC",null,3567,"SV4",7642,"2009-11-01",null,null,"Pavement",{"$nulls":4},21.32546,null,45.93176,{"$nulls":5},4.9,null,5,"<",0,"NAPL",true,false,false,false,false,false,false,false,null,"UST","PSH",{"$nulls":24},"<",59,"<",70,"<",81,"<",162,null,500,null,431250,{"$nulls":22},"siltstone","yes","no","5","3"]
[7643,561,"BAK83","Kingston","ACT","AU","Gasoline/Diesel",null,"concrete, fill, mudstone, siltstone","SIC",null,3568,"SV5",7643,"2009-11-01",null,null,"Pavement",{"$nulls":4},21.32546,null,45.93176,{"$nulls":5},6.6,null,1,null,4.6,"NAPL",true,false,false,false,false,false,false,false,null,"UST","PSH",{"$nulls":24},"<",470,"<",550,"<",630,"<",1260,null,150000,null,9375000,{"$nulls":22},"siltstone","yes","no","5","3"]
[7644,552,"BAW74","Watson","ACT","AU","Gasoline/Diesel",null,"concrete, clay, gravel layer","C",null,3569,"SV1",7644,"2009-07-01",{"$nulls":4},8724,null,null,8.2021,null,13.12336,{"$nulls":5},1.7,null,19,null,0.04,"Dissolved",false,false,false,true,false,false,false,false,null,"UST","Away from shallow plume, above deep plume","SV1-GW","2009-07-01","Away from shallow plume, above deep plume",null,24750,"<",21400,"<",3350,"<",6400,"<",5300,"<",1220,"<",3140,{"$nulls":7},"<",10,null,26,null,11,null,17,null,200,null,2000,{"$nulls":22},"clay","no","yes","5","3"]
[7645,552,"BAW74","Watson","ACT","AU","Gasoline/Diesel",null,"concrete, clay, gravel layer","C",null,3570,"SV2",7645,"2009-07-01",{"$nulls":4},8725,null,null,8.530184,null,12.467192,{"$nulls":5},0.98,null,20,null,0.03,"Dissolved",false,false,false,true,false,false,false,false,null,"UST","Away from shallow plume, above deep plume (MW44)","MW44","2009-07-01","Away from shallow plume, above deep plume (MW44)",null,24750,"<",21400,"<",3350,"<",6400,"<",5300,"<",1220,"<",3140,{"$nulls":7},"<",10,null,18,"<",10,"<",10,"<",100,null,700,{"$nulls":22},"clay","no","yes","5","3"]
[7646,552,"BAW74","Watson","ACT","AU","Gasoline/Diesel",null,"concrete, clay, gravel layer","C",null,3571,"SV3",7646,"2009-07-01",null,null,"Pavement",null,8726,null,null,4.593176,null,7.545932,{"$nulls":5},0.99,null,20,null,0.03,"Dissolved",false,false,false,true,false,false,false,false,null,"UST","Edge of shallow, above deep plume (MW12)","MW12","2009-07-01","Edge of shallow, above deep plume (MW12)",null,24750,null,21400,null,3350,null,6400,null,5300,null,1220,null,3140,{"$nulls":7},"<",10,"<",18,"<",10,"<",10,"<",100,null,2400,{"$nulls":22},"clay","no","yes","5","3"]
[7647,552,"BAW74","Watson","ACT","AU","Gasoline/Diesel",null,"concrete, clay, gravel layer","C",null,3572,"SV4",7647,"2009-07-01",null,null,"Pavement",null,8727,null,null,4.265092,null,7.217848,{"$nulls":5},1.4,null,19,null,0.03,"NAPL",false,true,false,true,true,false,false,false,null,"UST","Dissolved phase (MW15/MW10)","MW15/MW10","2009-07-01","Dissolved phase (MW15/MW10)",null,108200,null,79700,null,28500,null,12600,null,22600,null,2200,null,17900,{"$nulls":7},"<",10,"<",10,"<",10,"<",10,"<",100,null,1000,{"$nulls":22},"clay","no","yes","5","3"]
[7648,585,"BLEV107","Lakes Entrance","VIC","AU","Gasoline/Diesel",null,"gravel sand, sand","S",null,3573,"SV1",7648,"2001-12-01",{"$nulls":4},8728,null,null,2.296588,null,3.937008,{"$nulls":10},"NAPL",true,false,false,false,true,false,false,false,null,"UST","Dissolved phase/PSH (MW1)","MW1","2001-12-01","Dissolved phase/PSH (MW1)",null,112000,null,90000,null,22000,null,1600,null,39000,null,6300,null,45000,{"$nulls":7},"<",110,"<",55,"<",55,null,84.8,null,null,"<",null,"<",108,{"$nulls":20},"sand","no","unknown","3","3"]
[7649,585,"BLEV107","Lakes Entrance","VIC","AU","Gasoline/Diesel",null,"gravel sand, sand","S",null,3574,"SV2",7649,"2001-12-01",{"$nulls":4},8729,null,null,2.296588,null,3.937008,{"$nulls":10},"NAPL",true,false,false,false,false,false,false,false,null,"UST","Dissolved phase/PSH (MW4/5)","MW4/5","2001-12-01","Dissolved phase/PSH (MW4/5)",null,3100,null,1400,null,1700,null,80,null,21,null,170,null,1100,{"$nulls":7},"<",110,"<",55,"<",55,null,73.9,null,null,"<",null,"<",108,{"$nulls":20},"sand","no","unknown","3","3"]
[7650,483,"BNAY5","Albury","NSW","AU","Gasoline",null,"fill","SIC",null,3575,"SG03",7650,"2006-10-01",{"$nulls":7},21.653544,null,27.88714,{"$nulls":10},"NAPL",true,false,false,false,false,false,false,false,null,"UST","PSH - possibly petrol",{"$nulls":25},4.59,null,14.3,null,2.7,null,13.5,null,null,"<",60.39,{"$nulls":22},"sand, silty sand, clay","no","yes","3","3"]
[7651,483,"BNAY5","Albury","NSW","AU","Gasoline",null,"fill","SIC",null,3576,"SG08",7651,"2006-10-01",{"$nulls":4},8730,8731,null,21.653544,null,27.88714,{"$nulls":10},"NAPL",false,true,false,true,true,false,false,false,null,"UST","Dissolved phase; soil impact after remediation (mg/kg)","SG08-GW","2006-10-01","Dissolved phase",null,117500,null,93800,null,23700,null,13400,null,27000,null,3550,null,26600,{"$nulls":8},28.65,null,21.9,null,3.4,null,11.1,null,null,"<",42.13,null,null,"SG08-S","soil impact after remediation (mg/kg)",null,1.3,null,12.9,null,6.5,null,43.3,null,230,null,160,null,70,{"$nulls":4},"sand, silty sand, clay","no","yes","3","3"]
[7652,483,"BNAY5","Albury","NSW","AU","Gasoline",null,"fill","SIC",null,3577,"SG09",7652,"2006-10-01",{"$nulls":7},21.653544,null,27.88714,{"$nulls":10},"NAPL",true,false,false,false,false,false,false,false,null,"UST","PSH - possibly petrol",{"$nulls":25},10.87,null,23.6,null,2.9,null,14.5,null,null,"<",90.58,{"$nulls":22},"sand, silty sand, clay","no","yes","3","3"]
[7655,536,"BNB58","Bathurst","NSW","AU","Gasoline/Diesel",null,"gravel, sandy, clay","SIC",null,3580,"MW9",7655,"2006-11-01",{"$nulls":7},11.154856,null,34.120736,{"$nulls":10},"NAPL",true,false,false,false,false,false,false,false,null,"UST","PSH",{"$nulls":24},"<",200,"<",200,"<",200,"<",200,{"$nulls":3},14000000,{"$nulls":23},"no","yes","3","4"]
[7654,536,"BNB58","Bathurst","NSW","AU","Gasoline/Diesel",null,"gravel, sandy, clay","SIC",null,3579,"MW9",7654,"2006-11-01",{"$nulls":7},20.997376,null,34.120736,{"$nulls":10},"NAPL",true,false,false,false,false,false,false,false,null,"UST","PSH",{"$nulls":24},"<",200,"<",200,"<",200,"<",200,{"$nulls":3},42000,{"$nulls":23},"no","yes","3","4"]
[7653,536,"BNB58","Bathurst","NSW","AU","Gasoline/Diesel",null,"gravel, sandy, clay","SIC",null,3578,"MW9",7653,"2006-11-01",{"$nulls":7},29.199476,null,34.120736,{"$nulls":10},"NAPL",true,false,false,false,false,false,false,false,null,"UST","PSH",{"$nulls":24},"<",100,"<",100,"<",100,"<",100,null,null,"<",100,"<",7.14285714285714e-06,{"$nulls":20},"sandy clay","no","yes","3","4"]
[7657,539,"BNC61","Cromer","NSW","AU","Gasoline/Diesel",null,null,"S",null,3582,"SG2/SV6",7657,"2007-08-01",{"$nulls":4},8732,null,null,2.296588,null,7.874016,{"$nulls":10},"NAPL",false,false,false,false,false,false,false,true,"Aliphatics (TPH) in soil gas >50000 ug/m3 (where no hexane is reported)","UST","Dissolved phase","SG2/SV6-GW","2007-08-01","Dissolved phase",null,1780,null,50,null,1730,"<",1,"<",5,"<",2,"<",2,{"$nulls":8},950,null,1300,null,3100,null,1300,{"$nulls":3},3485000,{"$nulls":23},"no","no","5","4"]
[7656,539,"BNC61","Cromer","NSW","AU","Gasoline/Diesel",null,"sand","S",null,3581,"SG2/SV6",7656,"2007-08-01",{"$nulls":4},8732,null,null,4.92126,null,7.874016,{"$nulls":10},"NAPL",false,false,false,false,false,false,false,true,"Aliphatics (TPH) in soil gas >50000 ug/m3 (where no hexane is reported)","UST","Dissolved phase","SG2/SV6-GW","2007-08-01","Dissolved phase",null,1780,null,50,null,1730,"<",1,"<",5,"<",2,"<",2,{"$nulls":8},880,null,5800,null,1600,null,1800,{"$nulls":3},1688000,{"$nulls":22},"sand","no","no","5","4"]
[7658,539,"BNC61","Cromer","NSW","AU","Gasoline/Diesel",null,"sandy silty gravel fill","S",null,3583,"SV1",7658,"2009-08-01",{"$nulls":4},8733,null,null,4.92126,null,9.84252,{"$nulls":5},2.6,null,19,"<",0.01,"Dissolved",false,false,false,false,false,false,false,false,null,"UST","Dissolved phase","SV1-GW","2009-08-01","Dissolved phase",null,20,"<",10,"<",10,"<",1,"<",5,"<",2,"<",2,{"$nulls":7},"<",10,"<",10,"<",10,"<",10,"<",100,"<",100,{"$nulls":22},"sand","no","yes","5","3"]
[7659,539,"BNC61","Cromer","NSW","AU","Gasoline/Diesel",null,"sandy fill","S",null,3584,"SV2",7659,"2009-08-01",{"$nulls":4},8734,null,null,4.92126,null,9.84252,{"$nulls":5},0.02,null,7.2,null,0.09,"NAPL",false,true,false,false,false,false,false,false,null,"UST","Dissolved phase","SV2-GW","2009-08-01","Dissolved phase",null,1780,null,50,null,1730,null,1,null,5,null,2,null,2,{"$nulls":8},15,null,27,"<",10,null,63,null,7500,null,13200,{"$nulls":22},"sand","no","no","5","4"]
[7660,539,"BNC61","Cromer","NSW","AU","Gasoline/Diesel",null,"sandy clay fill","S",null,3585,"SV3",7660,"2009-08-01",{"$nulls":4},8735,null,null,4.92126,null,9.84252,{"$nulls":5},17,null,0.8,"<",0.01,"Dissolved",false,false,false,false,false,false,false,false,null,"UST","Dissolved phase","SV3-GW","2009-08-01","Dissolved phase",null,1780,null,50,null,1730,"<",1,"<",5,"<",2,"<",2,{"$nulls":7},"<",10,"<",10,"<",10,"<",10,"<",100,null,700,{"$nulls":22},"sand","no","no","5","3"]
[7661,539,"BNC61","Cromer","NSW","AU","Gasoline/Diesel",null,"sand","S",null,3586,"SV4",7661,"2009-08-01",{"$nulls":4},8736,null,null,4.92126,null,9.84252,{"$nulls":5},4.5,null,19.6,"<",0.01,"Dissolved",false,false,false,false,false,false,false,false,null,"UST","Dissolved phase","SV4-GW","2009-08-01","Dissolved phase",null,1780,null,50,null,1730,"<",1,"<",5,"<",2,"<",2,{"$nulls":7},"<",10,"<",10,"<",10,"<",10,null,200,null,500,{"$nulls":22},"sand","no","yes","5","3"]
[7662,539,"BNC61","Cromer","NSW","AU","Gasoline/Diesel",null,"sand","S",null,3587,"SV5",7662,"2009-08-01",{"$nulls":4},8737,null,null,4.92126,null,9.84252,{"$nulls":5},14,null,0.4,null,0.08,"NAPL",false,false,false,false,false,false,false,true,"Aliphatics (TPH) in soil gas >50000 ug/m3 (where no hexane is reported)","UST","Dissolved phase","SV5-GW","2009-08-01","Dissolved phase",null,1780,null,50,null,1730,"<",1,"<",5,"<",2,"<",2,{"$nulls":7},"<",10,null,14,"<",10,null,13,null,40000,null,58600,{"$nulls":22},"sand","no","no","5","4"]
[7663,539,"BNC61","Cromer","NSW","AU","Gasoline/Diesel",null,"sand","S",null,3588,"SV6",7663,"2009-08-01",{"$nulls":4},8738,null,null,4.92126,null,9.84252,{"$nulls":5},14,null,0.3,null,11,"NAPL",false,false,false,false,false,false,false,true,"Aliphatics (TPH) in soil gas >50000 ug/m3 (where no hexane is reported)","UST","Dissolved phase","SV6-GW","2009-08-01","Dissolved phase",null,1780,null,50,null,1730,null,1,null,5,null,2,null,2,{"$nulls":8},660,null,5600,null,3600,null,1600,null,3500000,null,4913600,{"$nulls":22},"sand","no","no","5","4"]
[7664,539,"BNC61","Cromer","NSW","AU","Gasoline/Diesel",null,"sand","S",null,3589,"SV7",7664,"2009-08-01",{"$nulls":4},8739,null,null,4.92126,null,9.84252,{"$nulls":5},7,null,13,"<",0.01,"Dissolved",false,false,false,false,false,false,false,false,null,"UST","Dissolved phase","SV7-GW","2009-08-01","Dissolved phase",null,1780,null,50,null,1730,"<",1,"<",5,"<",2,"<",2,{"$nulls":7},"<",10,"<",10,"<",10,null,12,null,200,null,3500,{"$nulls":22},"sand","no","yes","5","3"]
[7665,539,"BNC61","Cromer","NSW","AU","Gasoline/Diesel",null,"sand","S",null,3590,"SV8",7665,"2009-08-01",{"$nulls":4},8740,null,null,3.28084,null,8.2021,{"$nulls":5},2.9,null,18,"<",0.01,"Dissolved",false,false,false,false,false,false,false,false,null,"UST","Dissolved phase","SV8-GW","2009-08-01","Dissolved phase",null,20,"<",10,"<",10,"<",1,"<",5,"<",2,"<",2,{"$nulls":7},"<",10,"<",10,"<",10,"<",10,null,100,null,100,{"$nulls":22},"sand","no","yes","5","4"]
[7666,539,"BNC61","Cromer","NSW","AU","Gasoline/Diesel",null,"sand","S",null,3591,"SV9",7666,"2009-08-01",{"$nulls":4},8741,null,null,2.952756,null,7.874016,{"$nulls":5},3,null,18,"<",0.01,"Dissolved",false,false,false,false,false,false,false,false,null,"UST","Dissolved phase","SV9-GW","2009-08-01","Dissolved phase",null,1140,null,1010,null,130,"<",1,"<",5,"<",2,null,40,{"$nulls":7},"<",10,"<",10,"<",10,"<",10,"<",100,"<",100,{"$nulls":22},"sand","no","yes","5","4"]
[7667,538,"BNCH60","Coffs Harbour","NSW","AU","Gasoline",null,"sand","S",null,3592,"GP1A",7667,"2007-08-01",null,null,"Building",null,8742,null,null,0.82021,null,1.312336,{"$nulls":10},"Dissolved",false,false,false,false,false,false,false,false,null,"UST","Dissolved phase (MW4/MW9)","MW4/MW9","2007-08-01","Dissolved phase (MW4/MW9)",null,3520,null,2520,null,1000,null,1380,null,130,null,48,null,754,{"$nulls":7},"<",5,"<",5,"<",5,"<",5,{"$nulls":3},8,{"$nulls":23},"no","yes","3","5"]
[7668,538,"BNCH60","Coffs Harbour","NSW","AU","Gasoline",null,"sand","S",null,3593,"GP2A",7668,"2007-08-01",null,null,"Building",null,8743,null,null,0.82021,null,1.312336,{"$nulls":10},"Dissolved",false,false,false,false,false,false,false,false,null,"UST","Dissolved phase (MW4/MW9)","MW4/MW9","2007-08-01","Dissolved phase (MW4/MW9)",null,3520,null,2520,null,1000,null,1380,null,130,null,48,null,754,{"$nulls":7},"<",5,"<",5,"<",5,"<",5,{"$nulls":3},6,{"$nulls":23},"no","yes","3","5"]
[7669,538,"BNCH60","Coffs Harbour","NSW","AU","Gasoline",null,"sand","S",null,3594,"GP3A",7669,"2007-08-01",null,null,"Building",null,8744,null,null,0.82021,null,1.312336,{"$nulls":10},"Dissolved",false,false,false,false,false,false,false,false,null,"UST","Dissolved phase (MW4/MW9)","MW4/MW9","2007-08-01","Dissolved phase (MW4/MW9)",null,3520,null,2520,null,1000,null,1380,null,130,null,48,null,754,{"$nulls":7},"<",5,"<",5,"<",5,"<",5,null,null,"<",5,{"$nulls":23},"no","yes","3","5"]
[7670,538,"BNCH60","Coffs Harbour","NSW","AU","Gasoline",null,"sand","S",null,3595,"GP4A",7670,"2007-08-01",null,null,"Building",null,8745,null,null,0.82021,null,1.312336,{"$nulls":10},"Dissolved",false,false,false,false,false,false,false,false,null,"UST","Dissolved phase (MW4/MW9)","MW4/MW9","2007-08-01","Dissolved phase (MW4/MW9)",null,3520,null,2520,null,1000,null,1380,null,130,null,48,null,754,{"$nulls":7},"<",5,"<",5,"<",5,"<",5,null,null,"<",5,{"$nulls":23},"no","yes","3","5"]
[7671,538,"BNCH60","Coffs Harbour","NSW","AU","Gasoline",null,"sand","S",null,3596,"GP5A",7671,"2007-08-01",null,null,"Building",null,8746,null,null,0.492126,null,0.984252,{"$nulls":10},"Dissolved",false,false,false,false,false,false,false,false,null,"UST","Dissolved phase (MW4)","MW4","2007-08-01","Dissolved phase (MW4)",null,3520,null,2520,null,1000,null,1380,null,130,null,48,null,754,{"$nulls":7},"<",5,"<",5,"<",5,"<",5,{"$nulls":3},14,{"$nulls":23},"no","yes","3","5"]
[7672,491,"BNF13","Figtree","NSW","AU","Gasoline",null,"sandy clay","SIC",null,3597,"SG06",7672,"2006-11-01",{"$nulls":5},8747,null,4.92126,null,9.84252,{"$nulls":10},"NAPL",false,false,false,false,false,true,true,false,null,"UST","Soil impacts (mg/kg)",{"$nulls":24},"<",1.75,"<",4.4,"<",1.75,"<",5.26,{"$nulls":3},71.05,null,null,"SG06-S","Soil impacts (mg/kg)",null,12.1,"<",null,"<",null,null,155.3,null,1701,null,592,null,1109,{"$nulls":4},"sandy clay, Illawarra coal","no","no","3","3"]
[7673,491,"BNF13","Figtree","NSW","AU","Gasoline",null,"sandy clay","SIC",null,3598,"SG08",7673,"2006-11-01",{"$nulls":5},8748,null,3.28084,null,8.2021,{"$nulls":10},"NAPL",false,false,false,false,false,true,true,false,null,"UST","Soil impacts (mg/kg)",{"$nulls":25},1.1,null,6.67,"<",0.42,null,2.42,{"$nulls":3},266.67,null,null,"SG08-S","Soil impacts (mg/kg)",null,12.1,"<",null,"<",null,null,155.3,null,1701,null,592,null,1109,{"$nulls":4},"sandy clay, Illawarra coal","no","no","3","3"]
[7674,491,"BNF13","Figtree","NSW","AU","Gasoline",null,"sandy clay","SIC",null,3599,"SG09",7674,"2006-11-01",{"$nulls":5},8749,null,3.28084,null,8.2021,{"$nulls":10},"NAPL",false,false,false,false,false,true,true,false,null,"UST","Soil impacts (mg/kg)",{"$nulls":24},"<",0.41,null,0.58,"<",0.41,"<",1.24,{"$nulls":3},21.56,null,null,"SG09-S","Soil impacts (mg/kg)",null,12.1,"<",null,"<",null,null,155.3,null,1701,null,592,null,1109,{"$nulls":4},"sandy clay, Illawarra coal","no","no","3","3"]
[7675,491,"BNF13","Figtree","NSW","AU","Gasoline",null,"sandy clay","SIC",null,3600,"SG10",7675,"2006-11-01",{"$nulls":5},8750,null,4.92126,null,9.84252,{"$nulls":10},"NAPL",false,false,false,false,false,true,true,false,null,"UST","Soil impacts (mg/kg)",{"$nulls":25},1.1,null,3.7,"<",0.46,null,1.39,{"$nulls":3},222.22,null,null,"SG10-S","Soil impacts (mg/kg)",null,12.1,"<",null,"<",null,null,155.3,null,1701,null,592,null,1109,{"$nulls":4},"sandy clay, Illawarra coal","no","no","3","3"]
[7676,494,"BNM16","Mudgee","NSW","AU","Gasoline",null,"siltstone, sandstone","SIC",null,3601,"SV33",7676,"2008-03-01",{"$nulls":4},8751,null,null,18.04462,null,26.24672,{"$nulls":10},"NAPL",false,true,false,true,true,false,false,false,null,"UST","dissolved phase off-site (MW28)","MW28","2008-03-01","dissolved phase off-site (MW28)",null,49000,null,24700,null,24300,null,9280,null,4220,null,1970,null,8280,{"$nulls":8},11.7,null,48.3,null,35,null,135,null,15,null,269,{"$nulls":22},"siltstone, sandstone","yes","unknown","4","5"]
[7677,494,"BNM16","Mudgee","NSW","AU","Gasoline",null,"siltstone, sandstone","SIC",null,3602,"SV34",7677,"2008-03-01",{"$nulls":7},18.04462,null,26.24672,{"$nulls":10},"NAPL",true,false,false,false,false,false,false,false,null,"UST","PSH off-site",{"$nulls":24},"<",8.3,null,25,null,18.3,null,36.3,null,25,null,315,{"$nulls":22},"siltstone, sandstone","yes","unknown","4","5"]
[7678,494,"BNM16","Mudgee","NSW","AU","Gasoline",null,"siltstone, sandstone","SIC",null,3603,"SV41",7678,"2008-03-01",{"$nulls":7},18.04462,null,26.24672,{"$nulls":10},"NAPL",true,false,false,false,false,false,false,false,null,"UST","PSH off-site",{"$nulls":24},"<",8.3,"<",16.7,"<",8.3,"<",16.7,"<",8.3,null,1136,{"$nulls":22},"siltstone, sandstone","yes","unknown","4","5"]
[7679,494,"BNM16","Mudgee","NSW","AU","Gasoline",null,"siltstone, sandstone","SIC",null,3604,"SV44",7679,"2008-03-01",{"$nulls":4},8752,null,null,18.04462,null,26.24672,{"$nulls":10},"NAPL",false,true,false,true,true,false,false,false,null,"UST","dissolved phase off-site (MW45)","MW45","2008-03-01","dissolved phase off-site (MW45)",null,49000,null,24700,null,24300,null,9280,null,4220,null,1970,null,8280,{"$nulls":7},"<",8.3,"<",16.7,"<",8.3,"<",16.7,"<",8.3,"<",72.5,{"$nulls":22},"siltstone, sandstone","yes","unknown","4","5"]
[7682,494,"BNM16","Mudgee","NSW","AU","Gasoline",null,"sandstone","SIC",null,3607,"SV48",7682,"2008-03-01",{"$nulls":7},13.12336,null,39.37008,{"$nulls":10},"NAPL",true,false,false,false,false,false,false,false,null,"UST","PSH on-site",{"$nulls":25},25,null,168,null,210,null,258,null,27333,null,32203,{"$nulls":23},"yes","unknown","4","5"]
[7681,494,"BNM16","Mudgee","NSW","AU","Gasoline",null,"siltstone and sandstone","SIC",null,3606,"SV48",7681,"2008-03-01",{"$nulls":7},19.68504,null,39.37008,{"$nulls":10},"NAPL",true,false,false,false,false,false,false,false,null,"UST","PSH on-site",{"$nulls":25},71.7,null,105,null,223,null,208,null,223333,null,282940,{"$nulls":23},"yes","unknown","4","5"]
[7680,494,"BNM16","Mudgee","NSW","AU","Gasoline",null,"fill","SIC",null,3605,"SV48",7680,"2008-03-01",{"$nulls":7},31.16798,null,39.37008,{"$nulls":10},"NAPL",true,false,false,false,false,false,false,false,null,"UST","PSH on-site",{"$nulls":25},60,null,25.8,null,150.7,null,591,null,34667,null,1913,{"$nulls":23},"yes","unknown","4","5"]
[7683,494,"BNM16","Mudgee","NSW","AU","Gasoline",null,"fill, sandstone","SIC",null,3608,"SV50",7683,"2008-03-01",{"$nulls":4},8753,null,null,18.04462,null,26.24672,{"$nulls":10},"NAPL",false,false,false,true,true,false,false,true,"Aliphatics (TPH) in soil gas >50000 ug/m3 (where no hexane is reported)","UST","dissolved phase on-site","SV50-GW","2008-03-01","dissolved phase on-site",null,82700,null,39200,null,43500,null,30500,null,3400,null,3190,null,11000,{"$nulls":8},196300,null,486800,null,138100,null,587400,{"$nulls":3},2026087,{"$nulls":22},"may be impacted soil","yes","unknown","4","5"]
[7684,494,"BNM16","Mudgee","NSW","AU","Gasoline",null,"fill, sandstone","SIC",null,3609,"SV51",7684,"2008-03-01",{"$nulls":4},8754,null,null,18.04462,null,26.24672,{"$nulls":10},"NAPL",false,true,false,true,true,false,false,false,null,"UST","dissolved phase on-site","SV51-GW","2008-03-01","dissolved phase on-site",null,82700,null,39200,null,43500,null,30500,null,3400,null,3190,null,11000,{"$nulls":8},8.3,null,38.3,null,15,null,16.7,null,65,null,210,{"$nulls":22},"siltstone, sandstone","yes","unknown","4","5"]
[7685,494,"BNM16","Mudgee","NSW","AU","Gasoline",null,"fill, sandstone","SIC",null,3610,"SV52",7685,"2008-03-01",{"$nulls":4},8755,null,null,18.04462,null,26.24672,{"$nulls":10},"NAPL",false,false,false,true,true,false,false,true,"Aliphatics (TPH) in soil gas >50000 ug/m3 (where no hexane is reported)","UST","dissolved phase on-site","SV52-GW","2008-03-01","dissolved phase on-site",null,82700,null,39200,null,43500,null,30500,null,3400,null,3190,null,11000,{"$nulls":8},2967,null,31.7,null,110,null,208,null,98000,null,118765,{"$nulls":22},"siltstone, sandstone","yes","unknown","4","5"]
[7687,547,"BNM69","Murwillumbah","NSW","AU","Gasoline/Diesel",null,"silty fill, clay silt","SIC",null,3612,"SV1",7687,"2008-10-01",{"$nulls":4},8756,null,null,5.905512,null,15.748032,{"$nulls":5},11,null,0.3,null,0.12,"NAPL",false,false,false,false,false,false,false,true,"Aliphatics (TPH) in soil gas >50000 ug/m3 (where no hexane is reported)","UST","Dissolved phase (MAH19A/HA16/HA19)","MAH19A/HA16/HA19","2008-10-01","Dissolved phase (MAH19A/HA16/HA19)",null,7450,null,3970,null,3480,null,114,"<",null,null,876,null,10,{"$nulls":7},"<",200,"<",200,"<",200,"<",200,null,260000,null,433500,{"$nulls":23},"no","yes","5","4"]
[7686,547,"BNM69","Murwillumbah","NSW","AU","Gasoline/Diesel",null,"silty fill","SIC",null,3611,"SV1",7686,"2008-10-01",{"$nulls":4},8756,null,null,10.826772,null,15.748032,{"$nulls":5},7.2,null,6,"<",0.01,"NAPL",false,true,false,false,false,false,false,false,null,"UST","Dissolved phase (MAH19A/HA16/HA19)","MAH19A/HA16/HA19","2008-10-01","Dissolved phase (MAH19A/HA16/HA19)",null,7450,null,3970,null,3480,null,114,"<",null,null,876,null,10,{"$nulls":7},"<",10,"<",10,"<",10,null,29,"<",100,null,5400,{"$nulls":22},"sandy silty clay","no","yes","5","4"]
[7689,547,"BNM69","Murwillumbah","NSW","AU","Gasoline/Diesel",null,"silty fill, clay silt","SIC",null,3614,"SV2",7689,"2008-10-01",{"$nulls":4},8757,null,null,6.889764,null,16.732284,{"$nulls":5},11,null,0.4,null,1.4,"NAPL",false,false,false,false,false,false,false,true,"Aliphatics (TPH) in soil gas >50000 ug/m3 (where no hexane is reported)","UST","Dissolved phase (MAH22)","MAH22","2008-10-01","Dissolved phase (MAH22)",null,8700,null,1000,null,7700,null,123,null,5,null,55,null,5,{"$nulls":8},920,null,1700,null,1900,null,1200,null,4500000,null,9445000,{"$nulls":23},"no","yes","5","4"]
[7688,547,"BNM69","Murwillumbah","NSW","AU","Gasoline/Diesel",null,"silty fill","SIC",null,3613,"SV2",7688,"2008-10-01",{"$nulls":4},8757,null,null,11.811024,null,16.732284,{"$nulls":5},9.4,null,0.8,null,0.15,"NAPL",false,false,false,false,false,false,false,true,"Aliphatics (TPH) in soil gas >50000 ug/m3 (where no hexane is reported)","UST","Dissolved phase (MAH22)","MAH22","2008-10-01","Dissolved phase (MAH22)",null,8700,null,1000,null,7700,null,123,null,5,null,55,null,5,{"$nulls":7},"<",200,"<",200,"<",200,"<",200,null,290000,null,1607000,{"$nulls":22},"sandy silty clay","no","yes","5","4"]
[7691,547,"BNM69","Murwillumbah","NSW","AU","Gasoline/Diesel",null,"silty fill, clay silt","SIC",null,3616,"SV3",7691,"2008-10-01",{"$nulls":4},8758,null,null,6.56168,null,16.4042,{"$nulls":5},13,null,0.3,null,2.9,"NAPL",false,false,false,false,false,false,false,true,"Aliphatics (TPH) in soil gas >50000 ug/m3 (where no hexane is reported)","UST","Dissolved phase (HA17/HA18)","HA17/HA18","2008-10-01","Dissolved phase (HA17/HA18)",null,8700,null,1000,null,7700,null,123,null,5,null,55,null,5,{"$nulls":8},3400,null,41000,null,4200,null,15000,null,13000000,null,19955400,{"$nulls":23},"no","yes","5","4"]
[7690,547,"BNM69","Murwillumbah","NSW","AU","Gasoline/Diesel",null,"silty fill","SIC",null,3615,"SV3",7690,"2008-10-01",{"$nulls":4},8758,null,null,11.48294,null,16.4042,{"$nulls":5},9.4,null,9.5,null,0.05,"NAPL",false,false,false,false,false,false,false,true,"Aliphatics (TPH) in soil gas >50000 ug/m3 (where no hexane is reported)","UST","Dissolved phase (HA17/HA18)","HA17/HA18","2008-10-01","Dissolved phase (HA17/HA18)",null,8700,null,1000,null,7700,null,123,null,5,null,55,null,5,{"$nulls":7},"<",100,"<",100,"<",100,"<",100,null,79000,null,216000,{"$nulls":22},"sandy silty clay","no","yes","5","4"]
[7693,547,"BNM69","Murwillumbah","NSW","AU","Gasoline/Diesel",null,"silty fill, clay silt","SIC",null,3618,"SV4",7693,"2008-10-01",{"$nulls":4},8759,null,null,6.56168,null,16.4042,{"$nulls":5},8.4,null,0.3,null,2.2,"NAPL",false,false,false,false,false,false,false,true,"Aliphatics (TPH) in soil gas >50000 ug/m3 (where no hexane is reported)","UST","Dissolved phase (east of MWH22)","MWH22","2008-10-01","Dissolved phase (east of MWH22)",null,8700,null,1000,null,7700,null,123,null,5,null,55,null,5,{"$nulls":8},600,null,1900,null,310,null,1500,null,4800000,null,7687200,{"$nulls":23},"no","yes","5","4"]
[7692,547,"BNM69","Murwillumbah","NSW","AU","Gasoline/Diesel",null,"silty fill","SIC",null,3617,"SV4",7692,"2008-10-01",{"$nulls":4},8759,null,null,11.48294,null,16.4042,{"$nulls":5},11,null,2.3,"<",0.01,"NAPL",false,true,false,false,false,false,false,false,null,"UST","Dissolved phase (east of MWH22)","MWH22","2008-10-01","Dissolved phase (east of MWH22)",null,8700,null,1000,null,7700,null,123,null,5,null,55,null,5,{"$nulls":7},"<",10,"<",10,"<",10,"<",10,null,200,null,8200,{"$nulls":22},"sandy silty clay","no","yes","5","4"]
[7695,547,"BNM69","Murwillumbah","NSW","AU","Gasoline/Diesel",null,"silty fill, clay silt","SIC",null,3620,"SV5",7695,"2008-10-01",{"$nulls":4},8760,null,null,6.889764,null,16.732284,{"$nulls":5},9.4,null,0.8,null,2.5,"NAPL",false,false,false,false,false,false,false,true,"Aliphatics (TPH) in soil gas >50000 ug/m3 (where no hexane is reported)","UST","Dissolved phase (MAH18/MAH12)","MAH18/MAH12","2008-10-01","Dissolved phase (MAH18/MAH12)",null,1770,null,240,null,1530,"<",null,"<",null,"<",null,"<",{"$nulls":9},200,null,2000,null,620,null,2600,null,8600000,null,12577000,{"$nulls":23},"no","yes","5","4"]
[7694,547,"BNM69","Murwillumbah","NSW","AU","Gasoline/Diesel",null,"silty fill","SIC",null,3619,"SV5",7694,"2008-10-01",{"$nulls":4},8760,null,null,11.811024,null,16.732284,{"$nulls":5},6.7,null,9.5,"<",0.01,"NAPL",false,true,false,false,false,false,false,false,null,"UST","Dissolved phase (MAH18/MAH12)","MAH18/MAH12","2008-10-01","Dissolved phase (MAH18/MAH12)",null,1770,null,240,null,1530,"<",null,"<",null,"<",null,"<",{"$nulls":8},"<",10,"<",10,"<",10,"<",10,"<",100,null,7900,{"$nulls":22},"sandy silty clay","no","yes","5","4"]
[7697,547,"BNM69","Murwillumbah","NSW","AU","Gasoline/Diesel",null,"silty fill, clay silt","SIC",null,3622,"SV6",7697,"2008-10-01",{"$nulls":4},9185,null,null,6.889764,null,16.732284,{"$nulls":5},13,null,1.4,"<",0.01,"Dissolved",false,false,false,false,false,false,false,false,null,"UST","Away from plume (HA09/HA06)","HA09/HA06","2008-10-01","Away from plume (HA09/HA06)",null,null,"<",null,"<",null,"<",null,"<",null,"<",null,"<",{"$nulls":8},"<",10,null,12,"<",10,null,32,"<",100,null,4600,{"$nulls":23},"no","yes","5","3"]
[7696,547,"BNM69","Murwillumbah","NSW","AU","Gasoline/Diesel",null,"silty fill","SIC",null,3621,"SV6",7696,"2008-10-01",{"$nulls":4},9185,null,null,11.811024,null,16.732284,{"$nulls":5},10,null,4.6,"<",0.01,"Dissolved",false,false,false,false,false,false,false,false,null,"UST","Away from plume (HA09/HA06)","HA09/HA06","2008-10-01","Away from plume (HA09/HA06)",null,null,"<",null,"<",null,"<",null,"<",null,"<",null,"<",{"$nulls":8},"<",10,null,17,null,17,null,100,null,100,null,8400,{"$nulls":22},"sandy silty clay","no","yes","5","3"]
[7698,547,"BNM69","Murwillumbah","NSW","AU","Gasoline/Diesel",null,"clay","SIC",null,3623,"SV7",7698,"2008-10-01",{"$nulls":4},9186,null,null,0.984252,null,2.296588,{"$nulls":5},5.4,null,16,"<",0.01,"Dissolved",false,false,false,false,false,false,false,false,null,"UST","Away from plume (MW13)","MW13","2008-10-01","Away from plume (MW13)",null,null,"<",null,"<",null,"<",null,"<",null,"<",null,"<",{"$nulls":8},"<",10,"<",10,"<",10,null,12,"<",100,null,1000,{"$nulls":22},"sandy silty clay","no","yes","5","4"]
[7699,547,"BNM69","Murwillumbah","NSW","AU","Gasoline/Diesel",null,"clay","SIC",null,3624,"SV8",7699,"2008-10-01",{"$nulls":4},8761,null,null,0.984252,null,1.64042,{"$nulls":5},7.8,null,11,"<",0.01,"Dissolved",false,false,false,false,false,false,false,false,null,"UST","Away from plume (HA10/AH1)","HA10/AH1","2008-10-01","Away from plume (HA10/AH1)",null,170,"<",null,null,170,"<",null,"<",null,"<",null,"<",{"$nulls":8},"<",10,"<",10,"<",10,null,11,"<",100,null,800,{"$nulls":22},"sandy silty clay","no","yes","5","4"]
[7701,581,"BNN103","Nowra","NSW","AU","Gasoline/Diesel",null,"silty clay, sandstone, sandy clay","C",null,3626,"SV1",7701,"2009-03-01",{"$nulls":7},0.656168000000001,null,8.530184,{"$nulls":10},"NAPL",false,true,false,false,false,false,false,false,null,"UST","lyrebird park 500m north of site",{"$nulls":59},"no","yes","3","3"]
[7700,581,"BNN103","Nowra","NSW","AU","Gasoline/Diesel",null,"silty clay","C",null,3625,"SV1",7700,"2009-03-01",{"$nulls":7},1.312336,null,5.249344,{"$nulls":5},1.9,null,19,"<",0.01,"NAPL",true,false,false,false,false,false,false,false,null,"UST","Dissolved phase/PSH on site (near MW28)",{"$nulls":24},"<",10,"<",10,"<",10,"<",10,null,null,"<",400,{"$nulls":23},"no","yes","3","3"]
[7704,581,"BNN103","Nowra","NSW","AU","Gasoline/Diesel",null,"silty clay, sandstone, sandy clay","C",null,3629,"SV2",7704,"2009-03-01",{"$nulls":7},12.139108,null,19.356956,{"$nulls":5},3.7,null,18,"<",0.01,"NAPL",false,true,false,false,false,false,false,false,null,"UST",{"$nulls":25},"<",10,"<",10,"<",10,"<",10,null,null,"<",900,{"$nulls":23},"no","yes","3","3"]
[7703,581,"BNN103","Nowra","NSW","AU","Gasoline/Diesel",null,"silty clay","C",null,3628,"SV2",7703,"2009-03-01",{"$nulls":7},14.107612,null,19.356956,{"$nulls":5},2.6,null,19,"<",0.01,"NAPL",false,true,false,false,false,false,false,false,null,"UST","northern side of Kalandar St approx 15m north of site",{"$nulls":24},"<",10,"<",10,"<",10,"<",10,null,null,"<",900,{"$nulls":23},"no","yes","3","3"]
[7702,581,"BNN103","Nowra","NSW","AU","Gasoline/Diesel",null,"silty clay","C",null,3627,"SV2",7702,"2009-03-01",{"$nulls":7},16.732284,null,19.356956,{"$nulls":10},"NAPL",true,false,false,false,false,false,false,false,null,"UST","Dissolved phase/PSH on site",{"$nulls":59},"no","yes","3","3"]
[7707,581,"BNN103","Nowra","NSW","AU","Gasoline/Diesel",null,"silty clay, sandstone, sandy clay","C",null,3632,"SV3",7707,"2009-03-01",{"$nulls":7},5.577428,null,13.779528,{"$nulls":10},"NAPL",false,true,false,false,false,false,false,false,null,"UST",{"$nulls":60},"no","yes","3","3"]
[7706,581,"BNN103","Nowra","NSW","AU","Gasoline/Diesel",null,"silty clay","C",null,3631,"SV3",7706,"2009-03-01",{"$nulls":7},8.038058,null,13.779528,{"$nulls":5},11,null,1.4,null,0.05,"NAPL",false,true,false,false,false,false,false,false,null,"UST","on site along eastern boundary",{"$nulls":25},20000,null,13000,null,6300,null,5700,{"$nulls":3},9638.6,{"$nulls":23},"no","yes","3","3"]
[7705,581,"BNN103","Nowra","NSW","AU","Gasoline/Diesel",null,"silty clay","C",null,3630,"SV3",7705,"2009-03-01",{"$nulls":7},10.498688,null,13.779528,{"$nulls":5},12,null,0.7,null,0.05,"NAPL",true,false,false,false,false,false,false,false,null,"UST","Dissolved phase/PSH on site",{"$nulls":25},15000,null,3900,null,2500,null,1900,{"$nulls":3},5057.2,{"$nulls":23},"no","yes","3","3"]
[7708,548,"BNO70","Orange","NSW","AU","Gasoline/Diesel",null,"clay","SIC",null,3633,"SG01",7708,"2008-04-01",{"$nulls":7},0.328084,null,2.624672,{"$nulls":10},"NAPL",true,false,false,false,false,false,false,false,null,"UST","PSH (MW3)",{"$nulls":24},"<",10,null,62,"<",10,"<",10,{"$nulls":3},1400,{"$nulls":23},"no","unknown","3","3"]
[7709,548,"BNO70","Orange","NSW","AU","Gasoline/Diesel",null,"clay","SIC",null,3634,"SG02",7709,"2008-04-01",{"$nulls":7},0.328084,null,2.624672,{"$nulls":10},"NAPL",true,false,false,false,false,false,false,false,null,"UST","PSH (MW3)",{"$nulls":24},"<",10,null,67,"<",10,"<",10,{"$nulls":3},1500,{"$nulls":23},"no","unknown","3","3"]
[7710,548,"BNO70","Orange","NSW","AU","Gasoline/Diesel",null,"sandy gravel fill","SIC",null,3635,"SG03",7710,"2008-04-01",{"$nulls":5},8762,null,0.984252,null,2.624672,{"$nulls":10},"NAPL",false,false,false,false,false,true,true,false,null,"UST","Residual soil in excavation (mg/kg)",{"$nulls":24},"<",10,"<",10,"<",10,null,18,{"$nulls":3},25000,null,null,"SG03-S","Residual soil in excavation (mg/kg)",null,24,null,430,null,190,null,1010,null,6600,null,5000,null,1600,{"$nulls":5},"no","no","3","3"]
[7711,548,"BNO70","Orange","NSW","AU","Gasoline/Diesel",null,"sandy gravel fill","SIC",null,3636,"SG04",7711,"2008-04-01",{"$nulls":5},8763,null,0.328084,null,2.624672,{"$nulls":10},"NAPL",false,false,false,false,false,true,true,false,null,"UST","Residual soil in excavation (mg/kg)",{"$nulls":24},"<",10,null,76,"<",10,"<",10,{"$nulls":3},1300,null,null,"SG04-S","Residual soil in excavation (mg/kg)",null,24,null,430,null,190,null,1010,null,6600,null,5000,null,1600,{"$nulls":5},"no","no","3","3"]
[7712,548,"BNO70","Orange","NSW","AU","Gasoline/Diesel",null,"clay","SIC",null,3637,"SG05",7712,"2008-04-01",{"$nulls":4},9187,null,null,0.328084,null,2.624672,{"$nulls":10},"Dissolved",false,false,false,false,false,false,false,false,null,"UST","western boundary potential source","SG05-GW","2008-04-01","western boundary potential source",null,null,"<",null,"<",null,"<",null,"<",null,"<",null,"<",{"$nulls":8},"<",10,"<",10,"<",10,"<",10,{"$nulls":3},1300,{"$nulls":23},"no","unknown","3","4"]
[7713,548,"BNO70","Orange","NSW","AU","Gasoline/Diesel",null,"sandy gravel fill","SIC",null,3638,"SG06",7713,"2008-04-01",{"$nulls":4},9188,null,null,0.328084,null,2.624672,{"$nulls":10},"Dissolved",false,false,false,false,false,false,false,false,null,"UST","western boundary potential source","SG06-GW","2008-04-01","western boundary potential source",null,null,"<",null,"<",null,"<",null,"<",null,"<",null,"<",{"$nulls":8},"<",10,"<",10,"<",10,"<",10,{"$nulls":3},870,{"$nulls":23},"no","unknown","3","4"]
[7714,551,"BNWW73","Wagga Wagga","NSW","AU","Diesel, Gasoline/Diesel",null,"fill, clay, shale","C",null,3639,"SG1A",7714,"2009-07-01",{"$nulls":5},8764,null,3.28084,null,16.4042,{"$nulls":5},4.7,"<",0.1,null,1.7,"NAPL",false,false,false,false,false,false,true,true,"Aliphatics (TPH) in soil gas >50000 ug/m3 (where no hexane is reported)","UST","Residual soil impacts (mg/kg)",{"$nulls":25},3000,null,480,null,100,"<",100,null,1800000,null,2465000,null,null,"SG1A-S","Residual soil impacts (mg/kg)",null,0.2,null,1.4,null,0.5,null,3.1,null,1457,null,167,null,1290,{"$nulls":4},"shale","yes","no","5","4"]
[7715,551,"BNWW73","Wagga Wagga","NSW","AU","Diesel, Gasoline/Diesel",null,"fill, clay, shale","C",null,3640,"SG2A",7715,"2009-07-01",{"$nulls":4},8765,null,null,26.24672,null,39.37008,{"$nulls":5},8.9,null,0.9,null,1.6,"NAPL",false,false,false,false,false,false,false,true,"Aliphatics (TPH) in soil gas >50000 ug/m3 (where no hexane is reported)","UST","Dissolved phase (MW8)","MW8","2009-07-01","Dissolved phase (MW8)",null,340,null,150,null,190,null,1,null,5,"<",2,"<",4,{"$nulls":8},61000,null,11000,null,710,null,1700,null,7116000,null,10441000,{"$nulls":22},"shale","yes","unknown","5","4"]
[7716,551,"BNWW73","Wagga Wagga","NSW","AU","Diesel, Gasoline/Diesel",null,"fill, clay, shale","C",null,3641,"SG3A",7716,"2009-07-01",{"$nulls":5},8766,null,4.92126,null,16.4042,{"$nulls":5},6.9,null,0.7,null,3.5,"NAPL",false,false,false,false,false,false,true,true,"Aliphatics (TPH) in soil gas >50000 ug/m3 (where no hexane is reported)","UST","Residual soil impacts (mg/kg)",{"$nulls":25},3500,null,100,null,200,"<",100,null,580000,null,2326000,null,null,"SG3A-S","Residual soil impacts (mg/kg)",null,0.2,null,1.4,"<",0.5,null,3.1,null,1457,null,167,null,1290,{"$nulls":4},"shale","yes","no","5","4"]
[7717,551,"BNWW73","Wagga Wagga","NSW","AU","Diesel, Gasoline/Diesel",null,"fill, clay, shale","C",null,3642,"SG4A",7717,"2009-07-01",{"$nulls":7},28.215224,null,39.37008,{"$nulls":5},7.3,null,0.6,null,0.02,"NAPL",false,false,false,false,false,false,false,true,"Aliphatics (TPH) in soil gas >50000 ug/m3 (where no hexane is reported)","UST","Away from plume",{"$nulls":25},360,null,140,"<",100,"<",100,null,1100000,null,1350000,{"$nulls":22},"shale","yes","yes","5","4"]
[7718,551,"BNWW73","Wagga Wagga","NSW","AU","Diesel, Gasoline/Diesel",null,"fill, clay, shale","C",null,3643,"SG5A",7718,"2009-07-01",{"$nulls":4},8767,null,null,21.981628,null,39.37008,{"$nulls":5},8.4,"<",0.1,"<",0.01,"NAPL",false,false,false,false,false,false,false,true,"Aliphatics (TPH) in soil gas >50000 ug/m3 (where no hexane is reported)","UST","Dissolved phase (MW5)","MW5","2009-07-01","Dissolved phase (MW5)",null,2200,null,2200,null,null,"<",1,"<",5,"<",2,"<",4,{"$nulls":7},"<",100,"<",100,null,110,"<",100,null,69000,null,1432000,{"$nulls":22},"shale","yes","unknown","5","4"]
[7719,482,"BQA4","Aitkenvale","QLD","AU","Gasoline",null,"silt, sand, clay, gravel","SIC",null,3644,"SG01",7719,"2007-12-01",{"$nulls":7},1.312336,null,7.874016,{"$nulls":10},"NAPL",true,false,false,false,false,false,false,false,null,"UST","PSH - petrol (MW01/MW04)",{"$nulls":25},5.25,null,8.5,null,2.4,null,7.9,{"$nulls":5},39.5,{"$nulls":20},"weathered to hard clay, sand, silt gravels","no","yes","3","4"]
[7721,482,"BQA4","Aitkenvale","QLD","AU","Gasoline",null,"silt, sand, clay, gravel","SIC",null,3646,"SG02",7721,"2007-12-01",{"$nulls":7},1.312336,null,7.874016,{"$nulls":10},"NAPL",true,false,false,false,false,false,false,false,null,"UST","PSH - petrol",{"$nulls":25},5432,null,308,null,7407,null,1852,{"$nulls":5},765432,{"$nulls":21},"no","yes","3","4"]
[7720,482,"BQA4","Aitkenvale","QLD","AU","Gasoline",null,"silt, sand, clay, gravel","SIC",null,3645,"SG02",7720,"2007-12-01",{"$nulls":7},4.593176,null,7.874016,{"$nulls":10},"NAPL",true,false,false,false,false,false,false,false,null,"UST","PSH - petrol (MW02)",{"$nulls":25},1.9,null,6.9,null,1.3,null,8.1,{"$nulls":5},36,{"$nulls":20},"weathered to hard clay, sand, silt gravels","no","yes","3","4"]
[7722,482,"BQA4","Aitkenvale","QLD","AU","Gasoline",null,"silt, sand, clay, gravel","SIC",null,3647,"SG03",7722,"2007-12-01",{"$nulls":4},8768,null,null,1.312336,null,7.874016,{"$nulls":10},"NAPL",false,true,false,true,true,false,false,false,null,"UST","Dissolved phase (MW12)","MW12","2007-12-01","Dissolved phase (MW12)",null,66500,null,59300,null,7200,null,12200,null,14400,null,1800,null,10400,{"$nulls":8},3,null,4.3,null,1.4,null,4.3,{"$nulls":5},31.6,{"$nulls":20},"weathered to hard clay, sand, silt gravels","no","yes","3","4"]
[7723,545,"BQJ67","Jindalee","QLD","AU","Diesel",null,"clayey gravel fill","SIC",null,3648,"SV1",7723,"2008-08-01",{"$nulls":4},8769,null,null,3.937008,null,6.56168,{"$nulls":10},"NAPL",false,true,false,false,true,false,false,false,null,"UST","Dissolved phase (HA2)","HA2","2008-08-01","Dissolved phase (HA2)",null,454500,null,4500,null,450000,null,0.5,"<",1,"<",1,"<",2,{"$nulls":7},"<",10,"<",10,"<",10,"<",10,{"$nulls":26},"sandy clay, silty clay","no","yes","2","3"]
[7724,545,"BQJ67","Jindalee","QLD","AU","Diesel",null,"clayey gravel fill","SIC",null,3649,"SV2",7724,"2008-08-01",{"$nulls":4},8770,null,null,3.937008,null,6.56168,{"$nulls":10},"NAPL",false,true,false,false,true,false,false,false,null,"UST","Dissolved phase (HA2)","HA2","2008-08-01","Dissolved phase (HA2)",null,454500,null,4500,null,450000,null,0.5,"<",1,"<",1,"<",2,{"$nulls":7},"<",10,"<",10,"<",10,"<",10,{"$nulls":26},"sandy clay, silty clay","no","yes","2","3"]
[7725,545,"BQJ67","Jindalee","QLD","AU","Diesel",null,"clayey gravel fill","SIC",null,3650,"SV3",7725,"2008-08-01",null,null,"Building",null,8771,null,null,6.069554,null,6.56168,{"$nulls":10},"NAPL",false,true,false,false,true,false,false,false,null,"UST","Dissolved phase (HA2)","HA2","2008-08-01","Dissolved phase (HA2)",null,454500,null,4500,null,450000,null,0.5,"<",1,"<",1,"<",2,{"$nulls":7},"<",10,"<",10,"<",10,"<",10,{"$nulls":26},"sandy clay, silty clay","no","yes","2","3"]
[7726,545,"BQJ67","Jindalee","QLD","AU","Diesel",null,"clayey gravel fill","SIC",null,3651,"SV4",7726,"2008-08-01",null,null,"Building",null,8772,null,null,6.069554,null,6.56168,{"$nulls":10},"NAPL",false,true,false,false,true,false,false,false,null,"UST","Dissolved phase (HA2)","HA2","2008-08-01","Dissolved phase (HA2)",null,454500,null,4500,null,450000,null,0.5,"<",1,"<",1,"<",2,{"$nulls":8},30,null,41,null,140,null,1300,{"$nulls":26},"sandy clay, silty clay","no","yes","2","3"]
[7727,532,"BQN54","Nambour","QLD","AU","Diesel",null,"clayey silty sandy fill","C",null,3652,"SV1",7727,"2009-08-01",{"$nulls":4},8773,null,null,2.624672,null,7.545932,{"$nulls":5},5.3,null,0.5,null,11,"NAPL",true,false,false,false,true,false,false,false,null,"UST","Residual soil V226 (1.8m) (mg/kg)","V226","2009-08-01","Residual soil V226 (1.8m) (mg/kg)",null,329000,null,129000,null,200000,null,200,null,500,null,500,null,500,{"$nulls":8},300,null,3400,null,430,null,1400,{"$nulls":3},178500,{"$nulls":22},"clay","no","no","5","1"]
[7728,532,"BQN54","Nambour","QLD","AU","Diesel",null,"clayey silty sandy fill","C",null,3653,"SV3",7728,"2009-08-01",{"$nulls":5},8774,null,1.64042,null,6.56168,{"$nulls":5},0.71,null,16,null,0.01,"NAPL",false,false,false,false,false,false,false,true,"Aliphatics (TPH) in soil gas >50000 ug/m3 (where no hexane is reported)","UST","Residual soil V175 (1.8m) (mg/kg)",{"$nulls":25},91,null,44,null,56,null,84,{"$nulls":3},232100,null,null,"V175","Residual soil V175 (1.8m) (mg/kg)",null,0.5,null,1.9,"<",0.5,null,0.5,null,180,null,100,null,80,{"$nulls":4},"clay","no","no","5","1"]
[7729,532,"BQN54","Nambour","QLD","AU","Diesel",null,"clayey silty sandy fill","C",null,3654,"SV4",7729,"2009-08-01",{"$nulls":5},8775,null,0,null,4.92126,{"$nulls":5},0.06,null,21,"<",0.01,"NAPL",false,false,false,false,false,false,false,true,"Aliphatics (TPH) in soil gas >50000 ug/m3 (where no hexane is reported)","UST","Residual soil V174 (1/8m) (mg/kg)",{"$nulls":25},3300,null,4300,null,2400,null,600,{"$nulls":3},18724600,null,null,"V174","Residual soil V174 (1/8m) (mg/kg)",null,0.4,null,2,"<",0.5,"<",0.5,null,183,null,83,null,100,{"$nulls":4},"clay","no","no","5","1"]
[7730,532,"BQN54","Nambour","QLD","AU","Diesel",null,"clayey silty sandy fill","C",null,3655,"SV5",7730,"2009-08-01",{"$nulls":4},8776,null,null,1.968504,null,6.889764,{"$nulls":5},7.2,null,0.8,null,0.36,"NAPL",true,false,false,false,true,false,false,false,null,"UST","Residual soil V173 and V172 (1.8+m) (mg/kg)","V173 and V172","2009-08-01","Residual soil V173 and V172 (1.8+m) (mg/kg)",null,1042000,null,222000,null,820000,null,200,null,3500,"<",500,"<",500,{"$nulls":8},220,null,1900,null,300,null,240,{"$nulls":3},1819000,{"$nulls":22},"clay","no","no","5","1"]
[7731,532,"BQN54","Nambour","QLD","AU","Diesel",null,"clayey silty sandy fill","C",null,3656,"SV6",7731,"2009-08-01",{"$nulls":4},8777,null,null,1.64042,null,6.56168,{"$nulls":5},1.3,null,4.8,null,0.31,"NAPL",false,false,false,false,true,false,false,true,"Aliphatics (TPH) in soil gas >50000 ug/m3 (where no hexane is reported)","UST","Dissolved MW1B (mg/L)","MW1B","2009-08-01","Dissolved MW1B (mg/L)",null,360020,null,20,null,360000,"<",1,"<",2,"<",2,"<",2,{"$nulls":8},62,null,240,null,31,null,53,{"$nulls":3},619300,{"$nulls":22},"clay","no","no","5","1"]
[7732,532,"BQN54","Nambour","QLD","AU","Diesel",null,"silty clay","C",null,3657,"SV7",7732,"2009-08-01",{"$nulls":4},8778,null,null,1.968504,null,6.889764,{"$nulls":5},0.45,null,19,"<",0.01,"NAPL",true,false,false,false,true,false,false,false,null,"UST","Residual soil V138 (2m), dissolved MW10","MW10","2009-08-01","Residual soil V138 (2m), dissolved MW10",null,223000,null,83000,null,140000,"<",200,"<",500,"<",500,"<",500,{"$nulls":8},140,null,1600,null,200,null,790,{"$nulls":3},10800,{"$nulls":22},"clay","no","no","5","1"]
[7733,542,"BSGE64","Glenelg East","SA","AU","Gasoline/Diesel",null,"clayey silt","C",null,3658,"SB8_(N)",7733,"2008-10-01",{"$nulls":4},8780,null,null,0.492126,null,7.545932,{"$nulls":10},"NAPL",true,false,false,false,true,false,false,false,null,"UST","PSH and dissolved phase (BH14)","BH14","2008-10-01","PSH and dissolved phase (BH14)",null,253300,null,17700,null,235600,null,3430,null,100,null,3110,null,8880,{"$nulls":8},370,"<",100,null,1400,"<",100,null,17000,null,735500,{"$nulls":22},"silty clay","no","yes","5","5"]
[7734,542,"BSGE64","Glenelg East","SA","AU","Gasoline/Diesel",null,"clayey silt","C",null,3658,"SB8_(N)",7734,"2008-08-01",{"$nulls":4},8779,null,null,0.492126,null,7.545932,{"$nulls":5},10,null,0.7,null,0.24,"NAPL",true,false,false,false,true,false,false,false,null,"UST","PSH and dissolved phase (BH14)","BH14","2008-08-01","PSH and dissolved phase (BH14)",null,253300,null,17700,null,235600,null,3430,null,100,null,3110,null,8880,{"$nulls":8},1000,null,56,null,2400,null,50,null,59000,null,1426000,{"$nulls":22},"silty clay","no","yes","5","5"]
[7735,542,"BSGE64","Glenelg East","SA","AU","Gasoline/Diesel",null,"sandy gravel fill","SIC",null,3659,"SV1_(NW)",7735,"2008-09-01",{"$nulls":4},8781,null,null,1.804462,null,7.217848,{"$nulls":5},5.2,null,12,"<",0.01,"NAPL",true,false,false,false,true,false,false,false,null,"UST","PSH and dissolved phase (BH11, BH19)","BH11, BH19","2008-09-01","PSH and dissolved phase (BH11, BH19)",null,253300,null,17700,null,235600,null,3430,null,100,null,3110,null,8880,{"$nulls":7},"<",10,"<",10,"<",10,"<",10,"<",100,"<",100,{"$nulls":22},"fill","no","yes","5","5"]
[7736,542,"BSGE64","Glenelg East","SA","AU","Gasoline/Diesel",null,"sandy gravel fill","SIC",null,3659,"SV1_(NW)",7736,"2008-10-01",{"$nulls":4},8782,null,null,1.804462,null,7.217848,{"$nulls":10},"NAPL",true,false,false,false,true,false,false,false,null,"UST","PSH and dissolved phase (BH11, BH19)","BH11, BH19","2008-10-01","PSH and dissolved phase (BH11, BH19)",null,253300,null,17700,null,235600,null,3430,null,100,null,3110,null,8880,{"$nulls":7},"<",10,"<",10,"<",10,"<",10,"<",100,null,400,{"$nulls":22},"fill","no","yes","5","5"]
[7737,542,"BSGE64","Glenelg East","SA","AU","Gasoline/Diesel",null,"silty clay","C",null,3660,"SV10_(NE)",7737,"2008-08-01",{"$nulls":4},8783,null,null,0.82021,null,6.56168,{"$nulls":5},4,null,12,null,6.1,"Dissolved",false,false,false,false,false,false,false,false,null,"UST","Dissolved phase (MW41)","MW41","2008-08-01","Dissolved phase (MW41)",null,7560,null,4300,null,3260,null,1290,null,53,null,730,null,1650,{"$nulls":7},"<",10,"<",10,"<",10,"<",10,null,900,null,1100,{"$nulls":22},"silty clay","no","yes","5","4"]
[7738,542,"BSGE64","Glenelg East","SA","AU","Gasoline/Diesel",null,"silty clay","C",null,3660,"SV10_(NE)",7738,"2008-10-01",{"$nulls":4},8784,null,null,0.82021,null,6.56168,{"$nulls":10},"Dissolved",false,false,false,false,false,false,false,false,null,"UST","Dissolved phase (MW41)","MW41","2008-10-01","Dissolved phase (MW41)",null,7560,null,4300,null,3260,null,1290,null,53,null,730,null,1650,{"$nulls":7},"<",10,"<",10,"<",10,"<",10,"<",100,null,400,{"$nulls":22},"silty clay","no","yes","5","4"]
[7739,542,"BSGE64","Glenelg East","SA","AU","Gasoline/Diesel",null,"gravel fill","SIC",null,3661,"SV11_(E)",7739,"2008-08-01",{"$nulls":4},8785,null,null,1.968504,null,7.217848,{"$nulls":5},1.7,null,19,null,0.2,"Dissolved",false,false,false,false,false,false,false,false,null,"UST","Dissolved phase (MW41)","MW41","2008-08-01","Dissolved phase (MW41)",null,7560,null,4300,null,3260,null,1290,null,53,null,730,null,1650,{"$nulls":7},"<",10,"<",10,"<",10,"<",10,"<",100,"<",100,{"$nulls":22},"fill","no","yes","5","4"]
[7740,542,"BSGE64","Glenelg East","SA","AU","Gasoline/Diesel",null,"gravel fill","SIC",null,3661,"SV11_(E)",7740,"2008-10-01",{"$nulls":4},8786,null,null,1.968504,null,7.217848,{"$nulls":10},"Dissolved",false,false,false,false,false,false,false,false,null,"UST","Dissolved phase (MW41)","MW41","2008-10-01","Dissolved phase (MW41)",null,7560,null,4300,null,3260,null,1290,null,53,null,730,null,1650,{"$nulls":7},"<",10,"<",10,"<",10,"<",10,"<",100,null,300,{"$nulls":22},"fill","no","yes","5","4"]
[7741,542,"BSGE64","Glenelg East","SA","AU","Gasoline/Diesel",null,"clay, silty clay","C",null,3662,"SV12_(S)",7741,"2008-10-01",{"$nulls":4},8788,null,null,1.64042,null,8.2021,{"$nulls":10},"Dissolved",false,false,false,false,false,false,false,false,null,"UST","Dissolved phase (MW41/BH31)","MW41/BH31","2008-10-01","Dissolved phase (MW41/BH31)",null,7560,null,4300,null,3260,null,1290,null,53,null,866,null,1650,{"$nulls":7},"<",10,"<",10,"<",10,"<",10,null,100,null,800,{"$nulls":22},"silty clay","no","yes","5","4"]
[7742,542,"BSGE64","Glenelg East","SA","AU","Gasoline/Diesel",null,"clay, silty clay","C",null,3662,"SV12_(S)",7742,"2008-08-01",{"$nulls":4},8787,null,null,1.64042,null,8.2021,{"$nulls":5},3.5,null,18,"<",0.01,"Dissolved",false,false,false,false,false,false,false,false,null,"UST","Dissolved phase (MW41/BH31)","MW41/BH31","2008-08-01","Dissolved phase (MW41/BH31)",null,7560,null,4300,null,3260,null,1290,null,53,null,866,null,1650,{"$nulls":7},"<",10,"<",10,"<",10,"<",10,"<",100,null,200,{"$nulls":22},"silty clay","no","yes","5","4"]
[7743,542,"BSGE64","Glenelg East","SA","AU","Gasoline/Diesel",null,"sandy gravel fill","SIC",null,3663,"SV13_(E)",7743,"2008-08-01",{"$nulls":4},8789,null,null,1.476378,null,8.2021,{"$nulls":5},0.75,null,20,"<",0.01,"Dissolved",false,false,false,false,false,false,false,false,null,"UST","Dissolved phase (MW41/BH31)","MW41/BH31","2008-08-01","Dissolved phase (MW41/BH31)",null,7560,null,4300,null,3260,null,1290,null,53,null,866,null,1650,{"$nulls":7},"<",10,"<",10,"<",10,null,13,"<",100,"<",100,{"$nulls":22},"fill","no","yes","5","4"]
[7744,542,"BSGE64","Glenelg East","SA","AU","Gasoline/Diesel",null,"sandy gravel fill","SIC",null,3663,"SV13_(E)",7744,"2008-10-01",{"$nulls":4},8790,null,null,1.476378,null,8.2021,{"$nulls":10},"Dissolved",false,false,false,false,false,false,false,false,null,"UST","Dissolved phase (MW41/BH31)","MW41/BH31","2008-10-01","Dissolved phase (MW41/BH31)",null,7560,null,4300,null,3260,null,1290,null,53,null,866,null,1650,{"$nulls":7},"<",10,"<",10,"<",10,"<",10,"<",100,null,400,{"$nulls":22},"fill","no","yes","5","4"]
[7745,542,"BSGE64","Glenelg East","SA","AU","Gasoline/Diesel",null,"silty sand clay fill","SIC",null,3664,"SV14_(WR)",7745,"2008-10-01",{"$nulls":4},8791,null,null,1.312336,null,6.56168,{"$nulls":10},"Dissolved",false,false,false,false,false,false,false,false,null,"UST","Dissolved phase (BH3/BH12)","BH3/BH12","2008-10-01","Dissolved phase (BH3/BH12)",null,8700,null,3720,null,4980,null,515,null,260,null,974,null,2240,{"$nulls":7},"<",10,"<",10,null,17,"<",10,"<",100,null,6400,{"$nulls":22},"fill","no","yes","5","4"]
[7746,542,"BSGE64","Glenelg East","SA","AU","Gasoline/Diesel",null,"silty sand clay fill","SIC",null,3664,"SV14_(WR)",7746,"2008-09-01",{"$nulls":4},8792,null,null,1.312336,null,6.56168,{"$nulls":5},4.1,null,15,"<",0.01,"Dissolved",false,false,false,false,false,false,false,false,null,"UST","Dissolved phase (BH3/BH12)","BH3/BH12","2008-09-01","Dissolved phase (BH3/BH12)",null,8700,null,3720,null,4980,null,515,null,260,null,974,null,2240,{"$nulls":7},"<",53,"<",10,null,23,"<",10,null,500,null,5900,{"$nulls":22},"fill","no","yes","5","4"]
[7747,542,"BSGE64","Glenelg East","SA","AU","Gasoline/Diesel",null,"silty clay","C",null,3665,"SV15_(WR)",7747,"2008-08-01",{"$nulls":4},8793,null,null,1.968504,null,7.217848,{"$nulls":5},3,null,18,"<",0.01,"Dissolved",false,false,false,false,false,false,false,false,null,"UST","Dissolved phase (BH3/BH12)","BH3/BH12","2008-08-01","Dissolved phase (BH3/BH12)",null,8700,null,3720,null,4980,null,515,null,260,null,974,null,2240,{"$nulls":7},"<",10,"<",10,"<",10,"<",10,"<",100,"<",100,{"$nulls":22},"silty clay","no","yes","5","4"]
[7748,542,"BSGE64","Glenelg East","SA","AU","Gasoline/Diesel",null,"silty clay","C",null,3665,"SV15_(WR)",7748,"2008-10-01",{"$nulls":4},8794,null,null,1.968504,null,7.217848,{"$nulls":10},"Dissolved",false,false,false,false,false,false,false,false,null,"UST","Dissolved phase (BH3/BH12)","BH3/BH12","2008-10-01","Dissolved phase (BH3/BH12)",null,8700,null,3720,null,4980,null,515,null,260,null,974,null,2240,{"$nulls":7},"<",10,"<",10,null,12,"<",10,"<",100,null,4200,{"$nulls":22},"silty clay","no","yes","5","4"]
[7749,542,"BSGE64","Glenelg East","SA","AU","Gasoline/Diesel",null,"gravel fill, silty clay","C",null,3666,"SV16_(WR)",7749,"2008-10-01",{"$nulls":4},8796,null,null,1.968504,null,7.217848,{"$nulls":10},"Dissolved",false,false,false,false,false,false,false,false,null,"UST","Dissolved phase (BH3/BH12)","BH3/BH12","2008-10-01","Dissolved phase (BH3/BH12)",null,8700,null,3720,null,4980,null,515,null,260,null,974,null,2240,{"$nulls":7},"<",10,"<",10,null,12,"<",10,"<",100,null,5200,{"$nulls":22},"silty clay","no","yes","5","4"]
[7750,542,"BSGE64","Glenelg East","SA","AU","Gasoline/Diesel",null,"gravel fill, silty clay","C",null,3666,"SV16_(WR)",7750,"2008-08-01",{"$nulls":4},8795,null,null,1.968504,null,7.217848,{"$nulls":5},3.3,null,16,"<",0.01,"Dissolved",false,false,false,false,false,false,false,false,null,"UST","Dissolved phase (BH3/BH12)","BH3/BH12","2008-08-01","Dissolved phase (BH3/BH12)",null,8700,null,3720,null,4980,null,515,null,260,null,974,null,2240,{"$nulls":7},"<",10,"<",10,"<",10,"<",10,"<",100,"<",100,{"$nulls":22},"silty clay","no","yes","5","4"]
[7751,542,"BSGE64","Glenelg East","SA","AU","Gasoline/Diesel",null,"sandy silt. Silty clay","C",null,3667,"SV17_(SR)",7751,"2008-10-01",{"$nulls":4},8798,null,null,4.429134,null,9.186352,{"$nulls":10},"Dissolved",false,false,false,false,false,false,false,false,null,"UST","Dissolved phase (SP2)","SP2","2008-10-01","Dissolved phase (SP2)",null,2510,null,210,null,2300,null,172,"<",null,null,44,null,55,{"$nulls":7},"<",10,"<",10,null,14,"<",10,null,200,null,6200,{"$nulls":22},"silty clay","no","yes","5","4"]
[7752,542,"BSGE64","Glenelg East","SA","AU","Gasoline/Diesel",null,"sandy silt. Silty clay","C",null,3667,"SV17_(SR)",7752,"2008-08-01",{"$nulls":4},8797,null,null,4.429134,null,9.186352,{"$nulls":5},2.6,null,19,"<",0.01,"Dissolved",false,false,false,false,false,false,false,false,null,"UST","Dissolved phase (SP2)","SP2","2008-08-01","Dissolved phase (SP2)",null,2510,null,210,null,2300,null,172,"<",null,null,44,null,55,{"$nulls":7},"<",10,"<",10,"<",10,"<",10,"<",100,"<",100,{"$nulls":22},"silty clay","no","yes","5","4"]
[7753,542,"BSGE64","Glenelg East","SA","AU","Gasoline/Diesel",null,"silty clay","C",null,3668,"SV18_(SR)",7753,"2008-10-01",{"$nulls":4},8800,null,null,2.788714,null,8.2021,{"$nulls":10},"Dissolved",false,false,false,false,false,false,false,false,null,"UST","Dissolved phase (BH31)","BH31","2008-10-01","Dissolved phase (BH31)",null,3310,null,3310,"<",null,null,1290,"<",null,null,866,null,1100,{"$nulls":7},"<",10,"<",10,null,14,"<",10,null,600,null,6600,{"$nulls":22},"silty clay","no","yes","5","4"]
[7754,542,"BSGE64","Glenelg East","SA","AU","Gasoline/Diesel",null,"silty clay","C",null,3668,"SV18_(SR)",7754,"2008-08-01",{"$nulls":4},8799,null,null,2.788714,null,8.2021,{"$nulls":5},4,null,16,"<",0.01,"Dissolved",false,false,false,false,false,false,false,false,null,"UST","Dissolved phase (BH31)","BH31","2008-08-01","Dissolved phase (BH31)",null,3310,null,3310,"<",null,null,1290,"<",null,null,866,null,1100,{"$nulls":7},"<",10,"<",10,"<",10,"<",10,"<",100,"<",100,{"$nulls":22},"silty clay","no","yes","5","4"]
[7755,542,"BSGE64","Glenelg East","SA","AU","Gasoline/Diesel",null,"silty clay, clay","C",null,3669,"SV19_(W)",7755,"2008-10-01",{"$nulls":4},8801,null,null,1.64042,null,6.56168,{"$nulls":5},7.1,null,9.2,"<",0.01,"NAPL",true,false,false,false,false,false,false,false,null,"UST","PSH and dissolved phase (MW38D/BH12)","MW38D/BH12","2008-10-01","PSH and dissolved phase (MW38D/BH12)",null,6710,null,3100,null,3610,null,2380,null,100000,null,312,null,300000,{"$nulls":7},"<",17,"<",10,null,25,"<",10,null,200,null,14400,{"$nulls":22},"silty clay","no","yes","5","5"]
[7756,542,"BSGE64","Glenelg East","SA","AU","Gasoline/Diesel",null,"silty clay","SIC",null,3670,"SV2_(W)",7756,"2008-10-01",{"$nulls":4},8804,null,null,0.5577428,null,6.233596,{"$nulls":10},"NAPL",false,false,false,false,false,false,false,true,"Aliphatics (TPH) in soil gas >50000 ug/m3 (where no hexane is reported)","UST","Dissolved phase (BH12/BH3)","BH12/BH3","2008-10-01","Dissolved phase (BH12/BH3)",null,8700,null,3720,null,4980,null,515,null,260,null,974,null,2240,{"$nulls":8},375000,null,4400,null,41000,null,2000,null,5100000,null,9061400,{"$nulls":22},"silty clay","no","yes","5","5"]
[7757,542,"BSGE64","Glenelg East","SA","AU","Gasoline/Diesel",null,"silty clay","SIC",null,3670,"SV2_(W)",7757,"2008-09-01",{"$nulls":4},8802,null,null,0.5577428,null,6.233596,{"$nulls":10},"NAPL",false,false,false,false,false,false,false,true,"Aliphatics (TPH) in soil gas >50000 ug/m3 (where no hexane is reported)","UST","Dissolved phase (BH12/BH3)","BH12/BH3","2008-09-01","Dissolved phase (BH12/BH3)",null,8700,null,3720,null,4980,null,515,null,260,null,974,null,2240,{"$nulls":8},380000,null,5300,null,2300,null,3200,null,9200000,null,12432300,{"$nulls":22},"silty clay","no","yes","5","5"]
[7758,542,"BSGE64","Glenelg East","SA","AU","Gasoline/Diesel",null,"silty clay","SIC",null,3670,"SV2_(W)",7758,"2008-08-01",{"$nulls":4},8803,null,null,0.5577428,null,6.233596,{"$nulls":5},1.7,null,14,null,2.9,"NAPL",false,false,false,false,false,false,false,true,"Aliphatics (TPH) in soil gas >50000 ug/m3 (where no hexane is reported)","UST","Dissolved phase (BH12/BH3)","BH12/BH3","2008-08-01","Dissolved phase (BH12/BH3)",null,8700,null,3720,null,4980,null,515,null,260,null,974,null,2240,{"$nulls":8},380000,null,1800,null,26000,null,1100,null,6700000,null,13109700,{"$nulls":22},"silty clay","no","yes","5","5"]
[7759,542,"BSGE64","Glenelg East","SA","AU","Gasoline/Diesel",null,"clay","SIC",null,3671,"SV20_(E)",7759,"2008-10-01",{"$nulls":4},8805,null,null,2.296588,null,7.217848,{"$nulls":5},6.9,null,0.4,null,1.6,"NAPL",true,false,false,false,false,false,false,false,null,"UST","Dissolved phase with sheen (MW41)","MW41","2008-10-01","Dissolved phase with sheen (MW41)",null,7560,null,4300,null,3260,null,1290,null,53,null,730,null,1650,{"$nulls":7},"<",21000,null,170,null,5100,null,360,null,1400000,null,2536400,{"$nulls":22},"silty clay","no","yes","5","5"]
[7760,542,"BSGE64","Glenelg East","SA","AU","Gasoline/Diesel",null,"sandy clay fill","SIC",null,3672,"SV21_(S)",7760,"2008-10-01",{"$nulls":4},8806,null,null,2.296588,null,7.217848,{"$nulls":5},3.2,null,18,"<",0.01,"NAPL",true,false,false,false,false,false,false,false,null,"UST","Dissolved phase with sheen (MW41/BH31)","MW41/BH31","2008-10-01","Dissolved phase with sheen (MW41/BH31)",null,7560,null,4300,null,3260,null,1290,null,53,null,866,null,1650,{"$nulls":7},"<",18,"<",10,null,29,"<",10,null,200,null,14000,{"$nulls":22},"fill","no","yes","5","4"]
[7761,542,"BSGE64","Glenelg East","SA","AU","Gasoline/Diesel",null,"sandy gravel clay fill","SIC",null,3673,"SV3a_(W)",7761,"2008-10-01",{"$nulls":4},8807,null,null,1.312336,null,6.233596,{"$nulls":5},12,null,7.3,null,0.01,"NAPL",true,false,false,false,false,false,false,false,null,"UST","PSH and dissolved phase (MW38D)","MW38D","2008-10-01","PSH and dissolved phase (MW38D)",null,6710,null,3100,null,3610,null,2380,null,100000,null,312,null,300000,{"$nulls":8},59,"<",10,null,55,"<",10,null,18000,null,39000,{"$nulls":22},"fill","no","yes","5","5"]
[7762,542,"BSGE64","Glenelg East","SA","AU","Gasoline/Diesel",null,"gravel fill","SIC",null,3674,"SV4_(W)",7762,"2008-09-01",{"$nulls":4},8808,null,null,5.577428,null,10.826772,{"$nulls":5},0.38,null,21,"<",0.01,"Dissolved",false,false,false,false,false,false,false,false,null,"UST","Dissolved phase (SP2)","SP2","2008-09-01","Dissolved phase (SP2)",null,2510,null,210,null,2300,null,172,"<",null,null,44,null,55,{"$nulls":7},"<",10,"<",10,"<",10,"<",10,"<",100,"<",100,{"$nulls":22},"fill","no","yes","5","3"]
[7763,542,"BSGE64","Glenelg East","SA","AU","Gasoline/Diesel",null,"gravel fill","SIC",null,3674,"SV4_(W)",7763,"2008-10-01",{"$nulls":4},8809,null,null,5.577428,null,10.826772,{"$nulls":10},"Dissolved",false,false,false,false,false,false,false,false,null,"UST","Dissolved phase (SP2)","SP2","2008-10-01","Dissolved phase (SP2)",null,2510,null,210,null,2300,null,172,"<",null,null,44,null,55,{"$nulls":7},"<",10,"<",10,"<",10,"<",10,"<",100,null,400,{"$nulls":22},"fill","no","yes","5","3"]
[7764,542,"BSGE64","Glenelg East","SA","AU","Gasoline/Diesel",null,"gravel fill, silty clay","C",null,3675,"SV5_(SW)",7764,"2008-10-01",{"$nulls":7},4.593176,null,11.154856,{"$nulls":10},"NAPL",true,false,false,false,false,false,false,false,null,"UST","PSH and dissolved phase (SP1)",{"$nulls":24},"<",10,"<",10,"<",10,"<",10,"<",100,null,300,{"$nulls":22},"silty clay","no","yes","5","5"]
[7765,542,"BSGE64","Glenelg East","SA","AU","Gasoline/Diesel",null,"gravel fill, silty clay","C",null,3675,"SV5_(SW)",7765,"2008-09-01",{"$nulls":7},4.593176,null,11.154856,{"$nulls":10},"NAPL",true,false,false,false,false,false,false,false,null,"UST","PSH and dissolved phase (SP1)",{"$nulls":24},"<",10,"<",10,"<",10,"<",10,"<",100,"<",100,{"$nulls":22},"silty clay","no","yes","5","5"]
[7766,542,"BSGE64","Glenelg East","SA","AU","Gasoline/Diesel",null,"sandy gravel fill, clay","C",null,3676,"SV7_(C)",7766,"2008-10-01",{"$nulls":7},5.905512,null,11.154856,{"$nulls":10},"NAPL",true,false,false,false,false,false,false,false,null,"UST","PSH and dissolved phase (SP1)",{"$nulls":24},"<",10,"<",10,"<",10,"<",10,"<",100,null,300,{"$nulls":22},"silty clay","no","yes","5","5"]
[7767,542,"BSGE64","Glenelg East","SA","AU","Gasoline/Diesel",null,"sandy gravel fill, clay","C",null,3676,"SV7_(C)",7767,"2008-09-01",{"$nulls":7},5.905512,null,11.154856,{"$nulls":10},"NAPL",true,false,false,false,false,false,false,false,null,"UST","PSH and dissolved phase (SP1)",{"$nulls":24},"<",10,"<",10,"<",10,"<",10,"<",100,"<",100,{"$nulls":22},"silty clay","no","yes","5","5"]
[7768,542,"BSGE64","Glenelg East","SA","AU","Gasoline/Diesel",null,"sandy gravel fill, clay","C",null,3676,"SV7_(C)",7768,"2008-08-01",{"$nulls":7},5.905512,null,11.154856,{"$nulls":5},4.6,null,13,"<",0.01,"NAPL",true,false,false,false,false,false,false,false,null,"UST","PSH and dissolved phase (SP1)",{"$nulls":24},"<",10,"<",10,"<",10,"<",10,"<",100,null,100,{"$nulls":22},"silty clay","no","yes","5","5"]
[7769,542,"BSGE64","Glenelg East","SA","AU","Gasoline/Diesel",null,"gravel fill, silty clay","C",null,3677,"SV9_(C)",7769,"2008-10-01",{"$nulls":4},8811,null,null,1.804462,null,8.530184,{"$nulls":10},"Dissolved",false,false,false,false,false,false,false,false,null,"UST","Dissolved phase (MW39)","MW39","2008-10-01","Dissolved phase (MW39)",null,160,null,160,"<",null,null,84,"<",null,null,6,null,9,{"$nulls":7},"<",10,"<",10,"<",10,"<",10,"<",100,null,300,{"$nulls":22},"silty clay","no","yes","5","4"]
[7770,542,"BSGE64","Glenelg East","SA","AU","Gasoline/Diesel",null,"gravel fill, silty clay","C",null,3677,"SV9_(C)",7770,"2008-08-01",{"$nulls":4},8810,null,null,1.804462,null,8.530184,{"$nulls":5},2.1,null,17,"<",0.01,"Dissolved",false,false,false,false,false,false,false,false,null,"UST","Dissolved phase (MW39)","MW39","2008-08-01","Dissolved phase (MW39)",null,160,null,160,"<",null,null,84,"<",null,null,6,null,9,{"$nulls":7},"<",10,"<",10,"<",10,"<",10,"<",100,null,200,{"$nulls":22},"silty clay","no","yes","5","4"]
[7772,549,"BSPP71","Port Pirie","SA","AU","Gasoline/Diesel",null,"clay","C",null,3679,"SV1",7772,"2008-08-01",{"$nulls":7},4.92126,null,11.48294,{"$nulls":10},"NAPL",true,false,false,false,false,false,false,false,null,"UST","PSH",{"$nulls":24},"<",0.1,"<",0.1,"<",0.1,"<",0.1,null,null,"<",2,{"$nulls":23},"no","unknown","4","3"]
[7771,549,"BSPP71","Port Pirie","SA","AU","Gasoline/Diesel",null,"sand, gravel, clay","C",null,3678,"SV1",7771,"2008-08-01",{"$nulls":7},8.2021,null,11.48294,{"$nulls":10},"NAPL",true,false,false,false,false,false,false,false,null,"UST","PSH",{"$nulls":24},"<",0.1,null,0.2,"<",0.1,null,0.3,null,null,"<",2,{"$nulls":22},"clay and silt","no","unknown","4","3"]
[7774,549,"BSPP71","Port Pirie","SA","AU","Gasoline/Diesel",null,"clay","C",null,3681,"SV2",7774,"2008-08-01",{"$nulls":7},4.92126,null,11.48294,{"$nulls":10},"NAPL",true,false,false,false,false,false,false,false,null,"UST","PSH",{"$nulls":24},"<",0.1,"<",0.1,"<",0.1,"<",0.1,null,null,"<",2,{"$nulls":23},"no","unknown","4","3"]
[7773,549,"BSPP71","Port Pirie","SA","AU","Gasoline/Diesel",null,"sand, gravel, clay","C",null,3680,"SV2",7773,"2008-08-01",{"$nulls":7},8.2021,null,11.48294,{"$nulls":10},"NAPL",true,false,false,false,false,false,false,false,null,"UST","PSH",{"$nulls":24},"<",0.1,null,0.2,"<",0.1,null,0.2,null,null,"<",2,{"$nulls":22},"clay and silt","no","unknown","4","3"]
[7776,549,"BSPP71","Port Pirie","SA","AU","Gasoline/Diesel",null,"clay","C",null,3683,"SV3",7776,"2008-08-01",{"$nulls":7},4.92126,null,11.48294,{"$nulls":10},"NAPL",true,false,false,false,false,false,false,false,null,"UST","PSH",{"$nulls":24},"<",0.1,"<",0.1,"<",0.1,"<",0.1,null,null,"<",2,{"$nulls":23},"no","unknown","4","3"]
[7775,549,"BSPP71","Port Pirie","SA","AU","Gasoline/Diesel",null,"sand, gravel, clay","C",null,3682,"SV3",7775,"2008-08-01",{"$nulls":7},8.2021,null,11.48294,{"$nulls":10},"NAPL",true,false,false,false,false,false,false,false,null,"UST","PSH",{"$nulls":24},"<",0.1,"<",0.1,"<",0.1,"<",0.1,null,null,"<",2,{"$nulls":22},"clay and silt","no","unknown","4","3"]
[7777,556,"BSW78","Whyalla","SA","AU","Gasoline/Diesel",null,"concrete, fill, sand","SIC",null,3684,"SV1",7777,"2007-05-01",null,null,"Pavement",null,8812,null,null,14.76378,null,18.04462,{"$nulls":5},0.2,null,20.3,null,0.2,"NAPL",true,false,false,true,true,false,false,false,null,"UST","PSH and dissolved phase (MW21)","MW21","2007-05-01","PSH and dissolved phase (MW21)",null,139100,null,101000,null,38100,null,14500,null,46300,{"$nulls":3},20300,{"$nulls":7},"<",4.5,"<",105,"<",25,"<",50,{"$nulls":27},"no","yes","3","3"]
[7780,556,"BSW78","Whyalla","SA","AU","Gasoline/Diesel",null,"sandy clay","SIC",null,3687,"SV2",7780,"2007-05-01",{"$nulls":4},8813,null,null,0.656168000000001,null,19.68504,{"$nulls":5},0.1,null,20.2,null,0.2,"NAPL",true,false,false,true,true,false,false,false,null,"UST","PSH and dissolved phase (MW21)","MW21","2007-05-01","PSH and dissolved phase (MW21)",null,139100,null,101000,null,38100,null,14500,null,46300,{"$nulls":3},20300,{"$nulls":7},"<",49200,"<",5200,"<",2800,"<",17500,{"$nulls":27},"no","yes","3","4"]
[7779,556,"BSW78","Whyalla","SA","AU","Gasoline/Diesel",null,"sandy clay","SIC",null,3686,"SV2",7779,"2007-05-01",{"$nulls":4},8813,null,null,7.217848,null,19.68504,{"$nulls":5},0.1,null,20.5,null,0.1,"NAPL",true,false,false,true,true,false,false,false,null,"UST","PSH and dissolved phase (MW21)","MW21","2007-05-01","PSH and dissolved phase (MW21)",null,139100,null,101000,null,38100,null,14500,null,46300,{"$nulls":3},20300,{"$nulls":7},"<",84200,"<",7500,"<",2500,"<",20200,{"$nulls":27},"no","yes","3","4"]
[7778,556,"BSW78","Whyalla","SA","AU","Gasoline/Diesel",null,"bitumen, sand fill","SIC",null,3685,"SV2",7778,"2007-05-01",{"$nulls":4},8813,null,null,17.060368,null,19.68504,{"$nulls":5},0.1,null,20.2,null,0.2,"NAPL",true,false,false,true,true,false,false,false,null,"UST","PSH and dissolved phase (MW21)","MW21","2007-05-01","PSH and dissolved phase (MW21)",null,139100,null,101000,null,38100,null,14500,null,46300,{"$nulls":3},20300,{"$nulls":7},"<",550,"<",1250,"<",245,"<",870,{"$nulls":27},"no","yes","3","4"]
[7781,556,"BSW78","Whyalla","SA","AU","Gasoline/Diesel",null,"bitumen sandy fill","SIC",null,3688,"SV3",7781,"2007-05-01",{"$nulls":4},8814,null,null,14.76378,null,18.04462,{"$nulls":5},0.2,null,20.2,null,0.2,"NAPL",false,true,false,true,true,false,false,false,null,"UST","Dissolved phase (MW16)","MW16","2007-05-01","Dissolved phase (MW16)",null,139100,null,101000,null,38100,null,14500,null,46300,{"$nulls":3},20300,{"$nulls":7},"<",4.5,"<",100,"<",50,"<",75,{"$nulls":27},"no","yes","3","3"]
[7784,544,"BTH66","Hobart","TAS","AU","Gasoline/Diesel",null,"fractured dolerite","C",null,3691,"SV1/SV9",7784,"2008-01-01",null,"sample date given as '2007-2008'","Pavement",null,8815,null,null,1.312336,null,12.795276,{"$nulls":10},"NAPL",false,false,false,false,false,false,false,true,"Aliphatics (TPH) in soil gas >50000 ug/m3 (where no hexane is reported)","UST","Dissolved phase (MW6)","MW6","2008-01-01","Dissolved phase (MW6); sample date given as '2007-2008'",null,4700,null,3600,null,1100,null,240,null,86,null,170,null,1580,{"$nulls":8},220,null,510,"<",100,null,11000,null,1400000,null,2160000,{"$nulls":22},"fractured dolerite","yes","yes","3","3"]
[7783,544,"BTH66","Hobart","TAS","AU","Gasoline/Diesel",null,"clay dolerite","C",null,3690,"SV1/SV9",7783,"2008-01-01",null,"sample date given as '2007-2008'","Pavement",null,8815,null,null,6.56168,null,12.795276,{"$nulls":10},"NAPL",false,true,false,false,false,false,false,false,null,"UST","Dissolved phase (MW6)","MW6","2008-01-01","Dissolved phase (MW6); sample date given as '2007-2008'",null,4700,null,3600,null,1100,null,240,null,86,null,170,null,1580,{"$nulls":7},"<",5,"<",5,"<",5,"<",5,{"$nulls":27},"yes","yes","3","3"]
[7782,544,"BTH66","Hobart","TAS","AU","Gasoline/Diesel",null,"concrete, clay","C",null,3689,"SV1/SV9",7782,"2008-01-01",null,"sample date given as '2007-2008'","Pavement",null,8815,null,null,9.514436,null,12.795276,{"$nulls":10},"NAPL",false,true,false,false,false,false,false,false,null,"UST","Dissolved phase (MW6)","MW6","2008-01-01","Dissolved phase (MW6); sample date given as '2007-2008'",null,4700,null,3600,null,1100,null,240,null,86,null,170,null,1580,{"$nulls":7},"<",5,"<",10,"<",5,"<",10,{"$nulls":26},"fractured dolerite","yes","yes","3","3"]
[7786,544,"BTH66","Hobart","TAS","AU","Gasoline/Diesel",null,"road base, clay (1m), dolerite","C",null,3693,"SV12/SV11",7786,"2008-11-01",{"$nulls":4},8816,null,null,6.56168,null,18.04462,{"$nulls":10},"Dissolved",false,false,false,false,false,false,false,false,null,"UST","Dissolved phase (MW21)","MW21","2008-11-01","Dissolved phase (MW21)",null,19660,null,11000,null,8660,null,226,null,100,null,1980,null,4690,{"$nulls":7},"<",10,null,94,"<",10,null,16,"<",100,"<",100,{"$nulls":22},"fractured dolerite","yes","yes","3","3"]
[7785,544,"BTH66","Hobart","TAS","AU","Gasoline/Diesel",null,"bitumen, clay (1m), dolerite","C",null,3692,"SV12/SV11",7785,"2008-11-01",{"$nulls":4},8816,null,null,11.48294,null,18.04462,{"$nulls":10},"Dissolved",false,false,false,false,false,false,false,false,null,"UST","Dissolved phase (MW21)","MW21","2008-11-01","Dissolved phase (MW21)",null,19660,null,11000,null,8660,null,226,null,100,null,1980,null,4690,{"$nulls":7},"<",10,"<",10,"<",10,"<",10,"<",100,"<",100,{"$nulls":22},"fractured dolerite","yes","yes","3","3"]
[7787,544,"BTH66","Hobart","TAS","AU","Gasoline/Diesel",null,"fill, clay (1.6m), dolerite","C",null,3694,"SV13",7787,"2008-11-01",{"$nulls":4},8817,null,null,5.905512,null,12.467192,{"$nulls":10},"Dissolved",false,false,false,false,false,false,false,false,null,"UST","Dissolved phase (MW2)","MW2","2008-11-01","Dissolved phase (MW2)",null,220,null,40,null,180,"<",1,"<",2,"<",2,null,4,{"$nulls":7},"<",10,"<",10,"<",10,"<",10,null,200,null,1100,{"$nulls":22},"fractured dolerite","yes","yes","3","3"]
[7789,544,"BTH66","Hobart","TAS","AU","Gasoline/Diesel",null,"fill (1.2m), fractured dolerite","C",null,3696,"SV14/SV10",7789,"2008-11-01",{"$nulls":4},8818,null,null,1.64042,null,13.12336,{"$nulls":10},"NAPL",false,false,false,false,false,false,false,true,"Aliphatics (TPH) in soil gas >50000 ug/m3 (where no hexane is reported)","UST","Dissolved phase (MW6/MW27)","MW6/MW27","2008-11-01","Dissolved phase (MW6/MW27)",null,4700,null,3600,null,1100,null,240,null,86,null,170,null,1580,{"$nulls":8},1800,null,6400,null,1500,null,17000,null,4900000,null,6303300,{"$nulls":22},"fractured dolerite","yes","yes","3","5"]
[7788,544,"BTH66","Hobart","TAS","AU","Gasoline/Diesel",null,"fill, sandy clay","C",null,3695,"SV14/SV10",7788,"2008-11-01",{"$nulls":4},8818,null,null,6.56168,null,13.12336,{"$nulls":10},"NAPL",false,true,false,false,false,false,false,false,null,"UST","Dissolved phase (MW6/MW27)","MW6/MW27","2008-11-01","Dissolved phase (MW6/MW27)",null,4700,null,3600,null,1100,null,240,null,86,null,170,null,1580,{"$nulls":7},"<",10,null,22,"<",10,null,44,null,500,null,800,{"$nulls":22},"fractured dolerite","yes","yes","3","5"]
[7791,544,"BTH66","Hobart","TAS","AU","Gasoline/Diesel",null,"dolerite","C",null,3698,"SV2",7791,"2008-01-01",null,"sample date given as '2007-2008'",null,null,8819,null,null,6.233596,null,12.795276,{"$nulls":10},"Dissolved",false,false,false,false,false,false,false,false,null,"UST","Dissolved phase (MW6)","MW6","2008-01-01","Dissolved phase (MW6); sample date given as '2007-2008'",null,4700,null,3600,null,1100,null,240,null,86,null,170,null,1580,{"$nulls":7},"<",5,"<",5,"<",5,"<",5,{"$nulls":3},300,{"$nulls":23},"yes","yes","3","3"]
[7790,544,"BTH66","Hobart","TAS","AU","Gasoline/Diesel",null,"fill, dolerite (0.5m)","C",null,3697,"SV2",7790,"2008-01-01",null,"sample date given as '2007-2008'",null,null,8819,null,null,9.514436,null,12.795276,{"$nulls":10},"Dissolved",false,false,false,false,false,false,false,false,null,"UST","Dissolved phase (MW6)","MW6","2008-01-01","Dissolved phase (MW6); sample date given as '2007-2008'",null,4700,null,3600,null,1100,null,240,null,86,null,170,null,1580,{"$nulls":7},"<",5,"<",6,"<",5,"<",10,null,null,"<",100,{"$nulls":22},"fractured dolerite","yes","yes","3","3"]
[7794,544,"BTH66","Hobart","TAS","AU","Gasoline/Diesel",null,"fractured dolerite","C",null,3701,"SV3/SV6",7794,"2008-01-01",null,"sample date given as '2007-2008'",null,null,8820,null,null,1.64042,null,13.451444,{"$nulls":10},"NAPL",false,false,false,false,false,false,false,true,"Aliphatics (TPH) in soil gas >50000 ug/m3 (where no hexane is reported)","UST","Dissolved phase (MW22)","MW22","2008-01-01","Dissolved phase (MW22); sample date given as '2007-2008'",null,23000,null,14000,null,9000,null,830,null,1300,null,1500,null,8300,{"$nulls":8},110,null,360,null,37,null,370,null,140000,null,320400,{"$nulls":22},"fractured dolerite","yes","yes","3","3"]
[7793,544,"BTH66","Hobart","TAS","AU","Gasoline/Diesel",null,"fill","C",null,3700,"SV3/SV6",7793,"2008-01-01",null,"sample date given as '2007-2008'",null,null,8820,null,null,7.217848,null,13.451444,{"$nulls":10},"NAPL",false,true,false,false,false,false,false,false,null,"UST","Dissolved phase (MW22)","MW22","2008-01-01","Dissolved phase (MW22); sample date given as '2007-2008'",null,23000,null,14000,null,9000,null,830,null,1300,null,1500,null,8300,{"$nulls":7},"<",5,"<",5,"<",5,"<",5,{"$nulls":3},100,{"$nulls":23},"yes","yes","3","3"]
[7792,544,"BTH66","Hobart","TAS","AU","Gasoline/Diesel",null,"fill","C",null,3699,"SV3/SV6",7792,"2008-01-01",null,"sample date given as '2007-2008'",null,null,8820,null,null,10.170604,null,13.451444,{"$nulls":10},"NAPL",false,true,false,false,false,false,false,false,null,"UST","Dissolved phase (MW22)","MW22","2008-01-01","Dissolved phase (MW22); sample date given as '2007-2008'",null,23000,null,14000,null,9000,null,830,null,1300,null,1500,null,8300,{"$nulls":7},"<",5,"<",5,"<",5,"<",5,null,null,"<",100,{"$nulls":22},"fractured dolerite","yes","yes","3","3"]
[7797,544,"BTH66","Hobart","TAS","AU","Gasoline/Diesel",null,"fill (2m), fracture dolerite","C",null,3704,"SV4/SV7",7797,"2008-01-01",null,"sample date given as '2007-2008'",null,null,8821,null,null,1.968504,null,13.451444,{"$nulls":10},"NAPL",false,false,false,false,false,false,false,true,"Aliphatics (TPH) in soil gas >50000 ug/m3 (where no hexane is reported)","UST","Dissolved phase (MW22)","MW22","2008-01-01","Dissolved phase (MW22); sample date given as '2007-2008'",null,23000,null,14000,null,9000,null,830,null,1300,null,1500,null,8300,{"$nulls":8},500,null,2700,null,590,null,1600,null,2400000,null,5364000,{"$nulls":22},"fractured dolerite","yes","yes","3","5"]
[7796,544,"BTH66","Hobart","TAS","AU","Gasoline/Diesel",null,"sandy clay","C",null,3703,"SV4/SV7",7796,"2008-01-01",null,"sample date given as '2007-2008'",null,null,8821,null,null,7.217848,null,13.451444,{"$nulls":10},"NAPL",false,true,false,false,false,false,false,false,null,"UST","Dissolved phase (MW22)","MW22","2008-01-01","Dissolved phase (MW22); sample date given as '2007-2008'",null,23000,null,14000,null,9000,null,830,null,1300,null,1500,null,8300,{"$nulls":7},"<",5,"<",5,"<",5,"<",5,null,null,"<",100,{"$nulls":23},"yes","yes","3","5"]
[7795,544,"BTH66","Hobart","TAS","AU","Gasoline/Diesel",null,"fill","C",null,3702,"SV4/SV7",7795,"2008-01-01",null,"sample date given as '2007-2008'",null,null,8821,null,null,10.170604,null,13.451444,{"$nulls":10},"NAPL",false,true,false,false,false,false,false,false,null,"UST","Dissolved phase (MW22)","MW22","2008-01-01","Dissolved phase (MW22); sample date given as '2007-2008'",null,23000,null,14000,null,9000,null,830,null,1300,null,1500,null,8300,{"$nulls":7},"<",5,"<",5,"<",5,"<",5,null,null,"<",100,{"$nulls":22},"fractured dolerite","yes","yes","3","5"]
[7798,544,"BTH66","Hobart","TAS","AU","Gasoline/Diesel",null,"fill, clay (2.2m), fractured dolerite","C",null,3705,"SV5",7798,"2008-11-01",{"$nulls":4},8822,null,null,0.984251999999999,null,12.467192,{"$nulls":10},"NAPL",false,false,false,false,false,false,false,true,"Aliphatics (TPH) in soil gas >50000 ug/m3 (where no hexane is reported)","UST","Dissolved phase (MW2)","MW2","2008-11-01","Dissolved phase (MW2)",null,220,null,40,null,180,"<",1,"<",2,"<",2,null,4,{"$nulls":8},1100,null,4300,null,310,null,170000,null,5300000,null,7818600,{"$nulls":22},"fractured dolerite","yes","yes","3","5"]
[7799,544,"BTH66","Hobart","TAS","AU","Gasoline/Diesel",null,"fill, clay","C",null,3706,"SV8",7799,"2008-11-01",{"$nulls":4},8823,null,null,1.968504,null,13.451444,{"$nulls":10},"Dissolved",false,false,false,false,false,false,false,false,null,"UST","Dissolved phase (MW22)","MW22","2008-11-01","Dissolved phase (MW22)",null,23000,null,14000,null,9000,null,830,null,1300,null,1500,null,8300,{"$nulls":7},"<",10,"<",10,"<",10,"<",10,null,100,null,100,{"$nulls":22},"fractured dolerite","yes","yes","3","4"]
[7800,590,"BTN112","Toronto North","NSW","AU","Gasoline/Diesel",null,"fill","SIC",null,3707,"SV1",7800,"2008-11-01",{"$nulls":7},6.56168,null,9.84252,{"$nulls":10},"Dissolved",false,false,false,false,false,false,false,false,null,"UST","Dissolved phase (MW05)",{"$nulls":24},"<",10,"<",10,"<",10,"<",10,"<",20,"<",null,"<",100,{"$nulls":20},"fill, clay silt, sandy clay","no",null,"1","3"]
[7801,590,"BTN112","Toronto North","NSW","AU","Gasoline/Diesel",null,"fill","SIC",null,3708,"SV2",7801,"2008-11-01",{"$nulls":7},6.56168,null,9.84252,{"$nulls":10},"Dissolved",false,false,false,false,false,false,false,false,null,"UST","Dissolved phase (MW07)",{"$nulls":24},"<",10,"<",10,"<",10,"<",10,"<",20,"<",null,"<",100,{"$nulls":20},"fill, clay silt, sandy clay","no",null,"1","3"]
[7802,590,"BTN112","Toronto North","NSW","AU","Gasoline/Diesel",null,"fill","SIC",null,3709,"SV3",7802,"2008-11-01",{"$nulls":7},6.56168,null,9.84252,{"$nulls":10},"Dissolved",false,false,false,false,false,false,false,false,null,"UST","Dissolved phase (MW11)",{"$nulls":25},240,null,110,null,28,null,110,null,290,{"$nulls":3},6094,{"$nulls":20},"fill, clay silt, sandy clay","no",null,"1","3"]
[7803,590,"BTN112","Toronto North","NSW","AU","Gasoline/Diesel",null,"fill","SIC",null,3710,"SV4",7803,"2008-11-01",{"$nulls":7},6.56168,null,9.84252,{"$nulls":10},"Dissolved",false,false,false,false,false,false,false,false,null,"UST","Dissolved phase (MW12)",{"$nulls":24},"<",10,"<",10,"<",10,"<",10,"<",20,"<",null,"<",100,{"$nulls":20},"fill, clay silt, sandy clay","no",null,"1","3"]
[7804,590,"BTN112","Toronto North","NSW","AU","Gasoline/Diesel",null,"fill","SIC",null,3711,"SV5",7804,"2008-11-01",{"$nulls":7},6.56168,null,9.84252,{"$nulls":10},"Dissolved",false,false,false,false,false,false,false,false,null,"UST","Dissolved phase (MW8)",{"$nulls":24},"<",10,"<",10,"<",10,"<",10,"<",20,"<",null,"<",100,{"$nulls":20},"fill, clay silt, sandy clay","no",null,"1","3"]
[7806,535,"BVA57","Ararat","VIC","AU","Gasoline/Diesel",null,"clay (4m), siltstone","C",null,3713,"SVB1",7806,"2007-10-01",{"$nulls":7},1.968504,null,22.309712,{"$nulls":10},"NAPL",true,false,false,false,false,false,false,false,null,"UST","PSH",{"$nulls":24},"<",50,"<",50,"<",50,"<",50,"<",50,"<",500,{"$nulls":23},"yes","yes","3","4"]
[7805,535,"BVA57","Ararat","VIC","AU","Gasoline/Diesel",null,"bitumen, clay","C",null,3712,"SVB1",7805,"2007-10-01",{"$nulls":7},17.388452,null,22.309712,{"$nulls":10},"NAPL",true,false,false,false,false,false,false,false,null,"UST","PSH",{"$nulls":24},"<",50,"<",50,"<",50,"<",50,"<",50,null,1400,{"$nulls":22},"siltstone","yes","yes","3","4"]
[7808,535,"BVA57","Ararat","VIC","AU","Gasoline/Diesel",null,"clay (3m), siltstone","C",null,3715,"SVB2",7808,"2007-10-01",{"$nulls":7},3.28084,null,19.356956,{"$nulls":10},"NAPL",true,false,false,false,false,false,false,false,null,"UST","PSH",{"$nulls":24},"<",50,"<",50,"<",50,"<",50,"<",50,"<",500,{"$nulls":23},"yes","yes","3","4"]
[7807,535,"BVA57","Ararat","VIC","AU","Gasoline/Diesel",null,"gravel, clay","C",null,3714,"SVB2",7807,"2007-10-01",{"$nulls":7},14.435696,null,19.356956,{"$nulls":10},"NAPL",true,false,false,false,false,false,false,false,null,"UST","PSH",{"$nulls":24},"<",50,"<",50,"<",50,"<",50,"<",50,null,16100,{"$nulls":22},"siltstone","yes","yes","3","4"]
[7810,535,"BVA57","Ararat","VIC","AU","Gasoline/Diesel",null,"clay (2m), siltstone","C",null,3717,"SVB3",7810,"2007-10-01",{"$nulls":7},3.28084,null,19.028872,{"$nulls":10},"NAPL",true,false,false,false,false,false,false,false,null,"UST","PSH",{"$nulls":24},"<",50,"<",50,"<",50,"<",50,"<",50,"<",500,{"$nulls":23},"yes","yes","3","4"]
[7809,535,"BVA57","Ararat","VIC","AU","Gasoline/Diesel",null,"silty sand, clay","C",null,3716,"SVB3",7809,"2007-10-01",{"$nulls":7},14.107612,null,19.028872,{"$nulls":10},"NAPL",true,false,false,false,false,false,false,false,null,"UST","PSH",{"$nulls":24},"<",50,"<",50,"<",50,"<",50,"<",50,"<",500,{"$nulls":22},"siltstone","yes","yes","3","4"]
[7812,535,"BVA57","Ararat","VIC","AU","Gasoline/Diesel",null,"silty clay (2m), siltstone","C",null,3719,"SVB4",7812,"2007-10-01",{"$nulls":7},1.968504,null,18.372704,{"$nulls":10},"NAPL",true,false,false,false,false,false,false,false,null,"UST","PSH",{"$nulls":24},"<",50,"<",50,"<",50,"<",50,"<",50,"<",500,{"$nulls":23},"yes","yes","3","4"]
[7811,535,"BVA57","Ararat","VIC","AU","Gasoline/Diesel",null,"sand, silty clay","C",null,3718,"SVB4",7811,"2007-10-01",{"$nulls":7},10.170604,null,15.091864,{"$nulls":10},"NAPL",true,false,false,false,false,false,false,false,null,"UST","PSH",{"$nulls":24},"<",50,"<",50,"<",50,"<",50,"<",50,"<",500,{"$nulls":22},"siltstone","yes","yes","3","4"]
[7814,535,"BVA57","Ararat","VIC","AU","Gasoline/Diesel",null,"clay (2m), siltstone","C",null,3721,"SVB5",7814,"2007-10-01",{"$nulls":7},2.952756,null,20.341208,{"$nulls":10},"NAPL",true,false,false,false,false,false,false,false,null,"UST","PSH",{"$nulls":24},"<",50,"<",50,"<",50,"<",50,"<",50,"<",500,{"$nulls":23},"yes","yes","3","4"]
[7813,535,"BVA57","Ararat","VIC","AU","Gasoline/Diesel",null,"gravel, clay","C",null,3720,"SVB5",7813,"2007-10-01",{"$nulls":7},15.419948,null,20.341208,{"$nulls":10},"NAPL",true,false,false,false,false,false,false,false,null,"UST","PSH",{"$nulls":24},"<",50,"<",50,"<",50,"<",50,"<",50,"<",500,{"$nulls":22},"siltstone","yes","yes","3","4"]
[7816,535,"BVA57","Ararat","VIC","AU","Gasoline/Diesel",null,"clay (2m), siltstone","C",null,3723,"SVB6",7816,"2007-10-01",{"$nulls":7},3.937008,null,17.060368,{"$nulls":10},"NAPL",true,false,false,false,false,false,false,false,null,"UST","PSH",{"$nulls":25},1300000,null,1400000,null,99000,null,471000,null,9200000,null,13303000,{"$nulls":23},"yes","yes","3","4"]
[7815,535,"BVA57","Ararat","VIC","AU","Gasoline/Diesel",null,"gravel, clay","C",null,3722,"SVB6",7815,"2007-10-01",{"$nulls":7},12.139108,null,17.060368,{"$nulls":10},"NAPL",true,false,false,false,false,false,false,false,null,"UST","PSH",{"$nulls":25},140000,null,210000,null,17000,null,88000,null,120000,null,696000,"<",0.0523190257836578,{"$nulls":20},"siltstone","yes","yes","3","4"]
[7817,553,"BVB75","Brooklyn","VIC","AU","Gasoline/Diesel",null,"sandy clay gravel fill","C",null,3724,"SV1",7817,"2006-11-01",{"$nulls":7},26.24672,null,31.16798,{"$nulls":10},"NAPL",true,false,false,false,false,false,false,false,null,"UST","PSH (MW08)",{"$nulls":24},"<",1.8,"<",9.3,"<",13.6,"<",55.6,null,null,"<",55,{"$nulls":22},"clay gravel (3m), fractured basalt","yes","unknown","3","4"]
[7818,553,"BVB75","Brooklyn","VIC","AU","Gasoline/Diesel",null,"sandy clay gravel fill","C",null,3725,"SV2",7818,"2006-11-01",{"$nulls":7},26.24672,null,31.16798,{"$nulls":10},"NAPL",true,false,false,false,false,false,false,false,null,"UST","PSH (MW11)",{"$nulls":24},"<",3.1,"<",6.8,"<",4.7,"<",10.3,null,null,"<",51,{"$nulls":22},"clay gravel (3m), fractured basalt","yes","unknown","3","4"]
[7819,553,"BVB75","Brooklyn","VIC","AU","Gasoline/Diesel",null,"sandy clay gravel fill","C",null,3726,"SV3",7819,"2006-11-01",{"$nulls":7},26.24672,null,31.16798,{"$nulls":10},"NAPL",true,false,false,false,false,false,false,false,null,"UST","PSH (MW20)",{"$nulls":24},"<",182,"<",250,"<",22,"<",92,{"$nulls":3},606,{"$nulls":22},"clay gravel (3m), fractured basalt","yes","unknown","3","4"]
[7820,553,"BVB75","Brooklyn","VIC","AU","Gasoline/Diesel",null,"sandy clay gravel fill","C",null,3727,"SV4",7820,"2006-11-01",{"$nulls":7},26.24672,null,31.16798,{"$nulls":10},"NAPL",true,false,false,false,false,false,false,false,null,"UST","PSH (MW01)",{"$nulls":24},"<",1,"<",5.4,"<",2.4,"<",9.5,null,null,"<",54,{"$nulls":22},"clay gravel (3m), fractured basalt","yes","unknown","3","4"]
[7821,553,"BVB75","Brooklyn","VIC","AU","Gasoline/Diesel",null,"sandy clay gravel fill","C",null,3728,"SV5",7821,"2006-11-01",{"$nulls":7},26.24672,null,31.16798,{"$nulls":10},"NAPL",true,false,false,false,false,false,false,false,null,"UST","PSH",{"$nulls":24},"<",39,"<",75.8,"<",11.9,"<",39,{"$nulls":3},181.8,{"$nulls":22},"clay gravel (3m), fractured basalt","yes","no","3","4"]
[7822,553,"BVB75","Brooklyn","VIC","AU","Gasoline/Diesel",null,"sandy clay gravel fill","C",null,3729,"SV6",7822,"2006-11-01",{"$nulls":7},26.24672,null,31.16798,{"$nulls":10},"NAPL",true,false,false,false,false,false,false,false,null,"UST","PSH",{"$nulls":24},"<",37.6,"<",77.2,"<",9.2,"<",34.9,{"$nulls":3},238.85,{"$nulls":22},"clay gravel (3m), fractured basalt","yes","no","3","4"]
[7823,553,"BVB75","Brooklyn","VIC","AU","Gasoline/Diesel",null,"sandy clay gravel fill","C",null,3730,"SV7",7823,"2006-11-01",{"$nulls":7},26.24672,null,31.16798,{"$nulls":10},"Dissolved",false,false,false,false,false,false,false,false,null,"UST","Dissolved phase plume (MW17)",{"$nulls":24},"<",11,"<",216.4,"<",91,"<",554,{"$nulls":3},893.57,{"$nulls":22},"clay gravel (3m), fractured basalt","yes","yes","3","2"]
[7824,553,"BVB75","Brooklyn","VIC","AU","Gasoline/Diesel",null,"sandy clay gravel fill","C",null,3731,"SV8",7824,"2006-11-01",{"$nulls":7},26.24672,null,31.16798,{"$nulls":10},"Dissolved",false,false,false,false,false,false,false,false,null,"UST","Dissolved phase plume (MW17)",{"$nulls":24},"<",12,"<",252.4,"<",63.6,"<",562,{"$nulls":3},921.32,{"$nulls":22},"clay gravel (3m), fractured basalt","yes","yes","3","2"]
[7826,540,"BVDN62","Dandenong East","VIC","AU","Gasoline/Diesel",null,"sand","S",null,3733,"SVB-A",7826,"2008-06-01",{"$nulls":4},8824,null,null,12.795276,null,37.401576,{"$nulls":10},"NAPL",true,false,false,true,true,false,false,false,null,"UST","PSH and dissolved phase (MW5)","MW5","2008-06-01","PSH and dissolved phase (MW5)",null,121600,null,111000,null,10600,null,44000,null,40400,null,3440,null,21070,{"$nulls":8},1800000,null,2000000,null,86000,null,450000,null,6900000,null,11849000,{"$nulls":23},"no","no","4","4"]
[7825,540,"BVDN62","Dandenong East","VIC","AU","Gasoline/Diesel",null,"fill, sand","S",null,3732,"SVB-A",7825,"2008-06-01",{"$nulls":4},8824,null,null,32.480316,null,37.401576,{"$nulls":10},"NAPL",true,false,false,true,true,false,false,false,null,"UST","PSH and dissolved phase (MW5)","MW5","2008-06-01","PSH and dissolved phase (MW5)",null,121600,null,111000,null,10600,null,44000,null,40400,null,3440,null,21070,{"$nulls":7},"<",10,null,21,"<",10,null,95,"<",10,null,299500,{"$nulls":22},"granodiorite from 8m","no","no","4","4"]
[7828,540,"BVDN62","Dandenong East","VIC","AU","Gasoline/Diesel",null,"sand","S",null,3735,"SVB-B",7828,"2008-06-01",{"$nulls":4},8825,null,null,14.435696,null,37.72966,{"$nulls":10},"NAPL",false,false,false,true,true,false,false,true,"Aliphatics (TPH) in soil gas >50000 ug/m3 (where no hexane is reported)","UST","Dissolved phase (MW3/MW8)","MW3/MW8","2008-06-01","Dissolved phase (MW3/MW8)",null,55400,null,27500,null,27900,null,16000,null,6670,null,921,null,10080,{"$nulls":8},970000,null,680000,null,17000,null,260000,null,4900000,null,7274000,{"$nulls":23},"no","no","4","4"]
[7827,540,"BVDN62","Dandenong East","VIC","AU","Gasoline/Diesel",null,"fill, sand","S",null,3734,"SVB-B",7827,"2008-06-01",{"$nulls":4},8825,null,null,32.8084,null,37.72966,{"$nulls":10},"NAPL",false,false,false,true,true,false,false,true,"Aliphatics (TPH) in soil gas >50000 ug/m3 (where no hexane is reported)","UST","Dissolved phase (MW3/MW8)","MW3/MW8","2008-06-01","Dissolved phase (MW3/MW8)",null,55400,null,27500,null,27900,null,16000,null,6670,null,921,null,10080,{"$nulls":8},5200,null,1800,null,2000,null,310,null,130000,null,250700,{"$nulls":22},"granodiorite from 8m","no","no","4","4"]
[7830,540,"BVDN62","Dandenong East","VIC","AU","Gasoline/Diesel",null,"sand","S",null,3737,"SVB-C",7830,"2008-06-01",{"$nulls":4},8826,null,null,17.060368,null,38.057744,{"$nulls":10},"NAPL",false,false,false,false,true,false,false,true,"Aliphatics (TPH) in soil gas >50000 ug/m3 (where no hexane is reported)","UST","Dissolved Phase (MW6)","MW6","2008-06-01","Dissolved Phase (MW6)",null,36800,null,20200,null,16600,"<",null,null,1470,null,1310,null,11390,{"$nulls":8},30,null,18,null,17,null,55,null,220000,null,1553000,{"$nulls":23},"no","no","4","3"]
[7829,540,"BVDN62","Dandenong East","VIC","AU","Gasoline/Diesel",null,"fill, sand","S",null,3736,"SVB-C",7829,"2008-06-01",{"$nulls":4},8826,null,null,32.8084,null,38.057744,{"$nulls":10},"NAPL",false,false,false,false,true,false,false,true,"Aliphatics (TPH) in soil gas >50000 ug/m3 (where no hexane is reported)","UST","Dissolved Phase (MW6)","MW6","2008-06-01","Dissolved Phase (MW6)",null,36800,null,20200,null,16600,"<",null,null,1470,null,1310,null,11390,{"$nulls":7},"<",10,null,35,null,24,null,180,null,15000,null,611100,{"$nulls":22},"granodiorite from 8m","no","no","4","3"]
[7832,541,"BVGW63","Geelong West","VIC","AU","Gasoline",null,"clay silt, sandy silt","SIC",null,3739,"SVB-1/2",7832,"2008-12-01",{"$nulls":4},8827,null,null,1.64042,null,26.24672,{"$nulls":5},11,null,2.4,null,0.04,"NAPL",false,false,false,false,false,false,false,true,"Aliphatics (TPH) in soil gas >50000 ug/m3 (where no hexane is reported)","UST","Dissolved phase (MW5)","MW5","2008-12-01","Dissolved phase (MW5)",null,7340,null,2690,null,4650,null,380,null,76,null,169,null,10550,{"$nulls":8},440000,null,350000,null,84000,null,240000,null,4000000,null,5602400,{"$nulls":23},"no","yes","5","4"]
[7831,541,"BVGW63","Geelong West","VIC","AU","Gasoline",null,"gravel sandy clay fill, clay","SIC",null,3738,"SVB-1/2",7831,"2008-12-01",{"$nulls":4},8827,null,null,21.32546,null,26.24672,{"$nulls":5},0.51,null,17,"<",0.01,"NAPL",false,true,false,false,false,false,false,false,null,"UST","Dissolved phase (MW5)","MW5","2008-12-01","Dissolved phase (MW5)",null,7340,null,2690,null,4650,null,380,null,76,null,169,null,10550,{"$nulls":7},"<",10,"<",10,"<",10,"<",10,"<",100,null,100,{"$nulls":22},"sandy silt","no","yes","5","4"]
[7834,541,"BVGW63","Geelong West","VIC","AU","Gasoline",null,"clay silt, sandy silt","SIC",null,3741,"SVB-3/4",7834,"2008-12-01",{"$nulls":7},1.64042,null,26.24672,{"$nulls":5},12,null,2.9,null,0.06,"NAPL",true,false,false,false,false,false,false,false,null,"UST","PSH (MW6)",{"$nulls":25},530000,null,460000,null,220000,null,540000,null,20000000,null,23184200,{"$nulls":23},"no","yes","5","4"]
[7833,541,"BVGW63","Geelong West","VIC","AU","Gasoline",null,"clay loam, silty clay","SIC",null,3740,"SVB-3/4",7833,"2008-12-01",{"$nulls":7},21.32546,null,26.24672,{"$nulls":5},1.1,null,17,"<",0.01,"NAPL",true,false,false,false,false,false,false,false,null,"UST","PSH (MW6)",{"$nulls":25},26,null,14,"<",10,null,11,null,100,null,600,{"$nulls":22},"sandy silt","no","yes","5","4"]
[7836,541,"BVGW63","Geelong West","VIC","AU","Gasoline",null,"clay silt, sandy silt","SIC",null,3743,"SVB-5/6",7836,"2008-12-01",{"$nulls":4},8828,null,null,1.64042,null,26.24672,{"$nulls":5},11,null,8.6,null,0.16,"NAPL",true,false,false,false,false,false,false,false,null,"UST","PSH and dissolved phase (MW19)","MW19","2008-12-01","PSH and dissolved phase (MW19)",null,12770,null,8320,null,4450,null,452,null,596,null,542,null,1290,{"$nulls":8},5400000,null,8200000,null,590000,null,2300000,null,20000000,null,37164600,{"$nulls":23},"no","yes","5","4"]
[7835,541,"BVGW63","Geelong West","VIC","AU","Gasoline",null,"gravel sandy clay fill, clay","SIC",null,3742,"SVB-5/6",7835,"2008-12-01",{"$nulls":4},8828,null,null,21.32546,null,26.24672,{"$nulls":5},1,null,16,"<",0.01,"NAPL",true,false,false,false,false,false,false,false,null,"UST","PSH and dissolved phase (MW19)","MW19","2008-12-01","PSH and dissolved phase (MW19)",null,12770,null,8320,null,4450,null,452,null,596,null,542,null,1290,{"$nulls":8},1300,null,2600,null,160,null,2200,null,34000,null,44200,{"$nulls":22},"sandy silt","no","yes","5","4"]
[7838,541,"BVGW63","Geelong West","VIC","AU","Gasoline",null,"clay silt, sandy silt","SIC",null,3745,"SVB-7/8",7838,"2008-12-01",{"$nulls":4},8829,null,null,1.64042,null,26.24672,{"$nulls":5},8.2,null,0.5,null,0.08,"NAPL",true,false,false,false,false,false,false,false,null,"UST","PSH and dissolved phase (MW23, 34,35,30)","MW23, 34,35,30","2008-12-01","PSH and dissolved phase (MW23, 34,35,30)",null,7340,null,2690,null,4650,null,380,null,76,null,169,null,10550,{"$nulls":8},2500000,null,610000,null,280000,null,1100000,null,950000,null,14587400,{"$nulls":23},"no","yes","5","4"]
[7837,541,"BVGW63","Geelong West","VIC","AU","Gasoline",null,"clay loam, silty clay","SIC",null,3744,"SVB-7/8",7837,"2008-12-01",{"$nulls":4},8829,null,null,21.32546,null,26.24672,{"$nulls":5},0.69,null,16,"<",0.01,"NAPL",true,false,false,false,false,false,false,false,null,"UST","PSH and dissolved phase (MW23, 34,35,30)","MW23, 34,35,30","2008-12-01","PSH and dissolved phase (MW23, 34,35,30)",null,7340,null,2690,null,4650,null,380,null,76,null,169,null,10550,{"$nulls":8},16,"<",10,"<",10,"<",10,"<",100,null,100,{"$nulls":22},"sandy silt","no","yes","5","4"]
[7839,524,"BVH46","Horsham","VIC","AU","Gasoline/Diesel",null,"fill","SIC",null,3746,"SV03_(SS)",7839,"2009-05-01",null,null,"Building",null,8830,null,null,4.429134,null,4.92126,{"$nulls":5},0.2,null,18.7,"<",0,"NAPL",false,false,false,true,false,false,false,true,"Aliphatics (hexane) in soil gas >1000 ug/m3","UST","dissolved phase impacts","SV03_(SS)-GW","2009-05-01","dissolved phase impacts",null,28643,null,11443,null,17200,null,10000,null,120,null,430,null,830,{"$nulls":8},37,null,16,"<",14,null,18,null,690,{"$nulls":3},5304,{"$nulls":21},"no","yes","4","3"]
[7840,546,"BVM68","Mornington","VIC","AU","Gasoline",null,"concrete, fill, sandy clay","SIC",null,3747,"SVB1",7840,"2005-11-01",null,null,"Pavement",null,8831,null,null,11.48294,null,14.76378,{"$nulls":10},"NAPL",true,false,false,true,true,false,false,false,null,"UST","PSH and dissolved phase (MGP3)","MGP3","2005-11-01","PSH and dissolved phase (MGP3)",null,32000,null,32000,"<",null,null,10000,null,12000,null,600,null,4800,{"$nulls":8},820,null,500,"<",null,null,110,{"$nulls":3},2780,{"$nulls":22},"silty clay, sandy silty sand","no","yes","2","4"]
[7843,546,"BVM68","Mornington","VIC","AU","Gasoline",null,"clay, silty clay","SIC",null,3750,"SVB10",7843,"2006-07-01",{"$nulls":4},9189,null,null,1.64042,null,14.76378,{"$nulls":10},"Dissolved",false,false,false,false,false,false,false,false,null,"UST","Away from plume (MW2/SVB10)","MW2/SVB10","2006-07-01","Away from plume (MW2/SVB10)",null,null,"<",null,"<",null,"<",null,"<",null,"<",null,"<",{"$nulls":9},180,null,330,"<",null,null,1300,null,180,"<",{"$nulls":24},"no","yes","2","4"]
[7842,546,"BVM68","Mornington","VIC","AU","Gasoline",null,"sandy clay","SIC",null,3749,"SVB10",7842,"2006-07-01",{"$nulls":4},9189,null,null,6.56168,null,14.76378,{"$nulls":10},"Dissolved",false,false,false,false,false,false,false,false,null,"UST","Away from plume (MW2/SVB10)","MW2/SVB10","2006-07-01","Away from plume (MW2/SVB10)",null,null,"<",null,"<",null,"<",null,"<",null,"<",null,"<",{"$nulls":9},310,null,480,"<",null,null,180,"<",null,"<",{"$nulls":24},"no","yes","2","4"]
[7841,546,"BVM68","Mornington","VIC","AU","Gasoline",null,"concrete, fill, sandy clay","SIC",null,3748,"SVB10",7841,"2006-07-01",{"$nulls":4},9189,null,null,11.48294,null,14.76378,{"$nulls":10},"Dissolved",false,false,false,false,false,false,false,false,null,"UST","Away from plume (MW2/SVB10)","MW2/SVB10","2006-07-01","Away from plume (MW2/SVB10)",null,null,"<",null,"<",null,"<",null,"<",null,"<",null,"<",{"$nulls":8},"<",null,null,130,"<",null,"<",100,"<",null,"<",{"$nulls":23},"sandy silty sand","no","yes","2","4"]
[7844,546,"BVM68","Mornington","VIC","AU","Gasoline",null,"concrete, fill, sandy clay","SIC",null,3751,"SVB2",7844,"2005-11-01",null,null,"Pavement",null,8832,null,null,11.48294,null,14.76378,{"$nulls":10},"NAPL",true,false,false,true,false,false,false,false,null,"UST","PSH and dissolved phase (MW1B/MW19)","MW1B/MW19","2005-11-01","PSH and dissolved phase (MW1B/MW19)",null,10210,null,9800,null,410,null,7900,null,880,null,290,null,700,{"$nulls":8},30000,null,25000,null,450,null,7300,{"$nulls":3},24900,{"$nulls":22},"silty clay, sandy silty sand","no","yes","2","4"]
[7845,546,"BVM68","Mornington","VIC","AU","Gasoline",null,"concrete, fill, sandy clay","SIC",null,3752,"SVB3(SVB6)",7845,"2005-11-01",null,null,"Pavement",null,8833,null,null,11.48294,null,14.76378,{"$nulls":10},"NAPL",true,false,false,true,true,false,false,false,null,"UST","PSH and dissolved phase (MW45)","MW45","2005-11-01","PSH and dissolved phase (MW45)",null,130000,null,130000,"<",null,null,45000,null,49000,null,1700,null,22300,{"$nulls":8},14000,null,11000,null,590,null,4600,{"$nulls":3},630,{"$nulls":22},"silty clay, sandy silty sand","no","yes","2","4"]
[7846,546,"BVM68","Mornington","VIC","AU","Gasoline",null,"concrete, fill, sandy clay","SIC",null,3753,"SVB4",7846,"2005-11-01",null,null,"Pavement",null,9191,null,null,11.48294,null,14.76378,{"$nulls":10},"Dissolved",false,false,false,false,false,false,false,false,null,"UST","Away from plume (MW6)","MW6","2005-11-01","Away from plume (MW6)",null,null,"<",null,"<",null,"<",null,"<",null,"<",null,"<",{"$nulls":9},200,"<",null,"<",null,"<",{"$nulls":4},710,{"$nulls":22},"silty clay, sandy silty sand","no","yes","2","3"]
[7847,546,"BVM68","Mornington","VIC","AU","Gasoline",null,"concrete, fill, sandy clay","SIC",null,3754,"SVB5(SVB10)",7847,"2005-11-01",{"$nulls":4},9190,null,null,11.646982,null,14.76378,{"$nulls":10},"Dissolved",false,false,false,false,false,false,false,false,null,"UST","Away from plume (MW2/SVB10)","MW2/SVB10","2005-11-01","Away from plume (MW2/SVB10)",null,null,"<",null,"<",null,"<",null,"<",null,"<",null,"<",{"$nulls":8},"<",null,"<",null,"<",null,"<",{"$nulls":3},"<",{"$nulls":23},"silty clay, sandy silty sand","no","yes","2","3"]
[7850,546,"BVM68","Mornington","VIC","AU","Gasoline",null,"clay, silty clay","SIC",null,3757,"SVB6",7850,"2006-07-01",{"$nulls":4},8834,null,null,1.64042,null,14.76378,{"$nulls":10},"NAPL",true,false,false,true,true,false,false,false,null,"UST","PSH and dissolved phase (MW45)","MW45","2006-07-01","PSH and dissolved phase (MW45)",null,130000,null,130000,"<",null,null,45000,null,49000,null,1700,null,22300,{"$nulls":8},3900000,null,2800000,null,79000,null,240000,null,6100000,null,22112000,{"$nulls":23},"no","yes","2","4"]
[7849,546,"BVM68","Mornington","VIC","AU","Gasoline",null,"sandy clay","SIC",null,3756,"SVB6",7849,"2006-07-01",{"$nulls":4},8834,null,null,6.56168,null,14.76378,{"$nulls":10},"NAPL",true,false,false,true,true,false,false,false,null,"UST","PSH and dissolved phase (MW45)","MW45","2006-07-01","PSH and dissolved phase (MW45)",null,130000,null,130000,"<",null,null,45000,null,49000,null,1700,null,22300,{"$nulls":8},510000,null,800000,null,91000,null,250000,null,980000,null,13601000,{"$nulls":23},"no","yes","2","4"]
[7848,546,"BVM68","Mornington","VIC","AU","Gasoline",null,"concrete, fill, sandy clay","SIC",null,3755,"SVB6",7848,"2006-07-01",{"$nulls":4},8834,null,null,9.84252,null,14.76378,{"$nulls":10},"NAPL",true,false,false,true,true,false,false,false,null,"UST","PSH and dissolved phase (MW45)","MW45","2006-07-01","PSH and dissolved phase (MW45)",null,130000,null,130000,"<",null,null,45000,null,49000,null,1700,null,22300,{"$nulls":8},600000,null,1300000,null,110000,null,570000,null,90000,null,1973000,{"$nulls":22},"sandy silty sand","no","yes","2","4"]
[7853,546,"BVM68","Mornington","VIC","AU","Gasoline",null,"clay, silty clay","SIC",null,3760,"SVB7",7853,"2006-07-01",{"$nulls":7},1.64042,null,14.76378,{"$nulls":10},"NAPL",true,false,false,false,false,false,false,false,null,"UST","PSH (MW26)",{"$nulls":25},2500000,null,2700000,null,170000,null,930,null,63000,null,22245200,{"$nulls":23},"no","yes","2","4"]
[7852,546,"BVM68","Mornington","VIC","AU","Gasoline",null,"sandy clay","SIC",null,3759,"SVB7",7852,"2006-07-01",{"$nulls":7},6.56168,null,14.76378,{"$nulls":10},"NAPL",true,false,false,false,false,false,false,false,null,"UST","PSH (MW26)",{"$nulls":25},170000,null,150000,null,15000,null,57000,null,22000,null,187500,{"$nulls":23},"no","yes","2","4"]
[7851,546,"BVM68","Mornington","VIC","AU","Gasoline",null,"concrete, fill, sandy clay","SIC",null,3758,"SVB7",7851,"2006-07-01",{"$nulls":7},9.84252,null,14.76378,{"$nulls":10},"NAPL",true,false,false,false,false,false,false,false,null,"UST","PSH (MW26)",{"$nulls":25},36000,null,20000,null,2500,null,8200,null,1200,null,317000,{"$nulls":22},"sandy silty sand","no","yes","2","4"]
[7856,546,"BVM68","Mornington","VIC","AU","Gasoline",null,"clay, silty clay","SIC",null,3763,"SVB8",7856,"2006-07-01",{"$nulls":7},1.64042,null,14.76378,{"$nulls":10},"NAPL",true,false,false,false,false,false,false,false,null,"UST","PSH (MB6)",{"$nulls":25},95000,null,86000,null,4100,null,13000,null,520000,null,6935400,{"$nulls":23},"no","yes","2","4"]
[7855,546,"BVM68","Mornington","VIC","AU","Gasoline",null,"sandy clay","SIC",null,3762,"SVB8",7855,"2006-07-01",{"$nulls":7},6.56168,null,14.76378,{"$nulls":10},"NAPL",true,false,false,false,false,false,false,false,null,"UST","PSH (MB6)",{"$nulls":25},7600,null,7900,null,220,null,800,null,5500,null,82670,{"$nulls":23},"no","yes","2","4"]
[7854,546,"BVM68","Mornington","VIC","AU","Gasoline",null,"concrete, fill, sandy clay","SIC",null,3761,"SVB8",7854,"2006-07-01",{"$nulls":7},9.84252,null,14.76378,{"$nulls":10},"NAPL",true,false,false,false,false,false,false,false,null,"UST","PSH (MB6)",{"$nulls":25},2900,null,3300,null,100,null,360,null,470,null,4700,{"$nulls":22},"sandy silty sand","no","yes","2","4"]
[7859,546,"BVM68","Mornington","VIC","AU","Gasoline",null,"clay, silty clay","SIC",null,3766,"SVB9",7859,"2006-07-01",{"$nulls":7},1.64042,null,14.76378,{"$nulls":10},"NAPL",true,false,false,false,false,false,false,false,null,"UST","PSH (MW17/18)",{"$nulls":25},120000,null,49000,null,41000,null,260,null,68000,null,11514600,{"$nulls":23},"no","yes","2","4"]
[7858,546,"BVM68","Mornington","VIC","AU","Gasoline",null,"sandy clay","SIC",null,3765,"SVB9",7858,"2006-07-01",{"$nulls":7},6.56168,null,14.76378,{"$nulls":10},"NAPL",true,false,false,false,false,false,false,false,null,"UST","PSH (MW17/18)",{"$nulls":25},190000,null,63000,null,2100,null,7700,null,1400000,null,17665200,{"$nulls":23},"no","yes","2","4"]
[7857,546,"BVM68","Mornington","VIC","AU","Gasoline",null,"concrete, fill, sandy clay","SIC",null,3764,"SVB9",7857,"2006-07-01",{"$nulls":7},9.84252,null,14.76378,{"$nulls":10},"NAPL",true,false,false,false,false,false,false,false,null,"UST","PSH (MW17/18)",{"$nulls":25},110000,null,73000,null,2900,null,12000,null,150000,null,5988000,{"$nulls":22},"sandy silty sand","no","yes","2","4"]
[7860,498,"BVR20","Rockbank","VIC","AU","Gasoline",null,"fill/clay","C",null,3767,"SV01",7860,"2006-08-01",{"$nulls":4},8835,null,null,19.68504,null,21.653544,{"$nulls":10},"Dissolved",false,false,false,false,false,false,false,false,null,"UST","dissolved phase","SV01-GW","2006-08-01","dissolved phase",null,11930,null,5670,null,6260,null,3760,null,684,null,52,null,1250,{"$nulls":8},0.93,null,8.3,null,4.1,null,19.3,null,null,"<",23.4,{"$nulls":22},"basalt","yes","yes","3","1"]
[7861,498,"BVR20","Rockbank","VIC","AU","Gasoline",null,"fill/clay","C",null,3768,"SV02",7861,"2006-08-01",{"$nulls":4},8836,null,null,19.68504,null,21.653544,{"$nulls":10},"Dissolved",false,false,false,false,false,false,false,false,null,"UST","dissolved phase","SV02-GW","2006-08-01","dissolved phase",null,11930,null,5670,null,6260,null,3760,null,684,null,52,null,1250,{"$nulls":7},"<",0.68,"<",0.68,"<",0.68,"<",2.1,null,null,"<",34.1,{"$nulls":22},"basalt","yes","yes","3","1"]
[7862,498,"BVR20","Rockbank","VIC","AU","Gasoline",null,"fill/clay","C",null,3769,"SV03",7862,"2006-08-01",{"$nulls":4},8837,null,null,19.68504,null,21.653544,{"$nulls":10},"Dissolved",false,false,false,false,false,false,false,false,null,"UST","dissolved phase","SV03-GW","2006-08-01","dissolved phase",null,11930,null,5670,null,6260,null,3760,null,684,null,52,null,1250,{"$nulls":7},"<",0.59,null,1.8,null,0.82,null,5.9,null,null,"<",29.3,{"$nulls":22},"basalt","yes","yes","3","1"]
[7863,529,"BVSH51","Swan Hill","VIC","AU","Gasoline/Diesel",null,"fill","SIC",null,3770,"BVB11/BVB12",7863,"2007-07-01",{"$nulls":7},6.56168,null,9.84252,{"$nulls":10},"Dissolved",false,false,false,false,false,false,false,false,null,"UST","Dissolved phase",{"$nulls":25},6.7,null,210,null,29,null,120,{"$nulls":3},1068,{"$nulls":22},"silty sandy clay with sand lenses","no","yes","3","1"]
[7865,529,"BVSH51","Swan Hill","VIC","AU","Gasoline/Diesel",null,"silty clay","SIC",null,3772,"SG01",7865,"2009-07-01",{"$nulls":7},3.28084,null,13.12336,{"$nulls":5},0.5,null,18.6,null,1.4,"NAPL",true,false,false,false,false,false,false,false,null,"UST","PSH (MW35) - petrol/diesel",{"$nulls":25},1700000,null,3000000,null,280000,null,1870000,null,55000,{"$nulls":3},7112900,{"$nulls":21},"no","yes","5","5"]
[7864,529,"BVSH51","Swan Hill","VIC","AU","Gasoline/Diesel",null,"fill","SIC",null,3771,"SG01",7864,"2009-07-01",{"$nulls":7},8.2021,null,13.12336,{"$nulls":5},0.9,null,18.8,"<",0,"NAPL",true,false,false,false,false,false,false,false,null,"UST","PSH (MW35) - petrol/diesel",{"$nulls":24},"<",2.6,null,26,"<",3.6,"<",7,"<",2.9,{"$nulls":3},26,{"$nulls":20},"silty sandy clay with sand lenses","no","yes","5","5"]
[7867,529,"BVSH51","Swan Hill","VIC","AU","Gasoline/Diesel",null,"silty clay","SIC",null,3774,"SG02",7867,"2009-07-01",{"$nulls":7},1.64042,null,9.84252,{"$nulls":5},1.3,null,17.8,"<",0,"NAPL",true,false,false,false,false,false,false,false,null,"UST","PSH (MW24) - petrol/diesel",{"$nulls":24},"<",2.6,null,370,"<",3.6,"<",7,"<",2.9,{"$nulls":3},370,{"$nulls":21},"no","yes","5","5"]
[7866,529,"BVSH51","Swan Hill","VIC","AU","Gasoline/Diesel",null,"fill","SIC",null,3773,"SG02",7866,"2009-07-01",{"$nulls":7},4.92126,null,9.84252,{"$nulls":5},0.6,null,19.1,"<",0,"NAPL",true,false,false,false,false,false,false,false,null,"UST","PSH (MW24) - petrol/diesel",{"$nulls":24},"<",2.6,null,470,"<",3.6,null,10.1,"<",2.9,{"$nulls":3},476.5,{"$nulls":20},"silty sandy clay with sand lenses","no","yes","5","5"]
[7869,529,"BVSH51","Swan Hill","VIC","AU","Gasoline/Diesel",null,"silty clay","SIC",null,3776,"SG03",7869,"2009-07-01",{"$nulls":7},3.28084,null,13.12336,{"$nulls":5},0.1,null,18.6,"<",0,"NAPL",true,false,false,false,false,false,false,false,null,"UST","PSH (MW24) - petrol/diesel",{"$nulls":25},14,null,230,null,40,null,199,null,650,{"$nulls":3},1828.4,{"$nulls":21},"no","yes","5","5"]
[7868,529,"BVSH51","Swan Hill","VIC","AU","Gasoline/Diesel",null,"fill","SIC",null,3775,"SG03",7868,"2009-07-01",{"$nulls":7},8.2021,null,13.12336,{"$nulls":5},0.6,null,19,"<",0,"NAPL",true,false,false,false,false,false,false,false,null,"UST","PSH (MW24) - petrol/diesel",{"$nulls":24},"<",2.6,null,92,null,3.8,null,10.2,"<",2.9,{"$nulls":3},106,{"$nulls":20},"silty sandy clay with sand lenses","no","yes","5","5"]
[7871,529,"BVSH51","Swan Hill","VIC","AU","Gasoline/Diesel",null,"silty clay","SIC",null,3778,"SG04",7871,"2009-07-01",{"$nulls":7},3.28084,null,11.48294,{"$nulls":5},1.6,null,19.2,"<",0,"Dissolved",false,false,false,false,false,false,false,false,null,"UST","Dissolved phase",{"$nulls":24},"<",2.6,null,35,"<",3.6,null,8.6,"<",2.9,{"$nulls":3},40,{"$nulls":21},"no","yes","5","5"]
[7870,529,"BVSH51","Swan Hill","VIC","AU","Gasoline/Diesel",null,"fill","SIC",null,3777,"SG04",7870,"2009-07-01",{"$nulls":7},6.56168,null,11.48294,{"$nulls":5},0.3,null,19.8,"<",0,"Dissolved",false,false,false,false,false,false,false,false,null,"UST","Dissolved phase",{"$nulls":24},"<",2.6,null,32,"<",3.6,null,9.5,"<",2.9,{"$nulls":3},37.5,{"$nulls":20},"silty sandy clay with sand lenses","no","yes","5","5"]
[7873,527,"BVT49","Thomastown","VIC","AU","Gasoline",null,"basalt","C",null,3780,"SG01",7873,"2009-07-01",{"$nulls":7},4.10105,null,30.019686,{"$nulls":5},1.2,null,0,null,29.6,"NAPL",true,false,false,false,false,false,false,false,null,"UST","PSH - petrol",{"$nulls":24},"<",2700,null,3200,null,3700,null,7400,null,3000000,"<",null,"<",4361300,{"$nulls":21},"yes","yes","4","5"]
[7872,527,"BVT49","Thomastown","VIC","AU","Gasoline",null,"silty clay","C",null,3779,"SG01",7872,"2009-07-01",{"$nulls":7},25.098426,null,30.019686,{"$nulls":5},0.9,null,18,null,0.4,"NAPL",true,false,false,false,false,false,false,false,null,"UST","PSH - petrol",{"$nulls":24},"<",2.7,null,40,null,5.4,null,26.4,null,3,"<",null,"<",118.4,{"$nulls":21},"no","yes","4","5"]
[7875,527,"BVT49","Thomastown","VIC","AU","Gasoline",null,"basalt","C",null,3782,"SG02",7875,"2009-07-01",{"$nulls":7},2.132546,null,30.019686,{"$nulls":5},0.6,null,0,null,32.8,"NAPL",true,false,false,false,false,false,false,false,null,"UST","PSH - petrol",{"$nulls":24},"<",5800,null,6800,null,7800,null,15600,null,1500000,"<",null,"<",2790900,{"$nulls":21},"yes","yes","4","5"]
[7874,527,"BVT49","Thomastown","VIC","AU","Gasoline",null,"silty clay","C",null,3781,"SG02",7874,"2009-07-01",{"$nulls":7},25.098426,null,30.019686,{"$nulls":5},2,null,16.2,null,0.3,"NAPL",true,false,false,false,false,false,false,false,null,"UST","PSH - petrol",{"$nulls":24},"<",2.9,null,14,null,4,null,17,null,3.2,"<",null,"<",88.1,{"$nulls":21},"no","yes","4","5"]
[7878,527,"BVT49","Thomastown","VIC","AU","Gasoline",null,"basalt","C",null,3785,"SG03",7878,"2009-07-01",{"$nulls":7},2.132546,null,30.019686,{"$nulls":5},2.6,null,0,null,24.7,"NAPL",true,false,false,false,false,false,false,false,null,"UST","PSH - petrol",{"$nulls":24},"<",2500,null,3000,null,3400,null,6800,null,1300000,"<",null,"<",2097500,{"$nulls":21},"yes","yes","4","5"]
[7877,527,"BVT49","Thomastown","VIC","AU","Gasoline",null,"basalt","C",null,3784,"SG03",7877,"2009-07-01",{"$nulls":7},15.255906,null,30.019686,{"$nulls":5},0.7,null,0,null,0.5,"NAPL",true,false,false,false,false,false,false,false,null,"UST","PSH - petrol",{"$nulls":25},5.3,null,55,null,10,null,40,null,110,"<",null,"<",2884.7,{"$nulls":21},"yes","yes","4","5"]
[7876,527,"BVT49","Thomastown","VIC","AU","Gasoline",null,"silty clay","C",null,3783,"SG03",7876,"2009-07-01",{"$nulls":7},25.098426,null,30.019686,{"$nulls":5},3.6,null,0,null,1.1,"NAPL",true,false,false,false,false,false,false,false,null,"UST","PSH - petrol",{"$nulls":24},"<",7.8,null,90,null,10,null,20,null,30,"<",null,"<",3598.8,{"$nulls":21},"no","yes","4","5"]
[7879,525,"CVH47","Hawthorn","VIC","AU","Gasoline, Gasoline/Diesel",null,"fill","SIC",null,3786,"SV01",7879,"2009-05-01",{"$nulls":4},8838,null,null,17.716536,null,22.96588,{"$nulls":10},"NAPL",false,false,false,true,true,false,false,true,"Aliphatics (hexane) in soil gas >1000 ug/m3","UST","dissolved phased impacts","SV01-GW","2009-05-01","dissolved phased impacts",null,37600,null,36000,null,1600,null,33000,null,520,null,1400,null,1430,{"$nulls":8},25000,null,3300,null,2100,null,1130,null,24000,{"$nulls":3},126930,{"$nulls":21},"no","no","4","2"]
[7880,525,"CVH47","Hawthorn","VIC","AU","Gasoline, Gasoline/Diesel",null,"fill","SIC",null,3787,"SV02",7880,"2009-05-01",{"$nulls":4},8839,null,null,18.04462,null,22.96588,{"$nulls":10},"Dissolved",false,false,false,false,false,false,false,false,null,"UST","dissolved phased impacts","SV02-GW","2009-05-01","dissolved phased impacts",null,1690,null,490,null,1200,"<",null,"<",null,null,12,null,44,{"$nulls":8},4.2,null,87,{"$nulls":3},6.2,null,3.9,{"$nulls":3},101.3,{"$nulls":21},"no","yes","4","2"]
[7882,525,"CVH47","Hawthorn","VIC","AU","Gasoline, Gasoline/Diesel",null,"fill, silty clay and siltstone","SIC",null,3789,"SV03",7882,"2009-05-01",{"$nulls":4},8840,null,null,13.451444,null,22.96588,{"$nulls":10},"NAPL",false,false,false,true,true,false,false,true,"Aliphatics (hexane) in soil gas >1000 ug/m3","UST","dissolved phased impacts","SV03-GW","2009-05-01","dissolved phased impacts",null,37600,null,36000,null,1600,null,33000,null,520,null,1400,null,1430,{"$nulls":8},700000,null,450000,null,140000,null,1400000,null,4800000,{"$nulls":3},9388000,{"$nulls":21},"no","no","4","3"]
[7881,525,"CVH47","Hawthorn","VIC","AU","Gasoline, Gasoline/Diesel",null,"fill","SIC",null,3788,"SV03",7881,"2009-05-01",{"$nulls":4},8840,null,null,18.372704,null,22.96588,{"$nulls":10},"NAPL",false,false,false,true,true,false,false,true,"Aliphatics (hexane) in soil gas >1000 ug/m3","UST","dissolved phased impacts","SV03-GW","2009-05-01","dissolved phased impacts",null,37600,null,36000,null,1600,null,33000,null,520,null,1400,null,1430,{"$nulls":8},960,null,850,{"$nulls":3},4700,null,200000,{"$nulls":3},266170,{"$nulls":21},"no","no","4","3"]
[7884,525,"CVH47","Hawthorn","VIC","AU","Gasoline, Gasoline/Diesel",null,"fill, silty clay and siltstone","SIC",null,3791,"SV04",7884,"2009-05-01",{"$nulls":5},8841,null,1.312336,null,9.84252,{"$nulls":10},"NAPL",false,false,false,false,false,false,true,true,"Aliphatics (hexane) in soil gas >1000 ug/m3","UST","soil impacts (mg/kg)",{"$nulls":24},"<",null,"<",null,"<",null,null,73,"<",{"$nulls":4},2568,"SV04-S","soil impacts (mg/kg)",null,9.8,"<",null,"<",null,null,80,null,2130,null,460,null,1670,{"$nulls":5},"no","no","4","3"]
[7883,525,"CVH47","Hawthorn","VIC","AU","Gasoline, Gasoline/Diesel",null,"fill","SIC",null,3790,"SV04",7883,"2009-05-01",{"$nulls":5},8841,null,19.356956,null,22.96588,{"$nulls":10},"NAPL",false,false,false,false,false,false,true,true,"Aliphatics (hexane) in soil gas >1000 ug/m3","UST","soil impacts (mg/kg)",{"$nulls":24},"<",null,"<",null,"<",null,"<",null,"<",{"$nulls":4},3500,"SV04-S","soil impacts (mg/kg)",null,9.8,"<",null,"<",null,null,80,null,2130,null,460,null,1670,{"$nulls":5},"no","no","4","3"]
[7886,525,"CVH47","Hawthorn","VIC","AU","Gasoline, Gasoline/Diesel",null,"fill, silty clay and siltstone","SIC",null,3793,"SV05",7886,"2009-05-01",{"$nulls":5},8842,null,0.328084,null,9.84252,{"$nulls":10},"NAPL",false,false,false,false,false,false,true,false,null,"UST","soil impacts (mg/kg)",{"$nulls":25},11,null,27,"<",null,"<",null,null,110,{"$nulls":3},531,"SV05-S","soil impacts (mg/kg)",null,9.8,"<",null,"<",null,null,80,null,2130,null,460,null,1670,{"$nulls":5},"no","no","4","3"]
[7885,525,"CVH47","Hawthorn","VIC","AU","Gasoline, Gasoline/Diesel",null,"fill","SIC",null,3792,"SV05",7885,"2009-05-01",{"$nulls":5},8842,null,18.372704,null,22.96588,{"$nulls":10},"NAPL",false,false,false,false,false,false,true,false,null,"UST","soil impacts (mg/kg)",{"$nulls":25},11,null,64,"<",null,null,15,null,24,{"$nulls":3},264,"SV05-S","soil impacts (mg/kg)",null,9.8,"<",null,"<",null,null,80,null,2130,null,460,null,1670,{"$nulls":5},"no","no","4","3"]
[7888,525,"CVH47","Hawthorn","VIC","AU","Gasoline, Gasoline/Diesel",null,"fill, silty clay and siltstone","SIC",null,3795,"SV06",7888,"2009-05-01",{"$nulls":5},8843,null,1.312336,null,9.84252,{"$nulls":10},"NAPL",false,false,false,false,false,false,true,true,"Aliphatics (hexane) in soil gas >1000 ug/m3","UST","soil impacts (mg/kg)",{"$nulls":24},"<",null,"<",null,"<",null,"<",null,null,270,{"$nulls":3},1690,"SV06-S","soil impacts (mg/kg)",null,9.8,"<",null,"<",null,null,80,null,2130,null,460,null,1670,{"$nulls":5},"no","no","4","3"]
[7887,525,"CVH47","Hawthorn","VIC","AU","Gasoline, Gasoline/Diesel",null,"fill","SIC",null,3794,"SV06",7887,"2009-05-01",{"$nulls":5},8843,null,19.356956,null,22.96588,{"$nulls":10},"NAPL",false,false,false,false,false,false,true,false,null,"UST","soil impacts (mg/kg)",{"$nulls":24},"<",null,null,25,"<",null,"<",null,null,11,{"$nulls":3},125,"SV06-S","soil impacts (mg/kg)",null,9.8,"<",null,"<",null,null,80,null,2130,null,460,null,1670,{"$nulls":5},"no","no","4","3"]
[7891,597,"CWW119","Wembley","AUWA","AU","Gasoline/Diesel",null,"sand","S",null,3798,"SV1",7891,"2008-01-01",{"$nulls":4},8844,null,null,22.96588,null,37.72966,{"$nulls":10},"Dissolved",false,false,false,false,false,false,false,false,null,"UST","Dissolved phase impact (MW31 and MW32)","MW31 and MW32","2008-01-01","Dissolved phase impact (MW31 and MW32)",null,12900,null,6800,null,6100,null,2,null,1400,null,650,null,4600,{"$nulls":7},"<",50,"<",50,"<",50,"<",50,"<",50,"<",500,{"$nulls":23},"no","no","1","2"]
[7890,597,"CWW119","Wembley","AUWA","AU","Gasoline/Diesel",null,"sand","S",null,3797,"SV1",7890,"2008-01-01",{"$nulls":4},8844,null,null,27.88714,null,37.72966,{"$nulls":10},"Dissolved",false,false,false,false,false,false,false,false,null,"UST","Dissolved phase impact (MW31 and MW32)","MW31 and MW32","2008-01-01","Dissolved phase impact (MW31 and MW32)",null,12900,null,6800,null,6100,null,2,null,1400,null,650,null,4600,{"$nulls":7},"<",50,"<",50,"<",50,"<",50,"<",50,"<",500,{"$nulls":23},"no","no","1","2"]
[7889,597,"CWW119","Wembley","AUWA","AU","Gasoline/Diesel",null,"sand","S",null,3796,"SV1",7889,"2008-01-01",{"$nulls":4},8844,null,null,32.8084,null,37.72966,{"$nulls":10},"Dissolved",false,false,false,false,false,false,false,false,null,"UST","Dissolved phase impact (MW31 and MW32)","MW31 and MW32","2008-01-01","Dissolved phase impact (MW31 and MW32)",null,12900,null,6800,null,6100,null,2,null,1400,null,650,null,4600,{"$nulls":7},"<",50,"<",50,"<",50,"<",50,"<",50,"<",500,{"$nulls":22},"sand","no","no","1","2"]
[7894,597,"CWW119","Wembley","AUWA","AU","Gasoline/Diesel",null,"sand","S",null,3801,"SV2",7894,"2008-01-01",{"$nulls":7},25.262468,null,40.026248,{"$nulls":10},"NAPL",true,false,false,false,false,false,false,false,null,"UST","PSH (MW26)",{"$nulls":24},"<",50,"<",50,"<",50,"<",50,"<",50,"<",500,{"$nulls":23},"no","no","1","3"]
[7893,597,"CWW119","Wembley","AUWA","AU","Gasoline/Diesel",null,"sand","S",null,3800,"SV2",7893,"2008-01-01",{"$nulls":7},30.183728,null,40.026248,{"$nulls":10},"NAPL",true,false,false,false,false,false,false,false,null,"UST","PSH (MW26)",{"$nulls":24},"<",50,"<",50,"<",50,"<",50,"<",50,"<",500,{"$nulls":23},"no","no","1","3"]
[7892,597,"CWW119","Wembley","AUWA","AU","Gasoline/Diesel",null,"sand","S",null,3799,"SV2",7892,"2008-01-01",{"$nulls":7},35.104988,null,40.026248,{"$nulls":10},"NAPL",true,false,false,false,false,false,false,false,null,"UST","PSH (MW26)",{"$nulls":24},"<",50,"<",50,"<",50,"<",50,"<",50,null,800,{"$nulls":22},"sand","no","no","1","3"]
[7897,597,"CWW119","Wembley","AUWA","AU","Gasoline/Diesel",null,"sand","S",null,3804,"SV3",7897,"2008-01-01",{"$nulls":4},8845,null,null,23.622048,null,38.385828,{"$nulls":10},"NAPL",true,false,false,false,true,false,false,false,null,"UST","Sheen, adjacent to diesel tank pits (MW21)","MW21","2008-01-01","Sheen, adjacent to diesel tank pits (MW21)",null,30900,null,5900,null,25000,null,700,null,2600,null,310,null,2300,{"$nulls":7},"<",50,"<",50,"<",50,"<",50,"<",50,"<",500,{"$nulls":23},"no","no","1","3"]
[7896,597,"CWW119","Wembley","AUWA","AU","Gasoline/Diesel",null,"sand","S",null,3803,"SV3",7896,"2008-01-01",{"$nulls":4},8845,null,null,28.543308,null,38.385828,{"$nulls":10},"NAPL",true,false,false,false,true,false,false,false,null,"UST","Sheen, adjacent to diesel tank pits (MW21)","MW21","2008-01-01","Sheen, adjacent to diesel tank pits (MW21)",null,30900,null,5900,null,25000,null,700,null,2600,null,310,null,2300,{"$nulls":7},"<",50,"<",50,"<",50,"<",50,"<",50,"<",500,{"$nulls":23},"no","no","1","3"]
[7895,597,"CWW119","Wembley","AUWA","AU","Gasoline/Diesel",null,"sand","S",null,3802,"SV3",7895,"2008-01-01",{"$nulls":4},8845,null,null,33.464568,null,38.385828,{"$nulls":10},"NAPL",true,false,false,false,true,false,false,false,null,"UST","Sheen, adjacent to diesel tank pits (MW21)","MW21","2008-01-01","Sheen, adjacent to diesel tank pits (MW21)",null,30900,null,5900,null,25000,null,700,null,2600,null,310,null,2300,{"$nulls":7},"<",50,"<",50,"<",50,"<",50,"<",50,"<",500,{"$nulls":22},"sand","no","no","1","3"]
[7900,597,"CWW119","Wembley","AUWA","AU","Gasoline/Diesel",null,"sand","S",null,3807,"SV4",7900,"2008-01-01",{"$nulls":4},8846,null,null,23.950132,null,38.713912,{"$nulls":10},"NAPL",false,true,false,false,true,false,false,false,null,"UST","Dissolved phase impacts (MW30 and MW27)","MW30 and MW27","2008-01-01","Dissolved phase impacts (MW30 and MW27)",null,33000,null,18000,null,15000,null,300,null,2800,null,1000,null,12000,{"$nulls":7},"<",50,"<",50,"<",50,"<",50,"<",50,"<",500,{"$nulls":23},"no","no","1","3"]
[7899,597,"CWW119","Wembley","AUWA","AU","Gasoline/Diesel",null,"sand","S",null,3806,"SV4",7899,"2008-01-01",{"$nulls":4},8846,null,null,28.871392,null,38.713912,{"$nulls":10},"NAPL",false,true,false,false,true,false,false,false,null,"UST","Dissolved phase impacts (MW30 and MW27)","MW30 and MW27","2008-01-01","Dissolved phase impacts (MW30 and MW27)",null,33000,null,18000,null,15000,null,300,null,2800,null,1000,null,12000,{"$nulls":7},"<",50,"<",50,"<",50,"<",50,"<",50,"<",500,{"$nulls":23},"no","no","1","3"]
[7898,597,"CWW119","Wembley","AUWA","AU","Gasoline/Diesel",null,"sand","S",null,3805,"SV4",7898,"2008-01-01",{"$nulls":4},8846,null,null,33.792652,null,38.713912,{"$nulls":10},"NAPL",false,true,false,false,true,false,false,false,null,"UST","Dissolved phase impacts (MW30 and MW27)","MW30 and MW27","2008-01-01","Dissolved phase impacts (MW30 and MW27)",null,33000,null,18000,null,15000,null,300,null,2800,null,1000,null,12000,{"$nulls":7},"<",50,"<",50,"<",50,"<",50,"<",50,"<",500,{"$nulls":22},"sand","no","no","1","3"]
[7901,597,"CWW119","Wembley","AUWA","AU","Gasoline/Diesel",null,"sand","S",null,3808,"SV5",7901,"2008-01-01",{"$nulls":4},8847,null,null,32.8084,null,37.72966,{"$nulls":10},"Dissolved",false,false,false,false,false,false,false,false,null,"UST","Centre of site (MW34)","MW34","2008-01-01","Centre of site (MW34)",null,380,null,140,null,240,null,1,null,2,null,2,null,48,{"$nulls":8},140,"<",50,"<",50,"<",50,"<",50,null,600,{"$nulls":22},"sand","no","no","1","2"]
[7902,597,"CWW119","Wembley","AUWA","AU","Gasoline/Diesel",null,"sand","S",null,3809,"SV6",7902,"2008-01-01",{"$nulls":4},9192,null,null,32.8084,null,37.72966,{"$nulls":10},"Dissolved",false,false,false,false,false,false,false,false,null,"UST","Western Boundary (MW36 and MW37)","MW36 and MW37","2008-01-01","Western Boundary (MW36 and MW37)",null,null,"<",null,"<",null,"<",null,"<",null,"<",null,"<",{"$nulls":8},"<",50,"<",50,"<",50,"<",50,"<",50,"<",500,{"$nulls":22},"sand","no","yes","1","2"]
[7903,593,"ENR115","Randwick","NSW","AU","Gasoline/Diesel",null,"sand","S",null,3810,"SS2_and_SS3",7903,"2009-07-01",null,null,"Building",null,8848,null,null,0.164042,null,0.328084,{"$nulls":10},"NAPL",true,false,false,true,true,false,false,false,null,"UST","PSH and dissolved phase (MW15 and MW16) - beneath basement","MW15 and MW16","2009-07-01","PSH and dissolved phase (MW15 and MW16) - beneath basement",null,85730,null,80000,null,5730,null,7400,null,72000,null,2350,null,22720,{"$nulls":8},38000,null,54000,null,4700,null,32000,{"$nulls":5},136000,{"$nulls":20},"sand","no","yes","3","5"]
[7905,593,"ENR115","Randwick","NSW","AU","Gasoline/Diesel",null,"sand","S",null,3812,"SVMP1/2",7905,"2010-12-01",{"$nulls":4},8849,null,null,2.296588,null,12.139108,{"$nulls":5},11.3,null,8.2,"<",0,"NAPL",false,true,false,false,true,false,false,false,null,"UST","Dissolved phase (MW14 and MW32)","MW14 and MW32","2010-12-01","Dissolved phase (MW14 and MW32)",null,49700,null,38400,null,11300,null,1460,null,35100,null,4280,null,17600,{"$nulls":8},5.4,null,28,"<",5.4,null,9.1,null,2.5,null,2008,{"$nulls":22},"sand","no","yes","4","5"]
[7904,593,"ENR115","Randwick","NSW","AU","Gasoline/Diesel",null,"sand","S",null,3811,"SVMP1/2",7904,"2010-12-01",{"$nulls":4},8849,null,null,7.217848,null,12.139108,{"$nulls":5},4.3,null,16.4,"<",0,"NAPL",false,true,false,false,true,false,false,false,null,"UST","Dissolved phase (MW14 and MW32)","MW14 and MW32","2010-12-01","Dissolved phase (MW14 and MW32)",null,49700,null,38400,null,11300,null,1460,null,35100,null,4280,null,17600,{"$nulls":8},4.2,null,28,"<",5.7,null,9.2,"<",4.6,null,574,{"$nulls":22},"sand","no","yes","4","5"]
[7906,593,"ENR115","Randwick","NSW","AU","Gasoline/Diesel",null,"sand","S",null,3813,"SVMP10",7906,"2010-12-01",{"$nulls":4},8850,null,null,7.874016,null,14.435696,{"$nulls":5},12.2,null,8.3,"<",0,"NAPL",false,true,false,false,true,false,false,false,null,"UST","Dissolved phase (RW10, RW6)","RW10, RW6","2010-12-01","Dissolved phase (RW10, RW6)",null,93600,null,81800,null,11800,null,2700,null,49000,null,3000,null,27000,{"$nulls":8},4.7,null,22,"<",5.6,null,7.2,null,4.2,null,1598,{"$nulls":22},"sand","no","yes","4","5"]
[7908,593,"ENR115","Randwick","NSW","AU","Gasoline/Diesel",null,"sand","S",null,3815,"SVMP11/12",7908,"2010-12-01",{"$nulls":4},8851,null,null,2.296588,null,12.139108,{"$nulls":5},12.5,null,6.7,"<",0,"Dissolved",false,false,false,false,false,false,false,false,null,"UST","Dissolved phase (MW15 and MW21)","MW15 and MW21","2010-12-01","Dissolved phase (MW15 and MW21)",null,23770,null,20500,null,3270,null,1370,null,3380,null,940,null,2510,{"$nulls":8},4.7,null,12,"<",6,"<",12,null,7.1,null,1393,{"$nulls":22},"sand","no","yes","4","5"]
[7907,593,"ENR115","Randwick","NSW","AU","Gasoline/Diesel",null,"sand","S",null,3814,"SVMP11/12",7907,"2010-12-01",{"$nulls":4},8851,null,null,7.217848,null,12.139108,{"$nulls":5},6.6,null,13.7,"<",0,"Dissolved",false,false,false,false,false,false,false,false,null,"UST","Dissolved phase (MW15 and MW21)","MW15 and MW21","2010-12-01","Dissolved phase (MW15 and MW21)",null,23770,null,20500,null,3270,null,1370,null,3380,null,940,null,2510,{"$nulls":7},"<",4.4,null,11,"<",6,"<",12,"<",4.9,null,820,{"$nulls":22},"sand","no","yes","4","5"]
[7909,593,"ENR115","Randwick","NSW","AU","Gasoline/Diesel",null,"sand","S",null,3816,"SVMP3",7909,"2010-12-01",{"$nulls":4},8852,null,null,5.577428,null,12.139108,{"$nulls":5},1.6,null,19.5,"<",0,"Dissolved",false,false,false,false,false,false,false,false,null,"UST","Dissolved Phase (MW16A)","MW16A","2010-12-01","Dissolved Phase (MW16A)",null,70,null,20,null,50,null,3.4,null,2.4,null,3.8,null,4.3,{"$nulls":7},"<",4.7,null,7.6,"<",6.4,"<",12.8,"<",5.2,null,1148,{"$nulls":22},"sand","no","yes","4","5"]
[7911,593,"ENR115","Randwick","NSW","AU","Gasoline/Diesel",null,"sand","S",null,3818,"SVMP4/5",7911,"2010-12-01",{"$nulls":4},8853,null,null,1.312336,null,11.154856,{"$nulls":5},5.8,null,15.4,"<",0,"Dissolved",false,false,false,false,false,false,false,false,null,"UST","Dissolved phase (MW17A and MW21)","MW17A and MW21","2010-12-01","Dissolved phase (MW17A and MW21)",null,15700,null,12000,null,3700,null,890,null,3300,null,2000,null,8000,{"$nulls":7},"<",4.7,null,10,"<",6.4,"<",12.8,"<",5.2,null,492,{"$nulls":22},"sand","no","yes","4","5"]
[7910,593,"ENR115","Randwick","NSW","AU","Gasoline/Diesel",null,"sand","S",null,3817,"SVMP4/5",7910,"2010-12-01",{"$nulls":4},8853,null,null,6.233596,null,11.154856,{"$nulls":5},4.2,null,17,"<",0,"Dissolved",false,false,false,false,false,false,false,false,null,"UST","Dissolved phase (MW17A and MW21)","MW17A and MW21","2010-12-01","Dissolved phase (MW17A and MW21)",null,15700,null,12000,null,3700,null,890,null,3300,null,2000,null,8000,{"$nulls":7},"<",4.4,null,10,"<",6,"<",12,"<",4.9,null,492,{"$nulls":22},"sand","no","yes","4","5"]
[7913,593,"ENR115","Randwick","NSW","AU","Gasoline/Diesel",null,"sand","S",null,3820,"SVMP6/7",7913,"2010-12-01",{"$nulls":4},8854,null,null,5.249344,null,14.435696,{"$nulls":5},11.5,null,8.2,null,0.4,"NAPL",false,true,false,false,true,false,false,false,null,"UST","Dissolved phase (MW30 and RW11)","MW30 and RW11","2010-12-01","Dissolved phase (MW30 and RW11)",null,109500,null,84400,null,25100,null,1860,null,52500,null,1520,null,28600,{"$nulls":8},5.6,null,26,"<",5.5,null,8.5,null,4.4,null,1475,{"$nulls":22},"sand","no","yes","4","5"]
[7912,593,"ENR115","Randwick","NSW","AU","Gasoline/Diesel",null,"sand","S",null,3819,"SVMP6/7",7912,"2010-12-01",{"$nulls":4},8854,null,null,9.514436,null,14.435696,{"$nulls":5},7.6,null,11.9,"<",0,"NAPL",false,true,false,false,true,false,false,false,null,"UST","Dissolved phase (MW30 and RW11)","MW30 and RW11","2010-12-01","Dissolved phase (MW30 and RW11)",null,109500,null,84400,null,25100,null,1860,null,52500,null,1520,null,28600,{"$nulls":8},5.1,null,25,"<",5.4,null,9.2,"<",4.4,null,1967,{"$nulls":22},"sand","no","yes","4","5"]
[7914,593,"ENR115","Randwick","NSW","AU","Gasoline/Diesel",null,"sand","S",null,3821,"SVMP8",7914,"2010-12-01",{"$nulls":4},8855,null,null,9.514436,null,14.435696,{"$nulls":5},5.7,null,15.3,"<",0,"NAPL",false,true,false,false,true,false,false,false,null,"UST","Dissolved phase (MW32, RW11 and MW30)","MW32, RW11 and MW30","2010-12-01","Dissolved phase (MW32, RW11 and MW30)",null,109500,null,84400,null,25100,null,1860,null,52500,null,1520,null,28600,{"$nulls":8},5.2,null,25,"<",5.3,null,8.5,null,4.5,null,1721,{"$nulls":22},"sand","no","yes","4","5"]
[7915,592,"EVBS114","Brunswick East","VIC","AU","Gasoline",null,"clay (0.5m), basalt","C",null,3822,"SV1",7915,"2010-07-01",{"$nulls":7},31.16798,null,36.08924,{"$nulls":10},"NAPL",true,false,false,false,false,false,false,false,null,"UST","Free Product - Petrol (MW1)",{"$nulls":24},"<",0.01,null,0.016,"<",0.01,"<",0.01,{"$nulls":26},"basalt","yes","yes","3","4"]
[7916,592,"EVBS114","Brunswick East","VIC","AU","Gasoline",null,"clay (0.8m), basalt","C",null,3823,"SV2",7916,"2010-07-01",{"$nulls":7},31.16798,null,36.08924,{"$nulls":10},"NAPL",true,false,false,false,false,false,false,false,null,"UST","Free Product - Petrol (MW1)",{"$nulls":24},"<",0.01,"<",0.01,"<",0.01,"<",0.01,{"$nulls":26},"basalt","yes","yes","3","4"]
[7917,592,"EVBS114","Brunswick East","VIC","AU","Gasoline",null,"basalt","C",null,3824,"SV3",7917,"2010-07-01",{"$nulls":4},8856,null,null,21.32546,null,36.08924,{"$nulls":10},"Dissolved",false,false,false,false,false,false,false,false,null,"UST","Dissolved phase (MW4)","MW4","2010-07-01","Dissolved phase (MW4)",null,1700,null,1600,null,100,null,130,null,1,null,3,null,3,{"$nulls":7},"<",0.01,"<",0.01,"<",0.01,"<",0.01,{"$nulls":26},"basalt","yes","yes","3","2"]
[7918,592,"EVBS114","Brunswick East","VIC","AU","Gasoline",null,"basalt","C",null,3825,"SV4",7918,"2010-07-01",{"$nulls":4},8857,null,null,21.32546,null,36.08924,{"$nulls":10},"Dissolved",false,false,false,false,false,false,false,false,null,"UST","Dissolved phase (MW4)","MW4","2010-07-01","Dissolved phase (MW4)",null,1700,null,1600,null,100,null,130,null,1,null,3,null,3,{"$nulls":7},"<",0.01,"<",0.01,"<",0.01,"<",0.01,{"$nulls":26},"basalt","yes","yes","3","2"]
[7919,592,"EVBS114","Brunswick East","VIC","AU","Gasoline",null,"basalt","C",null,3826,"SV5",7919,"2010-07-01",{"$nulls":4},8858,null,null,21.32546,null,36.08924,{"$nulls":10},"Dissolved",false,false,false,false,false,false,false,false,null,"UST","Dissolved phase (MW4 and MW5)","MW4 and MW5","2010-07-01","Dissolved phase (MW4 and MW5)",null,4900,null,3000,null,1900,null,310,null,2,null,3,null,84,{"$nulls":7},"<",0.01,"<",0.01,null,0.021,null,0.034,{"$nulls":26},"basalt","yes","yes","3","2"]
[7920,592,"EVBS114","Brunswick East","VIC","AU","Gasoline",null,"basalt","C",null,3827,"SV6",7920,"2010-07-01",{"$nulls":4},8859,null,null,21.32546,null,36.08924,{"$nulls":10},"Dissolved",false,false,false,false,false,false,false,false,null,"UST","Dissolved phase (MW5 and MW6)","MW5 and MW6","2010-07-01","Dissolved phase (MW5 and MW6)",null,6000,null,4100,null,1900,null,630,null,3,null,7,null,84,{"$nulls":8},3.7,null,0.77,null,0.021,null,0.12,{"$nulls":26},"basalt","yes","yes","3","2"]
[7921,592,"EVBS114","Brunswick East","VIC","AU","Gasoline",null,"basalt","C",null,3828,"SV7",7921,"2010-07-01",{"$nulls":4},8860,null,null,21.32546,null,36.08924,{"$nulls":10},"Dissolved",false,false,false,false,false,false,false,false,null,"UST","Dissolved phase (MW3)","MW3","2010-07-01","Dissolved phase (MW3)",null,1250,null,1200,null,50,null,14,null,1,null,1,null,3,{"$nulls":7},"<",0.01,"<",0.01,"<",0.01,"<",0.01,{"$nulls":26},"basalt","yes","yes","3","2"]
[7922,592,"EVBS114","Brunswick East","VIC","AU","Gasoline",null,"clay (1.3m), basalt","C",null,3829,"SV8",7922,"2010-07-01",{"$nulls":4},8861,null,null,31.16798,null,36.08924,{"$nulls":10},"Dissolved",false,false,false,false,false,false,false,false,null,"UST","Dissolved phase (MW7)","MW7","2010-07-01","Dissolved phase (MW7)",null,1520,null,1200,null,320,null,370,null,2,null,27,null,18,{"$nulls":7},"<",0.01,"<",0.01,"<",0.01,"<",0.01,{"$nulls":26},"basalt","yes","yes","3","2"]
[7923,594,"EVSO116","South Oakleigh","VIC","AU","Gasoline/Diesel",null,"fill","SIC",null,3830,"SVB1",7923,"2010-10-01",{"$nulls":4},8863,null,null,5.905512,null,10.826772,{"$nulls":5},11,null,8,null,18,"NAPL",true,false,false,true,true,false,false,false,null,"UST","PSH and Dissolved phase (MW11, MW12)","MW11, MW12","2010-10-01","PSH and Dissolved phase (MW11, MW12)",null,187100,null,180000,null,7100,null,51000,null,64000,null,3800,null,28000,{"$nulls":8},3000000,null,1200000,null,240000,null,110000,null,8100000,null,25420000,{"$nulls":23},"no","unknown","4","5"]
[7924,594,"EVSO116","South Oakleigh","VIC","AU","Gasoline/Diesel",null,"fill, sandy clay","SIC",null,3831,"SVB10",7924,"2010-10-01",{"$nulls":4},9193,null,null,5.905512,null,10.826772,{"$nulls":5},7.3,null,12,"<",0.00023,"Dissolved",false,false,false,false,false,false,false,false,null,"UST","Clean well (MW20)","MW20","2010-10-01","Clean well (MW20)",null,null,"<",null,"<",null,"<",null,"<",null,"<",null,"<",{"$nulls":8},"<",3.7,null,30,"<",5,"<",5,"<",4.1,"<",240,{"$nulls":22},"sandy clay","no","yes","4","5"]
[7925,594,"EVSO116","South Oakleigh","VIC","AU","Gasoline/Diesel",null,"sandy clay, clayey sand","SIC",null,3832,"SVB11",7925,"2010-10-01",{"$nulls":4},9194,null,null,0.984251999999999,null,10.826772,{"$nulls":5},7.6,null,9.8,"<",0.00024,"Dissolved",false,false,false,false,false,false,false,false,null,"UST","Clean well (MW20)","MW20","2010-10-01","Clean well (MW20)",null,null,"<",null,"<",null,"<",null,"<",null,"<",null,"<",{"$nulls":8},"<",3.8,null,65,"<",5.2,"<",5.2,"<",4.2,"<",250,{"$nulls":23},"no","yes","4","5"]
[7926,594,"EVSO116","South Oakleigh","VIC","AU","Gasoline/Diesel",null,"fill, sand, clayey sand","SIC",null,3833,"SVB12",7926,"2010-10-01",{"$nulls":4},8862,null,null,5.905512,null,10.826772,{"$nulls":5},3.7,null,15,null,0.01,"NAPL",false,true,false,true,true,false,false,false,null,"UST","Closer to residential property than SVB1 and SVB2","SVB12-GW","2010-10-01","Closer to residential property than SVB1 and SVB2",null,187100,null,180000,null,7100,null,51000,null,64000,null,3800,null,28000,{"$nulls":7},"<",3.9,"<",5.6,"<",5.4,"<",5.4,"<",4.4,"<",750,{"$nulls":23},"no","yes","4","5"]
[7927,594,"EVSO116","South Oakleigh","VIC","AU","Gasoline/Diesel",null,"sandy clay","SIC",null,3834,"SVB2",7927,"2010-10-01",{"$nulls":4},8864,null,null,1.64042,null,10.826772,{"$nulls":5},15,null,2.2,null,20,"NAPL",true,false,false,true,true,false,false,false,null,"UST","PSH and Dissolved phase (MW11, MW12)","MW11, MW12","2010-10-01","PSH and Dissolved phase (MW11, MW12)",null,187100,null,180000,null,7100,null,51000,null,64000,null,3800,null,28000,{"$nulls":8},8700000,null,13000000,null,660000,null,700000,null,19000000,null,91490000,{"$nulls":22},"clayey sand","no","unknown","4","5"]
[7928,594,"EVSO116","South Oakleigh","VIC","AU","Gasoline/Diesel",null,"fill, sandy clay, clayey sand","SIC",null,3835,"SVB4",7928,"2010-10-01",{"$nulls":4},8865,null,null,1.64042,null,10.826772,{"$nulls":5},8.6,null,3,null,33,"NAPL",true,false,false,true,true,false,false,false,null,"UST","PSH - petrol (MW10)","MW10","2010-10-01","PSH - petrol (MW10)",null,252000,null,160000,null,92000,null,28000,null,67000,null,5600,null,55000,{"$nulls":8},7400000,null,12000000,null,580000,null,600000,null,20000000,null,67640000,{"$nulls":23},"no","unknown","4","5"]
[7929,594,"EVSO116","South Oakleigh","VIC","AU","Gasoline/Diesel",null,"fill, sandy clay","SIC",null,3836,"SVB5",7929,"2010-10-01",{"$nulls":4},8866,null,null,5.905512,null,10.826772,{"$nulls":5},11,null,2,null,1.3,"NAPL",false,false,false,false,false,false,false,true,"Aliphatics (TPH) in soil gas >50000 ug/m3 (where no hexane is reported)","UST","Dissolved phase (MW17, MW7)","MW17, MW7","2010-10-01","Dissolved phase (MW17, MW7)",null,278,null,28,null,250,null,1.5,null,6.5,"<",1,null,9.1,{"$nulls":7},"<",89,"<",100,"<",120,"<",120,null,1000,null,540000,{"$nulls":23},"no","yes","4","5"]
[7930,594,"EVSO116","South Oakleigh","VIC","AU","Gasoline/Diesel",null,"clayey sand","SIC",null,3837,"SVB6",7930,"2010-10-01",{"$nulls":4},8867,null,null,1.64042,null,10.826772,{"$nulls":5},9.8,null,6.6,null,0.4,"NAPL",false,false,false,false,false,false,false,true,"Aliphatics (TPH) in soil gas >50000 ug/m3 (where no hexane is reported)","UST","Dissolved phase (MW17, MW7)","MW17, MW7","2010-10-01","Dissolved phase (MW17, MW7)",null,278,null,28,null,250,null,1.5,null,6.5,"<",1,null,9.1,{"$nulls":7},"<",36,null,81,"<",49,"<",49,"<",39,null,122000000,{"$nulls":23},"no","yes","4","5"]
[7931,594,"EVSO116","South Oakleigh","VIC","AU","Gasoline/Diesel",null,"fill, sandy clay","SIC",null,3838,"SVB7",7931,"2010-10-01",{"$nulls":4},8868,null,null,5.905512,null,10.826772,{"$nulls":5},10,null,3.7,null,1,"NAPL",false,false,false,false,false,false,false,true,"Aliphatics (TPH) in soil gas >50000 ug/m3 (where no hexane is reported)","UST","Dissolved phase - site boundary (MW2)","MW2","2010-10-01","Dissolved phase - site boundary (MW2)",null,2380,null,1600,null,780,null,1100,"<",20,"<",20,"<",60,{"$nulls":7},"<",390,"<",460,"<",520,"<",520,null,490,null,1940000,{"$nulls":22},"sandy clay","no","yes","4","5"]
[7932,594,"EVSO116","South Oakleigh","VIC","AU","Gasoline/Diesel",null,"fill","SIC",null,3839,"SVB9",7932,"2010-10-01",{"$nulls":4},8869,null,null,5.905512,null,10.826772,{"$nulls":5},13,null,1.9,null,64,"NAPL",true,false,false,false,true,false,false,false,null,"UST","PSH - petrol (MW9)","MW9","2010-10-01","PSH - petrol (MW9)",null,42000,null,15000,null,27000,null,4300,null,200,null,1100,null,7600,{"$nulls":8},51000,"<",840,null,7800,"<",970,null,450000,null,4340000,{"$nulls":22},"sandy clay","no","unknown","4","5"]
[7934,571,"HDV93","Dingley","VIC","AU","Gasoline",null,"fill, sand, silty clay","SIC",null,3841,"SVB01",7934,"2009-05-01",{"$nulls":7},12.795276,null,25.918636,{"$nulls":10},"NAPL",true,false,false,false,false,false,false,false,null,"UST","PSH (degraded petrol) in tank pit area (MW112/114)",{"$nulls":25},37,null,30,null,10,null,31,{"$nulls":3},148900,{"$nulls":23},"no","yes","3","3"]
[7933,571,"HDV93","Dingley","VIC","AU","Gasoline",null,"fill","SIC",null,3840,"SVB01",7933,"2009-05-01",{"$nulls":7},20.997376,null,25.918636,{"$nulls":10},"NAPL",true,false,false,false,false,false,false,false,null,"UST","PSH (degraded petrol) in tank pit area (MW112/114)",{"$nulls":24},"<",10,"<",10,"<",10,"<",10,null,null,"<",100,{"$nulls":22},"silty clay/clay sand","no","yes","3","3"]
[7936,571,"HDV93","Dingley","VIC","AU","Gasoline",null,"fill, sandy clay","SIC",null,3843,"SVB02",7936,"2009-05-01",{"$nulls":4},8870,null,null,13.12336,null,25.590552,{"$nulls":10},"Dissolved",false,false,false,false,false,false,false,false,null,"UST","Adjacent to tank pit area (MW113/118)","MW113/118","2009-05-01","Adjacent to tank pit area (MW113/118)",null,11202,null,11200,null,2,null,3600,null,1200,null,820,null,2200,{"$nulls":7},"<",10,"<",10,"<",10,"<",10,null,null,"<",100,{"$nulls":23},"no","yes","3","2"]
[7935,571,"HDV93","Dingley","VIC","AU","Gasoline",null,"fill","SIC",null,3842,"SVB02",7935,"2009-05-01",{"$nulls":4},8870,null,null,21.32546,null,25.590552,{"$nulls":10},"Dissolved",false,false,false,false,false,false,false,false,null,"UST","Adjacent to tank pit area (MW113/118)","MW113/118","2009-05-01","Adjacent to tank pit area (MW113/118)",null,11202,null,11200,null,2,null,3600,null,1200,null,820,null,2200,{"$nulls":7},"<",10,"<",10,"<",10,"<",10,null,null,"<",100,{"$nulls":22},"silty clay/clay sand","no","yes","3","2"]
[7938,571,"HDV93","Dingley","VIC","AU","Gasoline",null,"fill, sand","SIC",null,3845,"SVB03",7938,"2009-05-01",{"$nulls":4},8871,null,null,12.139108,null,25.262468,{"$nulls":10},"Dissolved",false,false,false,false,false,false,false,false,null,"UST","Upgradient of plume (MW115)","MW115","2009-05-01","Upgradient of plume (MW115)",null,11202,null,11200,null,2,null,3600,null,1200,null,820,null,2200,{"$nulls":7},"<",10,"<",10,"<",10,null,10,{"$nulls":3},1100,{"$nulls":23},"no","yes","3","2"]
[7937,571,"HDV93","Dingley","VIC","AU","Gasoline",null,"fill","SIC",null,3844,"SVB03",7937,"2009-05-01",{"$nulls":4},8871,null,null,20.669292,null,25.262468,{"$nulls":10},"Dissolved",false,false,false,false,false,false,false,false,null,"UST","Upgradient of plume (MW115)","MW115","2009-05-01","Upgradient of plume (MW115)",null,11202,null,11200,null,2,null,3600,null,1200,null,820,null,2200,{"$nulls":7},"<",10,"<",10,"<",10,"<",10,null,null,"<",100,{"$nulls":22},"silty clay/clay sand","no","yes","3","2"]
[7939,503,"HNF25","Forestville","NSW","AU","Gasoline",null,"sandy clay","SIC",null,3846,"SG01-SG06",7939,"2004-01-01",null,"sample date given as '2003/2004'",null,null,8872,null,null,0.984252,null,2.296588,{"$nulls":10},"Dissolved",false,false,false,false,true,false,false,false,null,"UST","dissolved phase offsite","SG01-SG06-GW","2004-01-01","dissolved phase offsite; sample date given as '2003/2004'",null,545600,null,5600,null,540000,null,40,null,70,null,380,null,720,{"$nulls":8},16,null,19,null,22,null,47,{"$nulls":26},"sandy clay","no","yes","4","5"]
[7940,503,"HNF25","Forestville","NSW","AU","Gasoline",null,"sandy clay","SIC",null,3846,"SG01-SG06",7940,"2007-01-01",null,"sample date given as '2007 round 1'",null,null,8874,null,null,0.984252,null,2.296588,{"$nulls":7},20.9,null,null,"NAPL",false,false,false,false,true,false,false,true,"Aliphatics (hexane) in soil gas >1000 ug/m3","UST","dissolved phase offsite","SG01-SG06-GW","2007-01-01","dissolved phase offsite; sample date given as '2007 round 1'",null,545600,null,5600,null,540000,null,40,null,70,null,380,null,720,{"$nulls":8},3350,"<",684,"<",684,"<",2052,{"$nulls":5},205196,{"$nulls":20},"sandy clay","no","yes","4","5"]
[7941,503,"HNF25","Forestville","NSW","AU","Gasoline",null,"sandy clay","SIC",null,3846,"SG01-SG06",7941,"2007-04-01",null,"sample date given as '2007 round 2'",null,null,8875,null,null,0.984252,null,2.296588,{"$nulls":7},21,null,null,"Dissolved",false,false,false,false,true,false,false,false,null,"UST","dissolved phase offsite","SG01-SG06-GW","2007-04-01","dissolved phase offsite; sample date given as '2007 round 2'",null,545600,null,5600,null,540000,null,40,null,70,null,380,null,720,{"$nulls":8},4.5,null,12.7,null,1.8,null,10.53,{"$nulls":5},255.05,{"$nulls":20},"sandy clay","no","yes","4","5"]
[7942,503,"HNF25","Forestville","NSW","AU","Gasoline",null,"sandy clay","SIC",null,3846,"SG01-SG06",7942,"2007-08-01",null,"sample date given as '2007 round 3'",null,null,8873,null,null,0.984252,null,2.296588,{"$nulls":10},"Dissolved",false,false,false,false,true,false,false,false,null,"UST","dissolved phase offsite","SG01-SG06-GW","2007-08-01","dissolved phase offsite; sample date given as '2007 round 3'",null,545600,null,5600,null,540000,null,40,null,70,null,380,null,720,{"$nulls":8},3.2,null,8,null,5,null,1.7,{"$nulls":5},846.6,{"$nulls":20},"sandy clay","no","yes","4","5"]
[7943,503,"HNF25","Forestville","NSW","AU","Gasoline",null,"sandy clay","SIC",null,3847,"SG04",7943,"2009-09-01",{"$nulls":4},8876,null,null,0.984252,null,2.296588,{"$nulls":5},0.02,null,21.1,"<",0,"Dissolved",false,false,false,false,false,false,false,false,null,"UST","dissolved phase offsite","SG04-GW","2009-09-01","dissolved phase offsite",null,19600,null,14000,null,5600,null,400,null,71,null,2000,null,8000,{"$nulls":8},1.2,null,4.9,"<",0.78,null,1.6,null,0.75,null,9840,{"$nulls":22},"sandy clay","no","yes","4","5"]
[7944,503,"HNF25","Forestville","NSW","AU","Gasoline",null,"sandy clay","SIC",null,3848,"SG06",7944,"2009-09-01",{"$nulls":4},8877,null,null,0.984252,null,2.296588,{"$nulls":5},0.05,null,21,"<",0,"Dissolved",false,false,false,false,false,false,false,false,null,"UST","dissolved phase offsite","SG06-GW","2009-09-01","dissolved phase offsite",null,19600,null,14000,null,5600,null,400,null,71,null,2000,null,8000,{"$nulls":8},0.88,null,3.4,"<",0.79,null,1.3,"<",0.6,null,2220,{"$nulls":22},"sandy clay","no","yes","4","5"]
[7945,503,"HNF25","Forestville","NSW","AU","Gasoline",null,"sandy clay","SIC",null,3849,"SG07",7945,"2009-09-01",{"$nulls":4},8878,null,null,0.656168,null,3.937008,{"$nulls":5},3.36,null,17.2,"<",0,"Dissolved",false,false,false,false,false,false,false,false,null,"UST","dissolved phase offsite","SG07-GW","2009-09-01","dissolved phase offsite",null,19600,null,14000,null,5600,null,400,null,71,null,2000,null,8000,{"$nulls":7},"<",0.58,"<",0.68,"<",0.78,"<",0.78,"<",0.6,null,430,{"$nulls":22},"sandy clay","no","yes","4","5"]
[7946,503,"HNF25","Forestville","NSW","AU","Gasoline",null,"sandy clay","SIC",null,3850,"SG08",7946,"2009-09-01",{"$nulls":4},8879,null,null,0.656168,null,3.937008,{"$nulls":5},0.85,null,20.3,"<",0,"Dissolved",false,false,false,false,false,false,false,false,null,"UST","dissolved phase offsite","SG08-GW","2009-09-01","dissolved phase offsite",null,19600,null,14000,null,5600,null,400,null,71,null,2000,null,8000,{"$nulls":7},"<",0.52,"<",0.61,"<",0.7,"<",0.7,"<",0.6,null,930,{"$nulls":22},"sandy clay","no","yes","4","5"]
[7947,503,"HNF25","Forestville","NSW","AU","Gasoline",null,"sandy clay","SIC",null,3851,"SG09",7947,"2009-09-01",{"$nulls":4},8880,null,null,0.656168,null,3.937008,{"$nulls":5},0.16,null,20.9,"<",0,"Dissolved",false,false,false,false,false,false,false,false,null,"UST","dissolved phase offsite","SG09-GW","2009-09-01","dissolved phase offsite",null,19600,null,14000,null,5600,null,400,null,71,null,2000,null,8000,{"$nulls":8},0.62,null,0.94,"<",0.75,"<",0.75,"<",0.6,null,516,{"$nulls":22},"sandy clay","no","yes","4","5"]
[7948,503,"HNF25","Forestville","NSW","AU","Gasoline",null,"sandy clay","SIC",null,3852,"SG10",7948,"2009-09-01",{"$nulls":4},8881,null,null,0.656168,null,3.937008,{"$nulls":5},0.16,null,20.9,"<",0,"Dissolved",false,false,false,false,false,false,false,false,null,"UST","dissolved phase offsite","SG10-GW","2009-09-01","dissolved phase offsite",null,19600,null,14000,null,5600,null,400,null,71,null,2000,null,8000,{"$nulls":8},0.89,null,3.8,"<",0.99,null,1,null,0.64,null,2090,{"$nulls":22},"sandy clay","no","yes","4","5"]
[7949,504,"HNM26","Mascot","NSW","AU","Gasoline",null,"sand","S",null,3853,"SG01",7949,"2004-01-01",null,"sample date given as '2003/2004'",null,null,8882,null,null,12.139108,null,13.779528,{"$nulls":10},"Dissolved",false,false,false,true,false,false,false,false,null,"UST","dissolved phase plume offsite (MW17)","MW17","2004-01-01","dissolved phase plume offsite (MW17); sample date given as '2003/2004'",null,23800,null,19400,null,4400,null,7120,null,3360,null,860,null,5930,{"$nulls":7},"<",0.5,"<",0.5,"<",0.5,"<",1.5,{"$nulls":26},"sand/peat","no","unknown","3","2"]
[7950,504,"HNM26","Mascot","NSW","AU","Gasoline",null,"sand","S",null,3854,"SG02",7950,"2004-01-01",null,"sample date given as '2003/2004'",null,null,8883,null,null,12.139108,null,13.779528,{"$nulls":10},"NAPL",false,true,false,false,true,false,false,false,null,"UST","dissolved phase plume offsite (MW16)","MW16","2004-01-01","dissolved phase plume offsite (MW16); sample date given as '2003/2004'",null,55400,null,44100,null,11300,null,2970,null,8660,null,3040,null,20140,{"$nulls":7},"<",0.5,"<",0.5,"<",0.5,"<",1.5,{"$nulls":26},"sand/peat","no","unknown","3","4"]
[7951,504,"HNM26","Mascot","NSW","AU","Gasoline",null,"sand","S",null,3855,"SG03",7951,"2004-01-01",null,"sample date given as '2003/2004'",null,null,9195,null,null,6.56168,null,8.2021,{"$nulls":10},"Dissolved",false,false,false,false,false,false,false,false,null,"UST","dissolved phase plume offsite (MW32)","MW32","2004-01-01","dissolved phase plume offsite (MW32); sample date given as '2003/2004'",null,null,"<",null,"<",null,"<",null,"<",null,"<",null,"<",{"$nulls":8},"<",0.5,"<",0.5,"<",0.5,"<",1.5,{"$nulls":26},"sand/peat","no","unknown","3","4"]
[7952,515,"HNRB37","Rushcutters Bay","NSW","AU","Gasoline",null,"fill, sand, clay","S",null,3856,"SV01",7952,"2008-05-01",{"$nulls":4},8884,null,null,19.68504,null,24.278216,{"$nulls":7},0.8,null,10,"NAPL",false,false,false,true,true,false,false,true,"Aliphatics (TPH) in soil gas >50000 ug/m3 (where no hexane is reported)","UST","Dissolved phase","SV01-GW","2008-05-01","Dissolved phase",null,188500,null,176000,null,12500,null,34000,null,74000,null,7000,null,45000,{"$nulls":7},"<",0.55,"<",0.55,"<",0.55,"<",1.65,{"$nulls":3},72369,{"$nulls":22},"sand","no","yes","3","4"]
[7953,515,"HNRB37","Rushcutters Bay","NSW","AU","Gasoline",null,"fill, sand, clay","S",null,3857,"SV02",7953,"2008-05-01",{"$nulls":4},8885,null,null,13.451444,null,19.356956,{"$nulls":7},5.9,null,0.3,"NAPL",false,true,false,true,true,false,false,false,null,"UST","Dissolved phase (MW2)","MW2","2008-05-01","Dissolved phase (MW2)",null,263000,null,248000,null,15000,null,12000,null,40000,null,14000,null,99000,{"$nulls":7},"<",0.56,null,0.89,"<",0.56,"<",1.67,{"$nulls":3},31.11,{"$nulls":22},"sand","no","yes","3","4"]
[7954,515,"HNRB37","Rushcutters Bay","NSW","AU","Gasoline",null,"fill, sand, clay","S",null,3858,"SV03",7954,"2008-05-01",{"$nulls":4},8886,null,null,12.139108,null,17.060368,{"$nulls":7},0,null,70,"NAPL",false,false,false,false,false,false,false,true,"Aliphatics (TPH) in soil gas >50000 ug/m3 (where no hexane is reported)","UST","Dissolved phase (MW1)","MW1","2008-05-01","Dissolved phase (MW1)",null,2680,null,2000,null,680,null,1100,null,16,{"$nulls":3},100,{"$nulls":8},495541,null,5350,null,14203,null,106051,{"$nulls":3},7949044,{"$nulls":22},"sand","no","yes","3","4"]
[7956,515,"HNRB37","Rushcutters Bay","NSW","AU","Gasoline",null,"fill, sand, clay","S",null,3860,"SV04",7956,"2008-05-01",{"$nulls":4},8887,null,null,8.858268,null,24.278216,{"$nulls":7},16.1,null,52,"NAPL",false,false,false,true,true,false,false,true,"Aliphatics (TPH) in soil gas >50000 ug/m3 (where no hexane is reported)","UST","Dissolved phase (MW3)","MW3","2008-05-01","Dissolved phase (MW3)",null,188500,null,176000,null,12500,null,34000,null,74000,null,7000,null,45000,{"$nulls":8},1536667,null,2484667,null,913134,null,4010267,{"$nulls":3},165998333,{"$nulls":22},"sand","no","yes","3","4"]
[7955,515,"HNRB37","Rushcutters Bay","NSW","AU","Gasoline",null,"fill, sand, clay","S",null,3859,"SV04",7955,"2008-05-01",{"$nulls":4},8887,null,null,20.997376,null,24.278216,{"$nulls":7},12.1,null,40,"NAPL",false,false,false,true,true,false,false,true,"Aliphatics (TPH) in soil gas >50000 ug/m3 (where no hexane is reported)","UST","Dissolved phase (MW3)","MW3","2008-05-01","Dissolved phase (MW3)",null,188500,null,176000,null,12500,null,34000,null,74000,null,7000,null,45000,{"$nulls":8},99733,null,3600,null,7533,null,15267,{"$nulls":3},3220001,{"$nulls":22},"sand","no","yes","3","4"]
[7957,507,"HNWF29","Warwick Farm","NSW","AU","Gasoline/Diesel",null,"concrete/ fill/clay/gravel","C",null,3861,"SG1",7957,"2007-07-01",null,null,"Pavement",null,null,8888,null,0,null,3.28084,{"$nulls":10},"NAPL",false,false,false,false,false,false,true,false,null,"UST","Soil impacts (mg/kg) (Former UST)",{"$nulls":25},3.2,null,57,null,6.1,null,79,null,850,null,232.2,null,null,"SG1-S","Soil impacts (mg/kg) (Former UST)",null,6.7,null,120,null,70,null,630,null,3400,null,1400,null,2000,{"$nulls":4},"clay","no","no","3","3"]
[7958,507,"HNWF29","Warwick Farm","NSW","AU","Gasoline/Diesel",null,"concrete/ fill/clay/gravel","C",null,3862,"SG2",7958,"2007-07-01",null,null,"Pavement",null,null,8889,null,0,null,3.28084,{"$nulls":10},"NAPL",false,false,false,false,false,false,true,false,null,"UST","Soil impacts (mg/kg) (Former UST)",{"$nulls":25},0.74,null,4,null,0.81,null,3.7,null,1.4,null,65.5,null,null,"SG2-S","Soil impacts (mg/kg) (Former UST)",null,6.7,null,120,null,70,null,630,null,3400,null,1400,null,2000,{"$nulls":4},"clay","no","no","3","3"]
[7959,507,"HNWF29","Warwick Farm","NSW","AU","Gasoline/Diesel",null,"fill/gravel/clay","C",null,3863,"SG3",7959,"2007-07-01",{"$nulls":4},8890,null,null,7.217848,null,13.779528,{"$nulls":10},"NAPL",false,false,false,false,false,false,false,false,null,"UST","Dissolved impacts (V6/V7)","V6/V7","2007-07-01","Dissolved impacts (V6/V7)",null,3800,null,1000,null,2800,"<",null,null,3800,null,1200,null,5900,{"$nulls":8},1.6,null,17,null,1.3,null,6.6,null,1.4,null,5.4,{"$nulls":22},"clay","no","unknown","3","3"]
[7960,507,"HNWF29","Warwick Farm","NSW","AU","Gasoline/Diesel",null,"fill/gravel/clay","C",null,3864,"SG4",7960,"2007-07-01",{"$nulls":4},8891,null,null,7.217848,null,13.779528,{"$nulls":10},"NAPL",false,false,false,false,false,false,false,false,null,"UST","Dissolved impacts (V6/V7)","V6/V7","2007-07-01","Dissolved impacts (V6/V7)",null,3800,null,1000,null,2800,"<",null,null,3800,null,1200,null,5900,{"$nulls":8},82,null,7.6,null,0.82,null,8.7,null,21,null,101.7,{"$nulls":22},"clay","no","unknown","3","3"]
[7961,508,"HNWP30","Wiley Park","NSW","AU","Gasoline",null,"sandy fill/mulch/loam","SIC",null,3865,"SG1",7961,"2002-07-01",null,null,"Building",null,8892,null,null,2.132546,null,2.624672,{"$nulls":10},"Dissolved",false,false,false,false,false,false,false,false,null,"UST","dissolved phase impacts beneath front of home","SG1-GW","2002-07-01","dissolved phase impacts beneath front of home",{"$nulls":7},600,null,1100,null,23,null,1100,{"$nulls":7},"<",0.6,null,0.96,"<",0.6,null,0.8,{"$nulls":27},"no","yes","2","4"]
[7962,508,"HNWP30","Wiley Park","NSW","AU","Gasoline",null,"sandy fill/mulch/loam","SIC",null,3866,"SG2",7962,"2002-07-01",{"$nulls":4},8893,null,null,1.64042,null,2.624672,{"$nulls":10},"Dissolved",false,false,false,false,false,false,false,false,null,"UST","dissolved phase impacts beneath front of home","SG2-GW","2002-07-01","dissolved phase impacts beneath front of home",{"$nulls":7},600,null,1100,null,23,null,1100,{"$nulls":8},0.71,null,3.3,"<",0.56,null,3,{"$nulls":27},"no","yes","2","4"]
[7963,508,"HNWP30","Wiley Park","NSW","AU","Gasoline",null,"sandy fill/mulch/loam","SIC",null,3867,"SG3",7963,"2002-07-01",{"$nulls":4},8894,null,null,1.64042,null,2.624672,{"$nulls":10},"Dissolved",false,false,false,false,false,false,false,false,null,"UST","dissolved phase impacts beneath front of home","SG3-GW","2002-07-01","dissolved phase impacts beneath front of home",{"$nulls":7},600,null,1100,null,23,null,1100,{"$nulls":8},1.2,null,3.2,null,0.56,null,3.8,{"$nulls":27},"no","yes","2","4"]
[7965,562,"HSS84","Seacliff","SA","AU","Gasoline/Diesel",null,"silty clay","C",null,3869,"SV01",7965,"2009-04-01",{"$nulls":4},8895,null,null,8.2021,null,21.32546,{"$nulls":10},"Dissolved",false,false,false,false,false,false,false,false,null,"UST","Dissolved phase (MW29)","MW29","2009-04-01","Dissolved phase (MW29)",null,15750,null,6500,null,9250,null,11,null,320,null,1300,null,4800,{"$nulls":7},"<",10,"<",10,"<",10,"<",10,null,null,"<",100,{"$nulls":23},"no","yes","3","3"]
[7964,562,"HSS84","Seacliff","SA","AU","Gasoline/Diesel",null,"fill, silty clay","C",null,3868,"SV01",7964,"2009-04-01",{"$nulls":4},8895,null,null,18.04462,null,21.32546,{"$nulls":10},"Dissolved",false,false,false,false,false,false,false,false,null,"UST","Dissolved phase (MW29)","MW29","2009-04-01","Dissolved phase (MW29)",null,15750,null,6500,null,9250,null,11,null,320,null,1300,null,4800,{"$nulls":7},"<",10,"<",10,"<",10,"<",10,null,null,"<",100,{"$nulls":22},"silty clay","no","yes","3","3"]
[7967,562,"HSS84","Seacliff","SA","AU","Gasoline/Diesel",null,"silty clay","C",null,3871,"SV02",7967,"2009-04-01",{"$nulls":4},8896,null,null,8.2021,null,21.32546,{"$nulls":10},"Dissolved",false,false,false,false,false,false,false,false,null,"UST","North of dissolved phase plume (MW29)","MW29","2009-04-01","North of dissolved phase plume (MW29)",null,16700,null,9100,null,7600,null,63,null,1800,"<",1,null,3600,{"$nulls":7},"<",10,"<",10,"<",10,"<",10,null,null,"<",100,{"$nulls":23},"no","yes","3","3"]
[7966,562,"HSS84","Seacliff","SA","AU","Gasoline/Diesel",null,"fill, silty clay","C",null,3870,"SV02",7966,"2009-04-01",{"$nulls":4},8896,null,null,18.04462,null,21.32546,{"$nulls":10},"Dissolved",false,false,false,false,false,false,false,false,null,"UST","North of dissolved phase plume (MW29)","MW29","2009-04-01","North of dissolved phase plume (MW29)",null,16700,null,9100,null,7600,null,63,null,1800,"<",1,null,3600,{"$nulls":7},"<",10,"<",10,"<",10,"<",10,null,null,"<",100,{"$nulls":22},"silty clay","no","yes","3","3"]
[7969,562,"HSS84","Seacliff","SA","AU","Gasoline/Diesel",null,"silty clay","C",null,3873,"SV03",7969,"2009-04-01",{"$nulls":4},8897,null,null,8.2021,null,21.32546,{"$nulls":10},"NAPL",false,true,false,false,true,false,false,false,null,"UST","Dissolved phase plume (MW21)","MW21","2009-04-01","Dissolved phase plume (MW21)",null,32450,null,27000,null,5450,null,4300,null,7000,null,3200,null,13000,{"$nulls":7},"<",10,"<",10,"<",10,"<",10,null,null,"<",100,{"$nulls":23},"no","yes","3","4"]
[7968,562,"HSS84","Seacliff","SA","AU","Gasoline/Diesel",null,"fill, silty clay","C",null,3872,"SV03",7968,"2009-04-01",{"$nulls":4},8897,null,null,18.04462,null,21.32546,{"$nulls":10},"NAPL",false,true,false,false,true,false,false,false,null,"UST","Dissolved phase plume (MW21)","MW21","2009-04-01","Dissolved phase plume (MW21)",null,32450,null,27000,null,5450,null,4300,null,7000,null,3200,null,13000,{"$nulls":7},"<",10,"<",10,"<",10,"<",10,null,null,"<",100,{"$nulls":22},"silty clay","no","yes","3","4"]
[7970,578,"HWW100","Willetton","AUWA","AU","Gasoline/Diesel",null,"sand","S",null,3874,"SG1",7970,"2006-10-01",{"$nulls":4},8898,null,null,2.296588,null,8.858268,{"$nulls":10},"NAPL",true,false,false,true,true,false,false,false,null,"UST","Dissolved phase/PSH (MW2/21)","MW2/21","2006-10-01","Dissolved phase/PSH (MW2/21)",null,165600,null,150000,null,15600,null,7200,null,64000,null,7500,null,50000,{"$nulls":7},"<",93000,"<",160000,"<",100000,"<",290000,null,23000,"<",null,"<",300000,{"$nulls":20},"sand","no","unknown","2","4"]
[7971,578,"HWW100","Willetton","AUWA","AU","Gasoline/Diesel",null,"sand","S",null,3875,"SG2",7971,"2006-10-01",{"$nulls":4},8899,null,null,1.968504,null,8.530184,{"$nulls":10},"NAPL",true,false,false,true,true,false,false,false,null,"UST","Dissolved phase/PSH (MW5/28)","MW5/28","2006-10-01","Dissolved phase/PSH (MW5/28)",null,96600,null,79000,null,17600,null,5500,null,40000,null,3000,null,22000,{"$nulls":7},"<",5700,"<",63000,"<",33000,"<",140000,null,2400,"<",null,"<",200000,{"$nulls":20},"sand","no","unknown","2","4"]
[7972,578,"HWW100","Willetton","AUWA","AU","Gasoline/Diesel",null,"sand","S",null,3876,"SG3",7972,"2006-10-01",{"$nulls":4},8900,null,null,1.64042,null,8.2021,{"$nulls":10},"NAPL",false,false,false,false,false,false,false,true,"Aliphatics (hexane) in soil gas >1000 ug/m3","UST","Dissolved phase (MW11)","MW11","2006-10-01","Dissolved phase (MW11)",null,5980,null,4500,null,1480,null,770,null,1200,null,91,null,1790,{"$nulls":8},770,"<",33000,"<",6000,"<",74000,null,540,"<",null,"<",80000,{"$nulls":20},"sand","no","unknown","2","3"]
[7973,578,"HWW100","Willetton","AUWA","AU","Gasoline/Diesel",null,"sand","S",null,3877,"SG4",7973,"2006-10-01",{"$nulls":4},8901,null,null,2.624672,null,9.186352,{"$nulls":10},"NAPL",true,false,false,true,true,false,false,false,null,"UST","Dissolved phase/PSH (MW10)","MW10","2006-10-01","Dissolved phase/PSH (MW10)",null,275900,null,260000,null,15900,null,20000,null,16000,null,6500,null,41700,{"$nulls":8},880,"<",14000,null,2600,"<",38000,null,2300,"<",null,"<",50000,{"$nulls":20},"sand","no","unknown","2","4"]
[7974,578,"HWW100","Willetton","AUWA","AU","Gasoline/Diesel",null,"sand","S",null,3878,"SV-R",7974,"2009-05-01",null,null,"Building",null,8902,null,null,6.56168,null,8.2021,{"$nulls":10},"Dissolved",false,false,false,false,false,false,false,false,null,"UST","Dissolved phase (MW27)","MW27","2009-05-01","Dissolved phase (MW27)",null,3000,null,200,null,2800,null,5.6,null,41,null,10,null,100,{"$nulls":7},"<",5,"<",5,"<",5,"<",5,"<",5,{"$nulls":24},"sand","no","unknown","3","3"]
[7975,578,"HWW100","Willetton","AUWA","AU","Gasoline/Diesel",null,"sand","S",null,3879,"SV-S",7975,"2009-05-01",null,null,"Building",null,8903,null,null,6.56168,null,8.2021,{"$nulls":10},"Dissolved",false,false,false,false,false,false,false,false,null,"UST","Dissolved phase (MW27)","MW27","2009-05-01","Dissolved phase (MW27)",null,3000,null,200,null,2800,null,5.6,null,41,null,10,null,100,{"$nulls":7},"<",5,"<",5,"<",5,"<",5,"<",5,{"$nulls":24},"sand","no","unknown","3","3"]
[7976,578,"HWW100","Willetton","AUWA","AU","Gasoline/Diesel",null,"sand","S",null,3880,"SV-W",7976,"2009-05-01",null,null,"Building",null,8904,null,null,6.56168,null,8.2021,{"$nulls":10},"Dissolved",false,false,false,false,false,false,false,false,null,"UST","Dissolved phase (MW27)","MW27","2009-05-01","Dissolved phase (MW27)",null,3000,null,200,null,2800,null,5.6,null,41,null,10,null,100,{"$nulls":7},"<",5,null,120,"<",5,null,7,"<",5,{"$nulls":24},"sand","no","unknown","3","3"]
[7978,563,"LASN85","Alice Springs","NT","AU","Gasoline/Diesel",null,"sandy clay to 3m","SIC",null,3882,"VMW1",7978,"2008-11-01",{"$nulls":5},8906,null,2.952756,null,11.154856,{"$nulls":10},"NAPL",false,false,false,false,false,false,true,false,null,"UST","Soil impacts in UST area (mg/kg)",{"$nulls":24},"<",null,"<",null,"<",null,"<",null,"<",{"$nulls":3},"<",null,"VMW1-S","Soil impacts in UST area (mg/kg)",null,2,null,150,null,82,null,660,null,2010,null,1000,null,1010,{"$nulls":5},"yes","no","2","3"]
[7977,563,"LASN85","Alice Springs","NT","AU","Gasoline/Diesel",null,"sandy clay","SIC",null,3881,"VMW1",7977,"2008-11-01",{"$nulls":4},8905,null,null,6.233596,null,11.154856,{"$nulls":10},"NAPL",true,false,false,true,true,false,false,false,null,"UST","PSH in UST area (SB54/55/56, MW64)","SB54/55/56, MW64","2008-11-01","PSH in UST area (SB54/55/56, MW64)",null,303000,null,20000,null,283000,null,6700,null,18000,null,450,null,10000,{"$nulls":8},2000,null,2000,null,1500,null,6000,"<",{"$nulls":4},12654,{"$nulls":20},"gneiss bedrock","yes","no","2","3"]
[7980,563,"LASN85","Alice Springs","NT","AU","Gasoline/Diesel",null,"sandy clay","SIC",null,3884,"VMW2",7980,"2008-11-01",{"$nulls":7},19.028872,null,27.230972,{"$nulls":10},"NAPL",true,false,false,false,false,false,false,false,null,"UST","PSH diesel (some petrol)",{"$nulls":25},31,null,25,"<",5,null,16,"<",{"$nulls":4},79,{"$nulls":21},"yes","yes","2","3"]
[7979,563,"LASN85","Alice Springs","NT","AU","Gasoline/Diesel",null,"sandy clay","SIC",null,3883,"VMW2",7979,"2008-11-01",{"$nulls":7},22.309712,null,27.230972,{"$nulls":10},"NAPL",true,false,false,false,false,false,false,false,null,"UST","PSH off-site (MW17/20)",{"$nulls":25},14,null,21,"<",5,null,17,"<",{"$nulls":4},57,{"$nulls":20},"sandy clay, gneiss bedrock","yes","yes","2","3"]
[7982,563,"LASN85","Alice Springs","NT","AU","Gasoline/Diesel",null,"sandy clay","SIC",null,3886,"VMW3",7982,"2008-11-01",{"$nulls":4},8907,null,null,20.341208,null,28.543308,{"$nulls":10},"Dissolved",false,false,false,false,false,false,false,false,null,"UST","Dissolved phase off-site (MW41/46)","MW41/46","2008-11-01","Dissolved phase off-site (MW41/46)",null,400,null,150,null,250,"<",1,"<",1,"<",1,"<",1,{"$nulls":8},15,null,22,"<",5,null,12,"<",{"$nulls":4},54,{"$nulls":21},"yes","yes","2","2"]
[7981,563,"LASN85","Alice Springs","NT","AU","Gasoline/Diesel",null,"sandy clay","SIC",null,3885,"VMW3",7981,"2008-11-01",{"$nulls":4},8907,null,null,23.622048,null,28.543308,{"$nulls":10},"Dissolved",false,false,false,false,false,false,false,false,null,"UST","Dissolved phase off-site (MW41/46)","MW41/46","2008-11-01","Dissolved phase off-site (MW41/46)",null,400,null,150,null,250,"<",1,"<",1,"<",1,"<",1,{"$nulls":8},24,null,8,"<",5,null,5,"<",{"$nulls":4},42,{"$nulls":20},"sandy clay, gneiss bedrock","yes","yes","2","2"]
[7984,563,"LASN85","Alice Springs","NT","AU","Gasoline/Diesel",null,"sandy clay","SIC",null,3888,"VMW4",7984,"2008-11-01",{"$nulls":7},22.309712,null,30.511812,{"$nulls":10},"NAPL",true,false,false,false,false,false,false,false,null,"UST","PSH diesel (some petrol)",{"$nulls":25},56,null,120,"<",5,null,30,"<",{"$nulls":4},212,{"$nulls":21},"yes","yes","2","3"]
[7983,563,"LASN85","Alice Springs","NT","AU","Gasoline/Diesel",null,"sandy clay","SIC",null,3887,"VMW4",7983,"2008-11-01",{"$nulls":7},25.590552,null,30.511812,{"$nulls":10},"NAPL",true,false,false,false,false,false,false,false,null,"UST","PSH off-site (MW27)",{"$nulls":25},16,null,27,"<",5,null,11,"<",{"$nulls":4},54,{"$nulls":20},"sandy clay, gneiss bedrock","yes","yes","2","3"]
[7985,566,"LBHN88","Broken Hill","NSW","AU","Gasoline/Diesel",null,"sand","SIC",null,3889,"SG1",7985,"2008-05-01",{"$nulls":4},8908,null,null,23.950132,null,31.16798,{"$nulls":7},20.9,"<",0,"Dissolved",false,false,false,false,false,false,false,false,null,"UST","Residual Impacts (MW9/MW13)","MW9/MW13","2008-05-01","Residual Impacts (MW9/MW13)",null,201,"<",1,null,200,"<",1,"<",1,"<",1,"<",1,{"$nulls":8},1.5,null,1.3,"<",0.78,"<",1.56,"<",0.63,{"$nulls":3},10.45,{"$nulls":20},"granite","yes","no","4","2"]
[7986,566,"LBHN88","Broken Hill","NSW","AU","Gasoline/Diesel",null,"sand (to 2m), granite","SIC",null,3890,"SG2",7986,"2008-05-01",{"$nulls":4},8909,null,null,21.32546,null,31.16798,{"$nulls":7},20.9,"<",0,"Dissolved",false,false,false,false,false,false,false,false,null,"UST","Residual Impacts (MW9/MW13)","MW9/MW13","2008-05-01","Residual Impacts (MW9/MW13)",null,201,"<",1,null,200,"<",1,"<",1,"<",1,"<",1,{"$nulls":8},27,null,11,null,1.4,null,30.8,null,75,{"$nulls":3},336.01,{"$nulls":20},"granite","yes","no","4","2"]
[7987,566,"LBHN88","Broken Hill","NSW","AU","Gasoline/Diesel",null,"sand (to 2.8m), granite","SIC",null,3891,"SG3",7987,"2008-05-01",{"$nulls":4},8910,null,null,21.32546,null,31.16798,{"$nulls":7},20.9,"<",0,"Dissolved",false,false,false,false,false,false,false,false,null,"UST","Residual Impacts (MW9/MW13)","MW9/MW13","2008-05-01","Residual Impacts (MW9/MW13)",null,201,"<",1,null,200,"<",1,"<",1,"<",1,"<",1,{"$nulls":8},5.9,null,15,null,2.6,null,10.7,null,0.83,{"$nulls":3},44.82,{"$nulls":20},"granite","yes","no","4","2"]
[7988,564,"LBN86","Bathurst","NSW","AU","Gasoline/Diesel",null,"Fill, gravel, sand","SIC",null,3892,"SG01",7988,"2008-09-01",{"$nulls":4},8911,null,null,1.968504,null,3.608924,{"$nulls":7},19.8,"<",0,"Dissolved",false,false,false,false,false,false,false,false,null,"UST","Residual impacts in soil and GW (MW6)","MW6","2008-09-01","Residual impacts in soil and GW (MW6)",null,100,"<",20,null,80,"<",1,"<",1,"<",1,"<",1,{"$nulls":7},"<",0.8,"<",0.8,"<",0.92,"<",2,"<",0.35,{"$nulls":3},41.62,{"$nulls":20},"sandy clay","no","yes","4","2"]
[7989,564,"LBN86","Bathurst","NSW","AU","Gasoline/Diesel",null,"Fill, gravel, sand","SIC",null,3893,"SG02",7989,"2008-09-01",{"$nulls":4},8912,null,null,12.795276,null,14.435696,{"$nulls":7},18.8,"<",0,"Dissolved",false,false,false,false,false,false,false,false,null,"UST","Residual impacts in soil and GW (MW25)","MW25","2008-09-01","Residual impacts in soil and GW (MW25)",null,1050,null,280,null,770,"<",1,"<",1,"<",1,"<",1,{"$nulls":7},"<",0.8,null,1,null,1.2,null,23,"<",0.35,{"$nulls":3},68.15,{"$nulls":20},"sandy clay","no","yes","4","2"]
[7990,564,"LBN86","Bathurst","NSW","AU","Gasoline/Diesel",null,"Fill, gravel, sand","SIC",null,3894,"SG03",7990,"2008-09-01",{"$nulls":4},8913,null,null,2.296588,null,3.937008,{"$nulls":7},19.7,"<",0,"Dissolved",false,false,false,false,false,false,false,false,null,"UST","Residual impacts in soil and GW (MW15)","MW15","2008-09-01","Residual impacts in soil and GW (MW15)",null,4270,null,3700,null,570,null,30,"<",1,null,16,null,4,{"$nulls":7},"<",0.8,null,4.4,null,2.8,null,16.8,"<",0.35,{"$nulls":3},60.31,{"$nulls":20},"sandy clay","no","no","4","2"]
[7991,565,"LBN87","Bomaderry","NSW","AU","Gasoline/Diesel",null,"sandy gravel","SIC",null,3895,"SG115",7991,"2009-05-01",{"$nulls":7},0,null,2.952756,{"$nulls":10},"Dissolved",false,false,false,false,false,false,false,false,null,"UST","Residual Low level impacts in soil and GW (MW106, SB111)",{"$nulls":25},33,null,0.68,"<",0.78,null,1.3,"<",0.72,{"$nulls":3},5.007,{"$nulls":20},"sandy clay","no","unknown","4","4"]
[7992,565,"LBN87","Bomaderry","NSW","AU","Gasoline/Diesel",null,"fill, sandy gravel, sandy clay","SIC",null,3896,"SG116",7992,"2009-05-01",{"$nulls":4},8914,null,null,1.64042,null,4.92126,{"$nulls":10},"NAPL",true,false,false,false,false,false,false,false,null,"UST","Residual impacts in GW (MW101)","MW101","2009-05-01","Residual impacts in GW (MW101)",null,270,null,270,"<",null,null,5,null,5,null,30,null,150,{"$nulls":8},980000,null,180000,null,320000,null,1430000,null,5800000,{"$nulls":3},17642000,{"$nulls":20},"sandy clay","no","no","4","4"]
[7993,565,"LBN87","Bomaderry","NSW","AU","Gasoline/Diesel",null,"sand","SIC",null,3897,"SG118",7993,"2009-05-01",{"$nulls":4},8915,null,null,0.328084,null,3.28084,{"$nulls":10},"Dissolved",false,false,false,false,false,false,false,false,null,"UST","Residual impacts in GW (MW101)","MW101","2009-05-01","Residual impacts in GW (MW101)",null,270,null,270,"<",null,null,5,null,5,null,30,null,150,{"$nulls":7},"<",0.75,"<",0.89,"<",1,null,12,"<",0.83,{"$nulls":3},12.79,{"$nulls":20},"sandy clay","no","no","4","4"]
[7994,565,"LBN87","Bomaderry","NSW","AU","Gasoline/Diesel",null,"fill, sandy gravel, clay","SIC",null,3898,"SG119",7994,"2009-05-01",{"$nulls":4},8916,null,null,1.968504,null,5.249344,{"$nulls":10},"NAPL",false,false,false,false,true,false,false,true,"Aliphatics (hexane) in soil gas >1000 ug/m3","UST","Residual impacts in GW (MW7)","MW7","2009-05-01","Residual impacts in GW (MW7)",null,32300,null,16000,null,16300,null,680,null,270,null,420,null,820,{"$nulls":7},"<",1600,"<",1800,"<",2100,"<",4200,null,2300,{"$nulls":3},453490,{"$nulls":20},"sandy clay","no","no","4","4"]
[7995,567,"LBW89","Bunbury","AUWA","AU","Gasoline/Diesel",null,"sand","S",null,3899,"606498",7995,"2009-07-01",{"$nulls":4},8917,null,null,0.328084,null,1.968504,{"$nulls":10},"Dissolved",false,false,false,false,false,false,false,false,null,"UST","Residual impacts (SB17/MW14, SB06/MW06)","SB17/MW14, SB06/MW06","2009-07-01","Residual impacts (SB17/MW14, SB06/MW06)",null,8890,null,8400,null,490,null,310,null,4,null,370,"<",1,{"$nulls":8},98.7,null,153.2,null,1028,null,1084.5,{"$nulls":3},15514,{"$nulls":22},"sand","no","yes","3","5"]
[7996,567,"LBW89","Bunbury","AUWA","AU","Gasoline/Diesel",null,"sand","S",null,3900,"606501",7996,"2009-07-01",{"$nulls":4},8918,null,null,0.328084,null,1.968504,{"$nulls":10},"Dissolved",false,false,false,false,false,false,false,false,null,"UST","Residual impacts (SB17/MW14, SB06/MW06)","SB17/MW14, SB06/MW06","2009-07-01","Residual impacts (SB17/MW14, SB06/MW06)",null,8890,null,8400,null,490,null,310,null,4,null,370,"<",1,{"$nulls":8},17.38,null,97.3,null,52.6,null,63.5,{"$nulls":3},10918,{"$nulls":22},"sand","no","yes","3","5"]
[7997,567,"LBW89","Bunbury","AUWA","AU","Gasoline/Diesel",null,"sand","S",null,3901,"606502",7997,"2009-07-01",{"$nulls":4},8919,null,null,0.328084,null,1.968504,{"$nulls":10},"Dissolved",false,false,false,false,false,false,false,false,null,"UST","Residual impacts (SB17/MW14, SB06/MW06)","SB17/MW14, SB06/MW06","2009-07-01","Residual impacts (SB17/MW14, SB06/MW06)",null,8890,null,8400,null,490,null,310,null,4,null,370,"<",1,{"$nulls":8},21.17,null,6,null,101,null,54.2,{"$nulls":3},12070,{"$nulls":22},"sand","no","yes","3","5"]
[7998,567,"LBW89","Bunbury","AUWA","AU","Gasoline/Diesel",null,"sand","S",null,3902,"606503",7998,"2009-07-01",{"$nulls":4},8920,null,null,0.328084,null,1.968504,{"$nulls":10},"Dissolved",false,false,false,false,false,false,false,false,null,"UST","Residual impacts (SB17/MW14, SB06/MW06)","SB17/MW14, SB06/MW06","2009-07-01","Residual impacts (SB17/MW14, SB06/MW06)",null,8890,null,8400,null,490,null,310,null,4,null,370,"<",1,{"$nulls":8},29.48,null,5.9,null,347,null,1005.3,{"$nulls":3},13667,{"$nulls":22},"sand","no","yes","3","5"]
[7999,567,"LBW89","Bunbury","AUWA","AU","Gasoline/Diesel",null,"sand","S",null,3903,"606504",7999,"2009-07-01",{"$nulls":4},8921,null,null,0.328084,null,1.968504,{"$nulls":10},"Dissolved",false,false,false,false,false,false,false,false,null,"UST","Residual impacts (SB17/MW14, SB06/MW06)","SB17/MW14, SB06/MW06","2009-07-01","Residual impacts (SB17/MW14, SB06/MW06)",null,8890,null,8400,null,490,null,310,null,4,null,370,"<",1,{"$nulls":8},269.66,null,36.1,null,1370,null,2485.6,{"$nulls":3},18652,{"$nulls":22},"sand","no","yes","3","5"]
[8000,567,"LBW89","Bunbury","AUWA","AU","Gasoline/Diesel",null,"sand","S",null,3904,"606505",8000,"2009-07-01",{"$nulls":4},8922,null,null,0.328084,null,1.968504,{"$nulls":10},"Dissolved",false,false,false,false,false,false,false,false,null,"UST","Residual impacts (SB17/MW14, SB06/MW06)","SB17/MW14, SB06/MW06","2009-07-01","Residual impacts (SB17/MW14, SB06/MW06)",null,8890,null,8400,null,490,null,310,null,4,null,370,"<",1,{"$nulls":8},110.4,null,42.1,null,634,null,1304,{"$nulls":3},14593,{"$nulls":22},"sand","no","yes","3","5"]
[8001,567,"LBW89","Bunbury","AUWA","AU","Gasoline/Diesel",null,"sand","S",null,3905,"606507",8001,"2009-07-01",{"$nulls":4},8923,null,null,0.328084,null,1.968504,{"$nulls":10},"Dissolved",false,false,false,false,false,false,false,false,null,"UST","Residual impacts (SB17/MW14, SB06/MW06)","SB17/MW14, SB06/MW06","2009-07-01","Residual impacts (SB17/MW14, SB06/MW06)",null,8890,null,8400,null,490,null,310,null,4,null,370,"<",1,{"$nulls":8},68.7,null,25.6,null,694,null,2888.3,{"$nulls":3},14296,{"$nulls":22},"sand","no","yes","3","5"]
[8002,567,"LBW89","Bunbury","AUWA","AU","Gasoline/Diesel",null,"sand","S",null,3906,"606508",8002,"2009-07-01",{"$nulls":4},8924,null,null,0.328084,null,1.968504,{"$nulls":10},"Dissolved",false,false,false,false,false,false,false,false,null,"UST","Residual impacts (SB17/MW14, SB06/MW06)","SB17/MW14, SB06/MW06","2009-07-01","Residual impacts (SB17/MW14, SB06/MW06)",null,8890,null,8400,null,490,null,310,null,4,null,370,"<",1,{"$nulls":8},139.77,null,64.9,null,1195,null,3706.12,{"$nulls":3},15588,{"$nulls":22},"sand","no","yes","3","5"]
[8003,567,"LBW89","Bunbury","AUWA","AU","Gasoline/Diesel",null,"sand","S",null,3907,"606509",8003,"2009-07-01",{"$nulls":4},8925,null,null,0.328084,null,1.968504,{"$nulls":10},"Dissolved",false,false,false,false,false,false,false,false,null,"UST","Residual impacts (SB17/MW14, SB06/MW06)","SB17/MW14, SB06/MW06","2009-07-01","Residual impacts (SB17/MW14, SB06/MW06)",null,8890,null,8400,null,490,null,310,null,4,null,370,"<",1,{"$nulls":8},127.06,null,17.6,null,1288,null,2083,{"$nulls":3},21887,{"$nulls":22},"sand","no","yes","3","5"]
[8004,567,"LBW89","Bunbury","AUWA","AU","Gasoline/Diesel",null,"sand","S",null,3908,"606510",8004,"2009-07-01",{"$nulls":4},8926,null,null,0.328084,null,1.968504,{"$nulls":10},"Dissolved",false,false,false,false,false,false,false,false,null,"UST","Residual impacts (SB17/MW14, SB06/MW06)","SB17/MW14, SB06/MW06","2009-07-01","Residual impacts (SB17/MW14, SB06/MW06)",null,8890,null,8400,null,490,null,310,null,4,null,370,"<",1,{"$nulls":8},8,null,21,null,80.7,null,331.5,{"$nulls":3},13374,{"$nulls":22},"sand","no","yes","3","5"]
[8005,567,"LBW89","Bunbury","AUWA","AU","Gasoline/Diesel",null,"sand","S",null,3909,"606528",8005,"2009-07-01",{"$nulls":4},8927,null,null,0.328084,null,1.968504,{"$nulls":10},"Dissolved",false,false,false,false,false,false,false,false,null,"UST","Residual impacts (SB17/MW14, SB06/MW06)","SB17/MW14, SB06/MW06","2009-07-01","Residual impacts (SB17/MW14, SB06/MW06)",null,8890,null,8400,null,490,null,310,null,4,null,370,"<",1,{"$nulls":8},130.2,null,28.2,null,857.1,null,1149.9,{"$nulls":3},14657,{"$nulls":22},"sand","no","yes","3","5"]
[8006,567,"LBW89","Bunbury","AUWA","AU","Gasoline/Diesel",null,"sand","S",null,3910,"606529",8006,"2009-07-01",{"$nulls":4},8928,null,null,0.328084,null,1.968504,{"$nulls":10},"Dissolved",false,false,false,false,false,false,false,false,null,"UST","Residual impacts (SB17/MW14, SB06/MW06)","SB17/MW14, SB06/MW06","2009-07-01","Residual impacts (SB17/MW14, SB06/MW06)",null,8890,null,8400,null,490,null,310,null,4,null,370,"<",1,{"$nulls":8},19.96,null,163,null,17.2,null,72.2,{"$nulls":3},10138,{"$nulls":22},"sand","no","yes","3","5"]
[8007,567,"LBW89","Bunbury","AUWA","AU","Gasoline/Diesel",null,"sand","S",null,3911,"606530",8007,"2009-07-01",{"$nulls":4},8929,null,null,0.328084,null,1.968504,{"$nulls":10},"Dissolved",false,false,false,false,false,false,false,false,null,"UST","Residual impacts (SB17/MW14, SB06/MW06)","SB17/MW14, SB06/MW06","2009-07-01","Residual impacts (SB17/MW14, SB06/MW06)",null,8890,null,8400,null,490,null,310,null,4,null,370,"<",1,{"$nulls":8},91.98,null,53.6,null,818,null,2405.6,{"$nulls":3},10654,{"$nulls":22},"sand","no","yes","3","5"]
[8008,567,"LBW89","Bunbury","AUWA","AU","Gasoline/Diesel",null,"sand","S",null,3912,"606531",8008,"2009-07-01",{"$nulls":4},8930,null,null,0.328084,null,1.968504,{"$nulls":10},"Dissolved",false,false,false,false,false,false,false,false,null,"UST","Residual impacts (SB17/MW14, SB06/MW06)","SB17/MW14, SB06/MW06","2009-07-01","Residual impacts (SB17/MW14, SB06/MW06)",null,8890,null,8400,null,490,null,310,null,4,null,370,"<",1,{"$nulls":8},80.65,null,39.7,null,972,null,1125.4,{"$nulls":3},17729,{"$nulls":22},"sand","no","yes","3","5"]
[8009,567,"LBW89","Bunbury","AUWA","AU","Gasoline/Diesel",null,"sand","S",null,3913,"606532",8009,"2009-07-01",{"$nulls":4},8931,null,null,0.328084,null,1.968504,{"$nulls":10},"Dissolved",false,false,false,false,false,false,false,false,null,"UST","Residual impacts (SB17/MW14, SB06/MW06)","SB17/MW14, SB06/MW06","2009-07-01","Residual impacts (SB17/MW14, SB06/MW06)",null,8890,null,8400,null,490,null,310,null,4,null,370,"<",1,{"$nulls":8},116.87,null,18.5,null,1017,null,965.96,{"$nulls":3},18370,{"$nulls":22},"sand","no","yes","3","5"]
[8010,567,"LBW89","Bunbury","AUWA","AU","Gasoline/Diesel",null,"sand","S",null,3914,"606534",8010,"2009-07-01",{"$nulls":4},8932,null,null,0.328084,null,1.968504,{"$nulls":10},"Dissolved",false,false,false,false,false,false,false,false,null,"UST","Residual impacts (SB17/MW14, SB06/MW06)","SB17/MW14, SB06/MW06","2009-07-01","Residual impacts (SB17/MW14, SB06/MW06)",null,8890,null,8400,null,490,null,310,null,4,null,370,"<",1,{"$nulls":8},9.95,null,11.2,null,45,null,67.66,{"$nulls":3},9064,{"$nulls":22},"sand","no","yes","3","5"]
[8011,570,"LCN92","Coonamble","NSW","AU","Gasoline, Gasoline/Diesel",null,"fill, clay","SIC",null,3915,"SV1",8011,"2008-08-01",{"$nulls":7},19.68504,null,22.96588,{"$nulls":10},"NAPL",true,false,false,false,false,false,false,false,null,"UST","Free product/diesel in area (MW08)",{"$nulls":24},"<",0.55,null,0.66,"<",0.74,null,5.9,"<",0.6,{"$nulls":3},10.3,{"$nulls":20},"sandy clay","no","unknown","4","3"]
[8012,570,"LCN92","Coonamble","NSW","AU","Gasoline, Gasoline/Diesel",null,"fill, clay","SIC",null,3916,"SV2",8012,"2008-08-01",{"$nulls":7},19.68504,null,22.96588,{"$nulls":10},"NAPL",false,true,false,false,false,false,false,false,null,"UST","(MW10)",{"$nulls":24},"<",0.56,"<",0.66,"<",0.76,"<",1.4,"<",0.71,{"$nulls":3},2.39,{"$nulls":20},"sandy clay","no","unknown","4","3"]
[8013,570,"LCN92","Coonamble","NSW","AU","Gasoline, Gasoline/Diesel",null,"fill, clay","SIC",null,3917,"SV3",8013,"2008-08-01",{"$nulls":7},19.68504,null,22.96588,{"$nulls":10},"NAPL",false,true,false,false,false,false,false,false,null,"UST","(MW103)",{"$nulls":24},"<",0.54,null,1.4,null,0.76,null,4.4,"<",0.59,{"$nulls":3},8.46,{"$nulls":20},"sandy clay","no","unknown","4","3"]
[8014,570,"LCN92","Coonamble","NSW","AU","Gasoline, Gasoline/Diesel",null,"sand","SIC",null,3918,"SV4",8014,"2008-08-01",{"$nulls":7},19.68504,null,22.96588,{"$nulls":10},"NAPL",false,false,true,false,false,false,false,false,null,"UST","Tank pit area (BH114/MW3)",{"$nulls":24},"<",0.58,"<",0.69,"<",0.79,"<",1.4,"<",0.74,"<",null,"<",2,{"$nulls":20},"sandy clay","no","unknown","4","3"]
[8015,570,"LCN92","Coonamble","NSW","AU","Gasoline, Gasoline/Diesel",null,"sand","SIC",null,3919,"SV5",8015,"2008-08-01",{"$nulls":7},19.68504,null,22.96588,{"$nulls":10},"NAPL",false,false,false,false,false,false,false,true,"Aliphatics (hexane) in soil gas >1000 ug/m3","UST","(MW108)",{"$nulls":24},"<",24,"<",29,"<",33,null,153,null,1700,{"$nulls":3},5220,{"$nulls":20},"sandy clay","no","unknown","4","3"]
[8017,568,"LCS90","Cleve","SA","AU","Gasoline/Diesel",null,"sandy clay","S",null,3921,"SV01",8017,"2008-03-01",{"$nulls":4},8933,null,null,26.24672,null,45.93176,{"$nulls":10},"Dissolved",false,false,false,false,false,false,false,false,null,"UST","Impacts in GW (MW02)","MW02","2008-03-01","Impacts in GW (MW02)",null,640,"<",20,null,620,"<",1,"<",1,"<",1,"<",1,{"$nulls":8},1.4,null,35,null,19,null,172,"<",0.6,{"$nulls":3},504.4,{"$nulls":21},"no","unknown","4","2"]
[8016,568,"LCS90","Cleve","SA","AU","Gasoline/Diesel",null,"sandy gravel, sandy clay","S",null,3920,"SV01",8016,"2008-03-01",{"$nulls":4},8933,null,null,42.65092,null,45.93176,{"$nulls":10},"Dissolved",false,false,false,false,false,false,false,false,null,"UST","Impacts in GW (MW02)","MW02","2008-03-01","Impacts in GW (MW02)",null,640,"<",20,null,620,"<",1,"<",1,"<",1,"<",1,{"$nulls":8},0.79,null,12,null,3.1,null,21.7,"<",0.6,{"$nulls":3},138.69,{"$nulls":20},"sandy gravel","no","unknown","4","2"]
[8019,568,"LCS90","Cleve","SA","AU","Gasoline/Diesel",null,"sandy clay","S",null,3923,"SV02",8019,"2008-03-01",{"$nulls":4},8934,null,null,26.24672,null,45.93176,{"$nulls":10},"Dissolved",false,false,false,false,false,false,false,false,null,"UST","Impacts in GW (MW03)","MW03","2008-03-01","Impacts in GW (MW03)",null,70,"<",20,"<",50,"<",1,"<",1,"<",1,"<",1,{"$nulls":7},"<",0.54,"<",0.63,null,2.1,"<",1.4,"<",0.59,{"$nulls":3},9.8,{"$nulls":21},"no","unknown","4","2"]
[8018,568,"LCS90","Cleve","SA","AU","Gasoline/Diesel",null,"sandy gravel, sandy clay","S",null,3922,"SV02",8018,"2008-03-01",{"$nulls":4},8934,null,null,42.65092,null,45.93176,{"$nulls":10},"Dissolved",false,false,false,false,false,false,false,false,null,"UST","Impacts in GW (MW03)","MW03","2008-03-01","Impacts in GW (MW03)",null,70,"<",20,"<",50,"<",1,"<",1,"<",1,"<",1,{"$nulls":8},0.8,null,7.9,null,1.5,null,12.7,null,1.1,{"$nulls":3},115.31,{"$nulls":20},"sandy gravel","no","unknown","4","2"]
[8021,569,"LCS91","Cleve Depot","SA","AU",null,null,"sandy clay","S",null,3925,"SV01",8021,"2008-03-01",{"$nulls":7},26.24672,null,45.93176,{"$nulls":10},"NAPL",false,false,false,false,false,false,false,false,null,"UST","Low level impact in soil (mostly ND)",{"$nulls":25},1.7,null,26,null,7.1,null,46,null,2.7,{"$nulls":3},204.89,{"$nulls":21},"no","no","4","4"]
[8020,569,"LCS91","Cleve Depot","SA","AU",null,null,"sandy gravel, sandy clay","S",null,3924,"SV01",8020,"2008-03-01",{"$nulls":7},42.65092,null,45.93176,{"$nulls":10},"NAPL",false,false,false,false,false,false,false,false,null,"UST","Low level impact in soil (mostly ND)",{"$nulls":25},0.77,null,10,null,2.8,null,17.3,null,1.1,{"$nulls":3},243.16,{"$nulls":20},"sandy gravel","no","no","4","4"]
[8023,569,"LCS91","Cleve Depot","SA","AU",null,null,"sandy clay","S",null,3927,"SV02",8023,"2008-03-01",{"$nulls":7},32.8084,null,45.93176,{"$nulls":10},"NAPL",false,false,false,false,false,false,false,false,null,"UST","Low level impact in soil (mostly ND)",{"$nulls":25},1.3,null,24,null,5.4,null,39,null,1,{"$nulls":3},193.51,{"$nulls":21},"no","no","4","4"]
[8022,569,"LCS91","Cleve Depot","SA","AU",null,null,"sandy gravel, sandy clay","S",null,3926,"SV02",8022,"2008-03-01",{"$nulls":7},42.65092,null,45.93176,{"$nulls":10},"NAPL",false,false,false,false,false,false,false,false,null,"UST","Low level impact in soil (mostly ND)",{"$nulls":25},1.7,null,31,null,39,null,320,null,0.93,{"$nulls":3},954.06,{"$nulls":20},"sandy gravel","no","no","4","4"]
[8025,572,"LGN94","Grafton","NSW","AU","Gasoline/Diesel",null,"sandy silt","SIC",null,3929,"SV1",8025,"2006-08-01",{"$nulls":7},16.4042,null,26.24672,{"$nulls":10},"NAPL",true,false,false,false,false,false,false,false,null,"UST","PSH in groundwater",{"$nulls":24},"<",5,"<",5,"<",5,"<",5,{"$nulls":27},"no","no","2","3"]
[8024,572,"LGN94","Grafton","NSW","AU","Gasoline/Diesel",null,"clayey silt","SIC",null,3928,"SV1",8024,"2006-08-01",{"$nulls":7},22.96588,null,26.24672,{"$nulls":10},"NAPL",true,false,false,false,false,false,false,false,null,"UST","PSH in groundwater",{"$nulls":24},"<",5,null,5,"<",5,"<",5,{"$nulls":26},"sandy silt, sand","no","no","2","3"]
[8027,572,"LGN94","Grafton","NSW","AU","Gasoline/Diesel",null,"sandy silt","SIC",null,3931,"SV2",8027,"2006-08-01",{"$nulls":7},16.4042,null,26.24672,{"$nulls":10},"NAPL",true,false,false,false,false,false,false,false,null,"UST","PSH in groundwater",{"$nulls":24},"<",5,"<",5,"<",5,"<",5,{"$nulls":27},"no","no","2","3"]
[8026,572,"LGN94","Grafton","NSW","AU","Gasoline/Diesel",null,"clayey silt","SIC",null,3930,"SV2",8026,"2006-08-01",{"$nulls":7},22.96588,null,26.24672,{"$nulls":10},"NAPL",true,false,false,false,false,false,false,false,null,"UST","PSH in groundwater",{"$nulls":25},37,null,46,null,14,null,31,{"$nulls":26},"sandy silt, sand","no","no","2","3"]
[8028,573,"LKV95","Kerrimuir","VIC","AU","Gasoline/Diesel",null,"Silty sand","SIC",null,3932,"SV1",8028,"2007-05-01",{"$nulls":7},27.230972,null,28.871392,{"$nulls":10},"NAPL",true,false,false,false,false,false,false,false,null,"UST","PSH in groundwater",{"$nulls":24},"<",500,"<",500,"<",500,"<",500,"<",500,{"$nulls":3},12101,{"$nulls":20},"silty sand","no","yes","1","2"]
[8029,573,"LKV95","Kerrimuir","VIC","AU","Gasoline/Diesel",null,"Silty sand","SIC",null,3933,"SV2",8029,"2007-05-01",{"$nulls":7},27.230972,null,28.871392,{"$nulls":10},"NAPL",true,false,false,false,false,false,false,false,null,"UST","PSH in groundwater",{"$nulls":24},"<",500,"<",700,"<",500,"<",500,"<",500,{"$nulls":3},1200,{"$nulls":20},"silty sand","no","yes","1","2"]
[8031,574,"LLS96","Loxton","SA","AU","Gasoline/Diesel",null,"fill, clay sand","SIC",null,3935,"SV1",8031,"2008-09-01",{"$nulls":4},8935,null,null,36.08924,null,62.33596,{"$nulls":10},"Dissolved",false,false,false,false,false,false,false,false,null,"UST","Dissolved phase (MW10)","MW10","2008-09-01","Dissolved phase (MW10)",null,930,null,260,null,670,"<",1,"<",1,null,10,null,80,{"$nulls":8},4.8,null,96,null,34,null,254,null,11,{"$nulls":3},932.8,{"$nulls":21},"no","no","4","2"]
[8030,574,"LLS96","Loxton","SA","AU","Gasoline/Diesel",null,"fill","SIC",null,3934,"SV1",8030,"2008-09-01",{"$nulls":4},8935,null,null,59.05512,null,62.33596,{"$nulls":10},"Dissolved",false,false,false,false,false,false,false,false,null,"UST","Dissolved phase (MW10)","MW10","2008-09-01","Dissolved phase (MW10)",null,930,null,260,null,670,"<",1,"<",1,null,10,null,80,{"$nulls":8},2.5,null,47,null,10,null,64,"<",3,{"$nulls":3},281.6,{"$nulls":20},"clay sand, gravel sand","no","no","4","2"]
[8033,574,"LLS96","Loxton","SA","AU","Gasoline/Diesel",null,"fill, clay sand","SIC",null,3937,"SV3",8033,"2008-09-01",{"$nulls":4},8936,null,null,36.08924,null,62.33596,{"$nulls":10},"Dissolved",false,false,false,false,false,false,false,false,null,"UST","Dissolved Phase (MW14/12)","MW14/12","2008-09-01","Dissolved Phase (MW14/12)",null,471,"<",1,null,470,"<",1,"<",1,null,24,null,31,{"$nulls":8},47,null,260,null,1500,null,13600,null,44,{"$nulls":3},28437,{"$nulls":21},"no","unknown","4","2"]
[8032,574,"LLS96","Loxton","SA","AU","Gasoline/Diesel",null,"fill","SIC",null,3936,"SV3",8032,"2008-09-01",{"$nulls":4},8936,null,null,59.05512,null,62.33596,{"$nulls":10},"Dissolved",false,false,false,false,false,false,false,false,null,"UST","Dissolved Phase (MW14/12)","MW14/12","2008-09-01","Dissolved Phase (MW14/12)",null,471,"<",1,null,470,"<",1,"<",1,null,24,null,31,{"$nulls":8},3.8,null,61,null,67,null,320,null,16,{"$nulls":3},864.5,{"$nulls":20},"clay sand, gravel sand","no","unknown","4","2"]
[8034,576,"LMN98","Mittagong","NSW","AU","Gasoline/Diesel",null,"fill","SIC",null,3938,"SG1",8034,"2008-09-01",{"$nulls":4},8937,null,null,0.984252,null,3.937008,{"$nulls":7},20.9,null,null,"Dissolved",false,false,false,false,false,false,false,false,null,"UST","Dissolved phase (MW101)","MW101","2008-09-01","Dissolved phase (MW101)",null,200,null,100,null,100,"<",1,null,1,null,29,null,58,{"$nulls":8},1.6,null,42,"<",0.12,null,1.6,"<",0.12,{"$nulls":3},5269.09,{"$nulls":20},"sandy clay","no","unknown","1","3"]
[8035,576,"LMN98","Mittagong","NSW","AU","Gasoline/Diesel",null,"fill","SIC",null,3939,"SG2",8035,"2008-09-01",{"$nulls":4},9196,null,null,0.984252,null,3.28084,{"$nulls":7},20.9,null,null,"Dissolved",false,false,false,false,false,false,false,false,null,"UST","Adjacent to tank pit after validation","SG2-GW","2008-09-01","Adjacent to tank pit after validation",{"$nulls":6},"<",{"$nulls":14},"<",0.12,null,4.1,"<",0.12,"<",0.24,"<",0.12,{"$nulls":3},12.94,{"$nulls":20},"sandy clay","no","unknown","3","3"]
[8036,575,"LMS97","Millicent","SA","AU","Gasoline/Diesel",null,"fill, sandy clay","SIC",null,3940,"SV1",8036,"2008-09-01",{"$nulls":4},8938,null,null,5.577428,null,8.858268,{"$nulls":10},"Dissolved",false,false,false,false,false,false,false,false,null,"UST","Dissolved Phase (MW2)","MW2","2008-09-01","Dissolved Phase (MW2)",null,990,null,510,null,480,null,24,null,2,"<",1,null,94,{"$nulls":8},2,null,56,null,11,null,82,"<",0.2,{"$nulls":3},383.61,{"$nulls":20},"sandy clay","no","unknown","4","3"]
[8037,575,"LMS97","Millicent","SA","AU","Gasoline/Diesel",null,"fill, sandy clay","SIC",null,3941,"SV2",8037,"2008-09-01",{"$nulls":4},8939,null,null,5.249344,null,8.530184,{"$nulls":10},"Dissolved",false,false,false,false,false,false,false,false,null,"UST","Upgradient of dissolved Phase","SV2-GW","2008-09-01","Upgradient of dissolved Phase",null,270,"<",20,"<",250,"<",1,"<",1,"<",1,"<",1,{"$nulls":8},4.3,null,25,null,9.8,null,61,null,1.3,{"$nulls":3},373.75,{"$nulls":20},"sandy clay","no","unknown","4","3"]
[8038,528,"LQG50","Garbutt","QLD","AU","Gasoline",null,null,"SIC",null,3942,"MW14",8038,"2009-07-01",{"$nulls":4},8940,null,null,0,null,2.952756,{"$nulls":10},"NAPL",true,false,false,true,false,false,false,false,null,"UST","Headspace above PSH","MW14-GW","2009-07-01","Headspace above PSH",null,25200,null,16000,null,9200,null,7600,null,3100,null,1200,null,5100,{"$nulls":8},110000,null,2000,null,44000,null,42800,null,5400000,{"$nulls":3},13750000,{"$nulls":21},"no","yes","0","0"]
[8039,528,"LQG50","Garbutt","QLD","AU","Gasoline",null,"fill","SIC",null,3943,"SV1",8039,"2009-07-01",{"$nulls":4},8941,null,null,0.328084,null,2.952756,{"$nulls":7},14.4,null,null,"NAPL",true,false,false,true,false,false,false,false,null,"UST","PSH - petrol from MW14","SV1-GW","2009-07-01","PSH - petrol from MW14",null,25200,null,16000,null,9200,null,7600,null,3100,null,1200,null,5100,{"$nulls":8},83,"<",3.2,"<",4.2,"<",10.2,null,1400,{"$nulls":3},5003,{"$nulls":21},"no","yes","0","0"]
[8040,528,"LQG50","Garbutt","QLD","AU","Gasoline",null,"fill","SIC",null,3944,"SV2",8040,"2009-07-01",{"$nulls":4},8942,null,null,0.328084,null,2.952756,{"$nulls":10},"NAPL",true,false,false,true,false,false,false,false,null,"UST","PSH - petrol from MW14","SV2-GW","2009-07-01","PSH - petrol from MW14",null,25200,null,16000,null,9200,null,7600,null,3100,null,1200,null,5100,{"$nulls":8},860000,"<",77000,"<",890000,"<",178000,null,9800000,{"$nulls":3},16361000,{"$nulls":21},"no","yes","0","0"]
[8041,528,"LQG50","Garbutt","QLD","AU","Gasoline",null,"fill","SIC",null,3945,"SV3",8041,"2009-07-01",{"$nulls":4},8943,null,null,0.328084,null,2.952756,{"$nulls":7},0.4,null,null,"NAPL",false,false,false,true,false,false,false,true,"Aliphatics (hexane) in soil gas >1000 ug/m3","UST","beneath building","SV3-GW","2009-07-01","beneath building",null,25200,null,16000,null,9200,null,7600,null,3100,null,1200,null,5100,{"$nulls":8},5200000,null,9600000,null,600000,null,3810000,null,11000000,{"$nulls":3},44686000,{"$nulls":21},"no","yes","0","0"]
[8042,528,"LQG50","Garbutt","QLD","AU","Gasoline",null,"fill","SIC",null,3946,"SV4",8042,"2009-07-01",{"$nulls":4},8944,null,null,0.328084,null,2.952756,{"$nulls":7},17.4,null,null,"NAPL",false,false,false,true,false,false,false,true,"Aliphatics (hexane) in soil gas >1000 ug/m3","UST","beneath building","SV4-GW","2009-07-01","beneath building",null,25200,null,16000,null,9200,null,7600,null,3100,null,1200,null,5100,{"$nulls":8},21,null,26,"<",29,null,103,null,690,{"$nulls":3},1219.28,{"$nulls":21},"no","yes","0","0"]
[8043,528,"LQG50","Garbutt","QLD","AU","Gasoline",null,"fill","SIC",null,3947,"SV5",8043,"2009-07-01",{"$nulls":4},8945,null,null,1.312336,null,2.952756,{"$nulls":7},11.1,null,null,"NAPL",true,false,false,true,false,false,false,false,null,"UST","PSH - petrol from MW1/RW1","SV5-GW","2009-07-01","PSH - petrol from MW1/RW1",null,25200,null,16000,null,9200,null,7600,null,3100,null,1200,null,5100,{"$nulls":8},1.1,null,2,"<",0.74,null,3,null,1.2,{"$nulls":3},197.12,{"$nulls":21},"no","yes","0","0"]
[8044,510,"LVB32","Ballarat","VIC","AU","Diesel",null,"Fill","SIC",null,3948,"SV1",8044,"2008-03-01",{"$nulls":5},8946,null,1.64042,null,11.48294,{"$nulls":5},11.4,null,5.9,"<",0,"NAPL",false,false,false,false,false,false,true,false,null,"UST","Soil impacts (mg/kg)",{"$nulls":24},"<",2.6,null,12,"<",3.6,"<",7.2,"<",2.9,"<",18,null,null,"SV1-S","Soil impacts (mg/kg)",null,2.3,null,0.47,null,0.76,null,2.5,null,3059,null,59,null,3000,{"$nulls":4},"Siltstone","yes","no","4","4"]
[8045,510,"LVB32","Ballarat","VIC","AU","Diesel",null,"Fill","SIC",null,3949,"SV2",8045,"2008-03-01",{"$nulls":4},8947,null,null,1.64042,null,11.48294,{"$nulls":5},14.3,null,4.4,"<",0,"NAPL",false,true,false,false,false,false,false,false,null,"UST","Dissolved phase","SV2-GW","2008-03-01","Dissolved phase",null,12270,null,670,null,11600,null,27,"<",null,"<",null,null,1,{"$nulls":7},"<",3,"<",3.5,"<",4,"<",8.2,"<",3.3,null,340,{"$nulls":22},"Siltstone","yes","unknown","4","4"]
[8046,516,"LVC38","Charlton","VIC","AU","Gasoline",null,"sandy, gravelly fill","SIC",null,3950,"SV1",8046,"2008-04-01",{"$nulls":7},14.76378,null,24.6063,{"$nulls":5},2.2,null,0,null,null,"NAPL",true,false,false,false,false,false,false,false,null,"UST","PSH (petrol)",{"$nulls":24},"<",2.6,null,16,null,6.2,null,11,null,27,{"$nulls":24},"interbedded sandy clay, clay, sand","no","yes","5","4"]
[8047,516,"LVC38","Charlton","VIC","AU","Gasoline",null,"sandy, gravelly fill","SIC",null,3951,"SV2",8047,"2008-04-01",{"$nulls":7},14.76378,null,24.6063,{"$nulls":5},3.2,null,16.5,null,null,"NAPL",true,false,false,false,false,false,false,false,null,"UST","PSH (petrol)",{"$nulls":24},"<",2.6,"<",3,"<",3.5,"<",7,"<",2.8,{"$nulls":24},"interbedded sandy clay, clay, sand","no","yes","5","4"]
[8048,516,"LVC38","Charlton","VIC","AU","Gasoline",null,"sandy, gravelly fill","SIC",null,3952,"SV3",8048,"2008-04-01",{"$nulls":7},14.76378,null,24.6063,{"$nulls":5},2.3,null,16.1,null,null,"NAPL",true,false,false,false,false,false,false,false,null,"UST","PSH (petrol)",{"$nulls":24},"<",2.8,"<",3.4,"<",3.9,"<",7.8,"<",3.2,{"$nulls":24},"interbedded sandy clay, clay, sand","no","yes","5","4"]
[8049,511,"LVD33","Dandenong","VIC","AU","Gasoline",null,"silty clay/silty sand","SIC",null,3953,"SV1",8049,"2008-04-01",{"$nulls":7},10.826772,null,20.669292,{"$nulls":4},"<",0,null,20.9,"<",0,"NAPL",true,false,false,false,false,false,false,false,null,"UST","PSH in groundwater (petrol)",{"$nulls":24},"<",0.2,null,16,"<",2.9,null,4.2,"<",2.4,{"$nulls":3},23.2,{"$nulls":20},"silty clay/silty sand","no","yes","4","4"]
[8050,511,"LVD33","Dandenong","VIC","AU","Gasoline",null,"silty clay/silty sand","SIC",null,3954,"SV2",8050,"2008-04-01",{"$nulls":7},10.826772,null,20.669292,{"$nulls":4},"<",0,null,21,"<",0,"NAPL",true,false,false,false,false,false,false,false,null,"UST","PSH in groundwater (petrol)",{"$nulls":25},210,"<",130,"<",150,"<",300,null,11000,{"$nulls":3},44310,{"$nulls":20},"silty clay/silty sand","no","yes","4","4"]
[8051,557,"LVD79","Daylesford","VIC","AU","Gasoline/Diesel",null,"silty clay","C",null,3955,"SV01",8051,"2009-10-01",{"$nulls":4},8948,null,null,0.328084,null,4.92126,{"$nulls":5},2.1,null,15,"<",0,"Dissolved",false,false,false,false,false,false,false,false,null,"UST","Dissolved phase plume off-site","SV01-GW","2009-10-01","Dissolved phase plume off-site",null,7400,null,1800,null,5600,null,100,null,37,null,160,null,220,{"$nulls":7},"<",2.8,"<",3.4,"<",3.9,"<",3.9,"<",3.2,"<",null,"<",20,{"$nulls":20},"silty clay","no","yes","5","4"]
[8052,557,"LVD79","Daylesford","VIC","AU","Gasoline/Diesel",null,"silty clay","C",null,3956,"SV02",8052,"2009-10-01",{"$nulls":4},8949,null,null,0.656168000000001,null,5.249344,{"$nulls":5},1,null,18,"<",0,"Dissolved",false,false,false,false,false,false,false,false,null,"UST","Dissolved phase plume off-site","SV02-GW","2009-10-01","Dissolved phase plume off-site",null,7400,null,1800,null,5600,null,100,null,37,null,160,null,220,{"$nulls":8},14,null,80,"<",3.9,null,58,"<",3.2,{"$nulls":3},174.9,{"$nulls":20},"silty clay","no","yes","5","4"]
[8053,557,"LVD79","Daylesford","VIC","AU","Gasoline/Diesel",null,"silty clay","C",null,3957,"SV03",8053,"2009-10-01",{"$nulls":4},8950,null,null,0.984252,null,4.265092,{"$nulls":5},4,null,13.6,"<",0,"Dissolved",false,false,false,false,false,false,false,false,null,"UST","Dissolved phase plume off-site","SV03-GW","2009-10-01","Dissolved phase plume off-site",null,7400,null,1800,null,5600,null,100,null,37,null,160,null,220,{"$nulls":7},"<",2.7,"<",3.2,null,11,null,29,null,7.3,{"$nulls":3},61.4,{"$nulls":20},"silty clay","no","yes","5","4"]
[8054,512,"LVL34","Leongatha","VIC","AU","Gasoline",null,"Fill material","C",null,3958,"SV1",8054,"2008-04-01",{"$nulls":4},8951,null,null,5.577428,null,15.419948,{"$nulls":5},23.2,null,5.9,null,null,"Dissolved",false,false,false,false,false,false,false,false,null,"UST","MW11 - 2008 dissolved phase","MW11","2008-04-01","MW11 - 2008 dissolved phase",null,2300,null,1200,null,1100,null,1100,null,2,null,120,null,28,{"$nulls":7},"<",32,null,87,null,790,null,140,"<",35,{"$nulls":3},2337,{"$nulls":20},"silty clay","no","yes","5","3"]
[8055,512,"LVL34","Leongatha","VIC","AU","Gasoline",null,"Fill material","C",null,3959,"SV2",8055,"2008-04-01",{"$nulls":4},8952,null,null,5.577428,null,15.419948,{"$nulls":5},21.1,null,2.8,null,null,"NAPL",false,false,false,true,true,false,false,true,"Aliphatics (hexane) in soil gas >1000 ug/m3","UST","MW4 - 2008 dissolved phase","MW4","2008-04-01","MW4 - 2008 dissolved phase",null,124000,null,120000,null,4000,null,65000,null,43000,null,2800,null,11000,{"$nulls":8},200000,null,520000,null,23000,null,21700,null,1400000,{"$nulls":3},2768900,{"$nulls":20},"silty clay","no","yes","5","3"]
[8056,512,"LVL34","Leongatha","VIC","AU","Gasoline",null,"Fill material","C",null,3960,"SV3",8056,"2008-04-01",{"$nulls":4},8953,null,null,5.577428,null,15.419948,{"$nulls":5},13.3,null,1.9,null,null,"NAPL",false,true,false,true,false,false,false,false,null,"UST","MW16 - 2008 dissolved phase","MW16","2008-04-01","MW16 - 2008 dissolved phase",null,13600,null,13000,null,600,null,11000,null,1700,null,2600,null,560,{"$nulls":7},"<",2.7,"<",3.2,"<",3.7,"<",7.4,"<",3,"<",null,"<",18,{"$nulls":20},"silty clay","no","yes","5","3"]
[8061,505,"LVNV27","Noble Vale","VIC","AU","Gasoline/Diesel",null,"Clayey sand","SIC",null,3963,"SG01",8061,"2007-08-01",{"$nulls":4},8955,null,null,13.12336,null,22.96588,{"$nulls":10},"NAPL",false,true,false,true,true,false,false,false,null,"UST","Dissolved phase impacts (MW36)","MW36","2007-08-01","Dissolved phase impacts (MW36)",null,670000,null,390000,null,280000,null,83000,null,180000,null,9700,null,94500,{"$nulls":8},2.8,null,64,"<",3.1,null,8.7,null,10,{"$nulls":3},118.4,{"$nulls":21},"no","unknown","4","3"]
[8062,505,"LVNV27","Noble Vale","VIC","AU","Gasoline/Diesel",null,"Clayey sand","SIC",null,3963,"SG01",8062,"2007-06-01",{"$nulls":4},8954,null,null,13.12336,null,22.96588,{"$nulls":10},"NAPL",false,true,false,true,true,false,false,false,null,"UST","Dissolved phase impacts (MW36)","MW36","2007-06-01","Dissolved phase impacts (MW36)",null,670000,null,390000,null,280000,null,83000,null,180000,null,9700,null,94500,{"$nulls":7},"<",0.76,null,1.82,"<",0.78,"<",2.3,{"$nulls":3},18045.5,{"$nulls":23},"no","unknown","3","3"]
[8059,505,"LVNV27","Noble Vale","VIC","AU","Gasoline/Diesel",null,"Sandy clay","SIC",null,3962,"SG01",8059,"2007-06-01",{"$nulls":4},8954,null,null,16.4042,null,22.96588,{"$nulls":10},"NAPL",false,true,false,true,true,false,false,false,null,"UST","Dissolved phase impacts (MW36)","MW36","2007-06-01","Dissolved phase impacts (MW36)",null,670000,null,390000,null,280000,null,83000,null,180000,null,9700,null,94500,{"$nulls":7},"<",0.76,null,15.3,null,17.4,null,48.5,{"$nulls":3},17981.6,{"$nulls":23},"no","unknown","3","3"]
[8060,505,"LVNV27","Noble Vale","VIC","AU","Gasoline/Diesel",null,"Sandy clay","SIC",null,3962,"SG01",8060,"2007-08-01",{"$nulls":4},8955,null,null,16.4042,null,22.96588,{"$nulls":10},"NAPL",false,false,false,true,true,false,false,true,"Aliphatics (hexane) in soil gas >1000 ug/m3","UST","Dissolved phase impacts (MW36)","MW36","2007-08-01","Dissolved phase impacts (MW36)",null,670000,null,390000,null,280000,null,83000,null,180000,null,9700,null,94500,{"$nulls":7},"<",15,null,22,"<",20,"<",40,null,32,{"$nulls":3},6988,{"$nulls":21},"no","unknown","4","3"]
[8057,505,"LVNV27","Noble Vale","VIC","AU","Gasoline/Diesel",null,"Fill","SIC",null,3961,"SG01",8057,"2007-06-01",{"$nulls":4},8954,null,null,19.68504,null,22.96588,{"$nulls":10},"NAPL",false,true,false,true,true,false,false,false,null,"UST","Dissolved phase impacts (MW36)","MW36","2007-06-01","Dissolved phase impacts (MW36)",null,670000,null,390000,null,280000,null,83000,null,180000,null,9700,null,94500,{"$nulls":7},"<",0.71,null,3.56,"<",0.71,null,2.14,{"$nulls":3},2208.2,{"$nulls":22},"clayey sand/sand","no","unknown","3","3"]
[8058,505,"LVNV27","Noble Vale","VIC","AU","Gasoline/Diesel",null,"Fill","SIC",null,3961,"SG01",8058,"2007-08-01",{"$nulls":4},8955,null,null,19.68504,null,22.96588,{"$nulls":10},"NAPL",false,true,false,true,true,false,false,false,null,"UST","Dissolved phase impacts (MW36)","MW36","2007-08-01","Dissolved phase impacts (MW36)",null,670000,null,390000,null,280000,null,83000,null,180000,null,9700,null,94500,{"$nulls":7},"<",2.8,"<",3.2,"<",3.8,"<",7.6,"<",3,"<",null,"<",18,{"$nulls":20},"clayey sand/sand","no","unknown","4","3"]
[8067,505,"LVNV27","Noble Vale","VIC","AU","Gasoline/Diesel",null,"Clayey sand","SIC",null,3966,"SG02",8067,"2007-08-01",{"$nulls":4},8956,null,null,13.12336,null,22.96588,{"$nulls":10},"Dissolved",false,false,false,true,false,false,false,false,null,"UST","Dissolved phase impacts (MW02)","MW02","2007-08-01","Dissolved phase impacts (MW02)",null,13900,null,12000,null,1900,null,8000,null,1000,null,1100,null,2300,{"$nulls":7},"<",2.8,null,4.4,null,3.8,"<",7.6,"<",3.1,"<",null,"<",18,{"$nulls":21},"no","yes","4","2"]
[8068,505,"LVNV27","Noble Vale","VIC","AU","Gasoline/Diesel",null,"Clayey sand","SIC",null,3966,"SG02",8068,"2007-06-01",{"$nulls":4},8957,null,null,13.12336,null,22.96588,{"$nulls":10},"Dissolved",false,false,false,true,false,false,false,false,null,"UST","Dissolved phase impacts (MW02)","MW02","2007-06-01","Dissolved phase impacts (MW02)",null,13900,null,12000,null,1900,null,8000,null,1000,null,1100,null,2300,{"$nulls":8},4.33,null,5.9,null,0.8,null,2.6,{"$nulls":3},227.6,{"$nulls":23},"no","yes","3","2"]
[8065,505,"LVNV27","Noble Vale","VIC","AU","Gasoline/Diesel",null,"Sandy clay","SIC",null,3965,"SG02",8065,"2007-08-01",{"$nulls":4},8956,null,null,16.4042,null,22.96588,{"$nulls":10},"Dissolved",false,false,false,true,false,false,false,false,null,"UST","Dissolved phase impacts (MW02)","MW02","2007-08-01","Dissolved phase impacts (MW02)",null,13900,null,12000,null,1900,null,8000,null,1000,null,1100,null,2300,{"$nulls":8},2.6,null,16,"<",3.1,null,9.4,"<",3.6,{"$nulls":3},28.5,{"$nulls":21},"no","yes","4","2"]
[8066,505,"LVNV27","Noble Vale","VIC","AU","Gasoline/Diesel",null,"Sandy clay","SIC",null,3965,"SG02",8066,"2007-06-01",{"$nulls":4},8957,null,null,16.4042,null,22.96588,{"$nulls":10},"Dissolved",false,false,false,true,false,false,false,false,null,"UST","Dissolved phase impacts (MW02)","MW02","2007-06-01","Dissolved phase impacts (MW02)",null,13900,null,12000,null,1900,null,8000,null,1000,null,1100,null,2300,{"$nulls":8},2.2,null,14,null,1.4,null,4.2,{"$nulls":3},127.7,{"$nulls":23},"no","yes","3","2"]
[8063,505,"LVNV27","Noble Vale","VIC","AU","Gasoline/Diesel",null,"Fill","SIC",null,3964,"SG02",8063,"2007-06-01",{"$nulls":4},8957,null,null,19.68504,null,22.96588,{"$nulls":10},"Dissolved",false,false,false,true,false,false,false,false,null,"UST","Dissolved phase impacts (MW02)","MW02","2007-06-01","Dissolved phase impacts (MW02)",null,13900,null,12000,null,1900,null,8000,null,1000,null,1100,null,2300,{"$nulls":8},10.9,null,28.4,null,2.1,null,10.4,{"$nulls":3},221.1,{"$nulls":22},"clayey sand/sand","no","yes","3","2"]
[8064,505,"LVNV27","Noble Vale","VIC","AU","Gasoline/Diesel",null,"Fill","SIC",null,3964,"SG02",8064,"2007-08-01",{"$nulls":4},8956,null,null,19.68504,null,22.96588,{"$nulls":10},"Dissolved",false,false,false,true,false,false,false,false,null,"UST","Dissolved phase impacts (MW02)","MW02","2007-08-01","Dissolved phase impacts (MW02)",null,13900,null,12000,null,1900,null,8000,null,1000,null,1100,null,2300,{"$nulls":7},"<",3,"<",3.2,"<",3.7,"<",7.4,"<",3,"<",null,"<",18,{"$nulls":20},"clayey sand/sand","no","yes","4","2"]
[8069,505,"LVNV27","Noble Vale","VIC","AU","Gasoline/Diesel",null,"Fill","SIC",null,3967,"SG03",8069,"2007-08-01",{"$nulls":4},8958,null,null,19.68504,null,22.96588,{"$nulls":10},"Dissolved",false,false,false,true,false,false,false,false,null,"UST","Dissolved phase impacts (MW30/34/35)","MW30/34/35","2007-08-01","Dissolved phase impacts (MW30/34/35)",null,13900,null,12000,null,1900,null,8000,null,1000,null,1100,null,2300,{"$nulls":7},"<",2.8,null,5.8,"<",3.8,"<",7.6,"<",3.1,"<",null,"<",18,{"$nulls":20},"clayey sand/sand","no","yes","4","2"]
[8070,505,"LVNV27","Noble Vale","VIC","AU","Gasoline/Diesel",null,"Fill","SIC",null,3967,"SG03",8070,"2007-06-01",{"$nulls":4},8959,null,null,19.68504,null,22.96588,{"$nulls":10},"Dissolved",false,false,false,true,false,false,false,false,null,"UST","Dissolved phase impacts (MW30/34/35)","MW30/34/35","2007-06-01","Dissolved phase impacts (MW30/34/35)",null,13900,null,12000,null,1900,null,8000,null,1000,null,1100,null,2300,{"$nulls":8},1.1,null,1.8,"<",0.8,null,2.6,{"$nulls":3},81.8,{"$nulls":22},"clayey sand/sand","no","yes","3","2"]
[8071,505,"LVNV27","Noble Vale","VIC","AU","Gasoline/Diesel",null,"Fill","SIC",null,3968,"SG04",8071,"2007-06-01",{"$nulls":4},8960,null,null,19.68504,null,22.96588,{"$nulls":10},"Dissolved",false,false,false,true,false,false,false,false,null,"UST","Dissolved phase impacts (MW32)","MW32","2007-06-01","Dissolved phase impacts (MW32)",null,13900,null,12000,null,1900,null,8000,null,1000,null,1100,null,2300,{"$nulls":8},0.79,null,2.4,"<",0.8,"<",2.4,{"$nulls":3},66,{"$nulls":22},"clayey sand/sand","no","yes","3","2"]
[8072,505,"LVNV27","Noble Vale","VIC","AU","Gasoline/Diesel",null,"Fill","SIC",null,3968,"SG04",8072,"2007-08-01",{"$nulls":4},8961,null,null,19.68504,null,22.96588,{"$nulls":10},"Dissolved",false,false,false,true,false,false,false,false,null,"UST","Dissolved phase impacts (MW32)","MW32","2007-08-01","Dissolved phase impacts (MW32)",null,13900,null,12000,null,1900,null,8000,null,1000,null,1100,null,2300,{"$nulls":8},8.8,null,59,"<",6.5,"<",26.2,null,6.7,{"$nulls":3},100.7,{"$nulls":20},"clayey sand/sand","no","yes","4","2"]
[8080,505,"LVNV27","Noble Vale","VIC","AU","Gasoline/Diesel",null,"Clayey sand","SIC",null,3971,"SG06",8080,"2007-08-01",{"$nulls":4},8963,null,null,13.12336,null,22.96588,{"$nulls":10},"NAPL",false,false,false,true,false,false,false,true,"Aliphatics (hexane) in soil gas >1000 ug/m3","UST","Dissolved phase impacts (MW18)","MW18","2007-08-01","Dissolved phase impacts (MW18)",null,13900,null,12000,null,1900,null,8000,null,1000,null,1100,null,2300,{"$nulls":7},"<",340,"<",400,"<",470,"<",940,null,6600,{"$nulls":3},18800,{"$nulls":21},"no","yes","4","3"]
[8081,505,"LVNV27","Noble Vale","VIC","AU","Gasoline/Diesel",null,"Clayey sand","SIC",null,3971,"SG06",8081,"2008-05-01",{"$nulls":4},8964,null,null,13.12336,null,22.96588,{"$nulls":10},"NAPL",false,false,false,true,false,false,false,true,"Aliphatics (hexane) in soil gas >1000 ug/m3","UST","Dissolved phase impacts (MW18)","MW18","2008-05-01","Dissolved phase impacts (MW18)",null,13900,null,12000,null,1900,null,8000,null,1000,null,1100,null,2300,{"$nulls":7},"<",300,"<",350,"<",400,"<",800,null,6200,{"$nulls":3},22900,{"$nulls":21},"no","yes","4","3"]
[8082,505,"LVNV27","Noble Vale","VIC","AU","Gasoline/Diesel",null,"Clayey sand","SIC",null,3971,"SG06",8082,"2007-06-01",{"$nulls":4},8962,null,null,13.12336,null,22.96588,{"$nulls":10},"NAPL",false,false,false,true,false,false,false,true,"Aliphatics (TPH) in soil gas >50000 ug/m3 (where no hexane is reported)","UST","Dissolved phase impacts (MW18)","MW18","2007-06-01","Dissolved phase impacts (MW18)",null,13900,null,12000,null,1900,null,8000,null,1000,null,1100,null,2300,{"$nulls":7},"<",390,"<",390,"<",390,"<",1171,{"$nulls":3},140625,{"$nulls":23},"no","yes","2","2"]
[8083,505,"LVNV27","Noble Vale","VIC","AU","Gasoline/Diesel",null,"Clayey sand","SIC",null,3971,"SG06",8083,"2009-10-01",{"$nulls":4},8965,null,null,13.12336,null,22.96588,{"$nulls":7},19.1,null,null,"NAPL",false,false,false,true,false,false,false,true,"Aliphatics (hexane) in soil gas >1000 ug/m3","UST","Dissolved phase impacts (MW18)","MW18","2009-10-01","Dissolved phase impacts (MW18)",null,13900,null,12000,null,1900,null,8000,null,1000,null,1100,null,2300,{"$nulls":7},"<",22,"<",26,"<",31,"<",62,null,230,{"$nulls":3},4603,{"$nulls":21},"no","yes","4","2"]
[8076,505,"LVNV27","Noble Vale","VIC","AU","Gasoline/Diesel",null,"fill, sandy clay","SIC",null,3970,"SG06",8076,"2007-06-01",{"$nulls":4},8962,null,null,16.4042,null,22.96588,{"$nulls":10},"NAPL",false,false,false,true,false,false,false,true,"Aliphatics (TPH) in soil gas >50000 ug/m3 (where no hexane is reported)","UST","Dissolved phase impacts (MW18)","MW18","2007-06-01","Dissolved phase impacts (MW18)",null,13900,null,12000,null,1900,null,8000,null,1000,null,1100,null,2300,{"$nulls":7},"<",481,"<",281,"<",281,"<",1442,{"$nulls":3},115384.6,{"$nulls":22},"clayey sand/sand","no","yes","2","2"]
[8077,505,"LVNV27","Noble Vale","VIC","AU","Gasoline/Diesel",null,"fill, sandy clay","SIC",null,3970,"SG06",8077,"2007-08-01",{"$nulls":4},8963,null,null,16.4042,null,22.96588,{"$nulls":10},"NAPL",false,false,false,true,false,false,false,true,"Aliphatics (hexane) in soil gas >1000 ug/m3","UST","Dissolved phase impacts (MW18)","MW18","2007-08-01","Dissolved phase impacts (MW18)",null,13900,null,12000,null,1900,null,8000,null,1000,null,1100,null,2300,{"$nulls":7},"<",48,null,56,null,65,null,130,null,1100,{"$nulls":3},3450,{"$nulls":20},"clayey sand/sand","no","yes","4","3"]
[8078,505,"LVNV27","Noble Vale","VIC","AU","Gasoline/Diesel",null,"fill, sandy clay","SIC",null,3970,"SG06",8078,"2008-05-01",{"$nulls":4},8964,null,null,16.4042,null,22.96588,{"$nulls":10},"NAPL",false,false,false,true,false,false,false,true,"Aliphatics (hexane) in soil gas >1000 ug/m3","UST","Dissolved phase impacts (MW18)","MW18","2008-05-01","Dissolved phase impacts (MW18)",null,13900,null,12000,null,1900,null,8000,null,1000,null,1100,null,2300,{"$nulls":7},"<",93,"<",110,"<",130,"<",260,null,2400,{"$nulls":3},4600,{"$nulls":20},"clayey sand/sand","no","yes","4","3"]
[8079,505,"LVNV27","Noble Vale","VIC","AU","Gasoline/Diesel",null,"fill, sandy clay","SIC",null,3970,"SG06",8079,"2009-10-01",{"$nulls":4},8965,null,null,16.4042,null,22.96588,{"$nulls":7},20.9,null,null,"NAPL",false,false,false,true,false,false,false,true,"Aliphatics (hexane) in soil gas >1000 ug/m3","UST","Dissolved phase impacts (MW18)","MW18","2009-10-01","Dissolved phase impacts (MW18)",null,13900,null,12000,null,1900,null,8000,null,1000,null,1100,null,2300,{"$nulls":7},"<",39,"<",46,"<",53,"<",106,null,240,{"$nulls":3},1941,{"$nulls":20},"clayey sand/sand","no","yes","4","2"]
[8073,505,"LVNV27","Noble Vale","VIC","AU","Gasoline/Diesel",null,"Fill","SIC",null,3969,"SG06",8073,"2007-06-01",{"$nulls":4},8962,null,null,19.68504,null,22.96588,{"$nulls":10},"NAPL",false,false,false,true,false,false,false,true,"Aliphatics (TPH) in soil gas >50000 ug/m3 (where no hexane is reported)","UST","Dissolved phase impacts (MW18)","MW18","2007-06-01","Dissolved phase impacts (MW18)",null,13900,null,12000,null,1900,null,8000,null,1000,null,1100,null,2300,{"$nulls":7},"<",427,"<",427,"<",427,"<",1282,{"$nulls":3},94017,{"$nulls":22},"clayey sand/sand","no","yes","2","2"]
[8074,505,"LVNV27","Noble Vale","VIC","AU","Gasoline/Diesel",null,"Fill","SIC",null,3969,"SG06",8074,"2007-08-01",{"$nulls":4},8963,null,null,19.68504,null,22.96588,{"$nulls":10},"NAPL",false,true,false,true,false,false,false,false,null,"UST","Dissolved phase impacts (MW18)","MW18","2007-08-01","Dissolved phase impacts (MW18)",null,13900,null,12000,null,1900,null,8000,null,1000,null,1100,null,2300,{"$nulls":8},4.6,null,23,"<",4,null,14.1,null,3.7,{"$nulls":3},44.7,{"$nulls":20},"clayey sand/sand","no","yes","4","3"]
[8075,505,"LVNV27","Noble Vale","VIC","AU","Gasoline/Diesel",null,"Fill","SIC",null,3969,"SG06",8075,"2008-05-01",{"$nulls":4},8964,null,null,19.68504,null,22.96588,{"$nulls":10},"NAPL",false,true,false,true,false,false,false,false,null,"UST","Dissolved phase impacts (MW18)","MW18","2008-05-01","Dissolved phase impacts (MW18)",null,13900,null,12000,null,1900,null,8000,null,1000,null,1100,null,2300,{"$nulls":7},"<",2.6,"<",3,"<",3.5,"<",7,"<",2.8,"<",null,"<",17,{"$nulls":20},"clayey sand/sand","no","yes","4","3"]
[8086,505,"LVNV27","Noble Vale","VIC","AU","Gasoline/Diesel",null,"clay","SIC",null,3974,"SG07",8086,"2009-10-01",{"$nulls":4},8966,null,null,13.12336,null,22.96588,{"$nulls":7},17.7,null,null,"Dissolved",false,false,false,false,false,false,false,false,null,"UST","Downgradient of dissolved phase impacts (MW46)","MW46","2009-10-01","Downgradient of dissolved phase impacts (MW46)",null,270,"<",20,"<",250,"<",1,"<",1,"<",1,"<",1,{"$nulls":7},"<",2.5,null,8.4,"<",3.4,"<",6.8,"<",2.7,{"$nulls":3},8.4,{"$nulls":21},"no","yes","4","2"]
[8085,505,"LVNV27","Noble Vale","VIC","AU","Gasoline/Diesel",null,"sandy silty clay","SIC",null,3973,"SG07",8085,"2009-10-01",{"$nulls":4},8966,null,null,16.4042,null,22.96588,{"$nulls":7},18.8,null,null,"Dissolved",false,false,false,false,false,false,false,false,null,"UST","Downgradient of dissolved phase impacts (MW46)","MW46","2009-10-01","Downgradient of dissolved phase impacts (MW46)",null,270,"<",20,"<",250,"<",1,"<",1,"<",1,"<",1,{"$nulls":7},"<",2.5,null,27,"<",3.4,"<",6.8,null,4.3,{"$nulls":3},31.3,{"$nulls":21},"no","yes","4","2"]
[8084,505,"LVNV27","Noble Vale","VIC","AU","Gasoline/Diesel",null,"fill, sandy clay","SIC",null,3972,"SG07",8084,"2009-10-01",{"$nulls":4},8966,null,null,19.68504,null,22.96588,{"$nulls":7},19.9,null,null,"Dissolved",false,false,false,false,false,false,false,false,null,"UST","Downgradient of dissolved phase impacts (MW46)","MW46","2009-10-01","Downgradient of dissolved phase impacts (MW46)",null,270,"<",20,"<",250,"<",1,"<",1,"<",1,"<",1,{"$nulls":7},"<",2.5,null,26,"<",3.2,"<",6.4,"<",2.6,{"$nulls":3},26,{"$nulls":20},"clay/ sandy clay","no","yes","4","2"]
[8088,505,"LVNV27","Noble Vale","VIC","AU","Gasoline/Diesel",null,"silty clay","SIC",null,3976,"SG08",8088,"2009-10-01",{"$nulls":4},8967,null,null,13.12336,null,22.96588,{"$nulls":7},19.1,null,null,"Dissolved",false,false,false,false,false,false,false,false,null,"UST","Downgradient of dissolved phase impacts (MW47)","MW47","2009-10-01","Downgradient of dissolved phase impacts (MW47)",null,1230,"<",980,"<",250,"<",970,"<",1,"<",1,"<",14,{"$nulls":7},"<",2.9,null,18,"<",4,"<",8,"<",3.2,{"$nulls":3},18,{"$nulls":21},"no","yes","4","2"]
[8087,505,"LVNV27","Noble Vale","VIC","AU","Gasoline/Diesel",null,"fill, sandy silty clay","SIC",null,3975,"SG08",8087,"2009-10-01",{"$nulls":4},8967,null,null,16.4042,null,22.96588,{"$nulls":7},20.1,null,null,"Dissolved",false,false,false,false,false,false,false,false,null,"UST","Downgradient of dissolved phase impacts (MW47)","MW47","2009-10-01","Downgradient of dissolved phase impacts (MW47)",null,1230,"<",980,"<",250,"<",970,"<",1,"<",1,"<",14,{"$nulls":8},13,null,48,"<",3.6,"<",7.2,"<",3,{"$nulls":3},67.9,{"$nulls":20},"clay/ sandy clay","no","yes","4","2"]
[8089,517,"LVS39","Shepparton","VIC","AU","Gasoline",null,"Fill/clay/sandy clay","SIC",null,3977,"SV1",8089,"2008-04-01",{"$nulls":7},10.498688,null,20.341208,{"$nulls":5},1.1,null,17.5,null,null,"Dissolved",false,false,false,false,false,false,false,false,null,"UST","Dissolved phase impacts (MW28)",{"$nulls":24},"<",3,null,41,null,7.1,null,43,"<",3.6,{"$nulls":3},103.1,{"$nulls":20},"interbedded sandy clay, clay, sand","no","yes","5","3"]
[8090,517,"LVS39","Shepparton","VIC","AU","Gasoline",null,"Clay","SIC",null,3978,"SV2",8090,"2008-04-01",{"$nulls":7},10.498688,null,20.341208,{"$nulls":5},0.8,null,16.9,null,null,"Dissolved",false,false,false,false,false,false,false,false,null,"UST","Dissolved phase impacts (MW19)",{"$nulls":24},"<",2.8,null,19,null,6.1,null,24.6,"<",3.2,{"$nulls":3},54.9,{"$nulls":21},"no","yes","5","3"]
[8091,517,"LVS39","Shepparton","VIC","AU","Gasoline",null,"interbedded sandy clay, clay, sand","SIC",null,3979,"SV3",8091,"2008-04-01",{"$nulls":7},10.498688,null,20.341208,{"$nulls":5},0.1,null,12.8,null,null,"NAPL",true,false,false,false,false,false,false,false,null,"UST","PSH (MW25)",{"$nulls":25},5.5,null,45,null,9.2,null,34,null,4.1,{"$nulls":3},490.5,{"$nulls":21},"no","yes","5","4"]
[8092,518,"LVS40","Seymour","VIC","AU","Gasoline",null,"Fill/clay","SIC",null,3980,"SV1",8092,"2008-05-01",{"$nulls":4},8968,null,null,5.905512,null,15.748032,{"$nulls":5},3,null,5.9,null,null,"NAPL",false,false,false,true,false,false,false,true,"Aliphatics (hexane) in soil gas >1000 ug/m3","UST","Dissolved phase (MW8 and MW100)","MW8 and MW100","2008-05-01","Dissolved phase (MW8 and MW100)",null,18800,null,16100,null,2700,null,6000,null,1500,null,487,null,1200,{"$nulls":7},"<",370000,null,21000,null,74000,null,82000,null,3700000,{"$nulls":3},7196100,{"$nulls":20},"Clay/sand","no","yes","5","4"]
[8093,518,"LVS40","Seymour","VIC","AU","Gasoline",null,"Fill/clay","SIC",null,3981,"SV2",8093,"2008-05-01",{"$nulls":4},8969,null,null,5.905512,null,15.748032,{"$nulls":5},1.7,null,11.8,null,null,"NAPL",false,true,false,true,false,false,false,false,null,"UST","Dissolved phase (MW8 and MW100)","MW8 and MW100","2008-05-01","Dissolved phase (MW8 and MW100)",null,18800,null,16100,null,2700,null,6000,null,1500,null,487,null,1200,{"$nulls":7},"<",44,null,29,null,11,null,21.9,null,26,{"$nulls":3},186.9,{"$nulls":20},"Clay/sand","no","yes","5","4"]
[8094,518,"LVS40","Seymour","VIC","AU","Gasoline",null,"Fill/clay","SIC",null,3982,"SV3",8094,"2008-05-01",{"$nulls":7},5.905512,null,15.748032,{"$nulls":5},7,null,16.1,null,null,"NAPL",true,false,false,false,false,false,false,false,null,"UST","PSH",{"$nulls":24},"<",59000,"<",5000,null,5000,null,370,null,58000,{"$nulls":3},214970,{"$nulls":20},"Clay/sand","no","yes","5","4"]
[8095,506,"LVSH28","Swan Hill","VIC","AU","Gasoline",null,"silty clay","C",null,3983,"SVB01",8095,"2009-09-01",{"$nulls":7},3.28084,null,8.2021,{"$nulls":5},6.8,null,12.9,null,51.6,"NAPL",true,false,false,false,false,false,false,false,null,"UST","PSH (petrol source) (SMW21 close to SVB24)",{"$nulls":25},950000,null,3400000,null,220000,null,2450000,null,1500000,{"$nulls":3},10242000,{"$nulls":20},"clay","no","yes","5","4"]
[8096,506,"LVSH28","Swan Hill","VIC","AU","Gasoline",null,"silty clay","C",null,3984,"SVB02",8096,"2009-09-01",{"$nulls":7},1.64042,null,11.48294,{"$nulls":5},1,null,19,null,0.1,"NAPL",true,false,false,false,false,false,false,false,null,"UST","PSH (petrol source) (SMW12)",{"$nulls":24},"<",3.5,null,15,null,3.8,null,14.4,"<",3,{"$nulls":3},33.2,{"$nulls":20},"clay","no","yes","5","4"]
[8097,506,"LVSH28","Swan Hill","VIC","AU","Gasoline",null,"silty clay","C",null,3985,"SVB03",8097,"2009-09-01",{"$nulls":7},3.28084,null,8.2021,{"$nulls":5},0.4,null,19.8,null,0.1,"NAPL",true,false,false,false,false,false,false,false,null,"UST","PSH (petrol source) (SMW28 close to SVB22)",{"$nulls":24},"<",3.2,null,10,"<",4.4,"<",9.4,"<",3.6,{"$nulls":3},20,{"$nulls":20},"clay","no","yes","5","4"]
[8098,506,"LVSH28","Swan Hill","VIC","AU","Gasoline",null,"fill, sandy clay","C",null,3986,"SVB04",8098,"2009-09-01",{"$nulls":7},3.28084,null,8.2021,{"$nulls":5},0.4,null,19.3,null,0.3,"NAPL",true,false,false,false,false,false,false,false,null,"UST","PSH (petrol source) (SMW12)",{"$nulls":25},60,null,410,null,42,null,390,null,9.4,{"$nulls":3},1055.6,{"$nulls":20},"clay","no","yes","5","4"]
[8100,506,"LVSH28","Swan Hill","VIC","AU","Gasoline",null,"sand/sandy clay","C",null,3988,"SVB21/22",8100,"2007-08-01",{"$nulls":7},2.952756,null,8.2021,{"$nulls":10},"NAPL",true,false,false,false,false,false,false,false,null,"UST","PSH (petrol source) (SMW28)",{"$nulls":25},38,null,367,null,5,null,542,{"$nulls":3},583,{"$nulls":22},"clay","no","yes","3","4"]
[8099,506,"LVSH28","Swan Hill","VIC","AU","Gasoline",null,"sand/sandy clay","C",null,3987,"SVB21/22",8099,"2007-08-01",{"$nulls":7},5.577428,null,8.2021,{"$nulls":10},"NAPL",true,false,false,false,false,false,false,false,null,"UST","PSH (petrol source) (SMW28)",{"$nulls":25},165,null,627,null,8,null,1145,{"$nulls":3},802,{"$nulls":22},"clay","no","yes","1","4"]
[8101,506,"LVSH28","Swan Hill","VIC","AU","Gasoline",null,null,"C",null,3989,"SVB22",8101,"2009-09-01",{"$nulls":7},2.952756,null,8.2021,{"$nulls":5},0.5,null,19.3,"<",0,"NAPL",true,false,false,false,false,false,false,false,null,"UST","PSH (petrol source) (SMW28)",{"$nulls":24},"<",3.1,null,6.2,"<",4.2,"<",8.4,"<",3.4,{"$nulls":3},6.2,{"$nulls":21},"no","yes","5","4"]
[8103,506,"LVSH28","Swan Hill","VIC","AU","Gasoline",null,"sand/sandy clay","C",null,3991,"SVB23/24",8103,"2007-08-01",{"$nulls":7},2.952756,null,8.2021,{"$nulls":10},"NAPL",true,false,false,false,false,false,false,false,null,"UST","PSH (petrol source) (SMW21)",{"$nulls":25},1296721,null,1754098,null,23770,null,678689,{"$nulls":3},1886066,{"$nulls":22},"clay","no","yes","3","4"]
[8102,506,"LVSH28","Swan Hill","VIC","AU","Gasoline",null,"sand/sandy clay","C",null,3990,"SVB23/24",8102,"2007-08-01",{"$nulls":7},5.577428,null,8.2021,{"$nulls":10},"NAPL",true,false,false,false,false,false,false,false,null,"UST","PSH (petrol source) (SMW21)",{"$nulls":25},1659,null,2374,null,451,null,6051,{"$nulls":3},8132,{"$nulls":22},"clay","no","yes","1","4"]
[8104,506,"LVSH28","Swan Hill","VIC","AU","Gasoline",null,null,"C",null,3992,"SVB24",8104,"2009-09-01",{"$nulls":7},2.952756,null,8.2021,{"$nulls":5},6.4,null,13.9,null,3.4,"NAPL",true,false,false,false,false,false,false,false,null,"UST","PSH (petrol source) (SMW21)",{"$nulls":25},110000,null,120000,"<",2100,null,72000,null,280000,{"$nulls":3},798300,{"$nulls":21},"no","yes","5","4"]
[8105,506,"LVSH28","Swan Hill","VIC","AU","Gasoline",null,"sand/sandy clay","C",null,3993,"SVB25",8105,"2009-09-01",{"$nulls":7},5.577428,null,8.2021,{"$nulls":5},1.8,null,19.1,"<",0,"NAPL",true,false,false,false,false,false,false,false,null,"UST","PSH (petrol source) (SMW01)",{"$nulls":24},"<",3.2,"<",3.8,"<",4.4,"<",8.8,"<",3.5,"<",null,"<",1,{"$nulls":20},"clay","no","yes","3","4"]
[8106,506,"LVSH28","Swan Hill","VIC","AU","Gasoline",null,"sand/sandy clay","C",null,3993,"SVB25",8106,"2007-08-01",{"$nulls":7},5.577428,null,8.2021,{"$nulls":10},"NAPL",true,false,false,false,false,false,false,false,null,"UST","PSH (petrol source) (SMW01)",{"$nulls":25},27,null,70,null,3,null,143,{"$nulls":3},473,{"$nulls":22},"clay","no","yes","3","4"]
[8107,506,"LVSH28","Swan Hill","VIC","AU","Gasoline",null,"sand/sandy clay","C",null,3994,"SVB26",8107,"2009-09-01",{"$nulls":7},5.577428,null,8.2021,{"$nulls":5},2.4,null,18.5,"<",0,"NAPL",true,false,false,false,false,false,false,false,null,"UST","PSH (petrol source) (SMW14/41)",{"$nulls":24},"<",3.3,null,7,"<",4.5,"<",9,"<",3.7,{"$nulls":3},7,{"$nulls":20},"clay","no","yes","3","4"]
[8108,506,"LVSH28","Swan Hill","VIC","AU","Gasoline",null,"sand/sandy clay","C",null,3994,"SVB26",8108,"2007-08-01",{"$nulls":7},5.577428,null,8.2021,{"$nulls":10},"NAPL",true,false,false,false,false,false,false,false,null,"UST","PSH (petrol source) (SMW14/41)",{"$nulls":25},20,null,60,null,3,null,120,{"$nulls":3},433,{"$nulls":22},"clay","no","yes","3","4"]
[8109,506,"LVSH28","Swan Hill","VIC","AU","Gasoline",null,"sand/sandy clay","C",null,3995,"SVB27",8109,"2009-09-01",{"$nulls":7},5.577428,null,8.2021,{"$nulls":5},7.3,null,9.7,null,0.1,"NAPL",true,false,false,false,false,false,false,false,null,"UST","PSH (petrol source) (SMW12)",{"$nulls":24},"<",2.8,null,92,null,7.4,null,37.2,"<",3.1,{"$nulls":3},141.6,{"$nulls":20},"clay","no","yes","3","4"]
[8110,506,"LVSH28","Swan Hill","VIC","AU","Gasoline",null,"sand/sandy clay","C",null,3995,"SVB27",8110,"2007-08-01",{"$nulls":7},5.577428,null,8.2021,{"$nulls":10},"NAPL",true,false,false,false,false,false,false,false,null,"UST","PSH (petrol source) (SMW12)",{"$nulls":25},16,null,52,null,2,null,102,{"$nulls":3},1006,{"$nulls":22},"clay","no","yes","3","4"]
[8111,513,"LVW35","WOPL","VIC","AU","Gasoline/Diesel",null,"sandy clay","SIC",null,3996,"SV01",8111,"2008-08-01",{"$nulls":7},19.028872,null,22.96588,{"$nulls":5},0.5,null,20.8,null,null,"NAPL",true,false,false,false,false,false,false,false,null,"Pipeline Leak","PSH (jet fuel, petrol and diesel mix)",{"$nulls":24},"<",6.3,"<",7.5,"<",8.6,"<",17.2,null,160,{"$nulls":3},488,{"$nulls":20},"weathered/fractured basalt","yes","yes","4","5"]
[8594,513,"LVW35","WOPL","VIC","AU","Gasoline/Diesel",null,"sandy clay","SIC",null,3997,"SV02",8594,"2008-08-01",{"$nulls":7},19.028872,null,22.96588,{"$nulls":5},0.4,null,21.3,null,null,"NAPL",true,false,false,false,false,false,false,false,null,"Pipeline Leak","PSH (jet fuel, petrol and diesel mix)",{"$nulls":24},"<",280,"<",340,"<",390,"<",780,null,9500,{"$nulls":3},19500,{"$nulls":20},"weathered/fractured basalt","yes","yes","4","5"]
[8595,513,"LVW35","WOPL","VIC","AU","Gasoline/Diesel",null,"sandy clay","SIC",null,3998,"SV03",8595,"2008-08-01",{"$nulls":7},19.028872,null,22.96588,{"$nulls":5},0.3,null,21.2,null,null,"NAPL",true,false,false,false,false,false,false,false,null,"Pipeline Leak","PSH (jet fuel, petrol and diesel mix)",{"$nulls":24},"<",2.8,"<",3.4,"<",3.9,"<",7.8,"<",3.2,"<",null,"<",19,{"$nulls":20},"weathered/fractured basalt","yes","yes","4","5"]
[8596,513,"LVW35","WOPL","VIC","AU","Gasoline/Diesel",null,"sandy clay","SIC",null,3999,"SV04",8596,"2008-08-01",{"$nulls":7},19.028872,null,22.96588,{"$nulls":5},0.3,null,20.6,null,null,"NAPL",true,false,false,false,false,false,false,false,null,"Pipeline Leak","PSH (jet fuel, petrol and diesel mix)",{"$nulls":24},"<",550,"<",640,"<",740,"<",1480,null,15000,{"$nulls":3},22900,{"$nulls":20},"weathered/fractured basalt","yes","yes","4","5"]
[8597,513,"LVW35","WOPL","VIC","AU","Gasoline/Diesel",null,"sandy clay","SIC",null,4000,"SV05",8597,"2008-08-01",{"$nulls":7},19.028872,null,22.96588,{"$nulls":5},0.3,null,20.7,null,null,"NAPL",true,false,false,false,false,false,false,false,null,"Pipeline Leak","PSH (jet fuel, petrol and diesel mix)",{"$nulls":24},"<",2.8,"<",6.4,"<",3.8,"<",7.6,"<",3.1,"<",null,"<",18,{"$nulls":20},"weathered/fractured basalt","yes","yes","4","5"]
[8598,513,"LVW35","WOPL","VIC","AU","Gasoline/Diesel",null,"sandy clay","SIC",null,4001,"SV06",8598,"2008-08-01",{"$nulls":7},19.028872,null,22.96588,{"$nulls":4},"<",0,null,21.3,null,null,"NAPL",true,false,false,false,false,false,false,false,null,"Pipeline Leak","PSH (jet fuel, petrol and diesel mix)",{"$nulls":24},"<",3,"<",3.5,"<",4,"<",8.2,"<",3.3,"<",null,"<",20,{"$nulls":20},"weathered/fractured basalt","yes","yes","4","5"]
[8599,513,"LVW35","WOPL","VIC","AU","Gasoline/Diesel",null,"sandy clay","SIC",null,4002,"SV07",8599,"2008-08-01",{"$nulls":4},8970,null,null,19.028872,null,22.96588,{"$nulls":5},0.5,null,20.4,null,null,"NAPL",false,true,false,true,true,false,false,false,null,"Pipeline Leak","Dissolved phase","SV07-GW","2008-08-01","Dissolved phase",null,110000,null,62000,null,48000,null,20000,null,14000,null,1100,null,11000,{"$nulls":7},"<",2.8,"<",5.3,"<",3.9,"<",7.8,"<",3.2,"<",null,"<",19,{"$nulls":20},"weathered/fractured basalt","yes","yes","4","5"]
[8600,513,"LVW35","WOPL","VIC","AU","Gasoline/Diesel",null,"sandy clay","SIC",null,4003,"SV08",8600,"2008-08-01",{"$nulls":7},19.028872,null,22.96588,{"$nulls":4},"<",0,null,21.1,null,null,"NAPL",true,false,false,false,false,false,false,false,null,"Pipeline Leak","PSH (jet fuel, petrol and diesel mix)",{"$nulls":24},"<",2.8,"<",3.3,"<",3.8,"<",7.6,"<",3.1,"<",null,"<",18,{"$nulls":20},"weathered/fractured basalt","yes","yes","4","5"]
[8601,582,"LWS104","Whyalla","SA","AU","Gasoline/Diesel",null,"fill/silt","SIC",null,4004,"SV1",8601,"2006-01-01",{"$nulls":4},8971,null,null,9.514436,null,12.795276,{"$nulls":10},"Dissolved",false,false,false,false,false,false,false,false,null,"UST","Dissolved phase (MW37)","MW37","2006-01-01","Dissolved phase (MW37)",null,60,"<",20,"<",40,"<",5,"<",1,null,2,"<",1,{"$nulls":7},"<",100,"<",100,"<",100,"<",100,{"$nulls":26},"silt, sandy clay","no","yes","2","2"]
[8602,582,"LWS104","Whyalla","SA","AU","Gasoline/Diesel",null,"fill/silt","SIC",null,4005,"SV2",8602,"2006-01-01",{"$nulls":4},8972,null,null,11.154856,null,14.435696,{"$nulls":10},"Dissolved",false,false,false,false,false,false,false,false,null,"UST","Dissolved phase/PSH (MW38)","MW38","2006-01-01","Dissolved phase/PSH (MW38)",null,10800,null,4500,null,6300,null,1800,"<",20,null,1600,null,130,{"$nulls":7},"<",100,"<",100,"<",100,"<",100,{"$nulls":26},"silt, sandy clay","no","yes","2","2"]
[8603,582,"LWS104","Whyalla","SA","AU","Gasoline/Diesel",null,"fill/silt","SIC",null,4006,"SV3",8603,"2006-01-01",{"$nulls":4},8973,null,null,11.48294,null,14.76378,{"$nulls":10},"NAPL",true,false,false,false,true,false,false,false,null,"UST","Dissolved phase/PSH (MW10)","MW10","2006-01-01","Dissolved phase/PSH (MW10)",null,151000,null,11000,null,140000,null,630,null,500,null,670,null,1500,{"$nulls":7},"<",100,"<",100,"<",100,"<",100,{"$nulls":26},"silt, sandy clay","no","yes","2","3"]
[8604,582,"LWS104","Whyalla","SA","AU","Gasoline/Diesel",null,"fill/silt","SIC",null,4007,"SV4",8604,"2006-01-01",{"$nulls":4},8974,null,null,12.467192,null,15.748032,{"$nulls":10},"NAPL",true,false,false,true,true,false,false,false,null,"UST","Dissolved phase/PSH onsite (MW4)","MW4","2006-01-01","Dissolved phase/PSH onsite (MW4)",null,180000,null,100000,null,80000,null,26000,null,5000,null,5100,null,13000,{"$nulls":7},"<",100,"<",100,"<",100,"<",100,{"$nulls":26},"silt, sandy clay","no","unknown","2","3"]
[8605,577,"LWWN99","Wagga Wagga","NSW","AU","Gasoline/Diesel",null,"fill, gravel sand","SIC",null,4008,"SV01",8605,"2009-12-01",{"$nulls":4},8975,null,null,36.417324,null,39.698164,{"$nulls":10},"Dissolved",false,false,false,true,false,false,false,false,null,"UST","Tank pit area (MW65/55)","MW65/55","2009-12-01","Tank pit area (MW65/55)",null,23600,null,20000,null,3600,null,9300,null,7800,null,520,null,2700,{"$nulls":7},"<",5,"<",5,"<",5,"<",5,null,null,"<",null,"<",50,{"$nulls":20},"gravel clay","no","unknown","3","2"]
[8606,577,"LWWN99","Wagga Wagga","NSW","AU","Gasoline/Diesel",null,"fill, gravel sand","SIC",null,4009,"SV02",8606,"2009-12-01",{"$nulls":7},33.464568,null,36.745408,{"$nulls":10},"NAPL",true,false,false,false,false,false,false,false,null,"UST","Boundary (MW45) - PSH",{"$nulls":24},"<",5,"<",5,"<",5,"<",5,null,null,"<",null,"<",50,{"$nulls":20},"gravel clay","no","unknown","3","2"]
[8607,577,"LWWN99","Wagga Wagga","NSW","AU","Gasoline/Diesel",null,"fill, gravel sand","SIC",null,4010,"SV03",8607,"2009-12-01",{"$nulls":7},35.104988,null,36.745408,{"$nulls":10},"NAPL",true,false,false,false,false,false,false,false,null,"UST","Boundary (MW46) - PSH",{"$nulls":24},"<",5,"<",5,"<",5,"<",5,null,null,"<",null,"<",50,{"$nulls":20},"gravel clay","no","unknown","3","2"]
[8608,577,"LWWN99","Wagga Wagga","NSW","AU","Gasoline/Diesel",null,"fill, gravel sand","SIC",null,4011,"SV04",8608,"2009-12-01",{"$nulls":4},8976,null,null,35.104988,null,38.385828,{"$nulls":10},"NAPL",true,false,false,true,true,false,false,false,null,"UST","Fill area PSH (MW04)","MW04","2009-12-01","Fill area PSH (MW04)",null,126450,null,120000,null,6450,null,52000,null,53000,null,1600,null,1000,{"$nulls":7},"<",5,"<",5,"<",5,"<",5,null,null,"<",null,"<",50,{"$nulls":20},"gravel clay","no","unknown","3","2"]
[8609,577,"LWWN99","Wagga Wagga","NSW","AU","Gasoline/Diesel",null,"fill, gravel sand","SIC",null,4012,"SV05",8609,"2009-12-01",{"$nulls":4},8977,null,null,37.073492,null,40.354332,{"$nulls":10},"Dissolved",false,false,false,false,false,false,false,false,null,"UST","Boundary (MW67)","MW67","2009-12-01","Boundary (MW67)",null,3740,null,3100,null,640,null,1200,null,55,null,27,null,96,{"$nulls":7},"<",5,"<",5,"<",5,"<",5,null,null,"<",null,"<",50,{"$nulls":20},"gravel clay","no","unknown","3","2"]
[8610,577,"LWWN99","Wagga Wagga","NSW","AU","Gasoline/Diesel",null,"fill, gravel sand","SIC",null,4013,"SV06",8610,"2009-12-01",{"$nulls":4},8978,null,null,37.073492,null,40.354332,{"$nulls":10},"NAPL",true,false,false,false,false,false,false,false,null,"UST","Boundary (MW66/53/3) - some PSH","MW66/53/3","2009-12-01","Boundary (MW66/53/3) - some PSH",null,11000,null,9500,null,1500,null,2200,null,1700,null,100,null,2500,{"$nulls":7},"<",5,"<",5,"<",5,"<",5,null,null,"<",null,"<",50,{"$nulls":20},"gravel clay","no","unknown","3","2"]
[8611,577,"LWWN99","Wagga Wagga","NSW","AU","Gasoline/Diesel",null,"fill, gravel sand","SIC",null,4014,"SV07",8611,"2009-12-01",{"$nulls":4},8979,null,null,35.925198,null,38.713912,{"$nulls":10},"NAPL",false,true,false,true,true,false,false,false,null,"UST","Centre (MW28/RW2)","MW28/RW2","2009-12-01","Centre (MW28/RW2)",null,126450,null,120000,null,6450,null,52000,null,53000,null,1600,null,1000,{"$nulls":7},"<",5,null,5,"<",5,"<",5,null,null,"<",null,"<",50,{"$nulls":20},"gravel clay","no","unknown","3","2"]
[8612,577,"LWWN99","Wagga Wagga","NSW","AU","Gasoline/Diesel",null,"fill, gravel sand","SIC",null,4015,"SV08",8612,"2009-12-01",{"$nulls":4},8980,null,null,35.433072,null,38.713912,{"$nulls":10},"NAPL",false,true,false,true,true,false,false,false,null,"UST","Centre (MW28/RW2)","MW28/RW2","2009-12-01","Centre (MW28/RW2)",null,126450,null,120000,null,6450,null,52000,null,53000,null,1600,null,1000,{"$nulls":7},"<",5,"<",5,"<",5,"<",5,null,null,"<",null,"<",50,{"$nulls":20},"gravel clay","no","unknown","3","2"]
[8613,577,"LWWN99","Wagga Wagga","NSW","AU","Gasoline/Diesel",null,"fill, gravel sand","SIC",null,4016,"SV09",8613,"2009-12-01",{"$nulls":4},8981,null,null,34.776904,null,38.057744,{"$nulls":10},"Dissolved",false,false,false,false,false,false,false,false,null,"UST","Downgradient (MW58/72)","MW58/72","2009-12-01","Downgradient (MW58/72)",null,570,null,220,null,350,null,220,"<",1,"<",1,"<",1,{"$nulls":7},"<",5,null,6,"<",5,"<",5,null,null,"<",null,"<",50,{"$nulls":20},"gravel clay","no","unknown","3","2"]
[8614,595,"MABN117","Braddon","ACT","AU","Gasoline, Gasoline/Kerosene",null,"concrete, fill, silty clay","C",null,4017,"DV-1",8614,"2010-07-01",null,null,"Pavement",null,8982,null,null,9.84252,null,36.08924,{"$nulls":5},1.1,null,9.7,null,0.11,"NAPL",true,false,false,false,false,false,false,false,null,"UST","PSH and dissolve phase petrol/kerosene (MW5D and DB1)","MW5D and DB1","2010-07-01","PSH and dissolve phase petrol/kerosene (MW5D and DB1)",null,23090,null,17600,null,5490,null,2710,null,7000,null,884,null,5190,{"$nulls":8},850000,null,1200000,null,22000,null,61000,null,4500000,null,126358552,{"$nulls":22},"silty clay","no","unknown","4","5"]
[8615,595,"MABN117","Braddon","ACT","AU","Gasoline, Gasoline/Kerosene",null,"concrete, fill, silty clay","C",null,4018,"DV-2",8615,"2010-07-01",null,null,"Pavement",null,8983,null,null,9.84252,null,36.08924,{"$nulls":5},2.6,null,3.4,null,13,"NAPL",true,false,false,true,false,false,false,false,null,"UST","PSH and dissolved phase petrol (DB2)","DB2","2010-07-01","PSH and dissolved phase petrol (DB2)",null,22590,null,17100,null,5490,null,9830,null,4290,null,581,null,2486,{"$nulls":8},38000,"<",6000,"<",6900,"<",13800,null,1100000,null,308717356,{"$nulls":22},"silty clay","no","unknown","4","5"]
[8616,595,"MABN117","Braddon","ACT","AU","Gasoline, Gasoline/Kerosene",null,"concrete, fill, silty clay","C",null,4019,"DV-3",8616,"2010-07-01",null,null,"Pavement",null,8984,null,null,13.12336,null,36.08924,{"$nulls":5},4.1,null,1.9,null,10,"NAPL",true,false,false,true,true,false,false,false,null,"UST","PSH and dissolved phase petrol (MW3D)","MW3D","2010-07-01","PSH and dissolved phase petrol (MW3D)",null,33700,null,27600,null,6100,null,6240,null,7650,null,1010,null,5180,{"$nulls":8},44000,"<",12000,"<",13000,"<",26000,null,780000,null,236135950,{"$nulls":22},"silty clay","no","unknown","4","5"]
[8617,595,"MABN117","Braddon","ACT","AU","Gasoline, Gasoline/Kerosene",null,"concrete, fill, silty clay","C",null,4020,"MW9S",8617,"2010-07-01",null,null,"Pavement",null,8985,null,null,3.28084,null,22.96588,{"$nulls":5},0.59,null,19,null,1.12,"NAPL",true,false,false,false,false,false,false,false,null,"UST","Dissolved phase and PSH petrol (MW9S)","MW9S","2010-07-01","Dissolved phase and PSH petrol (MW9S)",null,9240,null,5770,null,3470,null,484,null,476,null,428,null,2342,{"$nulls":8},790,"<",260,"<",300,"<",600,null,60000,null,12097767,{"$nulls":22},"silty clay","no","no","4","5"]
[8618,595,"MABN117","Braddon","ACT","AU","Gasoline, Gasoline/Kerosene",null,"concrete, fill, silty clay","C",null,4021,"VS-2",8618,"2010-07-01",null,null,"Pavement",null,8986,null,null,11.48294,null,22.96588,{"$nulls":5},0.057,null,21,null,2E-3,"NAPL",true,false,false,false,false,false,false,false,null,"UST","Dissolved phase and PSH petrol (MW2S)","MW2S","2010-07-01","Dissolved phase and PSH petrol (MW2S)",null,9240,null,5770,null,3470,null,484,null,476,null,428,null,2342,{"$nulls":8},940,null,2000,null,86,null,346,null,5300,null,126890,{"$nulls":22},"silty clay","no","yes","4","5"]
[8619,596,"MABO118","Braddon","ACT","AU","Gasoline",null,"silty clay","C",null,4022,"OVS1S",8619,"2010-12-01",{"$nulls":4},8987,null,null,13.12336,null,22.96588,{"$nulls":5},6.6,null,12.5,"<",0,"Dissolved",false,false,false,false,false,false,false,false,null,"UST","Dissolved phase petrol (MW2S)","MW2S","2010-12-01","Dissolved phase petrol (MW2S)",null,9240,null,5770,null,3470,null,484,null,476,null,428,null,2342,{"$nulls":7},"<",4.6,null,28,"<",6.3,null,9.7,null,45,null,3143,{"$nulls":22},"silty clay","no","yes","4","2"]
[8622,596,"MABO118","Braddon","ACT","AU","Gasoline",null,"silty clay, limestone","C",null,4025,"RMW-2",8622,"2010-12-01",{"$nulls":4},8988,null,null,14.76378,null,36.08924,{"$nulls":5},0.1,null,1.9,null,2.8,"NAPL",false,false,false,false,true,false,false,true,"Aliphatics (TPH) in soil gas >50000 ug/m3 (where no hexane is reported)","UST","Dissolved phase petrol (RMW-2)","RMW-2","2010-12-01","Dissolved phase petrol (RMW-2)",null,38490,null,36500,null,1990,null,2340,null,11000,null,2390,null,13840,{"$nulls":8},55,"<",47,"<",55,"<",55,null,27000,null,1066744,{"$nulls":22},"limestone","no","yes","3","5"]
[8621,596,"MABO118","Braddon","ACT","AU","Gasoline",null,"silty clay","C",null,4024,"RMW-2",8621,"2010-12-01",{"$nulls":4},8988,null,null,21.32546,null,36.08924,{"$nulls":4},"<",0,null,5,null,6,"NAPL",false,false,false,false,true,false,false,true,"Aliphatics (TPH) in soil gas >50000 ug/m3 (where no hexane is reported)","UST","Dissolved phase petrol (RMW-2)","RMW-2","2010-12-01","Dissolved phase petrol (RMW-2)",null,38490,null,36500,null,1990,null,2340,null,11000,null,2390,null,13840,{"$nulls":7},"<",39,"<",46,"<",53,"<",53,null,56,null,363499,{"$nulls":23},"no","yes","3","5"]
[8620,596,"MABO118","Braddon","ACT","AU","Gasoline",null,"silty clay","C",null,4023,"RMW-2",8620,"2010-12-01",{"$nulls":4},8988,null,null,29.52756,null,36.08924,{"$nulls":5},0.1,null,18.7,"<",0,"NAPL",false,true,false,false,true,false,false,false,null,"UST","Dissolved phase petrol (RMW-2)","RMW-2","2010-12-01","Dissolved phase petrol (RMW-2)",null,38490,null,36500,null,1990,null,2340,null,11000,null,2390,null,13840,{"$nulls":7},"<",4.6,"<",5.5,"<",6.3,"<",6.3,null,17,null,9424,{"$nulls":23},"no","yes","3","5"]
[8625,596,"MABO118","Braddon","ACT","AU","Gasoline",null,"silty clay, limestone","C",null,4028,"RMW-4",8625,"2010-12-01",{"$nulls":4},9197,null,null,16.4042,null,36.08924,{"$nulls":5},0.3,null,19,null,5.1,null,false,false,false,false,false,false,false,true,"Aliphatics (TPH) in soil gas >50000 ug/m3 (where no hexane is reported)","UST","Preferential vapour pathway along gravel boulders at 2-4m depth identified in excavations","RMW-4-GW","2010-12-01","No detections in GW at this location, 10-15m from plume defined at RMW-2",null,null,"<",null,"<",null,"<",null,"<",null,"<",null,"<",{"$nulls":8},"<",240,"<",280,"<",320,"<",320,null,35000,null,1839608,{"$nulls":22},"limestone","no","yes","3","4"]
[8624,596,"MABO118","Braddon","ACT","AU","Gasoline",null,"silty clay","C",null,4027,"RMW-4",8624,"2010-12-01",{"$nulls":4},9197,null,null,21.32546,null,36.08924,{"$nulls":5},0.1,null,19,null,3,null,false,false,false,false,false,false,false,true,"Aliphatics (TPH) in soil gas >50000 ug/m3 (where no hexane is reported)","UST","Preferential vapour pathway along gravel boulders at 2-4m depth identified in excavations","RMW-4-GW","2010-12-01","No detections in GW at this location, 10-15m from plume defined at RMW-2",null,null,"<",null,"<",null,"<",null,"<",null,"<",null,"<",{"$nulls":8},"<",150,"<",180,"<",210,"<",210,null,15000,null,1593859,{"$nulls":23},"no","yes","3","4"]
[8623,596,"MABO118","Braddon","ACT","AU","Gasoline",null,"silty clay","C",null,4026,"RMW-4",8623,"2010-12-01",{"$nulls":4},9197,null,null,27.88714,null,36.08924,{"$nulls":5},0.4,null,17.1,null,8.3,null,false,false,false,false,false,false,false,true,"Aliphatics (TPH) in soil gas >50000 ug/m3 (where no hexane is reported)","UST","No detections in GW at this location, 10-15m from plume defined at RMW-2","RMW-4-GW","2010-12-01","No detections in GW at this location, 10-15m from plume defined at RMW-2",null,null,"<",null,"<",null,"<",null,"<",null,"<",null,"<",{"$nulls":8},"<",96,"<",110,"<",130,"<",130,null,24000,null,3684282,{"$nulls":23},"no","yes","3","4"]
[8628,596,"MABO118","Braddon","ACT","AU","Gasoline",null,"silty clay, limestone","C",null,4031,"RMW-5",8628,"2010-12-01",{"$nulls":4},9198,null,null,14.76378,null,36.08924,{"$nulls":4},"<",0,null,18.4,"<",0,"Dissolved",false,false,false,false,false,false,false,false,null,"UST","No detections in groundwater at this location","RMW-5-GW","2010-12-01","No detections in groundwater at this location",null,null,"<",null,"<",null,"<",null,"<",null,"<",null,"<",{"$nulls":8},"<",4.9,"<",5.8,"<",6.6,"<",6.6,"<",5.4,null,787,{"$nulls":22},"limestone","no","yes","3","2"]
[8627,596,"MABO118","Braddon","ACT","AU","Gasoline",null,"silty clay","C",null,4030,"RMW-5",8627,"2010-12-01",{"$nulls":4},9198,null,null,21.32546,null,36.08924,{"$nulls":4},"<",0,null,18.2,"<",0,"Dissolved",false,false,false,false,false,false,false,false,null,"UST","No detections in groundwater at this location","RMW-5-GW","2010-12-01","No detections in groundwater at this location",null,null,"<",null,"<",null,"<",null,"<",null,"<",null,"<",{"$nulls":8},"<",5.2,"<",6.1,"<",7.1,"<",7.1,"<",5.7,null,117,{"$nulls":23},"no","yes","3","2"]
[8626,596,"MABO118","Braddon","ACT","AU","Gasoline",null,"silty clay","C",null,4029,"RMW-5",8626,"2010-12-01",{"$nulls":4},9198,null,null,27.88714,null,36.08924,{"$nulls":4},"<",0,null,15.3,"<",0,"Dissolved",false,false,false,false,false,false,false,false,null,"UST","No detections in groundwater at this location","RMW-5-GW","2010-12-01","No detections in groundwater at this location",null,null,"<",null,"<",null,"<",null,"<",null,"<",null,"<",{"$nulls":8},"<",4.6,"<",5.4,"<",6.3,"<",6.3,"<",5.1,null,88,{"$nulls":23},"no","yes","3","2"]
[8629,596,"MABO118","Braddon","ACT","AU","Gasoline",null,"fill, silty clay","C",null,4032,"VS-2",8629,"2010-12-01",{"$nulls":4},8989,null,null,11.48294,null,22.96588,{"$nulls":5},0.057,null,21,null,2E-3,"NAPL",false,true,false,false,false,false,false,false,null,"UST","Dissolved phase petrol (MW2S)","MW2S","2010-12-01","Dissolved phase petrol (MW2S)",null,9240,null,5770,null,3470,null,484,null,476,null,428,null,2342,{"$nulls":8},940,null,2000,null,86,null,346,null,5300,null,9962,{"$nulls":22},"silty clay","no","yes","4","5"]
[8630,509,"MNN31","Newplex Botany","NSW","AU","Gasoline/Diesel",null,"Sand","S",null,4033,"SG01",8630,"2005-06-30",null,null,"Building",null,8990,null,null,13.451444,null,14.76378,{"$nulls":7},15.8,"<",0,"NAPL",false,true,false,false,true,false,false,false,null,"UST","Dissolved phase impacts - MW18","MW18","2005-06-30","Dissolved phase impacts - MW18",null,269000,null,105000,null,164000,null,500,null,34900,null,8900,null,53500,{"$nulls":7},"<",2.6,null,34,null,6.1,null,35.5,null,8.2,null,790,{"$nulls":22},"Sand/peat","no","yes","5","5"]
[8632,509,"MNN31","Newplex Botany","NSW","AU","Gasoline/Diesel",null,"Sand","S",null,4035,"SG02",8632,"2005-06-30",{"$nulls":4},8991,null,null,5.249344,null,14.76378,{"$nulls":7},10.4,null,46,"NAPL",false,false,false,false,true,false,false,true,"Aliphatics (TPH) in soil gas >50000 ug/m3 (where no hexane is reported)","UST","MW13","MW13","2005-06-30","MW13",null,428000,null,175000,null,253000,null,1000,null,94000,null,29600,null,79100,{"$nulls":8},14000,null,2400000,null,980000,null,3900000,null,41000,null,26000000,{"$nulls":23},"no","yes","5","5"]
[8631,509,"MNN31","Newplex Botany","NSW","AU","Gasoline/Diesel",null,"Sand","S",null,4034,"SG02",8631,"2005-06-30",null,null,"Building",null,8991,null,null,13.451444,null,14.76378,{"$nulls":7},20.9,"<",0,"NAPL",false,false,false,false,true,false,false,true,"Aliphatics (TPH) in soil gas >50000 ug/m3 (where no hexane is reported)","UST","MW13","MW13","2005-06-30","MW13",null,428000,null,175000,null,253000,null,1000,null,94000,null,29600,null,79100,{"$nulls":8},6700,null,91000,null,220000,null,992000,null,23000,null,9300000,{"$nulls":22},"Sand/peat","no","no","5","5"]
[8633,509,"MNN31","Newplex Botany","NSW","AU","Gasoline/Diesel",null,"Sand","S",null,4036,"SG03",8633,"2005-06-30",null,null,"Building",null,8992,null,null,13.451444,null,14.76378,{"$nulls":7},18.1,"<",0,"NAPL",false,true,false,false,true,false,false,false,null,"UST","MW10","MW10","2005-06-30","MW10",null,213500,null,178000,null,35500,null,1000,null,68600,null,40900,null,45600,{"$nulls":7},"<",2.9,"<",3.4,"<",4,"<",8,"<",3.2,null,390,{"$nulls":22},"Sand/peat","no","yes","5","5"]
[8635,509,"MNN31","Newplex Botany","NSW","AU","Gasoline/Diesel",null,"Sand","S",null,4038,"SG04",8635,"2005-06-30",{"$nulls":4},8993,null,null,4.92126,null,14.76378,{"$nulls":7},11.6,"<",0,"NAPL",false,true,false,false,true,false,false,false,null,"UST","MW2","MW2","2005-06-30","MW2",null,112600,null,83400,null,29200,null,884,null,50000,null,18100,null,15500,{"$nulls":7},"<",3,"<",3.5,"<",4,"<",8,"<",3.3,"<",190,{"$nulls":23},"no","yes","5","5"]
[8634,509,"MNN31","Newplex Botany","NSW","AU","Gasoline/Diesel",null,"Sand","S",null,4037,"SG04",8634,"2005-06-30",null,null,"Building",null,8993,null,null,13.451444,null,14.76378,{"$nulls":7},12.2,"<",0,"NAPL",false,true,false,false,true,false,false,false,null,"UST","MW2","MW2","2005-06-30","MW2",null,112600,null,83400,null,29200,null,884,null,50000,null,18100,null,15500,{"$nulls":7},"<",2.9,"<",3.4,"<",4,"<",8,"<",3.2,"<",190,{"$nulls":22},"Sand/peat","no","yes","5","5"]
[8636,591,"MSPP113","Port Pirie","SA","AU","Gasoline/Diesel",null,"silty clay","SIC",null,4039,"SV1",8636,"2009-05-01",{"$nulls":4},8994,null,null,3.608924,null,11.811024,{"$nulls":10},"Dissolved",false,false,false,false,false,false,false,false,null,"UST","Dissolved phase (GW01 and GW12)","GW01 and GW12","2009-05-01","Dissolved phase (GW01 and GW12)",null,16810,null,910,null,15900,null,541,null,169,null,26,null,130,{"$nulls":8},35141,null,13188,null,434,null,2432,{"$nulls":26},"sandy silty clay","no","no","3","4"]
[8637,591,"MSPP113","Port Pirie","SA","AU","Gasoline/Diesel",null,"silty clay","SIC",null,4040,"SV2",8637,"2009-05-01",{"$nulls":4},8995,null,null,3.28084,null,11.154856,{"$nulls":10},"Dissolved",false,false,false,false,false,false,false,false,null,"UST","Dissolved phase (GW14 and GW27)","GW14 and GW27","2009-05-01","Dissolved phase (GW14 and GW27)",null,14980,null,3080,null,11900,null,2270,null,134,null,100,null,501,{"$nulls":7},"<",1.3,null,2.3,"<",1.7,"<",5.3,{"$nulls":26},"sandy silty clay","no","yes","3","4"]
[8638,591,"MSPP113","Port Pirie","SA","AU","Gasoline/Diesel",null,"silty clay, some silty sand","SIC",null,4041,"SV3",8638,"2009-05-01",{"$nulls":4},8996,null,null,2.952756,null,10.826772,{"$nulls":10},"Dissolved",false,false,false,false,false,false,false,false,null,"UST","Dissolved phase (GW14)","GW14","2009-05-01","Dissolved phase (GW14)",null,14980,null,3080,null,11900,null,2270,null,134,null,100,null,501,{"$nulls":7},"<",1.3,null,2.6,"<",1.7,"<",5.3,{"$nulls":26},"sandy silty clay","no","yes","3","4"]
[8639,591,"MSPP113","Port Pirie","SA","AU","Gasoline/Diesel",null,"silty clay","SIC",null,4042,"SV4",8639,"2009-05-01",{"$nulls":4},8997,null,null,3.28084,null,11.154856,{"$nulls":10},"Dissolved",false,false,false,false,false,false,false,false,null,"UST","Dissolved phase (GW04 and GW21)","GW04 and GW21","2009-05-01","Dissolved phase (GW04 and GW21)",null,680,null,350,null,330,null,295,null,10,null,10,null,20,{"$nulls":8},7.4,null,27.1,null,7.8,null,53.9,{"$nulls":26},"sandy silty clay","no","yes","3","4"]
[8640,591,"MSPP113","Port Pirie","SA","AU","Gasoline/Diesel",null,"silty clay, some silty sand","SIC",null,4043,"SV5",8640,"2009-05-01",{"$nulls":4},8998,null,null,3.28084,null,11.154856,{"$nulls":10},"Dissolved",false,false,false,false,false,false,false,false,null,"UST","Dissolved phase (GW07, GW22 and GW37)","GW07, GW22 and GW37","2009-05-01","Dissolved phase (GW07, GW22 and GW37)",null,80,null,20,null,60,null,1,null,1,null,1,null,2,{"$nulls":8},2.6,null,10.6,null,3,null,6.5,{"$nulls":26},"sandy silty clay","no","yes","3","4"]
[8641,591,"MSPP113","Port Pirie","SA","AU","Gasoline/Diesel",null,"silty clay, some silty sand","SIC",null,4044,"SV6",8641,"2009-05-01",{"$nulls":4},8999,null,null,3.608924,null,11.48294,{"$nulls":10},"Dissolved",false,false,false,false,false,false,false,false,null,"UST","Dissolved phase (GW26, GW02 and GW28)","GW26, GW02 and GW28","2009-05-01","Dissolved phase (GW26, GW02 and GW28)",null,14080,null,4400,null,9680,null,1630,null,848,null,209,null,1470,{"$nulls":7},"<",1.3,null,6.4,"<",1.7,"<",5.3,{"$nulls":26},"sandy silty clay","no","yes","3","4"]
[8643,559,"MVB81","Broadmeadows","VIC","AU",null,null,"clay, fractured basalt","C",null,4046,"SV1",8643,"2009-11-01",{"$nulls":7},19.028872,null,28.871392,{"$nulls":5},6,null,14.5,"<",0,"Dissolved",false,false,false,false,false,false,false,false,null,"UST","Dissolved phase",{"$nulls":24},"<",3,null,20,"<",4.1,null,5.1,"<",3.4,{"$nulls":3},25.1,{"$nulls":21},"yes","yes","5","2"]
[8642,559,"MVB81","Broadmeadows","VIC","AU",null,null,"fill, clay","C",null,4045,"SV1",8642,"2009-11-01",{"$nulls":7},23.950132,null,28.871392,{"$nulls":5},3.4,null,15.9,"<",0,"Dissolved",false,false,false,false,false,false,false,false,null,"UST","Dissolved phase",{"$nulls":24},"<",3,null,12,"<",4,null,6.5,"<",3.3,{"$nulls":3},18.5,{"$nulls":20},"fractured basalt","yes","yes","5","2"]
[8645,559,"MVB81","Broadmeadows","VIC","AU",null,null,"fractured basalt","C",null,4048,"SV3",8645,"2009-11-01",{"$nulls":7},19.028872,null,28.871392,{"$nulls":5},7.1,null,12.8,"<",0,"Dissolved",false,false,false,false,false,false,false,false,null,"UST","Dissolved phase",{"$nulls":25},3,null,50,"<",3.9,null,7,null,13,{"$nulls":3},99.5,{"$nulls":21},"yes","yes","5","2"]
[8644,559,"MVB81","Broadmeadows","VIC","AU",null,null,"fill, fractured basalt","C",null,4047,"SV3",8644,"2009-11-01",{"$nulls":7},23.950132,null,28.871392,{"$nulls":5},8.3,null,13.9,"<",0,"Dissolved",false,false,false,false,false,false,false,false,null,"UST","Dissolved phase",{"$nulls":24},"<",2.8,null,14,"<",3.9,"<",3.9,"<",3.2,{"$nulls":3},14,{"$nulls":20},"fractured basalt","yes","yes","5","2"]
[8648,558,"MVL80","Laverton East","VIC","AU","Gasoline/Diesel",null,"basalt","C",null,4051,"VW01",8648,"2009-11-01",{"$nulls":4},9000,null,null,5.249344,null,24.934384,{"$nulls":10},"NAPL",false,false,false,true,true,false,false,true,"Aliphatics (hexane) in soil gas >1000 ug/m3","UST","On-Site (near JL-U1)","JL-U1","2009-11-01","On-Site (near JL-U1)",null,98040,null,93900,null,4140,null,40500,null,33000,null,1280,null,8690,{"$nulls":8},530000,"<",450,null,29000,null,63000,null,500000,{"$nulls":3},32415600,{"$nulls":21},"yes","unknown","2","2"]
[8647,558,"MVL80","Laverton East","VIC","AU","Gasoline/Diesel",null,"basalt","C",null,4050,"VW01",8647,"2009-11-01",{"$nulls":4},9000,null,null,11.811024,null,24.934384,{"$nulls":10},"NAPL",false,false,false,true,true,false,false,true,"Aliphatics (hexane) in soil gas >1000 ug/m3","UST","On-Site (near JL-U1)","JL-U1","2009-11-01","On-Site (near JL-U1)",null,98040,null,93900,null,4140,null,40500,null,33000,null,1280,null,8690,{"$nulls":7},"<",450,"<",450,"<",450,"<",450,null,290000,{"$nulls":3},20550300,{"$nulls":21},"yes","unknown","2","2"]
[8646,558,"MVL80","Laverton East","VIC","AU","Gasoline/Diesel",null,"silty gravel, gravel clay","C",null,4049,"VW01",8646,"2009-11-01",{"$nulls":4},9000,null,null,18.372704,null,24.934384,{"$nulls":10},"NAPL",false,false,false,true,true,false,false,true,"Aliphatics (hexane) in soil gas >1000 ug/m3","UST","On-Site (near JL-U1)","JL-U1","2009-11-01","On-Site (near JL-U1)",null,98040,null,93900,null,4140,null,40500,null,33000,null,1280,null,8690,{"$nulls":7},"<",450,"<",450,"<",450,"<",450,null,1600,{"$nulls":3},600420,{"$nulls":20},"basalt","yes","unknown","2","2"]
[8651,558,"MVL80","Laverton East","VIC","AU","Gasoline/Diesel",null,"basalt","C",null,4054,"VW02",8651,"2009-11-01",null,null,"Pavement",null,9001,null,null,4.92126,null,24.6063,{"$nulls":10},"NAPL",false,false,false,true,true,false,false,true,"Aliphatics (hexane) in soil gas >1000 ug/m3","UST","Off-Site (near (JL-U3 and OS2)","JL-U3 and OS2","2009-11-01","Off-Site (near (JL-U3 and OS2)",null,70460,null,67100,null,3360,null,34500,null,17400,null,2100,null,9550,{"$nulls":7},"<",450,null,990,"<",450,"<",450,null,6200,{"$nulls":3},759690,{"$nulls":21},"yes","yes","2","2"]
[8650,558,"MVL80","Laverton East","VIC","AU","Gasoline/Diesel",null,"basalt","C",null,4053,"VW02",8650,"2009-11-01",null,null,"Pavement",null,9001,null,null,11.48294,null,24.6063,{"$nulls":10},"NAPL",false,false,false,true,true,false,false,true,"Aliphatics (hexane) in soil gas >1000 ug/m3","UST","Off-Site (near (JL-U3 and OS2)","JL-U3 and OS2","2009-11-01","Off-Site (near (JL-U3 and OS2)",null,70460,null,67100,null,3360,null,34500,null,17400,null,2100,null,9550,{"$nulls":7},"<",450,"<",450,"<",450,"<",450,null,670,{"$nulls":3},231170,{"$nulls":21},"yes","yes","2","2"]
[8649,558,"MVL80","Laverton East","VIC","AU","Gasoline/Diesel",null,"asphalt, gravel/clay, sandy clay","C",null,4052,"VW02",8649,"2009-11-01",null,null,"Pavement",null,9001,null,null,18.04462,null,24.6063,{"$nulls":10},"NAPL",false,false,false,true,true,false,false,true,"Aliphatics (hexane) in soil gas >1000 ug/m3","UST","Off-Site (near (JL-U3 and OS2)","JL-U3 and OS2","2009-11-01","Off-Site (near (JL-U3 and OS2)",null,70460,null,67100,null,3360,null,34500,null,17400,null,2100,null,9550,{"$nulls":7},"<",450,"<",450,"<",450,"<",450,"<",450,{"$nulls":3},37860,{"$nulls":20},"basalt","yes","yes","2","2"]
[8654,558,"MVL80","Laverton East","VIC","AU","Gasoline/Diesel",null,"basalt","C",null,4057,"VW03",8654,"2009-11-01",null,null,"Pavement",null,9002,null,null,5.249344,null,24.934384,{"$nulls":10},"NAPL",false,false,false,true,true,false,false,true,"Aliphatics (hexane) in soil gas >1000 ug/m3","UST","Off-Site (near EW-06)","EW-06","2009-11-01","Off-Site (near EW-06)",null,106000,null,74100,null,31900,null,24500,null,30200,null,2590,null,14980,{"$nulls":8},860000,null,510000,null,33000,null,325000,null,670000,{"$nulls":3},30217400,{"$nulls":21},"yes","yes","2","2"]
[8653,558,"MVL80","Laverton East","VIC","AU","Gasoline/Diesel",null,"basalt","C",null,4056,"VW03",8653,"2009-11-01",null,null,"Pavement",null,9002,null,null,11.811024,null,24.934384,{"$nulls":10},"NAPL",false,false,false,true,true,false,false,true,"Aliphatics (hexane) in soil gas >1000 ug/m3","UST","Off-Site (near EW-06)","EW-06","2009-11-01","Off-Site (near EW-06)",null,106000,null,74100,null,31900,null,24500,null,30200,null,2590,null,14980,{"$nulls":7},"<",440,"<",440,"<",440,null,830,null,45000,{"$nulls":3},5005900,{"$nulls":21},"yes","yes","2","2"]
[8652,558,"MVL80","Laverton East","VIC","AU","Gasoline/Diesel",null,"concrete, gravel/clay, clay","C",null,4055,"VW03",8652,"2009-11-01",null,null,"Pavement",null,9002,null,null,18.372704,null,24.934384,{"$nulls":10},"NAPL",false,false,false,true,true,false,false,true,"Aliphatics (hexane) in soil gas >1000 ug/m3","UST","Off-Site (near EW-06)","EW-06","2009-11-01","Off-Site (near EW-06)",null,106000,null,74100,null,31900,null,24500,null,30200,null,2590,null,14980,{"$nulls":7},"<",220,"<",220,"<",220,"<",220,null,500,{"$nulls":3},126600,{"$nulls":20},"basalt","yes","yes","2","2"]
[8656,487,"OAC9","Curtin","ACT","AU","Gasoline",null,"weathered volcanics","C",null,4059,"SG03",8656,"2007-12-01",{"$nulls":4},9003,null,null,47.57218,null,52.49344,{"$nulls":10},"NAPL",false,true,false,true,true,false,false,false,null,"UST","Dissolved phase on-site","SG03-GW","2007-12-01","Dissolved phase on-site",null,730000,null,730000,{"$nulls":3},92000,null,51000,null,8100,null,29000,{"$nulls":7},"<",4.22,"<",3.42,"<",0.8,"<",2.96,{"$nulls":3},142.69,{"$nulls":23},"yes","yes","4","2"]
[8655,487,"OAC9","Curtin","ACT","AU","Gasoline",null,"fill","C",null,4058,"SG03",8655,"2007-12-01",{"$nulls":7},50.03281,null,52.49344,{"$nulls":10},"NAPL",true,false,false,false,false,false,false,false,null,"UST","PSH - leaded petrol",{"$nulls":24},"<",4.57,"<",3.88,"<",0.57,"<",1.61,{"$nulls":3},324.21,{"$nulls":22},"weathered, fresh volcanics","yes","unknown","4","2"]
[8658,487,"OAC9","Curtin","ACT","AU","Gasoline",null,"weathered volcanics","C",null,4061,"SG04",8658,"2007-12-01",{"$nulls":4},9004,null,null,47.57218,null,52.49344,{"$nulls":10},"NAPL",false,true,false,true,true,false,false,false,null,"UST","Dissolved phase off-site","SG04-GW","2007-12-01","Dissolved phase off-site",null,52500,null,52500,{"$nulls":3},29800,null,1900,null,850,null,17800,{"$nulls":7},"<",1.91,"<",23.31,"<",6.7,"<",52,{"$nulls":3},252.2,{"$nulls":23},"yes","yes","4","2"]
[8657,487,"OAC9","Curtin","ACT","AU","Gasoline",null,"fill","C",null,4060,"SG04",8657,"2007-12-01",{"$nulls":4},9004,null,null,50.03281,null,52.49344,{"$nulls":10},"NAPL",false,true,false,true,true,false,false,false,null,"UST","Dissolved phase off-site","SG04-GW","2007-12-01","Dissolved phase off-site",null,52500,null,52500,{"$nulls":3},29800,null,1900,null,850,null,17800,{"$nulls":7},"<",0.78,"<",15.88,"<",1.68,"<",8.72,{"$nulls":3},151,{"$nulls":22},"weathered, fresh volcanics","yes","yes","4","2"]
[8659,487,"OAC9","Curtin","ACT","AU","Gasoline",null,"weathered volcanics","C",null,4062,"SG05",8659,"2007-12-01",{"$nulls":4},9005,null,null,47.57218,null,52.49344,{"$nulls":10},"NAPL",false,true,false,true,true,false,false,false,null,"UST","Dissolved phase off-site","SG05-GW","2007-12-01","Dissolved phase off-site",null,52500,null,52500,{"$nulls":3},29800,null,1900,null,850,null,17800,{"$nulls":7},"<",1.25,"<",4.1,"<",1.1,"<",8.3,{"$nulls":3},166.1,{"$nulls":22},"weathered, fresh volcanics","yes","yes","4","2"]
[8660,514,"OAF36","Fyshwick","ACT","AU","Diesel",null,"Fill","SIC",null,4063,"SV01",8660,"2008-08-01",null,null,"Building",null,9006,null,null,4.92126,null,5.905512,{"$nulls":7},20.9,"<",0,"NAPL",false,true,false,false,false,false,false,false,null,"UST","Dissolved phase","SV01-GW","2008-08-01","Dissolved phase",null,25600,null,4300,null,21300,null,2900,null,50,null,290,null,730,{"$nulls":8},39,null,20,null,11,null,23,null,26,{"$nulls":24},"sandstone","yes","yes","4","4"]
[8661,514,"OAF36","Fyshwick","ACT","AU","Diesel",null,"Fill","SIC",null,4064,"SV02",8661,"2008-08-01",null,null,"Building",null,9007,null,null,4.92126,null,5.905512,{"$nulls":7},20.9,"<",0,"NAPL",false,true,false,false,false,false,false,false,null,"UST","Dissolved phase","SV02-GW","2008-08-01","Dissolved phase",null,25600,null,4300,null,21300,null,2900,null,50,null,290,null,730,{"$nulls":8},8,null,2,null,3,null,8,null,2,{"$nulls":24},"sandstone","yes","yes","4","4"]
[8662,514,"OAF36","Fyshwick","ACT","AU","Diesel",null,"Fill and sandy clay","SIC",null,4065,"SV03",8662,"2008-08-01",{"$nulls":7},3.28084,null,6.56168,{"$nulls":7},20.9,"<",0,"NAPL",true,false,false,false,false,false,false,false,null,"UST","PSH (MW05)",{"$nulls":25},4,null,3,null,2,null,3,null,5,{"$nulls":24},"sandstone","yes","unknown","4","4"]
[8663,514,"OAF36","Fyshwick","ACT","AU","Diesel",null,"Fill and sandy clay","SIC",null,4066,"SV04",8663,"2008-08-01",{"$nulls":7},3.28084,null,6.56168,{"$nulls":7},20.9,"<",0,"NAPL",true,false,false,false,false,false,false,false,null,"UST","PSH (MW11)",{"$nulls":24},"<",28,"<",34,"<",39,"<",40,null,370,{"$nulls":3},14000,{"$nulls":20},"sandstone","yes","unknown","4","4"]
[8664,588,"OBA110","Braddon","ACT","AU","Gasoline",null,"fill","SIC",null,4067,"SS1",8664,"2008-04-01",null,null,"Building",null,9011,null,null,32.152232,null,32.480316,{"$nulls":5},1.5,null,17,"<",0.01,"Dissolved",false,false,false,false,false,false,false,false,null,"UST","Dissolved phase (MW4)","MW4","2008-04-01","Dissolved phase (MW4)",null,7730,null,7000,null,730,null,4400,null,1400,null,250,null,970,{"$nulls":7},"<",10,"<",10,"<",10,"<",10,{"$nulls":3},1400,{"$nulls":22},"sandy clay, siltstone, sandstone","no","unknown","4","2"]
[8665,588,"OBA110","Braddon","ACT","AU","Gasoline",null,"fill","SIC",null,4067,"SS1",8665,"2008-02-01",null,null,"Building",null,9010,null,null,32.152232,null,32.480316,{"$nulls":10},"Dissolved",false,false,false,false,false,false,false,false,null,"UST","Dissolved phase (MW4)","MW4","2008-02-01","Dissolved phase (MW4)",null,7730,null,7000,null,730,null,4400,null,1400,null,250,null,970,{"$nulls":7},"<",10,"<",10,"<",10,"<",10,{"$nulls":3},1000,{"$nulls":22},"sandy clay, siltstone, sandstone","no","unknown","4","2"]
[8666,588,"OBA110","Braddon","ACT","AU","Gasoline",null,"fill","SIC",null,4068,"SS10",8666,"2008-04-01",null,null,"Building",null,9008,null,null,32.152232,null,32.480316,{"$nulls":5},0.39,null,20,"<",0.01,"Dissolved",false,false,false,false,false,false,false,false,null,"UST","Dissolved phase (MW4)","MW4","2008-04-01","Dissolved phase (MW4)",null,7730,null,7000,null,730,null,4400,null,1400,null,250,null,970,{"$nulls":7},"<",10,"<",10,"<",10,"<",10,null,null,"<",900,{"$nulls":22},"sandy clay, siltstone, sandstone","no","unknown","4","2"]
[8667,588,"OBA110","Braddon","ACT","AU","Gasoline",null,"fill","SIC",null,4069,"SS11",8667,"2008-04-01",null,null,"Building",null,9009,null,null,32.152232,null,32.480316,{"$nulls":5},0.57,null,19,"<",0.01,"Dissolved",false,false,false,false,false,false,false,false,null,"UST","Dissolved phase (MW4)","MW4","2008-04-01","Dissolved phase (MW4)",null,7730,null,7000,null,730,null,4400,null,1400,null,250,null,970,{"$nulls":7},"<",10,"<",10,"<",10,"<",10,null,null,"<",900,{"$nulls":22},"sandy clay, siltstone, sandstone","no","unknown","4","2"]
[8668,588,"OBA110","Braddon","ACT","AU","Gasoline",null,"fill","SIC",null,4070,"SS2",8668,"2008-04-01",null,null,"Building",null,9013,null,null,32.152232,null,32.480316,{"$nulls":5},0.83,null,19,"<",0.01,"Dissolved",false,false,false,false,false,false,false,false,null,"UST","Dissolved phase (MW4)","MW4","2008-04-01","Dissolved phase (MW4)",null,7730,null,7000,null,730,null,4400,null,1400,null,250,null,970,{"$nulls":7},"<",10,"<",10,"<",10,"<",10,null,null,"<",900,{"$nulls":22},"sandy clay, siltstone, sandstone","no","unknown","4","2"]
[8669,588,"OBA110","Braddon","ACT","AU","Gasoline",null,"fill","SIC",null,4070,"SS2",8669,"2008-02-01",null,null,"Building",null,9012,null,null,32.152232,null,32.480316,{"$nulls":10},"Dissolved",false,false,false,false,false,false,false,false,null,"UST","Dissolved phase (MW4)","MW4","2008-02-01","Dissolved phase (MW4)",null,7730,null,7000,null,730,null,4400,null,1400,null,250,null,970,{"$nulls":7},"<",10,null,18,"<",10,"<",10,null,null,"<",900,{"$nulls":22},"sandy clay, siltstone, sandstone","no","unknown","4","2"]
[8670,588,"OBA110","Braddon","ACT","AU","Gasoline",null,"fill","SIC",null,4071,"SS3",8670,"2008-02-01",null,null,"Building",null,9015,null,null,32.152232,null,32.480316,{"$nulls":10},"Dissolved",false,false,false,false,false,false,false,false,null,"UST","Dissolved phase (MW4)","MW4","2008-02-01","Dissolved phase (MW4)",null,7730,null,7000,null,730,null,4400,null,1400,null,250,null,970,{"$nulls":7},"<",10,"<",10,"<",10,"<",10,null,null,"<",900,{"$nulls":22},"sandy clay, siltstone, sandstone","no","unknown","4","2"]
[8671,588,"OBA110","Braddon","ACT","AU","Gasoline",null,"fill","SIC",null,4071,"SS3",8671,"2008-04-01",null,null,"Building",null,9014,null,null,32.152232,null,32.480316,{"$nulls":5},3.9,null,15,"<",0.01,"Dissolved",false,false,false,false,false,false,false,false,null,"UST","Dissolved phase (MW4)","MW4","2008-04-01","Dissolved phase (MW4)",null,7730,null,7000,null,730,null,4400,null,1400,null,250,null,970,{"$nulls":7},"<",10,"<",10,"<",10,"<",10,{"$nulls":3},1100,{"$nulls":22},"sandy clay, siltstone, sandstone","no","unknown","4","2"]
[8672,588,"OBA110","Braddon","ACT","AU","Gasoline",null,"fill","SIC",null,4072,"SS4",8672,"2008-02-01",null,null,"Building",null,9018,null,null,32.152232,null,32.480316,{"$nulls":10},"Dissolved",false,false,false,false,false,false,false,false,null,"UST","Dissolved phase (MW4)","MW4","2008-02-01","Dissolved phase (MW4)",null,7730,null,7000,null,730,null,4400,null,1400,null,250,null,970,{"$nulls":7},"<",10,"<",10,"<",10,"<",10,null,null,"<",900,{"$nulls":22},"sandy clay, siltstone, sandstone","no","unknown","4","2"]
[8673,588,"OBA110","Braddon","ACT","AU","Gasoline",null,"fill","SIC",null,4072,"SS4",8673,"2008-04-01",null,null,"Building",null,9017,null,null,32.152232,null,32.480316,{"$nulls":5},1.8,null,14,"<",0.01,"Dissolved",false,false,false,false,false,false,false,false,null,"UST","Dissolved phase (MW4)","MW4","2008-04-01","Dissolved phase (MW4)",null,7730,null,7000,null,730,null,4400,null,1400,null,250,null,970,{"$nulls":7},"<",10,"<",10,"<",10,"<",10,{"$nulls":3},2700,{"$nulls":22},"sandy clay, siltstone, sandstone","no","unknown","1","2"]
[8674,588,"OBA110","Braddon","ACT","AU","Gasoline",null,"fill","SIC",null,4073,"SS4A",8674,"2008-06-01",null,null,"Building",null,9016,null,null,32.152232,null,32.480316,{"$nulls":5},0.54,null,20,"<",0.01,"Dissolved",false,false,false,false,false,false,false,false,null,"UST","Dissolved phase (MW4)","MW4","2008-06-01","Dissolved phase (MW4)",null,7730,null,7000,null,730,null,4400,null,1400,null,250,null,970,{"$nulls":7},"<",10,null,99,"<",10,"<",10,{"$nulls":3},1000,{"$nulls":22},"sandy clay, siltstone, sandstone","no","unknown","1","2"]
[8675,588,"OBA110","Braddon","ACT","AU","Gasoline",null,"fill","SIC",null,4074,"SS5",8675,"2008-04-01",null,null,"Building",null,9019,null,null,32.152232,null,32.480316,{"$nulls":5},2.7,null,15,"<",0.01,"Dissolved",false,false,false,false,false,false,false,false,null,"UST","Dissolved phase (MW4)","MW4","2008-04-01","Dissolved phase (MW4)",null,7730,null,7000,null,730,null,4400,null,1400,null,250,null,970,{"$nulls":7},"<",10,"<",10,"<",10,"<",10,{"$nulls":3},1000,{"$nulls":22},"sandy clay, siltstone, sandstone","no","unknown","4","2"]
[8676,588,"OBA110","Braddon","ACT","AU","Gasoline",null,"fill","SIC",null,4075,"SS6",8676,"2008-04-01",null,null,"Building",null,9020,null,null,32.152232,null,32.480316,{"$nulls":5},0.52,null,17,"<",0.01,"Dissolved",false,false,false,false,false,false,false,false,null,"UST","Dissolved phase (MW4)","MW4","2008-04-01","Dissolved phase (MW4)",null,7730,null,7000,null,730,null,4400,null,1400,null,250,null,970,{"$nulls":7},"<",10,"<",10,"<",10,"<",10,{"$nulls":3},1000,{"$nulls":22},"sandy clay, siltstone, sandstone","no","unknown","4","2"]
[8677,588,"OBA110","Braddon","ACT","AU","Gasoline",null,"fill","SIC",null,4076,"SS7",8677,"2008-04-01",null,null,"Building",null,9021,null,null,32.152232,null,32.480316,{"$nulls":5},1.5,null,18,"<",0.01,"Dissolved",false,false,false,false,false,false,false,false,null,"UST","Dissolved phase (MW4)","MW4","2008-04-01","Dissolved phase (MW4)",null,7730,null,7000,null,730,null,4400,null,1400,null,250,null,970,{"$nulls":7},"<",10,"<",10,"<",10,"<",10,null,null,"<",900,{"$nulls":22},"sandy clay, siltstone, sandstone","no","unknown","4","2"]
[8678,588,"OBA110","Braddon","ACT","AU","Gasoline",null,"fill","SIC",null,4077,"SS8",8678,"2008-04-01",null,null,"Building",null,9022,null,null,32.152232,null,32.480316,{"$nulls":5},0.3,null,20,"<",0.01,"Dissolved",false,false,false,false,false,false,false,false,null,"UST","Dissolved phase (MW4)","MW4","2008-04-01","Dissolved phase (MW4)",null,7730,null,7000,null,730,null,4400,null,1400,null,250,null,970,{"$nulls":7},"<",10,"<",10,"<",10,"<",10,null,null,"<",900,{"$nulls":22},"sandy clay, siltstone, sandstone","no","unknown","4","2"]
[8679,588,"OBA110","Braddon","ACT","AU","Gasoline",null,"fill","SIC",null,4078,"SS9",8679,"2008-04-01",null,null,"Building",null,9023,null,null,32.152232,null,32.480316,{"$nulls":5},1.9,null,16,"<",0.01,"Dissolved",false,false,false,false,false,false,false,false,null,"UST","Dissolved phase (MW4)","MW4","2008-04-01","Dissolved phase (MW4)",null,7730,null,7000,null,730,null,4400,null,1400,null,250,null,970,{"$nulls":7},"<",10,"<",10,"<",10,"<",10,{"$nulls":3},2500,{"$nulls":22},"sandy clay, siltstone, sandstone","no","unknown","4","2"]
[8680,588,"OBA110","Braddon","ACT","AU","Gasoline",null,"sandy clay","SIC",null,4079,"SV3",8680,"2008-02-01",{"$nulls":4},9024,null,null,27.559056,null,32.480316,{"$nulls":10},"Dissolved",false,false,false,false,false,false,false,false,null,"UST","Dissolved phase (MW10/3)","MW10/3","2008-02-01","Dissolved phase (MW10/3)",null,9210,null,7700,null,1510,null,1900,null,1780,null,99,null,750,{"$nulls":7},"<",20,"<",20,"<",20,null,530,{"$nulls":3},6100,{"$nulls":22},"siltstone, sandstone","no","unknown","4","2"]
[8681,588,"OBA110","Braddon","ACT","AU","Gasoline",null,"sandy clay","SIC",null,4080,"SV4",8681,"2008-02-01",{"$nulls":4},9026,null,null,17.716536,null,32.480316,{"$nulls":10},"NAPL",false,false,false,false,false,false,false,true,"Aliphatics (TPH) in soil gas >50000 ug/m3 (where no hexane is reported)","UST","Dissolved phase (MW10/3)","MW10/3","2008-02-01","Dissolved phase (MW10/3)",null,9210,null,7700,null,1510,null,1900,null,1780,null,99,null,750,{"$nulls":7},"<",100,"<",100,"<",100,null,110,{"$nulls":3},144000,{"$nulls":22},"siltstone, sandstone","no","unknown","4","2"]
[8683,588,"OBA110","Braddon","ACT","AU","Gasoline",null,"siltstone","SIC",null,4082,"SV4/5",8683,"2008-04-01",{"$nulls":4},9025,null,null,17.716536,null,32.480316,{"$nulls":10},"Dissolved",false,false,false,false,false,false,false,false,null,"UST","Dissolved phase (MW10/3)","MW10/3","2008-04-01","Dissolved phase (MW10/3)",null,9210,null,7700,null,1510,null,1900,null,1780,null,99,null,750,{"$nulls":7},"<",10,null,13,"<",10,null,22,{"$nulls":3},3800,{"$nulls":23},"no","unknown","4","2"]
[8682,588,"OBA110","Braddon","ACT","AU","Gasoline",null,"sandy clay","SIC",null,4081,"SV4/5",8682,"2008-04-01",{"$nulls":4},9025,null,null,27.559056,null,32.480316,{"$nulls":10},"Dissolved",false,false,false,false,false,false,false,false,null,"UST","Dissolved phase (MW10/3)","MW10/3","2008-04-01","Dissolved phase (MW10/3)",null,9210,null,7700,null,1510,null,1900,null,1780,null,99,null,750,{"$nulls":7},"<",10,"<",10,"<",10,"<",10,null,null,"<",900,{"$nulls":22},"siltstone, sandstone","no","unknown","4","2"]
[8688,579,"OCV101","Corio","VIC","AU","Gasoline",null,"clay sand, sand","SIC",null,4086,"SVB1",8688,"2008-05-01",{"$nulls":4},9035,null,null,3.28084,null,16.076116,{"$nulls":10},"NAPL",false,false,false,false,false,false,false,true,"Aliphatics (TPH) in soil gas >50000 ug/m3 (where no hexane is reported)","Refinery","Dissolved phase (MW95)","MW95","2008-05-01","Dissolved phase (MW95)",null,5160,null,4500,null,660,null,2200,null,122,null,883,null,1300,{"$nulls":8},1800,null,2600,"<",200,null,15000,{"$nulls":3},5736600,{"$nulls":23},"yes","yes","4","5"]
[8689,579,"OCV101","Corio","VIC","AU","Gasoline",null,"clay sand, sand","SIC",null,4086,"SVB1",8689,"2009-05-01",{"$nulls":4},9036,null,null,3.28084,null,16.076116,{"$nulls":5},12,null,1.3,"<",0.01,"NAPL",false,false,false,false,false,false,false,true,"Aliphatics (TPH) in soil gas >50000 ug/m3 (where no hexane is reported)","Refinery","Dissolved phase (MW95)","MW95","2009-05-01","Dissolved phase (MW95)",null,5160,null,4500,null,660,null,2200,null,122,null,883,null,1300,{"$nulls":8},5300,null,7300,null,190,null,5900,{"$nulls":3},18533000,{"$nulls":23},"yes","yes","4","5"]
[8687,579,"OCV101","Corio","VIC","AU","Gasoline",null,"clay sand, sand","SIC",null,4085,"SVB1",8687,"2009-05-01",{"$nulls":4},9036,null,null,4.593176,null,16.076116,{"$nulls":5},6.9,null,11,"<",0.01,"NAPL",false,false,false,false,false,false,false,true,"Aliphatics (TPH) in soil gas >50000 ug/m3 (where no hexane is reported)","Refinery","Dissolved phase (MW95)","MW95","2009-05-01","Dissolved phase (MW95)",null,5160,null,4500,null,660,null,2200,null,122,null,883,null,1300,{"$nulls":8},450,null,1700,"<",100,null,210,{"$nulls":3},2250200,{"$nulls":23},"yes","yes","4","5"]
[8685,579,"OCV101","Corio","VIC","AU","Gasoline",null,"silty clay, basalt, clay sand","SIC",null,4084,"SVB1",8685,"2008-05-01",{"$nulls":4},9035,null,null,7.874016,null,16.076116,{"$nulls":10},"NAPL",false,true,false,false,false,false,false,false,null,"Refinery","Dissolved phase (MW95)","MW95","2008-05-01","Dissolved phase (MW95)",null,5160,null,4500,null,660,null,2200,null,122,null,883,null,1300,{"$nulls":7},"<",10,"<",10,"<",10,"<",10,{"$nulls":3},10200,{"$nulls":23},"yes","yes","4","5"]
[8686,579,"OCV101","Corio","VIC","AU","Gasoline",null,"silty clay, basalt, clay sand","SIC",null,4084,"SVB1",8686,"2009-05-01",{"$nulls":4},9036,null,null,7.874016,null,16.076116,{"$nulls":5},1.1,null,20,"<",0.01,"NAPL",false,true,false,false,false,false,false,false,null,"Refinery","Dissolved phase (MW95)","MW95","2009-05-01","Dissolved phase (MW95)",null,5160,null,4500,null,660,null,2200,null,122,null,883,null,1300,{"$nulls":7},"<",10,"<",10,"<",10,"<",10,null,null,"<",100,{"$nulls":23},"yes","yes","4","5"]
[8684,579,"OCV101","Corio","VIC","AU","Gasoline",null,null,"SIC",null,4083,"SVB1",8684,"2009-05-01",null,null,"Building",null,9036,null,null,15.58399,null,16.076116,{"$nulls":5},0.05,null,21,"<",0.01,"NAPL",false,true,false,false,false,false,false,false,null,"Refinery","Dissolved phase (MW95)","MW95","2009-05-01","Dissolved phase (MW95)",null,5160,null,4500,null,660,null,2200,null,122,null,883,null,1300,{"$nulls":7},"<",10,"<",10,"<",10,"<",10,null,null,"<",100,{"$nulls":22},"sandy silty clay","yes","yes","4","5"]
[8692,579,"OCV101","Corio","VIC","AU","Gasoline",null,"sandy clay, clay sand","SIC",null,4088,"SVB10",8692,"2009-05-01",{"$nulls":4},9028,null,null,3.28084,null,16.4042,{"$nulls":5},7.5,null,12,"<",0.01,"Dissolved",false,false,false,false,false,false,false,false,null,"Refinery","Dissolved phase (MW94)","MW94","2009-05-01","Dissolved phase (MW94)",null,70,"<",20,"<",50,"<",1,"<",2,"<",2,"<",2,{"$nulls":7},"<",10,"<",10,"<",10,"<",10,{"$nulls":3},400,{"$nulls":23},"yes","yes","4","5"]
[8693,579,"OCV101","Corio","VIC","AU","Gasoline",null,"sandy clay, clay sand","SIC",null,4088,"SVB10",8693,"2008-08-01",{"$nulls":4},9027,null,null,3.28084,null,16.4042,{"$nulls":10},"NAPL",false,false,false,false,false,false,false,true,"Aliphatics (TPH) in soil gas >50000 ug/m3 (where no hexane is reported)","Refinery","Dissolved phase (MW94)","MW94","2008-08-01","Dissolved phase (MW94)",null,70,"<",20,null,50,"<",1,"<",2,"<",2,"<",2,{"$nulls":7},"<",10,null,110,null,48,null,230,{"$nulls":3},251300,{"$nulls":23},"yes","yes","4","5"]
[8690,579,"OCV101","Corio","VIC","AU","Gasoline",null,"clay, silty sandy clay","SIC",null,4087,"SVB10",8690,"2008-08-01",{"$nulls":4},9027,null,null,9.84252,null,16.4042,{"$nulls":10},"NAPL",false,false,false,false,false,false,false,true,"Aliphatics (TPH) in soil gas >50000 ug/m3 (where no hexane is reported)","Refinery","Dissolved phase (MW94)","MW94","2008-08-01","Dissolved phase (MW94)",null,70,"<",20,null,50,"<",1,"<",2,"<",2,"<",2,{"$nulls":7},"<",10,null,45,null,16,null,55,{"$nulls":3},154200,{"$nulls":22},"sandy silty clay","yes","yes","4","5"]
[8691,579,"OCV101","Corio","VIC","AU","Gasoline",null,"clay, silty sandy clay","SIC",null,4087,"SVB10",8691,"2009-05-01",{"$nulls":4},9028,null,null,9.84252,null,16.4042,{"$nulls":5},1.9,null,18,"<",0.01,"Dissolved",false,false,false,false,false,false,false,false,null,"Refinery","Dissolved phase (MW94)","MW94","2009-05-01","Dissolved phase (MW94)",null,70,"<",20,"<",50,"<",1,"<",2,"<",2,"<",2,{"$nulls":7},"<",10,"<",10,"<",10,"<",10,null,null,"<",100,{"$nulls":22},"sandy silty clay","yes","yes","4","5"]
[8696,579,"OCV101","Corio","VIC","AU","Gasoline",null,"sandy clay, clay sand","SIC",null,4090,"SVB11",8696,"2008-08-01",{"$nulls":4},9029,null,null,3.937008,null,17.060368,{"$nulls":10},"NAPL",false,false,false,false,false,false,false,true,"Aliphatics (TPH) in soil gas >50000 ug/m3 (where no hexane is reported)","Refinery","Dissolved phase (MW67)","MW67","2008-08-01","Dissolved phase (MW67)",null,910,null,740,null,170,null,19,null,142,null,88,null,148,{"$nulls":8},800,"<",100,"<",100,null,4300,{"$nulls":3},1570500,{"$nulls":23},"yes","yes","4","5"]
[8697,579,"OCV101","Corio","VIC","AU","Gasoline",null,"sandy clay, clay sand","SIC",null,4090,"SVB11",8697,"2009-05-01",{"$nulls":4},9030,null,null,3.937008,null,17.060368,{"$nulls":5},7.8,null,6.4,"<",0.01,"NAPL",false,false,false,false,false,false,false,true,"Aliphatics (TPH) in soil gas >50000 ug/m3 (where no hexane is reported)","Refinery","Dissolved phase (MW67)","MW67","2009-05-01","Dissolved phase (MW67)",null,910,null,740,null,170,null,19,null,142,null,88,null,148,{"$nulls":8},53,null,30,"<",25,null,220,{"$nulls":3},253300,{"$nulls":23},"yes","yes","4","5"]
[8694,579,"OCV101","Corio","VIC","AU","Gasoline",null,"clay, silty sandy clay","SIC",null,4089,"SVB11",8694,"2008-08-01",{"$nulls":4},9029,null,null,10.498688,null,17.060368,{"$nulls":10},"NAPL",false,false,false,false,false,false,false,true,"Aliphatics (TPH) in soil gas >50000 ug/m3 (where no hexane is reported)","Refinery","Dissolved phase (MW67)","MW67","2008-08-01","Dissolved phase (MW67)",null,910,null,740,null,170,null,19,null,142,null,88,null,148,{"$nulls":7},"<",10,null,41,"<",10,null,260,{"$nulls":3},87200,{"$nulls":22},"sandy silty clay","yes","yes","4","5"]
[8695,579,"OCV101","Corio","VIC","AU","Gasoline",null,"clay, silty sandy clay","SIC",null,4089,"SVB11",8695,"2009-05-01",{"$nulls":4},9030,null,null,10.498688,null,17.060368,{"$nulls":5},7,null,8.6,"<",0.01,"NAPL",false,true,false,false,false,false,false,false,null,"Refinery","Dissolved phase (MW67)","MW67","2009-05-01","Dissolved phase (MW67)",null,910,null,740,null,170,null,19,null,142,null,88,null,148,{"$nulls":7},"<",10,"<",10,"<",10,"<",10,null,null,"<",100,{"$nulls":22},"sandy silty clay","yes","yes","4","5"]
[8700,579,"OCV101","Corio","VIC","AU","Gasoline",null,"sandy clay, clay sand","SIC",null,4092,"SVB12",8700,"2008-08-01",{"$nulls":4},9031,null,null,5.249344,null,18.372704,{"$nulls":10},"Dissolved",false,false,false,false,false,false,false,false,null,"Refinery","Dissolved phase (MW90)","MW90","2008-08-01","Dissolved phase (MW90)",null,70,"<",20,"<",50,"<",1,"<",2,"<",2,"<",2,{"$nulls":7},"<",10,null,11,"<",10,"<",10,{"$nulls":3},200,{"$nulls":23},"yes","yes","4","5"]
[8701,579,"OCV101","Corio","VIC","AU","Gasoline",null,"sandy clay, clay sand","SIC",null,4092,"SVB12",8701,"2009-05-01",{"$nulls":4},9032,null,null,5.249344,null,18.372704,{"$nulls":5},5.6,null,8.9,"<",0.01,"Dissolved",false,false,false,false,false,false,false,false,null,"Refinery","Dissolved phase (MW90)","MW90","2009-05-01","Dissolved phase (MW90)",null,70,"<",20,"<",50,"<",1,"<",2,"<",2,"<",2,{"$nulls":7},"<",10,"<",10,"<",10,"<",10,null,null,"<",100,{"$nulls":23},"yes","yes","4","5"]
[8698,579,"OCV101","Corio","VIC","AU","Gasoline",null,"clay, silty sandy clay","SIC",null,4091,"SVB12",8698,"2008-08-01",{"$nulls":4},9031,null,null,11.811024,null,18.372704,{"$nulls":10},"Dissolved",false,false,false,false,false,false,false,false,null,"Refinery","Dissolved phase (MW90)","MW90","2008-08-01","Dissolved phase (MW90)",null,70,"<",20,"<",50,"<",1,"<",2,"<",2,"<",2,{"$nulls":7},"<",10,"<",10,"<",10,"<",10,null,null,"<",100,{"$nulls":22},"sandy silty clay","yes","yes","4","5"]
[8699,579,"OCV101","Corio","VIC","AU","Gasoline",null,"clay, silty sandy clay","SIC",null,4091,"SVB12",8699,"2009-05-01",{"$nulls":4},9032,null,null,11.811024,null,18.372704,{"$nulls":5},2.7,null,18,"<",0.01,"Dissolved",false,false,false,false,false,false,false,false,null,"Refinery","Dissolved phase (MW90)","MW90","2009-05-01","Dissolved phase (MW90)",null,70,"<",20,"<",50,"<",1,"<",2,"<",2,"<",2,{"$nulls":7},"<",10,"<",10,"<",10,"<",10,{"$nulls":3},400,{"$nulls":22},"sandy silty clay","yes","yes","4","5"]
[8704,579,"OCV101","Corio","VIC","AU","Gasoline",null,"sandy clay","SIC",null,4095,"SVB13",8704,"2009-05-01",{"$nulls":4},9033,null,null,2.952756,null,16.732284,{"$nulls":5},7.5,null,5.8,"<",0.01,"NAPL",false,false,false,true,true,false,false,true,"Aliphatics (TPH) in soil gas >50000 ug/m3 (where no hexane is reported)","Refinery","Dissolved phase (MW93)","MW93","2009-05-01","Dissolved phase (MW93)",null,40300,null,38900,null,1400,null,11300,null,16200,null,400,null,4300,{"$nulls":8},50000,null,41000,null,830,null,21000,{"$nulls":3},18524800,{"$nulls":23},"yes","yes","4","5"]
[8703,579,"OCV101","Corio","VIC","AU","Gasoline",null,"silty clay, sandy clay","SIC",null,4094,"SVB13",8703,"2009-05-01",{"$nulls":4},9033,null,null,6.889764,null,16.732284,{"$nulls":5},2.3,null,16,"<",0.01,"NAPL",false,false,false,true,true,false,false,true,"Aliphatics (TPH) in soil gas >50000 ug/m3 (where no hexane is reported)","Refinery","Dissolved phase (MW93)","MW93","2009-05-01","Dissolved phase (MW93)",null,40300,null,38900,null,1400,null,11300,null,16200,null,400,null,4300,{"$nulls":8},9100,null,4000,"<",200,null,540,{"$nulls":3},3989500,{"$nulls":23},"yes","yes","4","5"]
[8702,579,"OCV101","Corio","VIC","AU","Gasoline",null,"silty clay, basalt","SIC",null,4093,"SVB13",8702,"2009-05-01",{"$nulls":4},9033,null,null,10.170604,null,16.732284,{"$nulls":5},0.56,null,20,"<",0.01,"NAPL",false,true,false,true,true,false,false,false,null,"Refinery","Dissolved phase (MW93)","MW93","2009-05-01","Dissolved phase (MW93)",null,40300,null,38900,null,1400,null,11300,null,16200,null,400,null,4300,{"$nulls":8},11,"<",10,"<",10,"<",10,{"$nulls":3},700,{"$nulls":22},"sandy silty clay","yes","yes","4","5"]
[8707,579,"OCV101","Corio","VIC","AU","Gasoline",null,"silty sandy clay","SIC",null,4098,"SVB14",8707,"2009-05-01",{"$nulls":7},3.28084,null,16.4042,{"$nulls":5},5.3,null,6.6,"<",0.01,"NAPL",true,false,false,false,false,false,false,false,null,"Refinery","PSH (MW45)",{"$nulls":25},11000000,null,11000000,null,400000,null,1900000,{"$nulls":3},68008000,{"$nulls":23},"yes","unknown","4","5"]
[8706,579,"OCV101","Corio","VIC","AU","Gasoline",null,"silty sandy clay","SIC",null,4097,"SVB14",8706,"2009-05-01",{"$nulls":7},6.889764,null,16.4042,{"$nulls":5},2.1,null,19,"<",0.01,"NAPL",true,false,false,false,false,false,false,false,null,"Refinery","PSH (MW45)",{"$nulls":25},6800,null,560,"<",100,null,140,{"$nulls":3},303500,{"$nulls":23},"yes","unknown","4","5"]
[8705,579,"OCV101","Corio","VIC","AU","Gasoline",null,"silty clay, basalt, silty clay","SIC",null,4096,"SVB14",8705,"2009-05-01",{"$nulls":7},8.2021,null,16.4042,{"$nulls":5},1.5,null,19,"<",0.01,"NAPL",true,false,false,false,false,false,false,false,null,"Refinery","PSH (MW45)",{"$nulls":25},1200,null,31,"<",25,null,29,{"$nulls":3},45100,{"$nulls":22},"sandy silty clay","yes","unknown","4","5"]
[8710,579,"OCV101","Corio","VIC","AU","Gasoline",null,"sandy clay","SIC",null,4101,"SVB15",8710,"2009-05-01",{"$nulls":7},3.28084,null,16.4042,{"$nulls":5},11,null,4.5,"<",0.01,"NAPL",true,false,false,false,false,false,false,false,null,"Refinery","Dissolved phase/PSH (MW74)",{"$nulls":25},9400000,null,9800000,null,240000,null,3200000,{"$nulls":3},72413000,{"$nulls":23},"yes","yes","4","5"]
[8709,579,"OCV101","Corio","VIC","AU","Gasoline",null,"silty clay","SIC",null,4100,"SVB15",8709,"2009-05-01",{"$nulls":7},5.905512,null,16.4042,{"$nulls":5},3.9,null,17,"<",0.01,"NAPL",true,false,false,false,false,false,false,false,null,"Refinery","Dissolved phase/PSH (MW74)",{"$nulls":25},1800000,null,700000,null,1600,null,210000,{"$nulls":3},6644000,{"$nulls":23},"yes","yes","4","5"]
[8708,579,"OCV101","Corio","VIC","AU","Gasoline",null,"clay fill, basalt, silty clay","SIC",null,4099,"SVB15",8708,"2009-05-01",{"$nulls":4},9034,null,null,9.186352,null,16.4042,{"$nulls":5},0.99,null,20,"<",0.01,"NAPL",true,false,false,true,true,false,false,false,null,"Refinery","Dissolved phase/PSH (MW74)","MW74","2009-05-01","Dissolved phase/PSH (MW74)",null,38200,null,36400,null,1800,null,10800,null,8690,null,834,null,5760,{"$nulls":8},47000,null,6700,"<",100,null,5900,{"$nulls":3},295900,{"$nulls":22},"sandy silty clay","yes","yes","4","5"]
[8712,579,"OCV101","Corio","VIC","AU","Gasoline",null,"clay sand","SIC",null,4103,"SVB16",8712,"2008-05-01",{"$nulls":7},3.608924,null,17.388452,{"$nulls":5},4.9,null,1.1,"<",0.01,"NAPL",true,false,false,false,false,false,false,false,null,"Refinery","Dissolved phase/PSH (MW9/60) onsite",{"$nulls":25},30000,null,24000,null,2700,null,11000,{"$nulls":3},16006500,{"$nulls":23},"yes","unknown","4","5"]
[8711,579,"OCV101","Corio","VIC","AU","Gasoline",null,"fill, clay, clay sand","SIC",null,4102,"SVB16",8711,"2008-05-01",{"$nulls":7},10.170604,null,17.388452,{"$nulls":5},6.4,null,13,"<",0.01,"NAPL",true,false,false,false,false,false,false,false,null,"Refinery","Dissolved phase/PSH (MW9/60) onsite",{"$nulls":25},19,"<",10,"<",10,"<",10,{"$nulls":3},500,{"$nulls":22},"sandy silty clay","yes","unknown","4","5"]
[8714,579,"OCV101","Corio","VIC","AU","Gasoline",null,"sand, sandy clay","SIC",null,4105,"SVB17",8714,"2008-05-01",{"$nulls":7},2.952756,null,16.4042,{"$nulls":5},2.9,null,1.2,null,0.4,"NAPL",true,false,false,false,false,false,false,false,null,"Refinery","Dissolved phase/PSH (MW63/64) onsite",{"$nulls":25},3000000,null,2200000,null,143100,null,480000,{"$nulls":3},20329500,{"$nulls":23},"yes","unknown","4","5"]
[8713,579,"OCV101","Corio","VIC","AU","Gasoline",null,"concrete, clay","SIC",null,4104,"SVB17",8713,"2008-05-01",null,null,"Pavement",{"$nulls":4},9.514436,null,16.4042,{"$nulls":5},0.18,null,21,"<",0.01,"NAPL",true,false,false,false,false,false,false,false,null,"Refinery","Dissolved phase/PSH (MW63/64) onsite",{"$nulls":25},3700,null,4400,null,100,null,680,{"$nulls":3},2261100,{"$nulls":22},"sandy silty clay","yes","unknown","4","5"]
[8112,579,"OCV101","Corio","VIC","AU","Gasoline",null,"sandy silty clay","SIC",null,4109,"SVB2",8112,"2009-05-01",{"$nulls":4},9038,null,null,3.608924,null,16.4042,{"$nulls":5},1.5,null,19,"<",0.01,"NAPL",false,false,false,false,false,false,false,true,"Aliphatics (TPH) in soil gas >50000 ug/m3 (where no hexane is reported)","Refinery","Dissolved phase (MW31)","MW31","2009-05-01","Dissolved phase (MW31)",null,170,null,60,null,110,null,2,"<",2,"<",2,"<",2,{"$nulls":8},6500,null,47,"<",25,null,150,{"$nulls":3},120800,{"$nulls":23},"yes","yes","4","5"]
[8113,579,"OCV101","Corio","VIC","AU","Gasoline",null,"sandy silty clay","SIC",null,4109,"SVB2",8113,"2008-05-01",{"$nulls":4},9037,null,null,3.608924,null,16.4042,{"$nulls":10},"NAPL",false,false,false,false,false,false,false,true,"Aliphatics (TPH) in soil gas >50000 ug/m3 (where no hexane is reported)","Refinery","Dissolved phase (MW31)","MW31","2008-05-01","Dissolved phase (MW31)",null,170,null,60,null,110,null,2,"<",2,"<",2,"<",2,{"$nulls":8},66000,null,26000,null,1500,null,20000,{"$nulls":3},1101300,{"$nulls":23},"yes","yes","4","5"]
[8718,579,"OCV101","Corio","VIC","AU","Gasoline",null,"sandy silty clay","SIC",null,4108,"SVB2",8718,"2009-05-01",{"$nulls":4},9038,null,null,6.56168,null,16.4042,{"$nulls":5},3.3,null,13,"<",0.01,"NAPL",false,true,false,false,false,false,false,false,null,"Refinery","Dissolved phase (MW31)","MW31","2009-05-01","Dissolved phase (MW31)",null,170,null,60,null,110,null,2,"<",2,"<",2,"<",2,{"$nulls":7},"<",10,"<",10,"<",10,"<",10,null,null,"<",100,{"$nulls":23},"yes","yes","4","5"]
[8716,579,"OCV101","Corio","VIC","AU","Gasoline",null,"silty clay, basalt, sandy clay","SIC",null,4107,"SVB2",8716,"2009-05-01",{"$nulls":4},9038,null,null,8.2021,null,16.4042,{"$nulls":5},0.34,null,20,"<",0.01,"NAPL",false,true,false,false,false,false,false,false,null,"Refinery","Dissolved phase (MW31)","MW31","2009-05-01","Dissolved phase (MW31)",null,170,null,60,null,110,null,2,"<",2,"<",2,"<",2,{"$nulls":7},"<",10,"<",10,"<",10,"<",10,null,null,"<",100,{"$nulls":23},"yes","yes","4","5"]
[8717,579,"OCV101","Corio","VIC","AU","Gasoline",null,"silty clay, basalt, sandy clay","SIC",null,4107,"SVB2",8717,"2008-05-01",{"$nulls":4},9037,null,null,8.2021,null,16.4042,{"$nulls":10},"NAPL",false,true,false,false,false,false,false,false,null,"Refinery","Dissolved phase (MW31)","MW31","2008-05-01","Dissolved phase (MW31)",null,170,null,60,null,110,null,2,"<",2,"<",2,"<",2,{"$nulls":7},"<",10,"<",10,"<",10,"<",10,null,null,"<",100,{"$nulls":23},"yes","yes","4","5"]
[8715,579,"OCV101","Corio","VIC","AU","Gasoline",null,null,"SIC",null,4106,"SVB2",8715,"2009-05-01",null,null,"Building",null,9038,null,null,15.912074,null,16.4042,{"$nulls":5},0.18,null,21,"<",0.01,"NAPL",false,true,false,false,false,false,false,false,null,"Refinery","Dissolved phase (MW31)","MW31","2009-05-01","Dissolved phase (MW31)",null,170,null,60,null,110,null,2,"<",2,"<",2,"<",2,{"$nulls":7},"<",10,"<",10,"<",10,"<",10,null,null,"<",100,{"$nulls":22},"sandy silty clay","yes","yes","4","5"]
[8118,579,"OCV101","Corio","VIC","AU","Gasoline",null,"silty clay, sandy clay","SIC",null,4113,"SVB3",8118,"2009-05-01",{"$nulls":4},9040,null,null,3.937008,null,17.060368,{"$nulls":5},9.8,null,0.6,"<",0.01,"NAPL",false,false,false,false,false,false,false,true,"Aliphatics (TPH) in soil gas >50000 ug/m3 (where no hexane is reported)","Refinery","Dissolved phase (MW48)","MW48","2009-05-01","Dissolved phase (MW48)",null,1840,null,1540,null,300,null,636,null,26,null,168,null,482,{"$nulls":8},1400000,null,1800000,null,2100000,"<",200,{"$nulls":3},30062200,{"$nulls":23},"yes","yes","4","5"]
[8119,579,"OCV101","Corio","VIC","AU","Gasoline",null,"silty clay, sandy clay","SIC",null,4113,"SVB3",8119,"2008-05-01",{"$nulls":4},9039,null,null,3.937008,null,17.060368,{"$nulls":10},"NAPL",false,false,false,false,false,false,false,true,"Aliphatics (TPH) in soil gas >50000 ug/m3 (where no hexane is reported)","Refinery","Dissolved phase (MW48)","MW48","2008-05-01","Dissolved phase (MW48)",null,1840,null,1540,null,300,null,636,null,26,null,168,null,482,{"$nulls":8},1700000,null,2700000,null,230000,null,2000000,{"$nulls":3},32920000,{"$nulls":23},"yes","yes","4","5"]
[8117,579,"OCV101","Corio","VIC","AU","Gasoline",null,"silty clay, sandy clay","SIC",null,4112,"SVB3",8117,"2009-05-01",{"$nulls":4},9040,null,null,7.217848,null,17.060368,{"$nulls":5},8.9,null,0.6,"<",0.01,"NAPL",false,false,false,false,false,false,false,true,"Aliphatics (TPH) in soil gas >50000 ug/m3 (where no hexane is reported)","Refinery","Dissolved phase (MW48)","MW48","2009-05-01","Dissolved phase (MW48)",null,1840,null,1540,null,300,null,636,null,26,null,168,null,482,{"$nulls":8},360000,null,160000,null,2700,"<",200,{"$nulls":3},12718000,{"$nulls":23},"yes","yes","4","5"]
[8115,579,"OCV101","Corio","VIC","AU","Gasoline",null,"silty clay, basalt","SIC",null,4111,"SVB3",8115,"2009-05-01",{"$nulls":4},9040,null,null,10.498688,null,17.060368,{"$nulls":5},2.5,null,19,"<",0.01,"NAPL",false,true,false,false,false,false,false,false,null,"Refinery","Dissolved phase (MW48)","MW48","2009-05-01","Dissolved phase (MW48)",null,1840,null,1540,null,300,null,636,null,26,null,168,null,482,{"$nulls":7},"<",10,"<",10,"<",10,"<",10,null,null,"<",100,{"$nulls":23},"yes","yes","4","5"]
[8116,579,"OCV101","Corio","VIC","AU","Gasoline",null,"silty clay, basalt","SIC",null,4111,"SVB3",8116,"2008-05-01",{"$nulls":4},9039,null,null,10.498688,null,17.060368,{"$nulls":10},"NAPL",false,true,false,false,false,false,false,false,null,"Refinery","Dissolved phase (MW48)","MW48","2008-05-01","Dissolved phase (MW48)",null,1840,null,1540,null,300,null,636,null,26,null,168,null,482,{"$nulls":7},"<",10,"<",10,"<",10,"<",10,{"$nulls":3},200,{"$nulls":23},"yes","yes","4","5"]
[8114,579,"OCV101","Corio","VIC","AU","Gasoline",null,null,"SIC",null,4110,"SVB3",8114,"2009-05-01",null,null,"Building",null,9040,null,null,16.568242,null,17.060368,{"$nulls":5},1.5,null,17,"<",0.01,"NAPL",false,true,false,false,false,false,false,false,null,"Refinery","Dissolved phase (MW48)","MW48","2009-05-01","Dissolved phase (MW48)",null,1840,null,1540,null,300,null,636,null,26,null,168,null,482,{"$nulls":7},"<",10,"<",10,"<",10,"<",10,null,null,"<",100,{"$nulls":22},"sandy silty clay","yes","yes","4","5"]
[8121,579,"OCV101","Corio","VIC","AU","Gasoline",null,"sandy, silty gravel clay","SIC",null,4115,"SVB4",8121,"2008-05-01",{"$nulls":4},9041,null,null,2.296588,null,17.060368,{"$nulls":10},"NAPL",false,false,false,false,false,false,false,true,"Aliphatics (TPH) in soil gas >50000 ug/m3 (where no hexane is reported)","Refinery","Dissolved phase (MW59) onsite","MW59","2008-05-01","Dissolved phase (MW59) onsite",null,590,null,420,null,170,null,189,null,52,null,26,null,29,{"$nulls":8},2400,null,1600,null,69,null,470,{"$nulls":3},450000,{"$nulls":23},"yes","yes","4","5"]
[8120,579,"OCV101","Corio","VIC","AU","Gasoline",null,"silty clay","SIC",null,4114,"SVB4",8120,"2008-05-01",{"$nulls":4},9041,null,null,10.498688,null,17.060368,{"$nulls":10},"NAPL",false,true,false,false,false,false,false,false,null,"Refinery","Dissolved phase (MW59) onsite","MW59","2008-05-01","Dissolved phase (MW59) onsite",null,590,null,420,null,170,null,189,null,52,null,26,null,29,{"$nulls":7},"<",25,"<",25,"<",25,"<",25,{"$nulls":3},1800,{"$nulls":22},"sandy silty clay","yes","yes","4","5"]
[8123,579,"OCV101","Corio","VIC","AU","Gasoline",null,"sandy clay, sand","SIC",null,4117,"SVB5",8123,"2008-05-01",{"$nulls":7},4.92126,null,16.4042,{"$nulls":10},"NAPL",true,false,false,false,false,false,false,false,null,"Refinery","Dissolved phase/PSH (MW63/64) onsite",{"$nulls":25},11000000,null,8200000,null,580000,null,2200000,{"$nulls":3},62450000,{"$nulls":23},"yes","unknown","4","5"]
[8122,579,"OCV101","Corio","VIC","AU","Gasoline",null,"silty clay, basalt","SIC",null,4116,"SVB5",8122,"2008-05-01",{"$nulls":7},9.84252,null,16.4042,{"$nulls":10},"NAPL",true,false,false,false,false,false,false,false,null,"Refinery","Dissolved phase/PSH (MW63/64) onsite",{"$nulls":25},3600,null,1100,"<",100,null,1000,{"$nulls":3},1147200,{"$nulls":22},"sandy silty clay","yes","unknown","4","5"]
[8126,579,"OCV101","Corio","VIC","AU","Gasoline",null,"sandy clay","SIC",null,4119,"SVB6",8126,"2008-05-01",{"$nulls":4},9042,null,null,3.28084,null,16.4042,{"$nulls":10},"NAPL",true,false,false,false,false,false,false,false,null,"Refinery","Dissolved phase/PSH (MW58) onsite","MW58","2008-05-01","Dissolved phase/PSH (MW58) onsite",null,13830,null,13200,null,630,null,3470,null,318,null,6460,null,2190,{"$nulls":8},1600,null,2000,null,1600,null,1800,{"$nulls":3},324800,{"$nulls":23},"yes","unknown","4","5"]
[8127,579,"OCV101","Corio","VIC","AU","Gasoline",null,"sandy clay","SIC",null,4119,"SVB6",8127,"2009-05-01",{"$nulls":4},9043,null,null,3.28084,null,16.4042,{"$nulls":5},10,null,7.8,"<",0.01,"Dissolved",false,false,false,false,false,false,false,false,null,"Refinery","Dissolved phase/PSH (MW58) onsite","MW58","2009-05-01","Dissolved phase/PSH (MW58) onsite",null,13830,null,13200,null,630,null,3470,null,318,null,6460,null,2190,{"$nulls":8},10,"<",10,"<",10,"<",10,{"$nulls":3},2900,{"$nulls":23},"yes","unknown","4","5"]
[8124,579,"OCV101","Corio","VIC","AU","Gasoline",null,"bitumen, gravel, silty clay","SIC",null,4118,"SVB6",8124,"2009-05-01",{"$nulls":4},9043,null,null,9.84252,null,16.4042,{"$nulls":5},3.6,null,16,"<",0.01,"Dissolved",false,false,false,false,false,false,false,false,null,"Refinery","Dissolved phase/PSH (MW58) onsite","MW58","2009-05-01","Dissolved phase/PSH (MW58) onsite",null,13830,null,13200,null,630,null,3470,null,318,null,6460,null,2190,{"$nulls":7},"<",10,"<",10,"<",10,"<",10,null,null,"<",100,{"$nulls":22},"sandy silty clay","yes","unknown","4","5"]
[8125,579,"OCV101","Corio","VIC","AU","Gasoline",null,"bitumen, gravel, silty clay","SIC",null,4118,"SVB6",8125,"2008-05-01",{"$nulls":4},9042,null,null,9.84252,null,16.4042,{"$nulls":10},"NAPL",true,false,false,false,false,false,false,false,null,"Refinery","Dissolved phase/PSH (MW58) onsite","MW58","2008-05-01","Dissolved phase/PSH (MW58) onsite",null,13830,null,13200,null,630,null,3470,null,318,null,6460,null,2190,{"$nulls":7},"<",10,"<",10,"<",10,"<",10,{"$nulls":3},400,{"$nulls":22},"sandy silty clay","yes","unknown","4","5"]
[8130,579,"OCV101","Corio","VIC","AU","Gasoline",null,"sandy clay, clay sand","SIC",null,4121,"SVB7",8130,"2008-05-01",{"$nulls":4},9044,null,null,5.577428,null,18.700788,{"$nulls":10},"NAPL",false,false,false,true,true,false,false,true,"Aliphatics (TPH) in soil gas >50000 ug/m3 (where no hexane is reported)","Refinery","Dissolved phase (MW53)","MW53","2008-05-01","Dissolved phase (MW53)",null,41800,null,40000,null,1800,null,30900,null,962,null,2500,null,662,{"$nulls":8},16000,null,35000,null,2000,null,6200000,{"$nulls":3},30085600,{"$nulls":23},"yes","yes","4","5"]
[8131,579,"OCV101","Corio","VIC","AU","Gasoline",null,"sandy clay, clay sand","SIC",null,4121,"SVB7",8131,"2009-05-01",{"$nulls":4},9045,null,null,5.577428,null,18.700788,{"$nulls":5},9.6,null,0.8,null,0.15,"NAPL",false,false,false,true,true,false,false,true,"Aliphatics (TPH) in soil gas >50000 ug/m3 (where no hexane is reported)","Refinery","Dissolved phase (MW53)","MW53","2009-05-01","Dissolved phase (MW53)",null,41800,null,40000,null,1800,null,30900,null,962,null,2500,null,662,{"$nulls":8},45000,null,100000,null,4000,null,1800000,{"$nulls":3},16095000,{"$nulls":23},"yes","yes","4","5"]
[8128,579,"OCV101","Corio","VIC","AU","Gasoline",null,"clay, silty sandy clay","SIC",null,4120,"SVB7",8128,"2009-05-01",{"$nulls":4},9045,null,null,12.139108,null,18.700788,{"$nulls":5},1.5,null,19,"<",0.01,"NAPL",false,true,false,true,true,false,false,false,null,"Refinery","Dissolved phase (MW53)","MW53","2009-05-01","Dissolved phase (MW53)",null,41800,null,40000,null,1800,null,30900,null,962,null,2500,null,662,{"$nulls":7},"<",10,"<",10,"<",10,"<",10,null,null,"<",100,{"$nulls":22},"sandy silty clay","yes","yes","4","5"]
[8129,579,"OCV101","Corio","VIC","AU","Gasoline",null,"clay, silty sandy clay","SIC",null,4120,"SVB7",8129,"2008-05-01",{"$nulls":4},9044,null,null,12.139108,null,18.700788,{"$nulls":10},"NAPL",false,false,false,true,true,false,false,true,"Aliphatics (TPH) in soil gas >50000 ug/m3 (where no hexane is reported)","Refinery","Dissolved phase (MW53)","MW53","2008-05-01","Dissolved phase (MW53)",null,41800,null,40000,null,1800,null,30900,null,962,null,2500,null,662,{"$nulls":8},43,"<",25,"<",25,null,210,{"$nulls":3},95400,{"$nulls":22},"sandy silty clay","yes","yes","4","5"]
[8134,579,"OCV101","Corio","VIC","AU","Gasoline",null,"sandy clay, clay sand","SIC",null,4123,"SVB8",8134,"2009-05-01",{"$nulls":4},9047,null,null,3.28084,null,16.4042,{"$nulls":5},15,null,1.3,"<",0.01,"Dissolved",false,false,false,false,false,false,false,false,null,"Refinery","Dissolved phase (MW77)","MW77","2009-05-01","Dissolved phase (MW77)",null,70,"<",20,"<",50,"<",1,"<",2,"<",2,"<",2,{"$nulls":7},"<",10,"<",10,"<",10,"<",10,null,null,"<",100,{"$nulls":23},"yes","yes","4","5"]
[8135,579,"OCV101","Corio","VIC","AU","Gasoline",null,"sandy clay, clay sand","SIC",null,4123,"SVB8",8135,"2008-08-01",{"$nulls":4},9046,null,null,3.28084,null,16.4042,{"$nulls":10},"Dissolved",false,false,false,false,false,false,false,false,null,"Refinery","Dissolved phase (MW77)","MW77","2008-08-01","Dissolved phase (MW77)",null,70,"<",20,"<",50,"<",1,"<",2,"<",2,"<",2,{"$nulls":7},"<",10,"<",10,"<",10,"<",10,{"$nulls":3},1900,{"$nulls":23},"yes","yes","4","5"]
[8132,579,"OCV101","Corio","VIC","AU","Gasoline",null,"clay, silty sandy clay","SIC",null,4122,"SVB8",8132,"2008-08-01",{"$nulls":4},9046,null,null,9.84252,null,16.4042,{"$nulls":10},"Dissolved",false,false,false,false,false,false,false,false,null,"Refinery","Dissolved phase (MW77)","MW77","2008-08-01","Dissolved phase (MW77)",null,70,"<",20,"<",50,"<",1,"<",2,"<",2,"<",2,{"$nulls":7},"<",10,null,18,"<",10,null,18,{"$nulls":3},1100,{"$nulls":22},"sandy silty clay","yes","yes","4","5"]
[8133,579,"OCV101","Corio","VIC","AU","Gasoline",null,"clay, silty sandy clay","SIC",null,4122,"SVB8",8133,"2009-05-01",{"$nulls":4},9047,null,null,9.84252,null,16.4042,{"$nulls":5},2.6,null,18,"<",0.01,"Dissolved",false,false,false,false,false,false,false,false,null,"Refinery","Dissolved phase (MW77)","MW77","2009-05-01","Dissolved phase (MW77)",null,70,"<",20,"<",50,"<",1,"<",2,"<",2,"<",2,{"$nulls":7},"<",10,null,10,"<",10,"<",10,null,null,"<",100,{"$nulls":22},"sandy silty clay","yes","yes","4","5"]
[8138,579,"OCV101","Corio","VIC","AU","Gasoline",null,"sandy clay, clay sand","SIC",null,4125,"SVB9",8138,"2009-05-01",{"$nulls":4},9049,null,null,3.937008,null,17.060368,{"$nulls":5},4,null,4,null,1.3,"Dissolved",false,false,false,false,false,false,false,false,null,"Refinery","Dissolved phase (MW47)","MW47","2009-05-01","Dissolved phase (MW47)",null,70,"<",20,"<",50,"<",1,"<",2,"<",2,"<",2,{"$nulls":7},"<",10,"<",10,"<",10,"<",10,{"$nulls":3},700,{"$nulls":23},"yes","no","4","5"]
[8139,579,"OCV101","Corio","VIC","AU","Gasoline",null,"sandy clay, clay sand","SIC",null,4125,"SVB9",8139,"2008-08-01",{"$nulls":4},9048,null,null,3.937008,null,17.060368,{"$nulls":10},"Dissolved",false,false,false,false,false,false,false,false,null,"Refinery","Dissolved phase (MW47)","MW47","2008-08-01","Dissolved phase (MW47)",null,70,"<",20,"<",50,"<",1,"<",2,"<",2,"<",2,{"$nulls":7},"<",10,null,18,"<",10,null,14,null,null,"<",100,{"$nulls":23},"yes","no","4","5"]
[8136,579,"OCV101","Corio","VIC","AU","Gasoline",null,"clay, silty sandy clay","SIC",null,4124,"SVB9",8136,"2008-08-01",{"$nulls":4},9048,null,null,10.498688,null,17.060368,{"$nulls":10},"Dissolved",false,false,false,false,false,false,false,false,null,"Refinery","Dissolved phase (MW47)","MW47","2008-08-01","Dissolved phase (MW47)",null,70,"<",20,"<",50,"<",1,"<",2,"<",2,"<",2,{"$nulls":8},69,null,17,"<",10,null,17,{"$nulls":3},900,{"$nulls":22},"sandy silty clay","yes","no","4","5"]
[8137,579,"OCV101","Corio","VIC","AU","Gasoline",null,"clay, silty sandy clay","SIC",null,4124,"SVB9",8137,"2009-05-01",{"$nulls":4},9049,null,null,10.498688,null,17.060368,{"$nulls":5},7.4,null,1,null,2.8,"Dissolved",false,false,false,false,false,false,false,false,null,"Refinery","Dissolved phase (MW47)","MW47","2009-05-01","Dissolved phase (MW47)",null,70,"<",20,"<",50,"<",1,"<",2,"<",2,"<",2,{"$nulls":7},"<",10,"<",10,"<",10,"<",10,{"$nulls":3},200,{"$nulls":22},"sandy silty clay","yes","no","4","5"]
[8144,586,"ODEV108","Doncaster East","VIC","AU","Gasoline/Diesel",null,"siltstone","C",null,4127,"VM1",8144,"2004-09-01",{"$nulls":7},40.354332,null,42.65092,{"$nulls":10},"NAPL",true,false,false,false,false,false,false,false,null,"UST","PSH",{"$nulls":25},3.6,null,18.1,"<",3.6,null,10.8,{"$nulls":27},"yes","unknown","3","1"]
[8145,586,"ODEV108","Doncaster East","VIC","AU","Gasoline/Diesel",null,"siltstone","C",null,4127,"VM1",8145,"2005-03-01",{"$nulls":7},40.354332,null,42.65092,{"$nulls":5},2.9,null,20,"<",1,"NAPL",true,false,false,false,false,false,false,false,null,"UST","PSH",{"$nulls":25},1.2,null,18.1,null,1.4,null,4,{"$nulls":27},"yes","unknown","3","1"]
[8146,586,"ODEV108","Doncaster East","VIC","AU","Gasoline/Diesel",null,"siltstone","C",null,4127,"VM1",8146,"2004-11-01",{"$nulls":7},40.354332,null,42.65092,{"$nulls":10},"NAPL",true,false,false,false,false,false,false,false,null,"UST","PSH",{"$nulls":25},6.8,null,211,null,4.1,null,16,{"$nulls":27},"yes","unknown","3","1"]
[8147,586,"ODEV108","Doncaster East","VIC","AU","Gasoline/Diesel",null,"siltstone","C",null,4127,"VM1",8147,"2004-12-01",{"$nulls":7},40.354332,null,42.65092,{"$nulls":10},"NAPL",true,false,false,false,false,false,false,false,null,"UST","PSH",{"$nulls":25},2.8,null,30,null,2.3,null,6,{"$nulls":27},"yes","unknown","3","1"]
[8140,586,"ODEV108","Doncaster East","VIC","AU","Gasoline/Diesel",null,"fill, siltstone","C",null,4126,"VM1",8140,"2005-03-01",{"$nulls":7},41.338584,null,42.65092,{"$nulls":5},1.2,null,19,"<",1,"NAPL",true,false,false,false,false,false,false,false,null,"UST","PSH",{"$nulls":25},1.2,null,8.4,null,1.2,null,5,{"$nulls":26},"siltstone","yes","unknown","3","1"]
[8141,586,"ODEV108","Doncaster East","VIC","AU","Gasoline/Diesel",null,"fill, siltstone","C",null,4126,"VM1",8141,"2004-11-01",{"$nulls":7},41.338584,null,42.65092,{"$nulls":10},"NAPL",true,false,false,false,false,false,false,false,null,"UST","PSH",{"$nulls":24},"<",6.4,null,81.5,null,2.4,null,15,{"$nulls":26},"siltstone","yes","unknown","3","1"]
[8142,586,"ODEV108","Doncaster East","VIC","AU","Gasoline/Diesel",null,"fill, siltstone","C",null,4126,"VM1",8142,"2004-12-01",{"$nulls":7},41.338584,null,42.65092,{"$nulls":10},"NAPL",true,false,false,false,false,false,false,false,null,"UST","PSH",{"$nulls":25},2.3,null,12.7,"<",2.3,"<",7,{"$nulls":26},"siltstone","yes","unknown","3","1"]
[8143,586,"ODEV108","Doncaster East","VIC","AU","Gasoline/Diesel",null,"fill, siltstone","C",null,4126,"VM1",8143,"2004-09-01",{"$nulls":7},41.338584,null,42.65092,{"$nulls":10},"NAPL",true,false,false,false,false,false,false,false,null,"UST","PSH",{"$nulls":24},"<",3.5,null,8.4,"<",3.5,"<",10.5,{"$nulls":26},"siltstone","yes","unknown","3","1"]
[8152,586,"ODEV108","Doncaster East","VIC","AU","Gasoline/Diesel",null,"silty clay","C",null,4129,"VM2",8152,"2005-03-01",{"$nulls":7},40.354332,null,42.65092,{"$nulls":5},2,null,19,"<",1,"NAPL",true,false,false,false,false,false,false,false,null,"UST","PSH",{"$nulls":24},"<",1,null,3.9,null,1,null,1.8,{"$nulls":27},"yes","unknown","3","1"]
[8153,586,"ODEV108","Doncaster East","VIC","AU","Gasoline/Diesel",null,"silty clay","C",null,4129,"VM2",8153,"2004-12-01",{"$nulls":7},40.354332,null,42.65092,{"$nulls":10},"NAPL",true,false,false,false,false,false,false,false,null,"UST","PSH",{"$nulls":25},37.9,null,111,null,8.4,null,13,{"$nulls":27},"yes","unknown","3","1"]
[8154,586,"ODEV108","Doncaster East","VIC","AU","Gasoline/Diesel",null,"silty clay","C",null,4129,"VM2",8154,"2004-11-01",{"$nulls":7},40.354332,null,42.65092,{"$nulls":10},"NAPL",true,false,false,false,false,false,false,false,null,"UST","PSH",{"$nulls":24},"<",7.3,null,34.8,"<",7.3,"<",21,{"$nulls":27},"yes","unknown","3","1"]
[8155,586,"ODEV108","Doncaster East","VIC","AU","Gasoline/Diesel",null,"silty clay","C",null,4129,"VM2",8155,"2004-09-01",{"$nulls":7},40.354332,null,42.65092,{"$nulls":10},"NAPL",true,false,false,false,false,false,false,false,null,"UST","PSH",{"$nulls":25},12.3,null,11.2,"<",5.6,"<",16,{"$nulls":27},"yes","unknown","3","1"]
[8148,586,"ODEV108","Doncaster East","VIC","AU","Gasoline/Diesel",null,"silty clay","C",null,4128,"VM2",8148,"2004-12-01",{"$nulls":7},41.338584,null,42.65092,{"$nulls":10},"NAPL",true,false,false,false,false,false,false,false,null,"UST","PSH",{"$nulls":25},4.6,null,83,null,4.6,null,11,{"$nulls":26},"siltstone","yes","unknown","3","1"]
[8149,586,"ODEV108","Doncaster East","VIC","AU","Gasoline/Diesel",null,"silty clay","C",null,4128,"VM2",8149,"2005-03-01",{"$nulls":7},41.338584,null,42.65092,{"$nulls":5},1.4,null,20,"<",1,"NAPL",true,false,false,false,false,false,false,false,null,"UST","PSH",{"$nulls":24},"<",1,null,5.6,null,1,null,1,{"$nulls":26},"siltstone","yes","unknown","3","1"]
[8150,586,"ODEV108","Doncaster East","VIC","AU","Gasoline/Diesel",null,"silty clay","C",null,4128,"VM2",8150,"2004-11-01",{"$nulls":7},41.338584,null,42.65092,{"$nulls":10},"NAPL",true,false,false,false,false,false,false,false,null,"UST","PSH",{"$nulls":25},2.3,null,50.8,"<",2.3,null,7,{"$nulls":26},"siltstone","yes","unknown","3","1"]
[8151,586,"ODEV108","Doncaster East","VIC","AU","Gasoline/Diesel",null,"silty clay","C",null,4128,"VM2",8151,"2004-09-01",{"$nulls":7},41.338584,null,42.65092,{"$nulls":10},"NAPL",true,false,false,false,false,false,false,false,null,"UST","PSH",{"$nulls":25},2.8,null,9,"<",2.8,"<",8,{"$nulls":26},"siltstone","yes","unknown","3","1"]
[8160,586,"ODEV108","Doncaster East","VIC","AU","Gasoline/Diesel",null,"siltstone","C",null,4131,"VM3",8160,"2005-03-01",{"$nulls":7},40.354332,null,42.65092,{"$nulls":5},2,null,19,"<",1,"NAPL",true,false,false,false,false,false,false,false,null,"UST","PSH",{"$nulls":24},"<",1,null,14.7,"<",1,"<",1,{"$nulls":27},"yes","unknown","3","1"]
[8161,586,"ODEV108","Doncaster East","VIC","AU","Gasoline/Diesel",null,"siltstone","C",null,4131,"VM3",8161,"2004-12-01",{"$nulls":7},40.354332,null,42.65092,{"$nulls":10},"NAPL",true,false,false,false,false,false,false,false,null,"UST","PSH",{"$nulls":25},2.8,null,52.7,null,5.3,null,14,{"$nulls":27},"yes","unknown","3","1"]
[8162,586,"ODEV108","Doncaster East","VIC","AU","Gasoline/Diesel",null,"siltstone","C",null,4131,"VM3",8162,"2004-11-01",{"$nulls":7},40.354332,null,42.65092,{"$nulls":10},"NAPL",true,false,false,false,false,false,false,false,null,"UST","PSH",{"$nulls":24},"<",5.1,null,132.9,"<",5.1,null,27,{"$nulls":27},"yes","unknown","3","1"]
[8163,586,"ODEV108","Doncaster East","VIC","AU","Gasoline/Diesel",null,"siltstone","C",null,4131,"VM3",8163,"2004-09-01",{"$nulls":7},40.354332,null,42.65092,{"$nulls":10},"NAPL",true,false,false,false,false,false,false,false,null,"UST","PSH",{"$nulls":25},3.9,null,10.9,"<",3.2,"<",10,{"$nulls":27},"yes","unknown","3","1"]
[8156,586,"ODEV108","Doncaster East","VIC","AU","Gasoline/Diesel",null,"fill, siltstone","C",null,4130,"VM3",8156,"2004-09-01",{"$nulls":7},41.338584,null,42.65092,{"$nulls":10},"NAPL",true,false,false,false,false,false,false,false,null,"UST","PSH",{"$nulls":25},6,null,30.9,"<",4.3,"<",13,{"$nulls":26},"siltstone","yes","unknown","3","1"]
[8157,586,"ODEV108","Doncaster East","VIC","AU","Gasoline/Diesel",null,"fill, siltstone","C",null,4130,"VM3",8157,"2004-11-01",{"$nulls":7},41.338584,null,42.65092,{"$nulls":10},"NAPL",true,false,false,false,false,false,false,false,null,"UST","PSH",{"$nulls":24},"<",2.8,null,4.5,"<",2.8,"<",8,{"$nulls":26},"siltstone","yes","unknown","3","1"]
[8158,586,"ODEV108","Doncaster East","VIC","AU","Gasoline/Diesel",null,"fill, siltstone","C",null,4130,"VM3",8158,"2005-03-01",{"$nulls":7},41.338584,null,42.65092,{"$nulls":5},1.7,null,19,"<",1,"NAPL",true,false,false,false,false,false,false,false,null,"UST","PSH",{"$nulls":24},"<",1,null,3.1,null,0.8,null,1.6,{"$nulls":26},"siltstone","yes","unknown","3","1"]
[8159,586,"ODEV108","Doncaster East","VIC","AU","Gasoline/Diesel",null,"fill, siltstone","C",null,4130,"VM3",8159,"2004-12-01",{"$nulls":7},41.338584,null,42.65092,{"$nulls":10},"NAPL",true,false,false,false,false,false,false,false,null,"UST","PSH",{"$nulls":25},20.7,null,1116,"<",3.6,"<",11,{"$nulls":26},"siltstone","yes","unknown","3","1"]
[8168,586,"ODEV108","Doncaster East","VIC","AU","Gasoline/Diesel",null,"siltstone","C",null,4133,"VM4",8168,"2004-12-01",{"$nulls":7},40.354332,null,42.65092,{"$nulls":10},"NAPL",true,false,false,false,false,false,false,false,null,"UST","PSH",{"$nulls":25},3.3,null,46.4,"<",2.8,"<",8,{"$nulls":27},"yes","unknown","3","1"]
[8169,586,"ODEV108","Doncaster East","VIC","AU","Gasoline/Diesel",null,"siltstone","C",null,4133,"VM4",8169,"2004-09-01",{"$nulls":7},40.354332,null,42.65092,{"$nulls":10},"NAPL",true,false,false,false,false,false,false,false,null,"UST","PSH",{"$nulls":25},3.1,null,7.6,null,1.8,null,7,{"$nulls":27},"yes","unknown","3","1"]
[8170,586,"ODEV108","Doncaster East","VIC","AU","Gasoline/Diesel",null,"siltstone","C",null,4133,"VM4",8170,"2004-11-01",{"$nulls":7},40.354332,null,42.65092,{"$nulls":10},"NAPL",true,false,false,false,false,false,false,false,null,"UST","PSH",{"$nulls":25},2.8,null,91.4,null,3.6,null,30,{"$nulls":27},"yes","unknown","3","1"]
[8171,586,"ODEV108","Doncaster East","VIC","AU","Gasoline/Diesel",null,"siltstone","C",null,4133,"VM4",8171,"2005-03-01",{"$nulls":7},40.354332,null,42.65092,{"$nulls":5},4.3,null,18,"<",1,"NAPL",true,false,false,false,false,false,false,false,null,"UST","PSH",{"$nulls":24},"<",1,null,3.9,null,1,null,4.5,{"$nulls":27},"yes","unknown","3","1"]
[8164,586,"ODEV108","Doncaster East","VIC","AU","Gasoline/Diesel",null,"fill, siltstone","C",null,4132,"VM4",8164,"2004-11-01",{"$nulls":7},41.338584,null,42.65092,{"$nulls":10},"NAPL",true,false,false,false,false,false,false,false,null,"UST","PSH",{"$nulls":25},5.4,null,176,null,3.4,null,22,{"$nulls":26},"siltstone","yes","unknown","3","1"]
[8165,586,"ODEV108","Doncaster East","VIC","AU","Gasoline/Diesel",null,"fill, siltstone","C",null,4132,"VM4",8165,"2004-09-01",{"$nulls":7},41.338584,null,42.65092,{"$nulls":10},"NAPL",true,false,false,false,false,false,false,false,null,"UST","PSH",{"$nulls":24},"<",3.4,null,10.2,"<",3.4,"<",10,{"$nulls":26},"siltstone","yes","unknown","3","1"]
[8166,586,"ODEV108","Doncaster East","VIC","AU","Gasoline/Diesel",null,"fill, siltstone","C",null,4132,"VM4",8166,"2004-12-01",{"$nulls":7},41.338584,null,42.65092,{"$nulls":10},"NAPL",true,false,false,false,false,false,false,false,null,"UST","PSH",{"$nulls":25},6.9,null,81.6,null,3,null,11,{"$nulls":26},"siltstone","yes","unknown","3","1"]
[8167,586,"ODEV108","Doncaster East","VIC","AU","Gasoline/Diesel",null,"fill, siltstone","C",null,4132,"VM4",8167,"2005-03-01",{"$nulls":7},41.338584,null,42.65092,{"$nulls":5},1.8,null,13,"<",1,"NAPL",true,false,false,false,false,false,false,false,null,"UST","PSH",{"$nulls":24},"<",1,null,5.9,null,1.9,"<",1,{"$nulls":26},"siltstone","yes","unknown","3","1"]
[8174,589,"ODS111","Dernancourt","SA","AU","Gasoline/Diesel",null,"clay","SIC",null,4136,"SV01",8174,"2007-03-01",{"$nulls":7},0.656168000000001,null,19.68504,{"$nulls":5},4.7,null,17.7,"<",0,"NAPL",true,false,false,false,false,false,false,false,null,"UST","PSH (MW06)",{"$nulls":24},"<",200,"<",200,"<",200,"<",400,{"$nulls":27},"no","unknown","3","4"]
[8173,589,"ODS111","Dernancourt","SA","AU","Gasoline/Diesel",null,"sandy clay, clay","SIC",null,4135,"SV01",8173,"2007-03-01",{"$nulls":7},6.56168,null,19.68504,{"$nulls":5},2.5,null,19.5,"<",0,"NAPL",true,false,false,false,false,false,false,false,null,"UST","PSH (MW06)",{"$nulls":25},350,null,6445,null,290,null,980,{"$nulls":27},"no","unknown","3","4"]
[8172,589,"ODS111","Dernancourt","SA","AU","Gasoline/Diesel",null,"fill","SIC",null,4134,"SV01",8172,"2007-03-01",{"$nulls":7},16.4042,null,19.68504,{"$nulls":5},0.2,null,21.6,"<",0,"NAPL",true,false,false,false,false,false,false,false,null,"UST","PSH (MW06)",{"$nulls":24},"<",200,"<",200,"<",200,"<",400,{"$nulls":26},"clay","no","unknown","3","4"]
[8175,589,"ODS111","Dernancourt","SA","AU","Gasoline/Diesel",null,"fill","SIC",null,4137,"SV02",8175,"2007-03-01",{"$nulls":7},14.76378,null,18.04462,{"$nulls":5},0.1,null,21,"<",0,"NAPL",true,false,false,false,false,false,false,false,null,"UST","PSH (MW09A)",{"$nulls":25},6.4,null,0.9,"<",0.8,"<",2.4,{"$nulls":26},"fill, clay","no","unknown","3","4"]
[8178,589,"ODS111","Dernancourt","SA","AU","Gasoline/Diesel",null,"clay","SIC",null,4140,"SV03",8178,"2007-03-01",{"$nulls":7},1.968504,null,19.68504,{"$nulls":5},4.8,null,9.8,null,80,"NAPL",true,false,false,false,false,false,false,false,null,"UST","PSH (MW02)",{"$nulls":25},2360000,null,321400,null,823650,null,2433000,{"$nulls":27},"no","unknown","3","4"]
[8177,589,"ODS111","Dernancourt","SA","AU","Gasoline/Diesel",null,"fill, clay","SIC",null,4139,"SV03",8177,"2007-03-01",{"$nulls":7},6.56168,null,19.68504,{"$nulls":5},5.3,null,16.8,null,15.2,"NAPL",true,false,false,false,false,false,false,false,null,"UST","PSH (MW02)",{"$nulls":25},360000,null,307500,null,13162.5,null,157062.5,{"$nulls":27},"no","unknown","3","4"]
[8176,589,"ODS111","Dernancourt","SA","AU","Gasoline/Diesel",null,"fill","SIC",null,4138,"SV03",8176,"2007-03-01",{"$nulls":7},16.4042,null,19.68504,{"$nulls":5},0.1,null,20.5,null,0.7,"NAPL",true,false,false,false,false,false,false,false,null,"UST","PSH (MW02)",{"$nulls":24},"<",28,"<",19,"<",24,"<",66,{"$nulls":26},"clay","no","unknown","3","4"]
[8179,583,"OGS105","Glenelg","SA","AU","Gasoline/Diesel",null,"sand","SIC",null,4141,"SV01A",8179,"2004-09-01",{"$nulls":7},6.889764,null,10.170604,{"$nulls":5},0.7,null,20.9,null,0.1,"NAPL",true,false,false,false,false,false,false,false,null,"UST","Sheen/PSH",{"$nulls":25},2000,null,8800,"<",2000,"<",6000,{"$nulls":26},"sandy clay","no","yes","3","4"]
[8180,583,"OGS105","Glenelg","SA","AU","Gasoline/Diesel",null,"sand","SIC",null,4141,"SV01A",8180,"2004-11-01",{"$nulls":7},6.889764,null,10.170604,{"$nulls":10},"NAPL",true,false,false,false,false,false,false,false,null,"UST","Sheen/PSH",{"$nulls":24},"<",1.67,"<",1.67,"<",1.67,"<",4.9,{"$nulls":26},"sandy clay","no","yes","3","4"]
[8181,583,"OGS105","Glenelg","SA","AU","Gasoline/Diesel",null,"sandy clay","SIC",null,4142,"SV01B",8181,"2004-11-01",{"$nulls":7},4.9868768,null,10.170604,{"$nulls":10},"NAPL",true,false,false,false,false,false,false,false,null,"UST","Sheen/PSH",{"$nulls":24},"<",2.5,null,1.6,"<",2.5,"<",7.5,{"$nulls":27},"no","yes","3","4"]
[8182,583,"OGS105","Glenelg","SA","AU","Gasoline/Diesel",null,"sandy clay","SIC",null,4142,"SV01B",8182,"2004-09-01",{"$nulls":7},4.9868768,null,10.170604,{"$nulls":5},1,null,20.6,null,0.1,"NAPL",true,false,false,false,false,false,false,false,null,"UST","Sheen/PSH",{"$nulls":25},2800,null,29200,"<",2000,null,11200,{"$nulls":27},"no","yes","3","4"]
[8183,583,"OGS105","Glenelg","SA","AU","Gasoline/Diesel",null,"sandy clay","SIC",null,4143,"SV01C",8183,"2004-11-01",{"$nulls":7},3.608924,null,10.170604,{"$nulls":10},"NAPL",true,false,false,false,false,false,false,false,null,"UST","Sheen/PSH",{"$nulls":25},6.25,null,68.75,"<",6.25,"<",18.75,{"$nulls":27},"no","yes","3","4"]
[8184,583,"OGS105","Glenelg","SA","AU","Gasoline/Diesel",null,"sandy clay","SIC",null,4143,"SV01C",8184,"2004-09-01",{"$nulls":7},3.608924,null,10.170604,{"$nulls":5},1.1,null,20.5,null,0.1,"NAPL",true,false,false,false,false,false,false,false,null,"UST","Sheen/PSH",{"$nulls":24},"<",2000,"<",2000,"<",2000,"<",6000,{"$nulls":27},"no","yes","3","4"]
[8185,583,"OGS105","Glenelg","SA","AU","Gasoline/Diesel",null,"fill, silty gravel","SIC",null,4144,"SV02A",8185,"2004-09-01",{"$nulls":7},7.217848,null,10.498688,{"$nulls":5},1.2,null,20.4,"<",0,"NAPL",true,false,false,false,false,false,false,false,null,"UST","Sheen/PSH",{"$nulls":24},"<",2000,"<",2800,"<",2000,"<",6000,{"$nulls":26},"sandy clay","no","unknown","3","4"]
[8186,583,"OGS105","Glenelg","SA","AU","Gasoline/Diesel",null,"fill, silty gravel","SIC",null,4144,"SV02A",8186,"2004-10-01",{"$nulls":7},7.217848,null,10.498688,{"$nulls":10},"NAPL",true,false,false,false,false,false,false,false,null,"UST","Sheen/PSH",{"$nulls":24},"<",1.67,null,3,"<",1.67,"<",4.9,{"$nulls":26},"sandy clay","no","unknown","3","4"]
[8187,583,"OGS105","Glenelg","SA","AU","Gasoline/Diesel",null,"sandy clay","SIC",null,4145,"SV02B",8187,"2004-10-01",{"$nulls":7},5.577428,null,10.498688,{"$nulls":10},"NAPL",true,false,false,false,false,false,false,false,null,"UST","Sheen/PSH",{"$nulls":24},"<",2.5,null,8.5,"<",2.5,"<",7.5,{"$nulls":27},"no","unknown","3","4"]
[8188,583,"OGS105","Glenelg","SA","AU","Gasoline/Diesel",null,"sandy clay","SIC",null,4145,"SV02B",8188,"2004-09-01",{"$nulls":7},5.577428,null,10.498688,{"$nulls":5},2.7,null,18.9,"<",0,"NAPL",true,false,false,false,false,false,false,false,null,"UST","Sheen/PSH",{"$nulls":24},"<",2000,null,5600,"<",2000,"<",6000,{"$nulls":27},"no","unknown","3","4"]
[8189,583,"OGS105","Glenelg","SA","AU","Gasoline/Diesel",null,"sandy clay","SIC",null,4146,"SV02C",8189,"2004-10-01",{"$nulls":7},3.937008,null,10.498688,{"$nulls":10},"NAPL",true,false,false,false,false,false,false,false,null,"UST","Sheen/PSH",{"$nulls":24},"<",5,null,5,"<",5,"<",15,{"$nulls":27},"no","unknown","3","4"]
[8190,583,"OGS105","Glenelg","SA","AU","Gasoline/Diesel",null,"sandy clay","SIC",null,4146,"SV02C",8190,"2004-09-01",{"$nulls":7},3.937008,null,10.498688,{"$nulls":5},3.2,null,18.1,"<",0,"NAPL",true,false,false,false,false,false,false,false,null,"UST","Sheen/PSH",{"$nulls":59},"no","unknown","3","4"]
[8191,583,"OGS105","Glenelg","SA","AU","Gasoline/Diesel",null,"bitumen, sand","SIC",null,4147,"SV03A",8191,"2004-10-01",{"$nulls":7},7.217848,null,10.498688,{"$nulls":5},1.5,null,20.4,"<",0,"NAPL",true,false,false,false,false,false,false,false,null,"UST","Sheen/PSH",{"$nulls":25},0.6,null,4.7,"<",1.67,"<",4.9,{"$nulls":26},"sandy clay","no","unknown","3","4"]
[8192,583,"OGS105","Glenelg","SA","AU","Gasoline/Diesel",null,"sandy clay","SIC",null,4148,"SV03B",8192,"2004-10-01",{"$nulls":7},5.577428,null,10.498688,{"$nulls":5},2.1,null,19.3,"<",0,"NAPL",true,false,false,false,false,false,false,false,null,"UST","Sheen/PSH",{"$nulls":24},"<",2.5,null,3.4,"<",2.5,"<",7.5,{"$nulls":27},"no","unknown","3","4"]
[8193,583,"OGS105","Glenelg","SA","AU","Gasoline/Diesel",null,"sandy clay","SIC",null,4149,"SV03C",8193,"2004-10-01",{"$nulls":7},3.937008,null,10.498688,{"$nulls":5},2.3,null,19.3,"<",0,"NAPL",true,false,false,false,false,false,false,false,null,"UST","Sheen/PSH",{"$nulls":24},"<",5,null,5,"<",5,"<",15,{"$nulls":27},"no","unknown","3","4"]
[8194,580,"OHT102","Howrah","TAS","AU","Gasoline/Diesel",null,null,"SIC",null,4150,"HSV1",8194,"2003-05-01",{"$nulls":7},4.92126,null,6.56168,{"$nulls":10},"Dissolved",false,false,false,false,false,false,false,false,null,"UST","Clarence High School oval adj to MW11",{"$nulls":24},"<",1,null,2,"<",1,"<",1,"<",1,{"$nulls":3},9676,{"$nulls":21},"no","yes","2","3"]
[8195,580,"OHT102","Howrah","TAS","AU","Gasoline/Diesel",null,null,"SIC",null,4151,"HSV2",8195,"2003-05-01",{"$nulls":7},4.92126,null,6.56168,{"$nulls":10},"Dissolved",false,false,false,false,false,false,false,false,null,"UST","Clarence High School oval below MW11",{"$nulls":24},"<",1,"<",1,"<",1,"<",1,"<",1,{"$nulls":3},4835,{"$nulls":21},"no","yes","2","3"]
[8196,580,"OHT102","Howrah","TAS","AU","Gasoline/Diesel",null,null,"SIC",null,4152,"HSV3",8196,"2003-05-01",{"$nulls":7},4.92126,null,6.56168,{"$nulls":10},"NAPL",false,false,false,false,false,false,false,true,"Aliphatics (hexane) in soil gas >1000 ug/m3","UST","service station forecourt adj to site building",{"$nulls":24},"<",1,null,284,"<",1,"<",1,"<",1,{"$nulls":3},52288,{"$nulls":21},"no","no","2","3"]
[8197,580,"OHT102","Howrah","TAS","AU","Gasoline/Diesel",null,null,"SIC",null,4153,"HSV4",8197,"2003-05-01",{"$nulls":7},4.265092,null,6.56168,{"$nulls":10},"NAPL",false,false,false,false,false,false,false,true,"Aliphatics (hexane) in soil gas >1000 ug/m3","UST","service station forecourt adj to MW8",{"$nulls":24},"<",1,null,168,"<",1,"<",1,null,2668,{"$nulls":3},205999,{"$nulls":21},"no","no","2","3"]
[8198,580,"OHT102","Howrah","TAS","AU","Gasoline/Diesel",null,null,"SIC",null,4154,"HSV5",8198,"2003-05-01",{"$nulls":7},5.577428,null,6.56168,{"$nulls":10},"NAPL",false,false,false,false,false,false,false,true,"Aliphatics (hexane) in soil gas >1000 ug/m3","UST","commercial property east of site adj to MW14",{"$nulls":24},"<",1,"<",1,"<",1,"<",1,null,700,{"$nulls":3},186864,{"$nulls":21},"no","yes","2","3"]
[8199,587,"OKQ109","Kedron","QLD","AU","Gasoline/Diesel",null,"gravel, clay, sandy silt","SIC",null,4155,"SG1",8199,"2008-12-01",{"$nulls":4},9050,null,null,6.56168,null,19.68504,{"$nulls":5},0.03,null,20.9,"<",0,"Dissolved",false,false,false,false,false,false,false,false,null,"UST","Dissolved phase (MW202)","MW202","2008-12-01","Dissolved phase (MW202)",null,440,null,260,null,180,null,3,"<",2,"<",2,"<",4,{"$nulls":7},"<",0.6,"<",0.81,null,0.87,"<",1.6,"<",0.66,null,1641,null,42.17,{"$nulls":21},"no","no","4","3"]
[8200,587,"OKQ109","Kedron","QLD","AU","Gasoline/Diesel",null,"gravel, silty clay, sand","SIC",null,4156,"SG2a",8200,"2008-12-01",{"$nulls":4},9051,null,null,13.12336,null,26.24672,{"$nulls":5},0.38,null,20.4,"<",0,"NAPL",false,true,false,true,true,false,false,false,null,"UST","Dissolved phase (MW101/MW204)","MW101/MW204","2008-12-01","Dissolved phase (MW101/MW204)",null,38400,null,31800,null,6600,null,11200,null,11300,null,1050,null,3760,{"$nulls":8},240,null,21,null,17,null,64,null,24,null,8228,null,421.3,{"$nulls":21},"no","no","4","3"]
[8201,587,"OKQ109","Kedron","QLD","AU","Gasoline/Diesel",null,"gravel, silty clay, clay sand, gravel sandy clay","SIC",null,4157,"SG2b",8201,"2008-12-01",{"$nulls":4},9052,null,null,2.952756,null,26.24672,{"$nulls":5},0.54,null,19.8,"<",0,"NAPL",false,true,false,true,true,false,false,false,null,"UST","Dissolved phase (MW101/MW204)","MW101/MW204","2008-12-01","Dissolved phase (MW101/MW204)",null,38400,null,31800,null,6600,null,11200,null,11300,null,1050,null,3760,{"$nulls":8},2.5,null,4.9,null,1.8,null,11,null,3.6,null,1441,null,41.4,{"$nulls":21},"no","no","4","3"]
[8202,587,"OKQ109","Kedron","QLD","AU","Gasoline/Diesel",null,"gravelly clay, sand","SIC",null,4158,"SG3",8202,"2008-12-01",{"$nulls":4},9053,null,null,3.28084,null,16.4042,{"$nulls":5},1.8,null,17.6,"<",0,"Dissolved",false,false,false,false,false,false,false,false,null,"UST","located on site between MW201 and","MW201","2008-12-01","located on site between MW201 and",null,7700,null,5200,null,2500,null,2700,null,530,null,200,null,1530,{"$nulls":8},6.2,null,13,null,2.3,null,9.6,null,77,null,22345,null,215.69,{"$nulls":21},"no","no","4","3"]
[8203,523,"ONCN45","Chipping Norton","NSW","AU","Gasoline",null,"fill","SIC",null,4159,"SV01_(SS)",8203,"2009-04-01",null,null,"Building",null,9054,null,null,11.975066,null,12.467192,{"$nulls":5},14.6,null,0.1,null,null,"NAPL",false,false,true,false,false,false,false,false,null,"UST","Historical PSH (MW02)","MW02","2009-04-01","Historical PSH (MW02)",null,2150,null,2150,{"$nulls":3},160,{"$nulls":13},"<",590,"<",3000,null,2800,null,9200,"<",2400,null,22832277,{"$nulls":23},"no","no","4","4"]
[8204,523,"ONCN45","Chipping Norton","NSW","AU","Gasoline",null,"clay fill","SIC",null,4160,"SV02",8204,"2009-04-01",{"$nulls":4},9055,null,null,2.624672,null,12.467192,{"$nulls":5},9.7,null,0,null,null,"NAPL",false,false,true,false,false,false,false,false,null,"UST","Historical PSH (MW02)","MW02","2009-04-01","Historical PSH (MW02)",null,2150,null,2150,{"$nulls":3},160,{"$nulls":13},"<",230,"<",270,"<",310,null,175,null,580,null,2277982,{"$nulls":23},"no","no","4","4"]
[8205,523,"ONCN45","Chipping Norton","NSW","AU","Gasoline",null,"fill","SIC",null,4161,"SV03_(SS)",8205,"2009-04-01",null,null,"Building",null,9056,null,null,11.975066,null,12.467192,{"$nulls":5},18.9,null,0.5,null,null,"NAPL",false,false,true,false,false,false,false,false,null,"UST","Historical PSH (MW02)","MW02","2009-04-01","Historical PSH (MW02)",null,2150,null,2150,{"$nulls":3},160,{"$nulls":13},"<",490,"<",90,"<",100,null,49,null,51,null,10666982,{"$nulls":23},"no","no","4","4"]
[8206,523,"ONCN45","Chipping Norton","NSW","AU","Gasoline",null,"fill","SIC",null,4162,"SV04_(SS)",8206,"2009-04-01",null,null,"Building",{"$nulls":4},11.975066,null,12.467192,{"$nulls":5},6.8,null,0.3,null,null,"NAPL",true,false,false,false,false,false,false,false,null,"UST","PSH (MW22D and E5)",{"$nulls":25},110000,null,2900,null,25000,null,145800,null,680000,null,14031696,{"$nulls":23},"no","unknown","4","4"]
[8208,523,"ONCN45","Chipping Norton","NSW","AU","Gasoline",null,"clay fill","SIC",null,4164,"SV05",8208,"2009-04-01",{"$nulls":7},2.624672,null,12.467192,{"$nulls":5},4.8,null,3.7,null,null,"NAPL",true,false,false,false,false,false,false,false,null,"UST","PSH (MW CN11)",{"$nulls":25},33000,"<",380,null,3400,null,5500,null,29000,null,2890892,{"$nulls":23},"no","unknown","4","4"]
[8207,523,"ONCN45","Chipping Norton","NSW","AU","Gasoline",null,"fill","SIC",null,4163,"SV05",8207,"2009-04-01",{"$nulls":4},9057,null,null,11.154856,null,12.467192,{"$nulls":4},"<",0,null,21.6,null,null,"NAPL",true,false,false,false,true,false,false,false,null,"UST","PSH (MW CN11)","MW CN11","2009-04-01","PSH (MW CN11)",null,160560,null,160560,{"$nulls":3},1450,{"$nulls":14},2.6,null,27,null,8.1,null,105,null,2.6,null,704,"<",0.000243523452277013,{"$nulls":21},"no","unknown","4","4"]
[8210,489,"OND11","Dundas","NSW","AU","Gasoline/Diesel",null,null,"C",null,4166,"SG01",8210,"2006-12-01",{"$nulls":4},9058,null,null,0.984251999999999,null,4.593176,{"$nulls":10},"Dissolved",false,false,false,false,false,false,false,false,null,"UST","Dissolved phase (petrol/diesel)","SG01-GW","2006-12-01","Dissolved phase (petrol/diesel)",null,960,null,180,null,780,null,15,null,6,null,22,null,31,{"$nulls":8},0.9,null,26,null,1,null,7.6,{"$nulls":3},176,{"$nulls":23},"no","yes","3","4"]
[8209,489,"OND11","Dundas","NSW","AU","Gasoline/Diesel",null,"fill","C",null,4165,"SG01",8209,"2006-12-01",{"$nulls":4},9058,null,null,2.0669292,null,4.593176,{"$nulls":10},"Dissolved",false,false,false,false,false,false,false,false,null,"UST","Dissolved phase (petrol/diesel)","SG01-GW","2006-12-01","Dissolved phase (petrol/diesel)",null,960,null,180,null,780,null,15,null,6,null,22,null,31,{"$nulls":8},0.5,null,24,null,1.3,null,9.3,{"$nulls":3},132,{"$nulls":22},"clay","no","yes","3","4"]
[8212,489,"OND11","Dundas","NSW","AU","Gasoline/Diesel",null,null,"C",null,4168,"SG02",8212,"2006-12-01",{"$nulls":4},9059,null,null,1.312336,null,4.593176,{"$nulls":10},"Dissolved",false,false,false,false,false,false,false,false,null,"UST","Dissolved phase (petrol/diesel)","SG02-GW","2006-12-01","Dissolved phase (petrol/diesel)",null,960,null,180,null,780,null,15,null,6,null,22,null,31,{"$nulls":8},1.1,null,25.6,null,1,null,6.07,{"$nulls":3},170,{"$nulls":23},"no","yes","3","4"]
[8211,489,"OND11","Dundas","NSW","AU","Gasoline/Diesel",null,"fill","C",null,4167,"SG02",8211,"2006-12-01",{"$nulls":4},9059,null,null,2.296588,null,4.593176,{"$nulls":10},"Dissolved",false,false,false,false,false,false,false,false,null,"UST","Dissolved phase (petrol/diesel)","SG02-GW","2006-12-01","Dissolved phase (petrol/diesel)",null,960,null,180,null,780,null,15,null,6,null,22,null,31,{"$nulls":8},0.56,null,11,null,1.1,null,11.6,{"$nulls":3},1333,{"$nulls":22},"clay","no","yes","3","4"]
[8213,490,"ONE12","Eastlakes","NSW","AU","Gasoline",null,"sand - loose","S",null,4169,"SG01",8213,"2005-06-28",{"$nulls":7},6.233596,null,11.154856,{"$nulls":4},"<",0,null,20.7,"<",0,"NAPL",false,true,false,false,false,false,false,false,null,"UST","Adjacent to home next to PSH (EOW5)",{"$nulls":25},0.59,null,1.29,"<",0.59,"<",1.78,{"$nulls":3},55.17,{"$nulls":22},"sand","no","yes","5","5"]
[8214,490,"ONE12","Eastlakes","NSW","AU","Gasoline",null,"sand - loose","S",null,4170,"SG02",8214,"2005-06-28",{"$nulls":7},6.233596,null,11.154856,{"$nulls":4},"<",0,null,21.1,"<",0,"NAPL",false,true,false,false,false,false,false,false,null,"UST","Adjacent to home next to PSH (EOW5)",{"$nulls":25},0.58,null,1.63,"<",0.58,"<",1.78,{"$nulls":3},58.3,{"$nulls":22},"sand","no","yes","5","5"]
[8215,490,"ONE12","Eastlakes","NSW","AU","Gasoline",null,"sand - loose","S",null,4171,"SG03",8215,"2005-06-28",{"$nulls":4},9060,null,null,2.624672,null,7.545932,{"$nulls":5},3.3,null,17.4,"<",0,"NAPL",false,true,false,false,true,false,false,false,null,"UST","Adjacent to home next to PSH (EOW19)","EOW19","2005-06-28","Adjacent to home next to PSH (EOW19)",null,32700,null,17400,null,15300,null,500,null,840,null,554,null,10660,{"$nulls":7},"<",0.64,null,2.05,null,0.9,null,2.69,{"$nulls":3},3910,{"$nulls":22},"sand","no","yes","5","5"]
[8216,490,"ONE12","Eastlakes","NSW","AU","Gasoline",null,"sand - loose","S",null,4172,"SG04",8216,"2005-06-28",{"$nulls":4},9061,null,null,2.296588,null,7.217848,{"$nulls":5},4.7,null,15.3,"<",0,"NAPL",false,true,false,false,true,false,false,false,null,"UST","Adjacent to home next to PSH (EOW15)","EOW15","2005-06-28","Adjacent to home next to PSH (EOW15)",null,32700,null,17400,null,15300,null,500,null,840,null,554,null,10660,{"$nulls":7},"<",0.64,null,0.64,"<",0.64,"<",1.92,{"$nulls":3},2064,{"$nulls":22},"sand","no","yes","5","5"]
[8218,490,"ONE12","Eastlakes","NSW","AU","Gasoline",null,null,"S",null,4174,"SG09",8218,"2005-06-28",{"$nulls":4},9062,null,null,0.984252,null,5.905512,{"$nulls":7},21.1,null,null,"NAPL",true,false,false,false,false,false,false,false,null,"UST","PSH off-site - petrol (EOW9)","EOW9","2005-06-28","PSH off-site - petrol (EOW9)",null,13900,null,8600,null,5300,null,1640,null,3050,null,1210,null,4690,{"$nulls":8},40650,null,2165853,null,91545,null,2536585,{"$nulls":3},5983739,{"$nulls":23},"no","yes","5","4"]
[8217,490,"ONE12","Eastlakes","NSW","AU","Gasoline",null,"sand - loose","S",null,4173,"SG09",8217,"2005-06-28",{"$nulls":4},9062,null,null,3.444882,null,5.905512,{"$nulls":7},21.1,null,null,"NAPL",true,false,false,false,false,false,false,false,null,"UST","PSH off-site - petrol (EOW9)","EOW9","2005-06-28","PSH off-site - petrol (EOW9)",null,13900,null,8600,null,5300,null,1640,null,3050,null,1210,null,4690,{"$nulls":8},14146,null,349187,null,24796,null,758943,{"$nulls":3},2991869,{"$nulls":22},"sand","no","yes","5","4"]
[8221,490,"ONE12","Eastlakes","NSW","AU","Gasoline",null,"sand, gravel","S",null,4177,"SGEOW19",8221,"2005-06-28",{"$nulls":4},9063,null,null,0,null,7.545932,{"$nulls":5},8,null,12.9,null,5.1,"NAPL",true,false,false,false,true,false,false,false,null,"UST","vapour directly above PSH in monitoring well","EOW19","2005-06-28","PSH off-site - petrol (EOW19)",null,36700,null,19400,null,17300,null,2500,null,2840,null,2554,null,12660,{"$nulls":8},21923,null,3462,null,1282,null,17820,{"$nulls":3},2961540,{"$nulls":23},"no","yes","5","4"]
[8220,490,"ONE12","Eastlakes","NSW","AU","Gasoline",null,"sand, gravel","S",null,4176,"SGEOW19",8220,"2005-06-28",{"$nulls":4},9063,null,null,2.624672,null,7.545932,{"$nulls":7},21.1,null,null,"NAPL",true,false,false,false,true,false,false,false,null,"UST","PSH off-site - petrol (EOW19)","EOW19","2005-06-28","PSH off-site - petrol (EOW19)",null,36700,null,19400,null,17300,null,2500,null,2840,null,2554,null,12660,{"$nulls":8},21138,null,1123089,null,139431,null,850813,{"$nulls":3},1682926,{"$nulls":23},"no","yes","5","4"]
[8219,490,"ONE12","Eastlakes","NSW","AU","Gasoline",null,"fill","S",null,4175,"SGEOW19",8219,"2005-06-28",{"$nulls":4},9063,null,null,5.085302,null,7.545932,{"$nulls":7},21.1,null,null,"NAPL",true,false,false,false,true,false,false,false,null,"UST","PSH off-site - petrol (EOW19)","EOW19","2005-06-28","PSH off-site - petrol (EOW19)",null,36700,null,19400,null,17300,null,2500,null,2840,null,2554,null,12660,{"$nulls":8},9431,null,6829,null,1626,null,23008,{"$nulls":3},97560,{"$nulls":22},"sand","no","yes","5","4"]
[8222,543,"ONG65","Gymea","NSW","AU","Gasoline",null,"concrete, fill","SIC",null,4178,"SG1",8222,"2008-07-01",null,null,"Building",null,9064,null,null,3.937008,null,4.92126,{"$nulls":10},"Dissolved",false,false,false,false,false,false,false,false,null,"UST","Dissolved phase (MW5)","MW5","2008-07-01","Dissolved phase (MW5)",null,2500,null,600,null,1900,null,2,null,5,null,60,null,226,{"$nulls":8},0.57,null,1.4,"<",0.76,null,1.1,"<",0.62,{"$nulls":3},17.07,{"$nulls":20},"clay, shale","yes","yes","4","3"]
[8223,543,"ONG65","Gymea","NSW","AU","Gasoline",null,"concrete, silty sand fill, clay","SIC",null,4179,"SG2",8223,"2008-07-01",null,null,"Pavement",null,9065,null,null,0.656168,null,4.92126,{"$nulls":10},"NAPL",true,false,false,false,false,false,false,false,null,"UST","PSH and dissolved phase (MW1/MW3)","MW1/MW3","2008-07-01","PSH and dissolved phase (MW1/MW3)",null,5040,null,2720,null,2320,null,234,null,19,null,140,null,354,{"$nulls":7},"<",1300,"<",1500,"<",1800,"<",3600,null,19000,{"$nulls":3},36000,{"$nulls":20},"clay, shale","yes","no","4","3"]
[8224,543,"ONG65","Gymea","NSW","AU","Gasoline",null,"concrete, sandy silt clay fill","SIC",null,4180,"SG3",8224,"2008-07-01",null,null,"Pavement",null,9066,null,null,0.656168,null,4.92126,{"$nulls":10},"NAPL",true,false,false,false,false,false,false,false,null,"UST","PSH and dissolved phase (MW1/MW3)","MW1/MW3","2008-07-01","PSH and dissolved phase (MW1/MW3)",null,5040,null,2720,null,2320,null,234,null,19,null,140,null,354,{"$nulls":8},140,"<",160,"<",180,"<",360,null,6500,{"$nulls":3},8740,{"$nulls":20},"clay, shale","yes","yes","4","3"]
[8225,543,"ONG65","Gymea","NSW","AU","Gasoline",null,"concrete, sand fill","SIC",null,4181,"SG4",8225,"2008-07-01",null,null,"Pavement",{"$nulls":4},0.656168,null,4.92126,{"$nulls":10},"NAPL",true,false,false,false,false,false,false,false,null,"UST","PSH",{"$nulls":24},"<",87,"<",100,"<",120,"<",240,null,4500,{"$nulls":3},10990,{"$nulls":20},"clay, shale","yes","yes","4","3"]
[8226,495,"ONNB17","Neutral Bay","NSW","AU","Gasoline",null,"fill","SIC",null,4182,"SV1",8226,"2007-11-01",{"$nulls":4},9067,null,null,1.312336,null,7.874016,{"$nulls":10},"Dissolved",false,false,false,false,true,false,false,false,null,"UST","residual soil impacts","SV1-GW","2007-11-01","residual soil impacts",null,445000,null,445000,"<",null,null,1600,"<",null,"<",null,"<",{"$nulls":8},"<",0.56,null,2.56,"<",0.56,null,2.89,{"$nulls":3},35.5,{"$nulls":22},"sandstone","yes","yes","4","5"]
[8227,495,"ONNB17","Neutral Bay","NSW","AU","Gasoline",null,"fill, clay sand","SIC",null,4183,"SV2",8227,"2007-11-01",{"$nulls":4},9068,null,null,3.28084,null,9.84252,{"$nulls":10},"Dissolved",false,false,false,false,false,false,false,false,null,"UST","dissolved phase (low level MW19)","MW19","2007-11-01","dissolved phase (low level MW19)",null,490,null,140,null,350,null,62,null,2,null,6,null,5,{"$nulls":7},"<",0.56,null,0.89,"<",0.56,"<",2.07,{"$nulls":3},906.7,{"$nulls":22},"clay sand, sandstone","yes","yes","4","5"]
[8231,560,"ONQ82","Queanbeyan","NSW","AU","Gasoline/Diesel",null,"sandy siltstone","SIC",null,4185,"SV1",8231,"2009-02-01",{"$nulls":7},22.96588,null,49.2126,{"$nulls":4},"<",0,null,20.9,"<",0,"NAPL",true,false,false,false,false,false,false,false,null,"UST","PSH Near MW8",{"$nulls":25},64000,null,230,null,3900,null,390,null,190,null,554981,{"$nulls":23},"yes","no","3","3"]
[8232,560,"ONQ82","Queanbeyan","NSW","AU","Gasoline/Diesel",null,"sandy siltstone","SIC",null,4185,"SV1",8232,"2008-12-01",{"$nulls":7},22.96588,null,49.2126,{"$nulls":4},"<",null,null,19.7,null,7,"NAPL",true,false,false,false,false,false,false,false,null,"UST","PSH Near MW8",{"$nulls":25},1.5,null,4.6,"<",1.8,null,3.7,null,9.3,"<",5000,{"$nulls":23},"yes","no","3","3"]
[8233,560,"ONQ82","Queanbeyan","NSW","AU","Gasoline/Diesel",null,"sandy siltstone","SIC",null,4185,"SV1",8233,"2008-10-01",{"$nulls":7},22.96588,null,49.2126,{"$nulls":4},"<",null,"<",null,"<",null,"NAPL",true,false,false,false,false,false,false,false,null,"UST","PSH Near MW8",{"$nulls":24},"<",970,"<",1100,"<",1300,"<",2600,null,8000,null,7343500,{"$nulls":23},"yes","no","3","3"]
[8228,560,"ONQ82","Queanbeyan","NSW","AU","Gasoline/Diesel",null,"fill","SIC",null,4184,"SV1",8228,"2008-10-01",{"$nulls":7},37.72966,null,49.2126,{"$nulls":5},3.7,null,11.3,null,90,"NAPL",true,false,false,false,false,false,false,false,null,"UST","PSH Near MW8",{"$nulls":25},1800000,null,4300000,null,600000,null,3080000,null,4000000,null,74088000,{"$nulls":22},"fractured siltstone","yes","no","3","3"]
[8229,560,"ONQ82","Queanbeyan","NSW","AU","Gasoline/Diesel",null,"fill","SIC",null,4184,"SV1",8229,"2009-02-01",{"$nulls":7},37.72966,null,49.2126,{"$nulls":4},"<",0,null,20.5,"<",0,"NAPL",true,false,false,false,false,false,false,false,null,"UST","PSH Near MW8",{"$nulls":25},2100000,null,3300000,null,320000,null,4900000,null,4000000,null,128288286,{"$nulls":22},"fractured siltstone","yes","no","3","3"]
[8230,560,"ONQ82","Queanbeyan","NSW","AU","Gasoline/Diesel",null,"fill","SIC",null,4184,"SV1",8230,"2008-12-01",{"$nulls":7},37.72966,null,49.2126,{"$nulls":4},"<",null,null,20.9,"<",0,"NAPL",true,false,false,false,false,false,false,false,null,"UST","PSH Near MW8",{"$nulls":25},46000,null,65000,"<",21000,null,2160000,null,2000000,null,68100000,{"$nulls":22},"fractured siltstone","yes","no","3","3"]
[8234,560,"ONQ82","Queanbeyan","NSW","AU","Gasoline/Diesel",null,"gravelly fill","SIC",null,4186,"SV2",8234,"2008-10-01",{"$nulls":7},47.244096,null,53.477692,{"$nulls":5},2.5,null,15.3,null,0.2,"NAPL",false,false,true,false,false,false,false,false,null,"UST","Former UST pit, dissolved phase (MW6), inferred PSH",{"$nulls":24},"<",0.57,null,0.78,"<",0.78,"<",1.56,"<",0.63,null,130,{"$nulls":22},"fill, fractured siltstone","yes","unknown","3","1"]
[8235,560,"ONQ82","Queanbeyan","NSW","AU","Gasoline/Diesel",null,"gravelly fill","SIC",null,4186,"SV2",8235,"2008-12-01",{"$nulls":7},47.244096,null,53.477692,{"$nulls":4},"<",null,null,20.9,"<",0,"NAPL",false,false,true,false,false,false,false,false,null,"UST","Former UST pit, dissolved phase (MW6), inferred PSH",{"$nulls":24},"<",0.71,null,0.95,"<",0.97,"<",1.77,null,1.8,"<",138,{"$nulls":22},"fill, fractured siltstone","yes","unknown","3","1"]
[8236,560,"ONQ82","Queanbeyan","NSW","AU","Gasoline/Diesel",null,"gravelly fill","SIC",null,4186,"SV2",8236,"2009-02-01",{"$nulls":7},47.244096,null,53.477692,{"$nulls":5},0.21,null,20.1,"<",0,"NAPL",false,false,true,false,false,false,false,false,null,"UST","Former UST pit, dissolved phase (MW6), inferred PSH",{"$nulls":24},"<",0.65,null,1,"<",0.88,"<",1.76,"<",0.72,null,287,{"$nulls":22},"fill, fractured siltstone","yes","unknown","3","1"]
[8237,560,"ONQ82","Queanbeyan","NSW","AU","Gasoline/Diesel",null,"fill to 2m, siltstone","SIC",null,4187,"SV3",8237,"2008-10-01",{"$nulls":7},37.72966,null,49.2126,{"$nulls":5},1,null,7.8,null,90,"NAPL",true,false,false,false,false,false,false,false,null,"UST","PSH (MW12)",{"$nulls":25},520000,null,120000,null,82000,null,600000,null,1400000,null,72589000,{"$nulls":22},"fractured siltstone","yes","no","3","2"]
[8238,560,"ONQ82","Queanbeyan","NSW","AU","Gasoline/Diesel",null,"fill to 2m, siltstone","SIC",null,4187,"SV3",8238,"2008-12-01",{"$nulls":7},37.72966,null,49.2126,{"$nulls":4},"<",null,null,20.9,"<",0,"NAPL",true,false,false,false,false,false,false,false,null,"UST","PSH (MW12)",{"$nulls":25},480000,null,55000,null,49000,null,251000,null,4100000,null,136800000,{"$nulls":22},"fractured siltstone","yes","no","3","2"]
[8239,560,"ONQ82","Queanbeyan","NSW","AU","Gasoline/Diesel",null,"fill to 2m, siltstone","SIC",null,4187,"SV3",8239,"2009-02-01",{"$nulls":7},37.72966,null,49.2126,{"$nulls":5},0.018,null,20.1,null,12,"NAPL",true,false,false,false,false,false,false,false,null,"UST","PSH (MW12)",{"$nulls":25},54000,"<",1900,null,11000,null,5300,null,230000,null,5380679,{"$nulls":22},"fractured siltstone","yes","no","3","2"]
[8241,500,"ONWW22","Woy Woy","NSW","AU","lube/motor oil",null,"sand","S",null,4189,"SG01",8241,"2006-09-01",{"$nulls":4},9069,null,null,9.514436,null,14.435696,{"$nulls":7},21,null,null,"NAPL",false,true,false,false,false,false,false,false,null,"UST","dissolved phase plume - oil (MW36)","MW36","2006-09-01","dissolved phase plume - oil (MW36)",null,8960,null,60,null,8900,"<",null,"<",null,null,30,null,24,{"$nulls":7},"<",3.5,null,4,null,2,null,9.2,null,null,"<",23,{"$nulls":23},"no","yes","3","3"]
[8240,500,"ONWW22","Woy Woy","NSW","AU","lube/motor oil",null,"fill/sand","S",null,4188,"SG01",8240,"2006-09-01",{"$nulls":4},9069,null,null,11.975066,null,14.435696,{"$nulls":7},21,null,null,"NAPL",false,true,false,false,false,false,false,false,null,"UST","dissolved phase plume - oil (MW36)","MW36","2006-09-01","dissolved phase plume - oil (MW36)",null,8960,null,60,null,8900,"<",null,"<",null,null,30,null,24,{"$nulls":7},"<",3.5,null,15,null,4.7,null,17.5,{"$nulls":3},32,{"$nulls":22},"sand","no","yes","3","3"]
[8243,500,"ONWW22","Woy Woy","NSW","AU","lube/motor oil",null,"sand","S",null,4191,"SG02",8243,"2006-09-01",{"$nulls":4},9070,null,null,8.2021,null,13.12336,{"$nulls":7},21,null,null,"NAPL",false,true,false,false,true,false,false,false,null,"UST","dissolved phase plume - petrol (MW28)","MW28","2006-09-01","dissolved phase plume - petrol (MW28)",null,148100,null,52200,null,95900,null,3800,null,25800,null,2800,null,22200,{"$nulls":7},"<",5,null,13,null,4,null,18,null,null,"<",25,{"$nulls":23},"no","yes","3","3"]
[8242,500,"ONWW22","Woy Woy","NSW","AU","lube/motor oil",null,"fill/sand","S",null,4190,"SG02",8242,"2006-09-01",{"$nulls":4},9070,null,null,10.66273,null,13.12336,{"$nulls":7},21,null,null,"NAPL",false,true,false,false,true,false,false,false,null,"UST","dissolved phase plume - petrol (MW28)","MW28","2006-09-01","dissolved phase plume - petrol (MW28)",null,148100,null,52200,null,95900,null,3800,null,25800,null,2800,null,22200,{"$nulls":7},"<",5,null,11,null,3,null,18,null,null,"<",25,{"$nulls":22},"sand","no","yes","3","3"]
[8245,500,"ONWW22","Woy Woy","NSW","AU","lube/motor oil",null,"sand","S",null,4193,"SG03",8245,"2006-09-01",{"$nulls":4},9071,null,null,8.2021,null,13.12336,{"$nulls":7},21,null,null,"NAPL",false,true,false,false,true,false,false,false,null,"UST","dissolved phase plume - petrol (MW28)","MW28","2006-09-01","dissolved phase plume - petrol (MW28)",null,148100,null,52200,null,95900,null,3800,null,25800,null,2800,null,22200,{"$nulls":7},"<",2,null,6,null,5,null,29,null,null,"<",25,{"$nulls":23},"no","yes","3","3"]
[8244,500,"ONWW22","Woy Woy","NSW","AU","lube/motor oil",null,"fill/sand","S",null,4192,"SG03",8244,"2006-09-01",{"$nulls":4},9071,null,null,10.66273,null,13.12336,{"$nulls":7},21,null,null,"NAPL",false,true,false,false,true,false,false,false,null,"UST","dissolved phase plume - petrol (MW28)","MW28","2006-09-01","dissolved phase plume - petrol (MW28)",null,148100,null,52200,null,95900,null,3800,null,25800,null,2800,null,22200,{"$nulls":8},3,null,6,null,2.5,null,11,{"$nulls":3},93,{"$nulls":22},"sand","no","yes","3","3"]
[8247,500,"ONWW22","Woy Woy","NSW","AU","lube/motor oil",null,"sand","S",null,4195,"SG04",8247,"2006-09-01",{"$nulls":4},9072,null,null,6.56168,null,11.48294,{"$nulls":7},21,null,null,"NAPL",false,true,false,false,true,false,false,false,null,"UST","dissolved phase plume - petrol (OMW5)","OMW5","2006-09-01","dissolved phase plume - petrol (OMW5)",null,49100,null,32300,null,16800,null,630,null,13500,null,1100,null,5400,{"$nulls":8},1.3,null,2.1,null,0.56,null,2.6,null,null,"<",25,{"$nulls":23},"no","yes","3","4"]
[8246,500,"ONWW22","Woy Woy","NSW","AU","lube/motor oil",null,"fill/sand","S",null,4194,"SG04",8246,"2006-09-01",{"$nulls":4},9072,null,null,9.02231,null,11.48294,{"$nulls":7},21,null,null,"NAPL",false,true,false,false,true,false,false,false,null,"UST","dissolved phase plume - petrol (OMW5)","OMW5","2006-09-01","dissolved phase plume - petrol (OMW5)",null,49100,null,32300,null,16800,null,630,null,13500,null,1100,null,5400,{"$nulls":8},0.9,null,1.5,null,0.98,null,2.7,null,null,"<",25,{"$nulls":22},"sand","no","yes","3","4"]
[8249,500,"ONWW22","Woy Woy","NSW","AU","lube/motor oil",null,"sand","S",null,4197,"SG05",8249,"2006-09-01",{"$nulls":4},9073,null,null,7.545932,null,12.467192,{"$nulls":7},21,null,null,"NAPL",false,true,false,false,true,false,false,false,null,"UST","dissolved phase plume - petrol (MW31)","MW31","2006-09-01","dissolved phase plume - petrol (MW31)",null,49100,null,32300,null,16800,null,630,null,13500,null,1100,null,5400,{"$nulls":8},1.83,null,2.7,"<",0.48,"<",2.9,null,null,"<",25,{"$nulls":23},"no","yes","3","4"]
[8248,500,"ONWW22","Woy Woy","NSW","AU","lube/motor oil",null,"fill/sand","S",null,4196,"SG05",8248,"2006-09-01",{"$nulls":4},9073,null,null,10.006562,null,12.467192,{"$nulls":7},21,null,null,"NAPL",false,true,false,false,true,false,false,false,null,"UST","dissolved phase plume - petrol (MW31)","MW31","2006-09-01","dissolved phase plume - petrol (MW31)",null,49100,null,32300,null,16800,null,630,null,13500,null,1100,null,5400,{"$nulls":8},1.15,null,2.9,"<",0.48,"<",2.9,null,null,"<",25,{"$nulls":22},"sand","no","yes","3","4"]
[8251,500,"ONWW22","Woy Woy","NSW","AU","lube/motor oil",null,"sand","S",null,4199,"SG06",8251,"2006-09-01",{"$nulls":7},13.451444,null,18.372704,{"$nulls":7},21,null,null,"NAPL",true,false,false,false,false,false,false,false,null,"UST","PSH (adjacent to MW25)",{"$nulls":24},"<",2,null,4,null,2,null,11.9,null,null,"<",25,{"$nulls":23},"no","unknown","3","3"]
[8250,500,"ONWW22","Woy Woy","NSW","AU","lube/motor oil",null,"fill/sand","S",null,4198,"SG06",8250,"2006-09-01",{"$nulls":7},15.912074,null,18.372704,{"$nulls":7},21,null,null,"NAPL",true,false,false,false,false,false,false,false,null,"UST","PSH (adjacent to MW25)",{"$nulls":24},"<",2,null,6,null,5,null,29.7,null,null,"<",25,{"$nulls":22},"sand","no","unknown","3","3"]
[8252,533,"OSSA55","Silvers Adelaide","SA","AU","Gasoline/Diesel",null,"sand","C",null,4200,"SS1",8252,"2008-01-01",null,null,"Building",null,9074,null,null,6.233596,null,6.56168,{"$nulls":10},"NAPL",false,true,false,true,true,false,false,false,null,"UST","Dissolved phase (MW4/MW8)","MW4/MW8","2008-01-01","Dissolved phase (MW4/MW8)",null,238600,null,181000,null,57600,null,28000,null,500,null,10200,null,37400,{"$nulls":8},88,null,140,null,38,null,190,null,500,null,1600,{"$nulls":22},"clay","no","yes","4","4"]
[8253,533,"OSSA55","Silvers Adelaide","SA","AU","Gasoline/Diesel",null,"sand","C",null,4201,"SS2",8253,"2008-01-01",null,null,"Building",null,9075,null,null,5.577428,null,6.56168,{"$nulls":10},"NAPL",false,true,false,true,true,false,false,false,null,"UST","Dissolved phase (MW9)","MW9","2008-01-01","Dissolved phase (MW9)",null,52900,null,51200,null,1700,null,35600,null,72,null,86,null,140,{"$nulls":8},34,null,53,null,14,null,68,null,300,null,600,{"$nulls":22},"clay","no","yes","4","4"]
[8254,533,"OSSA55","Silvers Adelaide","SA","AU","Gasoline/Diesel",null,"sandy fill","C",null,4202,"SV1",8254,"2008-01-01",null,null,"Pavement",null,9076,null,null,4.92126,null,6.56168,{"$nulls":10},"Dissolved",false,false,false,true,false,false,false,false,null,"UST","Dissolved phase (MW8)","MW8","2008-01-01","Dissolved phase (MW8)",null,19700,null,18600,null,1100,null,6100,null,12,null,91,null,100,{"$nulls":8},10,"<",10,null,31,"<",100,"<",100,null,300,{"$nulls":22},"clay","no","yes","4","4"]
[8255,533,"OSSA55","Silvers Adelaide","SA","AU","Gasoline/Diesel",null,"gravel sand fill","C",null,4203,"SV2",8255,"2008-01-01",null,null,"Pavement",null,9077,null,null,5.249344,null,6.56168,{"$nulls":10},"NAPL",false,false,false,true,true,false,false,true,"Aliphatics (TPH) in soil gas >50000 ug/m3 (where no hexane is reported)","UST","Dissolved phase (MW9)","MW9","2008-01-01","Dissolved phase (MW9)",null,52900,null,51200,null,1700,null,35600,null,72,null,86,null,140,{"$nulls":8},1700000,null,1100000,null,220000,null,870000,null,3700,null,8026000,{"$nulls":22},"clay","no","yes","4","4"]
[8256,533,"OSSA55","Silvers Adelaide","SA","AU","Gasoline/Diesel",null,"clay","C",null,4204,"SV3",8256,"2008-01-01",null,null,"Pavement",null,9078,null,null,3.28084,null,6.56168,{"$nulls":10},"NAPL",false,false,false,true,true,false,false,true,"Aliphatics (TPH) in soil gas >50000 ug/m3 (where no hexane is reported)","UST","Dissolved phase (MW9)","MW9","2008-01-01","Dissolved phase (MW9)",null,52900,null,51200,null,1700,null,35600,null,72,null,86,null,140,{"$nulls":8},2800000,null,2000000,null,500000,null,1780000,null,14000,null,22639000,{"$nulls":22},"clay","no","yes","4","4"]
[8257,584,"OSV106","Scoresby","VIC","AU","Gasoline/Diesel",null,"silty clay","SIC",null,4205,"VP1",8257,"2005-05-01",{"$nulls":4},9079,null,null,1.64042,null,6.56168,{"$nulls":10},"NAPL",true,false,false,true,false,false,false,false,null,"UST","Dissolved phase and soil impacts","VP1-GW","2005-05-01","Dissolved phase and soil impacts",null,4200,{"$nulls":3},4200,null,97000,null,22000,null,7300,null,10900,{"$nulls":8},390000,null,300000,null,38000,null,280000,{"$nulls":26},"silty clay","no","no","3","4"]
[8258,584,"OSV106","Scoresby","VIC","AU","Gasoline/Diesel",null,"silty clay","SIC",null,4206,"VP2",8258,"2005-05-01",{"$nulls":4},9080,null,null,1.64042,null,6.56168,{"$nulls":10},"NAPL",true,false,false,true,false,false,false,false,null,"UST","Dissolved phase and soil impacts","VP2-GW","2005-05-01","Dissolved phase and soil impacts",null,4200,{"$nulls":3},4200,null,97000,null,22000,null,7300,null,10900,{"$nulls":8},6500,"<",600,"<",600,"<",600,{"$nulls":26},"silty clay","no","no","3","4"]
[8259,584,"OSV106","Scoresby","VIC","AU","Gasoline/Diesel",null,"silty clay","SIC",null,4207,"VP3",8259,"2005-05-01",{"$nulls":4},9081,null,null,1.64042,null,6.56168,{"$nulls":10},"NAPL",true,false,false,true,false,false,false,false,null,"UST","Dissolved phase and soil impacts","VP3-GW","2005-05-01","Dissolved phase and soil impacts",null,4200,{"$nulls":3},4200,null,97000,null,22000,null,7300,null,10900,{"$nulls":8},600,"<",600,"<",600,null,3200,{"$nulls":26},"silty clay","no","no","1","4"]
[8261,481,"OVA3","Abbotsford","VIC","AU","Gasoline",null,"basalt","C",null,4209,"SG02",8261,"2008-11-01",{"$nulls":7},1.64042,null,18.04462,{"$nulls":5},3.5,null,0,null,3.3,"NAPL",true,false,false,false,false,false,false,false,null,"UST","PSH on-site - petrol",{"$nulls":24},"<",141,"<",160,"<",190,"<",380,"<",150,"<",null,null,44090,{"$nulls":21},"yes","unknown","4","4"]
[8260,481,"OVA3","Abbotsford","VIC","AU","Gasoline",null,"silty clay","C",null,4208,"SG02",8260,"2008-11-01",{"$nulls":7},14.435696,null,18.04462,{"$nulls":5},1.8,null,9,null,2.3,"NAPL",true,false,false,false,false,false,false,false,null,"UST","PSH on-site - petrol",{"$nulls":24},"<",54,"<",63,"<",73,"<",146,null,420,"<",null,null,27561,{"$nulls":20},"basalt","yes","unknown","4","4"]
[8264,481,"OVA3","Abbotsford","VIC","AU","Gasoline",null,"basalt","C",null,4212,"SG03",8264,"2008-11-01",{"$nulls":4},9082,null,null,3.937008,null,18.04462,{"$nulls":5},1.4,null,0.5,null,1.1,"NAPL",false,true,false,true,true,false,false,false,null,"UST","Dissolved phase on-site","SG03-GW","2008-11-01","Dissolved phase on-site",null,57400,null,57400,{"$nulls":3},7010,null,7330,null,3730,null,23700,{"$nulls":7},"<",2.8,null,9.9,"<",3.8,"<",9.7,"<",3.1,"<",null,null,431.6,{"$nulls":21},"yes","yes","4","4"]
[8263,481,"OVA3","Abbotsford","VIC","AU","Gasoline",null,"silty clay","C",null,4211,"SG03",8263,"2008-11-01",{"$nulls":4},9082,null,null,12.795276,null,18.04462,{"$nulls":5},3.5,null,0,null,3.9,"NAPL",false,false,true,true,true,false,false,true,"Aliphatics (hexane) in soil gas >1000 ug/m3","UST","Dissolved phase on-site","SG03-GW","2008-11-01","Dissolved phase on-site",null,57400,null,57400,{"$nulls":3},7010,null,7330,null,3730,null,23700,{"$nulls":8},6,null,18,"<",7.8,"<",15.6,"<",6.3,"<",null,null,4075.8,{"$nulls":21},"yes","yes","4","4"]
[8262,481,"OVA3","Abbotsford","VIC","AU","Gasoline",null,"silty clay","C",null,4210,"SG03",8262,"2008-11-01",{"$nulls":4},9082,null,null,14.435696,null,18.04462,{"$nulls":5},2.1,null,5.4,null,2.9,"NAPL",false,true,false,true,true,false,false,false,null,"UST","Dissolved phase on-site","SG03-GW","2008-11-01","Dissolved phase on-site",null,57400,null,57400,{"$nulls":3},7010,null,7330,null,3730,null,23700,{"$nulls":7},"<",3,null,9.5,"<",4.1,"<",8.2,"<",3.4,"<",null,null,115.2,{"$nulls":20},"basalt","yes","yes","4","4"]
[8265,481,"OVA3","Abbotsford","VIC","AU","Gasoline",null,"silty clay","C",null,4213,"SG04(beneath roadway)",8265,"2008-11-01",null,null,"Building",null,9083,null,null,17.060368,null,18.04462,{"$nulls":5},5.6,null,0,null,73.6,"NAPL",false,false,true,true,true,false,false,true,"Aliphatics (hexane) in soil gas >1000 ug/m3","UST","Dissolved phase on-site","SG04(beneath roadway)-GW","2008-11-01","Dissolved phase on-site",null,57400,null,57400,{"$nulls":3},7010,null,7330,null,3730,null,23700,{"$nulls":7},"<",21,"<",25,"<",29,"<",58,null,6800,"<",null,null,12355,{"$nulls":20},"basalt","yes","yes","4","4"]
[8267,484,"OVA6","Altona","VIC","AU","Benzene",null,"basalt","C",null,4215,"SG01",8267,"2007-03-01",{"$nulls":4},9084,null,null,3.28084,null,16.4042,{"$nulls":10},"NAPL",true,false,false,false,false,false,false,false,null,"UST","PSH - Benzene","SG01-GW","2007-03-01","PSH - Benzene",{"$nulls":7},2440,{"$nulls":14},2959500,null,550000,null,23333,null,37667,{"$nulls":5},3582833,{"$nulls":21},"yes","yes","5","5"]
[8266,484,"OVA6","Altona","VIC","AU","Benzene",null,"basaltic clays","C",null,4214,"SG01",8266,"2007-03-01",{"$nulls":4},9084,null,null,9.84252,null,16.4042,{"$nulls":10},"NAPL",true,false,false,false,false,false,false,false,null,"UST","PSH - Benzene","SG01-GW","2007-03-01","PSH - Benzene",{"$nulls":7},2440,{"$nulls":14},150392,null,12157,"<",980,null,1961,{"$nulls":5},167451,{"$nulls":20},"basalt","yes","yes","5","5"]
[8269,484,"OVA6","Altona","VIC","AU","Benzene",null,"basalt","C",null,4217,"SG02",8269,"2007-03-01",{"$nulls":4},9085,null,null,3.28084,null,16.4042,{"$nulls":10},"NAPL",true,false,false,false,false,false,false,false,null,"UST","PSH - Benzene","SG02-GW","2007-03-01","PSH - Benzene",{"$nulls":7},2440,{"$nulls":14},2133,null,579,null,37,null,54,{"$nulls":5},2826,{"$nulls":21},"yes","yes","5","5"]
[8268,484,"OVA6","Altona","VIC","AU","Benzene",null,"basaltic clays","C",null,4216,"SG02",8268,"2007-03-01",{"$nulls":4},9085,null,null,9.84252,null,16.4042,{"$nulls":10},"NAPL",true,false,false,false,false,false,false,false,null,"UST","PSH - Benzene","SG02-GW","2007-03-01","PSH - Benzene",{"$nulls":7},2440,{"$nulls":14},6.5,null,216,null,1.8,null,7.2,{"$nulls":5},249.8,{"$nulls":20},"basalt","yes","yes","5","5"]
[8271,484,"OVA6","Altona","VIC","AU","Benzene",null,"basalt","C",null,4219,"SG03",8271,"2007-03-01",{"$nulls":4},9086,null,null,3.28084,null,16.4042,{"$nulls":10},"NAPL",true,false,false,false,false,false,false,false,null,"UST","PSH - Benzene","SG03-GW","2007-03-01","PSH - Benzene",{"$nulls":7},2440,{"$nulls":13},"<",1603,"<",1603,"<",1603,null,4808,null,null,"<",null,"<",11218,{"$nulls":21},"yes","yes","5","5"]
[8270,484,"OVA6","Altona","VIC","AU","Benzene",null,"basaltic clays","C",null,4218,"SG03",8270,"2007-03-01",{"$nulls":4},9086,null,null,9.84252,null,16.4042,{"$nulls":10},"NAPL",true,false,false,false,false,false,false,false,null,"UST","PSH - Benzene","SG03-GW","2007-03-01","PSH - Benzene",{"$nulls":7},2440,{"$nulls":14},2424,null,530,null,64,null,102,{"$nulls":5},3140,{"$nulls":20},"basalt","yes","yes","5","5"]
[8273,484,"OVA6","Altona","VIC","AU","Benzene",null,"basalt","C",null,4221,"SG04",8273,"2007-03-01",{"$nulls":4},9087,null,null,3.28084,null,16.4042,{"$nulls":10},"NAPL",true,false,false,false,false,false,false,false,null,"UST","PSH - Benzene","SG04-GW","2007-03-01","PSH - Benzene",{"$nulls":7},2440,{"$nulls":14},4487,null,513,null,47,null,158,{"$nulls":5},5269,{"$nulls":21},"yes","yes","5","5"]
[8272,484,"OVA6","Altona","VIC","AU","Benzene",null,"basaltic clays","C",null,4220,"SG04",8272,"2007-03-01",{"$nulls":4},9087,null,null,9.84252,null,16.4042,{"$nulls":10},"NAPL",true,false,false,false,false,false,false,false,null,"UST","PSH - Benzene","SG04-GW","2007-03-01","PSH - Benzene",{"$nulls":7},2440,{"$nulls":14},8.5,null,434,null,4.3,null,12,{"$nulls":5},477.1,{"$nulls":20},"basalt","yes","yes","5","5"]
[8275,484,"OVA6","Altona","VIC","AU","Benzene",null,"basalt","C",null,4223,"SG05",8275,"2007-03-01",{"$nulls":4},9088,null,null,3.28084,null,16.4042,{"$nulls":10},"NAPL",true,false,false,false,false,false,false,false,null,"UST","PSH - Benzene","SG05-GW","2007-03-01","PSH - Benzene",{"$nulls":7},2440,{"$nulls":14},158333,null,10145,"<",1812,"<",3623,{"$nulls":5},177536,{"$nulls":21},"yes","yes","5","5"]
[8274,484,"OVA6","Altona","VIC","AU","Benzene",null,"basaltic clays","C",null,4222,"SG05",8274,"2007-03-01",{"$nulls":4},9088,null,null,9.84252,null,16.4042,{"$nulls":10},"NAPL",true,false,false,false,false,false,false,false,null,"UST","PSH - Benzene","SG05-GW","2007-03-01","PSH - Benzene",{"$nulls":7},2440,{"$nulls":14},287,null,244,null,26,null,68,{"$nulls":5},662,{"$nulls":20},"basalt","yes","yes","5","5"]
[8277,484,"OVA6","Altona","VIC","AU","Benzene",null,"basalt","C",null,4225,"SG06",8277,"2007-03-01",{"$nulls":4},9089,null,null,3.28084,null,16.4042,{"$nulls":10},"NAPL",true,false,false,false,false,false,false,false,null,"UST","PSH - Benzene","SG06-GW","2007-03-01","PSH - Benzene",{"$nulls":7},2440,{"$nulls":14},54500,null,2167,"<",833,"<",1667,{"$nulls":5},62500,{"$nulls":21},"yes","yes","5","5"]
[8276,484,"OVA6","Altona","VIC","AU","Benzene",null,"basaltic clays","C",null,4224,"SG06",8276,"2007-03-01",{"$nulls":4},9089,null,null,9.84252,null,16.4042,{"$nulls":10},"NAPL",true,false,false,false,false,false,false,false,null,"UST","PSH - Benzene","SG06-GW","2007-03-01","PSH - Benzene",{"$nulls":7},2440,{"$nulls":14},8595,null,359,null,49,null,111,{"$nulls":5},9163,{"$nulls":20},"basalt","yes","yes","5","5"]
[8280,534,"OVAP56","Albert Park","VIC","AU","Gasoline/Diesel",null,"sand","S",null,4227,"SGMW1",8280,"2006-11-01",{"$nulls":4},9090,null,null,0.82021,null,9.84252,{"$nulls":10},"Dissolved",false,false,false,false,false,false,false,false,null,"UST","Dissolved phase (MW15)","MW15","2006-11-01","Dissolved phase (MW15)",null,1250,null,290,null,960,null,240,"<",2,"<",2,null,35,{"$nulls":7},"<",5,"<",5,"<",5,"<",5,"<",5,null,1900,{"$nulls":23},"no","yes","2","4"]
[8281,534,"OVAP56","Albert Park","VIC","AU","Gasoline/Diesel",null,"sand","S",null,4227,"SGMW1",8281,"2007-12-01",{"$nulls":4},9091,null,null,0.82021,null,9.84252,{"$nulls":10},"Dissolved",false,false,false,false,false,false,false,false,null,"UST","Dissolved phase (MW15)","MW15","2007-12-01","Dissolved phase (MW15)",null,1250,null,290,null,960,null,240,"<",2,"<",2,null,35,{"$nulls":7},"<",5,"<",5,"<",5,"<",5,"<",5,"<",5,{"$nulls":23},"no","yes","2","4"]
[8278,534,"OVAP56","Albert Park","VIC","AU","Gasoline/Diesel",null,"fill","S",null,4226,"SGMW1",8278,"2006-11-01",{"$nulls":4},9090,null,null,5.577428,null,9.84252,{"$nulls":10},"Dissolved",false,false,false,false,false,false,false,false,null,"UST","Dissolved phase (MW15)","MW15","2006-11-01","Dissolved phase (MW15)",null,1250,null,290,null,960,null,240,"<",2,"<",2,null,35,{"$nulls":7},"<",5,"<",5,"<",5,"<",5,"<",5,null,510,{"$nulls":22},"sand","no","yes","2","4"]
[8279,534,"OVAP56","Albert Park","VIC","AU","Gasoline/Diesel",null,"fill","S",null,4226,"SGMW1",8279,"2007-12-01",{"$nulls":4},9091,null,null,5.577428,null,9.84252,{"$nulls":10},"Dissolved",false,false,false,false,false,false,false,false,null,"UST","Dissolved phase (MW15)","MW15","2007-12-01","Dissolved phase (MW15)",null,1250,null,290,null,960,null,240,"<",2,"<",2,null,35,{"$nulls":7},"<",5,"<",5,"<",5,"<",5,"<",5,"<",5,{"$nulls":22},"sand","no","yes","2","4"]
[8284,534,"OVAP56","Albert Park","VIC","AU","Gasoline/Diesel",null,"sand","S",null,4229,"SGMW2",8284,"2006-11-01",{"$nulls":4},9092,null,null,1.148294,null,9.84252,{"$nulls":10},"NAPL",false,false,false,false,false,false,false,true,"Aliphatics (TPH) in soil gas >50000 ug/m3 (where no hexane is reported)","UST","Dissolved phase (MW21)","MW21","2006-11-01","Dissolved phase (MW21)",null,8360,null,920,null,7440,null,52,null,93,null,131,null,481,{"$nulls":7},"<",5,"<",5,"<",5,"<",5,"<",5,null,870000,{"$nulls":23},"no","yes","2","4"]
[8285,534,"OVAP56","Albert Park","VIC","AU","Gasoline/Diesel",null,"sand","S",null,4229,"SGMW2",8285,"2007-12-01",{"$nulls":4},9093,null,null,1.148294,null,9.84252,{"$nulls":10},"Dissolved",false,false,false,false,false,false,false,false,null,"UST","Dissolved phase (MW21)","MW21","2007-12-01","Dissolved phase (MW21)",null,8360,null,920,null,7440,null,52,null,93,null,131,null,481,{"$nulls":7},"<",5,"<",5,"<",5,"<",5,"<",5,"<",5,{"$nulls":23},"no","yes","2","4"]
[8282,534,"OVAP56","Albert Park","VIC","AU","Gasoline/Diesel",null,"fill","S",null,4228,"SGMW2",8282,"2007-12-01",{"$nulls":4},9093,null,null,5.413386,null,9.84252,{"$nulls":10},"Dissolved",false,false,false,false,false,false,false,false,null,"UST","Dissolved phase (MW21)","MW21","2007-12-01","Dissolved phase (MW21)",null,8360,null,920,null,7440,null,52,null,93,null,131,null,481,{"$nulls":7},"<",5,"<",5,"<",5,"<",5,"<",5,null,29000,{"$nulls":22},"sand","no","yes","2","4"]
[8283,534,"OVAP56","Albert Park","VIC","AU","Gasoline/Diesel",null,"fill","S",null,4228,"SGMW2",8283,"2006-11-01",{"$nulls":4},9092,null,null,5.413386,null,9.84252,{"$nulls":10},"NAPL",false,false,false,false,false,false,false,true,"Aliphatics (TPH) in soil gas >50000 ug/m3 (where no hexane is reported)","UST","Dissolved phase (MW21)","MW21","2006-11-01","Dissolved phase (MW21)",null,8360,null,920,null,7440,null,52,null,93,null,131,null,481,{"$nulls":7},"<",5,"<",5,"<",5,"<",5,"<",5,null,230000,{"$nulls":22},"sand","no","yes","2","4"]
[8288,534,"OVAP56","Albert Park","VIC","AU","Gasoline/Diesel",null,"sand","S",null,4231,"SGMW3",8288,"2007-12-01",{"$nulls":4},9095,null,null,1.148294,null,9.84252,{"$nulls":10},"Dissolved",false,false,false,false,false,false,false,false,null,"UST","Dissolved phase (MW16)","MW16","2007-12-01","Dissolved phase (MW16)",null,1370,null,150,null,1220,"<",1,"<",2,null,8,null,105,{"$nulls":7},"<",5,"<",5,"<",5,"<",5,"<",5,"<",5,{"$nulls":23},"no","yes","2","4"]
[8289,534,"OVAP56","Albert Park","VIC","AU","Gasoline/Diesel",null,"sand","S",null,4231,"SGMW3",8289,"2006-11-01",{"$nulls":4},9094,null,null,1.148294,null,9.84252,{"$nulls":10},"Dissolved",false,false,false,false,false,false,false,false,null,"UST","Dissolved phase (MW16)","MW16","2006-11-01","Dissolved phase (MW16)",null,1370,null,150,null,1220,"<",1,"<",2,null,8,null,105,{"$nulls":7},"<",5,"<",5,"<",5,"<",5,"<",5,null,7200,{"$nulls":23},"no","yes","2","4"]
[8286,534,"OVAP56","Albert Park","VIC","AU","Gasoline/Diesel",null,"fill","S",null,4230,"SGMW3",8286,"2006-11-01",{"$nulls":4},9094,null,null,5.085302,null,9.84252,{"$nulls":10},"Dissolved",false,false,false,false,false,false,false,false,null,"UST","Dissolved phase (MW16)","MW16","2006-11-01","Dissolved phase (MW16)",null,1370,null,150,null,1220,"<",1,"<",2,null,8,null,105,{"$nulls":7},"<",5,"<",5,"<",5,"<",5,"<",5,"<",200,{"$nulls":22},"sand","no","yes","2","4"]
[8287,534,"OVAP56","Albert Park","VIC","AU","Gasoline/Diesel",null,"fill","S",null,4230,"SGMW3",8287,"2007-12-01",{"$nulls":4},9095,null,null,5.085302,null,9.84252,{"$nulls":10},"Dissolved",false,false,false,false,false,false,false,false,null,"UST","Dissolved phase (MW16)","MW16","2007-12-01","Dissolved phase (MW16)",null,1370,null,150,null,1220,"<",1,"<",2,null,8,null,105,{"$nulls":7},"<",5,"<",5,"<",5,"<",5,"<",5,"<",5,{"$nulls":22},"sand","no","yes","2","4"]
[8292,534,"OVAP56","Albert Park","VIC","AU","Gasoline/Diesel",null,"sand","S",null,4233,"SGMW4",8292,"2007-12-01",{"$nulls":4},9097,null,null,1.64042,null,9.84252,{"$nulls":10},"Dissolved",false,false,false,false,false,false,false,false,null,"UST","Dissolved phase (MW22/MW23/MW24)","MW22/MW23/MW24","2007-12-01","Dissolved phase (MW22/MW23/MW24)",null,2895,null,1260,null,1635,null,37,null,140,null,210,null,701,{"$nulls":7},"<",5,"<",5,"<",5,"<",5,"<",5,null,2200,{"$nulls":23},"no","yes","2","4"]
[8293,534,"OVAP56","Albert Park","VIC","AU","Gasoline/Diesel",null,"sand","S",null,4233,"SGMW4",8293,"2006-11-01",{"$nulls":4},9096,null,null,1.64042,null,9.84252,{"$nulls":10},"Dissolved",false,false,false,false,false,false,false,false,null,"UST","Dissolved phase (MW22/MW23/MW24)","MW22/MW23/MW24","2006-11-01","Dissolved phase (MW22/MW23/MW24)",null,2895,null,1260,null,1635,null,37,null,140,null,210,null,701,{"$nulls":7},"<",5,"<",5,"<",5,"<",5,"<",5,{"$nulls":25},"no","yes","2","4"]
[8290,534,"OVAP56","Albert Park","VIC","AU","Gasoline/Diesel",null,"fill","S",null,4232,"SGMW4",8290,"2006-11-01",{"$nulls":4},9096,null,null,4.92126,null,9.84252,{"$nulls":10},"Dissolved",false,false,false,false,false,false,false,false,null,"UST","Dissolved phase (MW22/MW23/MW24)","MW22/MW23/MW24","2006-11-01","Dissolved phase (MW22/MW23/MW24)",null,2895,null,1260,null,1635,null,37,null,140,null,210,null,701,{"$nulls":7},"<",5,"<",5,"<",5,"<",5,"<",5,{"$nulls":24},"sand","no","yes","2","4"]
[8291,534,"OVAP56","Albert Park","VIC","AU","Gasoline/Diesel",null,"fill","S",null,4232,"SGMW4",8291,"2007-12-01",{"$nulls":4},9097,null,null,4.92126,null,9.84252,{"$nulls":10},"Dissolved",false,false,false,false,false,false,false,false,null,"UST","Dissolved phase (MW22/MW23/MW24)","MW22/MW23/MW24","2007-12-01","Dissolved phase (MW22/MW23/MW24)",null,2895,null,1260,null,1635,null,37,null,140,null,210,null,701,{"$nulls":7},"<",5,"<",5,"<",5,"<",5,"<",5,"<",5,{"$nulls":22},"sand","no","yes","2","4"]
[8296,554,"OVBE76","Brunswick East","VIC","AU","Gasoline/Diesel",null,"fractured basalt","C",null,4236,"SV1",8296,"2009-02-01",null,null,"Pavement",null,9098,null,null,3.28084,null,26.24672,{"$nulls":10},"Dissolved",false,false,false,false,false,false,false,false,null,"UST","Dissolved phase (MW6)","MW6","2009-02-01","Dissolved phase (MW6)",null,7900,null,6400,null,1500,null,11,"<",1,null,280,null,16,{"$nulls":7},"<",3.6,"<",4.3,"<",5,"<",10,"<",4,{"$nulls":3},31,{"$nulls":21},"yes","yes","2","4"]
[8295,554,"OVBE76","Brunswick East","VIC","AU","Gasoline/Diesel",null,"silty clay","C",null,4235,"SV1",8295,"2009-02-01",null,null,"Pavement",null,9098,null,null,13.779528,null,26.24672,{"$nulls":10},"Dissolved",false,false,false,false,false,false,false,false,null,"UST","Dissolved phase (MW6)","MW6","2009-02-01","Dissolved phase (MW6)",null,7900,null,6400,null,1500,null,11,"<",1,null,280,null,16,{"$nulls":7},"<",4.2,"<",5,"<",5.7,"<",11.4,"<",4.6,{"$nulls":3},120,{"$nulls":21},"yes","yes","2","4"]
[8294,554,"OVBE76","Brunswick East","VIC","AU","Gasoline/Diesel",null,"asphalt, fill","C",null,4234,"SV1",8294,"2009-02-01",null,null,"Pavement",null,9098,null,null,24.6063,null,26.24672,{"$nulls":10},"Dissolved",false,false,false,false,false,false,false,false,null,"UST","Dissolved phase (MW6)","MW6","2009-02-01","Dissolved phase (MW6)",null,7900,null,6400,null,1500,null,11,"<",1,null,280,null,16,{"$nulls":7},"<",3.2,"<",3.8,"<",4.4,"<",8.8,"<",3.6,"<",null,"<",10,{"$nulls":20},"fractured basalt","yes","yes","2","4"]
[8299,554,"OVBE76","Brunswick East","VIC","AU","Gasoline/Diesel",null,"silty clay","C",null,4239,"SV2",8299,"2009-02-01",{"$nulls":4},9099,null,null,12.467192,null,24.6063,{"$nulls":10},"NAPL",false,false,false,false,true,false,false,true,"Aliphatics (hexane) in soil gas >1000 ug/m3","UST","Dissolved phase (MW10)","MW10","2009-02-01","Dissolved phase (MW10)",null,41000,null,11000,null,30000,null,420,null,12,null,120,null,310,{"$nulls":8},150000,null,2900,null,110000,null,69000,null,210000,{"$nulls":3},1459900,{"$nulls":21},"yes","yes","2","2"]
[8298,554,"OVBE76","Brunswick East","VIC","AU","Gasoline/Diesel",null,"fill","C",null,4238,"SV2",8298,"2009-02-01",null,null,"Pavement",null,9099,null,null,21.32546,null,24.6063,{"$nulls":10},"NAPL",false,false,false,false,true,false,false,true,"Aliphatics (hexane) in soil gas >1000 ug/m3","UST","Dissolved phase (MW10)","MW10","2009-02-01","Dissolved phase (MW10)",null,41000,null,11000,null,30000,null,420,null,12,null,120,null,310,{"$nulls":8},620000,null,160000,null,52000,null,206000,null,1200000,{"$nulls":3},3423100,{"$nulls":21},"yes","yes","2","2"]
[8297,554,"OVBE76","Brunswick East","VIC","AU","Gasoline/Diesel",null,"asphalt, fill","C",null,4237,"SV2",8297,"2009-02-01",null,null,"Pavement",null,9099,null,null,22.96588,null,24.6063,{"$nulls":10},"NAPL",false,true,false,false,true,false,false,false,null,"UST","Dissolved phase (MW10)","MW10","2009-02-01","Dissolved phase (MW10)",null,41000,null,11000,null,30000,null,420,null,12,null,120,null,310,{"$nulls":7},"<",3.6,"<",4.2,"<",4.9,"<",9.8,"<",3.9,{"$nulls":3},38,{"$nulls":20},"fractured basalt","yes","yes","2","2"]
[8301,554,"OVBE76","Brunswick East","VIC","AU","Gasoline/Diesel",null,"silty clay","C",null,4241,"SV3",8301,"2009-02-01",{"$nulls":4},9100,null,null,14.76378,null,24.6063,{"$nulls":10},"NAPL",true,false,false,false,true,false,false,false,null,"UST","Dissolved phase and residual soil","SV3-GW","2009-02-01","Dissolved phase and residual soil",null,41000,null,11000,null,30000,null,420,null,12,null,120,null,310,{"$nulls":7},"<",7.7,"<",9.1,"<",10,"<",20,"<",8.5,{"$nulls":3},2443,{"$nulls":21},"yes","no","2","2"]
[8300,554,"OVBE76","Brunswick East","VIC","AU","Gasoline/Diesel",null,"fill, silty clay","C",null,4240,"SV3",8300,"2009-02-01",{"$nulls":4},9100,null,null,21.32546,null,24.6063,{"$nulls":10},"NAPL",true,false,false,false,true,false,false,false,null,"UST","Dissolved phase and residual soil","SV3-GW","2009-02-01","Dissolved phase and residual soil",null,41000,null,11000,null,30000,null,420,null,12,null,120,null,310,{"$nulls":7},"<",3.7,"<",4.4,"<",5,"<",10,"<",4.1,{"$nulls":3},453,{"$nulls":21},"yes","no","2","2"]
[8303,554,"OVBE76","Brunswick East","VIC","AU","Gasoline/Diesel",null,"silty clay","C",null,4243,"SV4",8303,"2009-02-01",{"$nulls":4},9101,null,null,13.12336,null,24.6063,{"$nulls":10},"NAPL",true,false,false,false,true,false,false,false,null,"UST","Dissolved phase and residual soil","SV4-GW","2009-02-01","Dissolved phase and residual soil",null,41000,null,11000,null,30000,null,420,null,12,null,120,null,310,{"$nulls":8},640,"<",150,null,440,"<",340,null,110000,{"$nulls":3},327750,{"$nulls":21},"yes","no","2","2"]
[8302,554,"OVBE76","Brunswick East","VIC","AU","Gasoline/Diesel",null,"fill","C",null,4242,"SV4",8302,"2009-02-01",{"$nulls":4},9101,null,null,20.341208,null,24.6063,{"$nulls":10},"NAPL",true,false,false,false,true,false,false,false,null,"UST","Dissolved phase and residual soil","SV4-GW","2009-02-01","Dissolved phase and residual soil",null,41000,null,11000,null,30000,null,420,null,12,null,120,null,310,{"$nulls":8},740,"<",150,null,450,"<",340,null,110000,{"$nulls":3},275740,{"$nulls":21},"yes","no","2","2"]
[8305,537,"OVC59","Carlton","VIC","AU","Gasoline/Diesel",null,"silty clay (3m), siltstone","C",null,4245,"MW8",8305,"2006-09-01",{"$nulls":4},9102,null,null,15.419948,null,33.464568,{"$nulls":10},"NAPL",false,false,false,true,true,false,false,true,"Aliphatics (TPH) in soil gas >50000 ug/m3 (where no hexane is reported)","UST","Dissolved phase","MW8-GW","2006-09-01","Dissolved phase",null,30400,null,5400,null,25000,null,8400,null,46000,null,10000,null,20000,{"$nulls":8},200000,null,1200,null,4800,null,4300,{"$nulls":3},215260,{"$nulls":23},"yes","yes","3","4"]
[8304,537,"OVC59","Carlton","VIC","AU","Gasoline/Diesel",null,"fill, silty clay","C",null,4244,"MW8",8304,"2006-09-01",{"$nulls":4},9102,null,null,28.543308,null,33.464568,{"$nulls":10},"NAPL",false,false,false,true,true,false,false,true,"Aliphatics (TPH) in soil gas >50000 ug/m3 (where no hexane is reported)","UST","Dissolved phase","MW8-GW","2006-09-01","Dissolved phase",null,30400,null,5400,null,25000,null,8400,null,46000,null,10000,null,20000,{"$nulls":8},90000,null,2700,null,13000,null,8500,{"$nulls":3},124460,{"$nulls":22},"siltstone","yes","yes","3","4"]
[8307,537,"OVC59","Carlton","VIC","AU","Gasoline/Diesel",null,"silty clay (3m), siltstone","C",null,4247,"MW9",8307,"2006-09-01",{"$nulls":4},9103,null,null,11.811024,null,29.855644,{"$nulls":10},"NAPL",false,false,false,true,true,false,false,true,"Aliphatics (TPH) in soil gas >50000 ug/m3 (where no hexane is reported)","UST","Dissolved phase","MW9-GW","2006-09-01","Dissolved phase",null,30400,null,5400,null,25000,null,8400,null,46000,null,10000,null,20000,{"$nulls":8},1300000,null,1400,null,7900,null,2700,{"$nulls":3},1314900,{"$nulls":23},"yes","yes","3","4"]
[8306,537,"OVC59","Carlton","VIC","AU","Gasoline/Diesel",null,"fill, silty clay","C",null,4246,"MW9",8306,"2006-09-01",{"$nulls":4},9103,null,null,24.934384,null,29.855644,{"$nulls":10},"NAPL",false,false,false,true,true,false,false,true,"Aliphatics (TPH) in soil gas >50000 ug/m3 (where no hexane is reported)","UST","Dissolved phase","MW9-GW","2006-09-01","Dissolved phase",null,30400,null,5400,null,25000,null,8400,null,46000,null,10000,null,20000,{"$nulls":8},160000,null,2600,null,7000,null,3500,{"$nulls":3},175800,{"$nulls":22},"siltstone","yes","yes","3","4"]
[8308,537,"OVC59","Carlton","VIC","AU","Gasoline/Diesel",null,"clayey sand, clay","C",null,4248,"SVB1",8308,"2008-10-01",{"$nulls":4},9105,null,null,59.711288,null,64.304464,{"$nulls":10},"NAPL",false,true,false,true,true,false,false,false,null,"UST","Dissolved phase","SVB1-GW","2008-10-01","Dissolved phase",null,30400,null,5400,null,25000,null,8400,null,46000,null,10000,null,20000,{"$nulls":7},"<",10,"<",10,"<",10,"<",10,"<",100,"<",100,{"$nulls":22},"siltstone","yes","yes","3","2"]
[8310,537,"OVC59","Carlton","VIC","AU","Gasoline/Diesel",null,"silty clay (3m), siltstone","C",null,4250,"SVB1B/MW9",8310,"2008-07-01",{"$nulls":4},9104,null,null,11.811024,null,29.855644,{"$nulls":10},"NAPL",false,false,false,true,true,false,false,true,"Aliphatics (TPH) in soil gas >50000 ug/m3 (where no hexane is reported)","UST","Dissolved phase","SVB1B/MW9-GW","2008-07-01","Dissolved phase",null,30400,null,5400,null,25000,null,8400,null,46000,null,10000,null,20000,{"$nulls":8},3300,null,320,null,190,null,320,null,11000,null,303000,{"$nulls":23},"yes","yes","3","4"]
[8309,537,"OVC59","Carlton","VIC","AU","Gasoline/Diesel",null,"fill, silty clay","C",null,4249,"SVB1B/MW9",8309,"2008-07-01",{"$nulls":4},9104,null,null,24.934384,null,29.855644,{"$nulls":10},"NAPL",false,false,false,true,true,false,false,true,"Aliphatics (TPH) in soil gas >50000 ug/m3 (where no hexane is reported)","UST","Dissolved phase","SVB1B/MW9-GW","2008-07-01","Dissolved phase",null,30400,null,5400,null,25000,null,8400,null,46000,null,10000,null,20000,{"$nulls":8},18000,null,7400,null,4500,null,7600,null,39000,null,347300,{"$nulls":22},"siltstone","yes","yes","3","4"]
[8311,537,"OVC59","Carlton","VIC","AU","Gasoline/Diesel",null,"sandy clay, clay, silty sand","C",null,4251,"SVB2",8311,"2008-10-01",{"$nulls":4},9107,null,null,53.477692,null,58.398952,{"$nulls":10},"NAPL",false,true,false,true,true,false,false,false,null,"UST","Dissolved phase","SVB2-GW","2008-10-01","Dissolved phase",null,30400,null,5400,null,25000,null,8400,null,46000,null,10000,null,20000,{"$nulls":7},"<",10,"<",10,"<",10,"<",10,"<",100,null,200,{"$nulls":22},"siltstone","yes","yes","3","2"]
[8313,537,"OVC59","Carlton","VIC","AU","Gasoline/Diesel",null,"silty clay (3m), siltstone","C",null,4253,"SVB2B",8313,"2008-07-01",{"$nulls":4},9106,null,null,18.04462,null,36.08924,{"$nulls":10},"NAPL",false,false,false,true,true,false,false,true,"Aliphatics (TPH) in soil gas >50000 ug/m3 (where no hexane is reported)","UST","Dissolved phase (MW10)","MW10","2008-07-01","Dissolved phase (MW10)",null,30400,null,5400,null,25000,null,8400,null,46000,null,10000,null,20000,{"$nulls":8},59,null,30,"<",10,null,180,null,43000,null,79400,{"$nulls":23},"yes","yes","3","4"]
[8312,537,"OVC59","Carlton","VIC","AU","Gasoline/Diesel",null,"fill, silty clay","C",null,4252,"SVB2B",8312,"2008-07-01",{"$nulls":4},9106,null,null,31.16798,null,36.08924,{"$nulls":10},"NAPL",false,false,false,true,true,false,false,true,"Aliphatics (TPH) in soil gas >50000 ug/m3 (where no hexane is reported)","UST","Dissolved phase (MW10)","MW10","2008-07-01","Dissolved phase (MW10)",null,30400,null,5400,null,25000,null,8400,null,46000,null,10000,null,20000,{"$nulls":8},56,null,230,null,50,null,300,null,78000,null,292000,{"$nulls":22},"siltstone","yes","yes","3","4"]
[8314,537,"OVC59","Carlton","VIC","AU","Gasoline/Diesel",null,"gravelly clay, clay","C",null,4254,"SVB3",8314,"2008-10-01",{"$nulls":4},9109,null,null,50.524936,null,55.77428,{"$nulls":10},"NAPL",false,true,false,true,true,false,false,false,null,"UST","Dissolved phase","SVB3-GW","2008-10-01","Dissolved phase",null,30400,null,5400,null,25000,null,8400,null,46000,null,10000,null,20000,{"$nulls":7},"<",10,"<",10,"<",10,"<",10,"<",100,"<",100,{"$nulls":22},"siltstone","yes","yes","3","2"]
[8316,537,"OVC59","Carlton","VIC","AU","Gasoline/Diesel",null,"silty clay (3m), siltstone","C",null,4256,"SVB3B/MW8",8316,"2008-07-01",{"$nulls":4},9108,null,null,14.107612,null,33.464568,{"$nulls":10},"NAPL",false,false,false,true,true,false,false,true,"Aliphatics (TPH) in soil gas >50000 ug/m3 (where no hexane is reported)","UST","Dissolved phase","SVB3B/MW8-GW","2008-07-01","Dissolved phase",null,30400,null,5400,null,25000,null,8400,null,46000,null,10000,null,20000,{"$nulls":8},40000,null,150000,null,19000,null,670000,null,700000,null,3364000,{"$nulls":23},"yes","yes","3","4"]
[8315,537,"OVC59","Carlton","VIC","AU","Gasoline/Diesel",null,"fill, silty clay","C",null,4255,"SVB3B/MW8",8315,"2008-07-01",{"$nulls":4},9108,null,null,26.574804,null,33.464568,{"$nulls":10},"NAPL",false,false,false,true,true,false,false,true,"Aliphatics (TPH) in soil gas >50000 ug/m3 (where no hexane is reported)","UST","Dissolved phase","SVB3B/MW8-GW","2008-07-01","Dissolved phase",null,30400,null,5400,null,25000,null,8400,null,46000,null,10000,null,20000,{"$nulls":8},93,null,160,"<",50,null,300,null,1000,null,66900,{"$nulls":22},"siltstone","yes","yes","3","4"]
[8317,537,"OVC59","Carlton","VIC","AU","Gasoline/Diesel",null,"clay","C",null,4257,"SVB4",8317,"2008-10-01",{"$nulls":4},9110,null,null,44.29134,null,49.2126,{"$nulls":10},"NAPL",false,true,false,true,true,false,false,false,null,"UST","Dissolved phase","SVB4-GW","2008-10-01","Dissolved phase",null,30400,null,5400,null,25000,null,8400,null,46000,null,10000,null,20000,{"$nulls":7},"<",10,"<",10,"<",10,"<",10,"<",100,"<",100,{"$nulls":22},"siltstone","yes","yes","3","2"]
[8318,537,"OVC59","Carlton","VIC","AU","Gasoline/Diesel",null,"clay","C",null,4258,"SVB5",8318,"2008-10-01",{"$nulls":4},9111,null,null,32.8084,null,39.37008,{"$nulls":10},"NAPL",false,true,false,true,true,false,false,false,null,"UST","Dissolved phase","SVB5-GW","2008-10-01","Dissolved phase",null,30400,null,5400,null,25000,null,8400,null,46000,null,10000,null,20000,{"$nulls":7},"<",10,"<",10,"<",10,"<",10,"<",100,"<",100,{"$nulls":22},"siltstone","yes","yes","3","2"]
[8319,486,"OVCR8","Champion Rd","VIC","AU","Gasoline/Diesel",null,"clays","C",null,4259,"SG01",8319,"2007-01-01",{"$nulls":7},16.076116,null,19.68504,{"$nulls":10},"NAPL",true,false,false,false,false,false,false,false,null,"Pipeline Leak","Fresh PSH as petrol with 10% diesel",{"$nulls":24},"<",1,null,1,"<",1,null,3,{"$nulls":5},51,{"$nulls":20},"clay, basalt","yes","yes","4","5"]
[8320,486,"OVCR8","Champion Rd","VIC","AU","Gasoline/Diesel",null,"clays","C",null,4259,"SG01",8320,"2009-09-01",{"$nulls":7},16.076116,null,19.68504,{"$nulls":10},"NAPL",true,false,false,false,false,false,false,false,null,"Pipeline Leak","Fresh PSH as petrol with 10% diesel",{"$nulls":24},"<",2.5,null,17,"<",3.4,null,12.2,"<",2.8,{"$nulls":3},31,{"$nulls":20},"clay, basalt","yes","yes","4","5"]
[8321,486,"OVCR8","Champion Rd","VIC","AU","Gasoline/Diesel",null,"silty clay","C",null,4260,"SG02",8321,"2007-01-01",{"$nulls":7},16.4042,null,19.68504,{"$nulls":10},"NAPL",true,false,false,false,false,false,false,false,null,"Pipeline Leak","Fresh PSH as petrol with 10% diesel",{"$nulls":24},"<",1,null,3,null,1,null,5,{"$nulls":5},33,{"$nulls":20},"clay, basalt","yes","yes","4","5"]
[8322,486,"OVCR8","Champion Rd","VIC","AU","Gasoline/Diesel",null,"silty clay","C",null,4261,"SG03",8322,"2007-01-01",{"$nulls":7},16.076116,null,19.68504,{"$nulls":10},"NAPL",true,false,false,false,false,false,false,false,null,"Pipeline Leak","Fresh PSH as petrol with 10% diesel",{"$nulls":24},"<",1,null,3,null,1,null,6,{"$nulls":5},41,{"$nulls":20},"clay, basalt","yes","yes","4","5"]
[8323,486,"OVCR8","Champion Rd","VIC","AU","Gasoline/Diesel",null,"sand, clay","C",null,4262,"SG04",8323,"2007-01-01",null,null,"Pavement",{"$nulls":4},15.419948,null,19.68504,{"$nulls":10},"NAPL",true,false,false,false,false,false,false,false,null,"Pipeline Leak","Fresh PSH as petrol with 10% diesel",{"$nulls":25},1152439,null,527439,null,56707,null,221951,{"$nulls":5},2046342,{"$nulls":20},"clay, basalt","yes","unknown","4","5"]
[8324,486,"OVCR8","Champion Rd","VIC","AU","Gasoline/Diesel",null,"sand, clay","C",null,4262,"SG04",8324,"2008-07-01",null,null,"Pavement",{"$nulls":4},15.419948,null,19.68504,{"$nulls":10},"NAPL",true,false,false,false,false,false,false,false,null,"Pipeline Leak","Fresh PSH as petrol with 10% diesel",{"$nulls":24},"<",1852,"<",1852,"<",1852,"<",3704,"<",1852,"<",null,"<",2000,{"$nulls":20},"clay, basalt","yes","unknown","4","5"]
[8325,486,"OVCR8","Champion Rd","VIC","AU","Gasoline/Diesel",null,"sand, clay","C",null,4262,"SG04",8325,"2008-09-01",null,null,"Pavement",{"$nulls":4},15.419948,null,19.68504,{"$nulls":10},"NAPL",true,false,false,false,false,false,false,false,null,"Pipeline Leak","Fresh PSH as petrol with 10% diesel",{"$nulls":24},"<",334,"<",334,"<",334,"<",1021,"<",1718,"<",null,"<",2000,{"$nulls":20},"clay, basalt","yes","unknown","4","5"]
[8326,486,"OVCR8","Champion Rd","VIC","AU","Gasoline/Diesel",null,"clays","C",null,4263,"SG05",8326,"2008-09-01",null,null,"Pavement",{"$nulls":4},16.732284,null,19.68504,{"$nulls":10},"NAPL",true,false,false,false,false,false,false,false,null,"Pipeline Leak","Fresh PSH as petrol with 10% diesel",{"$nulls":24},"<",324,"<",324,"<",324,"<",971,"<",1618,"<",null,"<",2000,{"$nulls":20},"clay, basalt","yes","yes","4","5"]
[8327,486,"OVCR8","Champion Rd","VIC","AU","Gasoline/Diesel",null,"clays","C",null,4263,"SG05",8327,"2008-07-01",null,null,"Pavement",{"$nulls":4},16.732284,null,19.68504,{"$nulls":10},"NAPL",true,false,false,false,false,false,false,false,null,"Pipeline Leak","Fresh PSH as petrol with 10% diesel",{"$nulls":24},"<",1634,"<",1634,"<",1634,"<",3268,"<",1634,"<",null,"<",2000,{"$nulls":20},"clay, basalt","yes","yes","4","5"]
[8328,486,"OVCR8","Champion Rd","VIC","AU","Gasoline/Diesel",null,"clays","C",null,4263,"SG05",8328,"2007-01-01",null,null,"Pavement",{"$nulls":4},16.732284,null,19.68504,{"$nulls":10},"NAPL",true,false,false,false,false,false,false,false,null,"Pipeline Leak","Fresh PSH as petrol with 10% diesel",{"$nulls":24},"<",10,"<",10,"<",10,"<",29,{"$nulls":5},149,{"$nulls":20},"clay, basalt","yes","yes","4","5"]
[8329,486,"OVCR8","Champion Rd","VIC","AU","Gasoline/Diesel",null,"sand, clay","C",null,4264,"SG06",8329,"2008-09-01",{"$nulls":7},16.732284,null,19.68504,{"$nulls":10},"NAPL",true,false,false,false,false,false,false,false,null,"Pipeline Leak","Fresh PSH as petrol with 10% diesel",{"$nulls":24},"<",5051,"<",5051,"<",5051,"<",15152,null,141414,{"$nulls":3},303031,{"$nulls":20},"clay, basalt","yes","unknown","4","5"]
[8330,486,"OVCR8","Champion Rd","VIC","AU","Gasoline/Diesel",null,"sand, clay","C",null,4264,"SG06",8330,"2007-01-01",{"$nulls":7},16.732284,null,19.68504,{"$nulls":10},"NAPL",true,false,false,false,false,false,false,false,null,"Pipeline Leak","Fresh PSH as petrol with 10% diesel",{"$nulls":25},272222,null,141667,"<",5556,null,169444,{"$nulls":5},652225,{"$nulls":20},"clay, basalt","yes","unknown","4","5"]
[8331,486,"OVCR8","Champion Rd","VIC","AU","Gasoline/Diesel",null,"sand, clay","C",null,4264,"SG06",8331,"2008-07-01",{"$nulls":7},16.732284,null,19.68504,{"$nulls":10},"NAPL",true,false,false,false,false,false,false,false,null,"Pipeline Leak","Fresh PSH as petrol with 10% diesel",{"$nulls":24},"<",1894,"<",1894,"<",1894,"<",3788,null,3409,{"$nulls":3},8333,{"$nulls":20},"clay, basalt","yes","unknown","4","5"]
[8332,486,"OVCR8","Champion Rd","VIC","AU","Gasoline/Diesel",null,"sand, clay","C",null,4265,"SG07",8332,"2008-09-01",{"$nulls":7},15.091864,null,19.68504,{"$nulls":10},"NAPL",true,false,false,false,false,false,false,false,null,"Pipeline Leak","Fresh PSH as petrol with 10% diesel",{"$nulls":24},"<",6204,"<",6204,"<",6204,"<",18612,null,30120,{"$nulls":3},138554,{"$nulls":20},"clay, basalt","yes","no","4","5"]
[8333,486,"OVCR8","Champion Rd","VIC","AU","Gasoline/Diesel",null,"sand, clay","C",null,4265,"SG07",8333,"2008-07-01",{"$nulls":7},15.091864,null,19.68504,{"$nulls":10},"NAPL",true,false,false,false,false,false,false,false,null,"Pipeline Leak","Fresh PSH as petrol with 10% diesel",{"$nulls":24},"<",1961,"<",1961,"<",1961,"<",3922,null,7451,{"$nulls":3},62745,{"$nulls":20},"clay, basalt","yes","no","4","5"]
[8334,486,"OVCR8","Champion Rd","VIC","AU","Gasoline/Diesel",null,"sand, clay","C",null,4265,"SG07",8334,"2007-01-01",{"$nulls":7},15.091864,null,19.68504,{"$nulls":10},"NAPL",true,false,false,false,false,false,false,false,null,"Pipeline Leak","Fresh PSH as petrol with 10% diesel",{"$nulls":25},194444,null,552778,null,20000,null,825000,{"$nulls":5},1870003,{"$nulls":20},"clay, basalt","yes","no","4","5"]
[8335,486,"OVCR8","Champion Rd","VIC","AU","Gasoline/Diesel",null,"silty clay","C",null,4266,"SG08",8335,"2008-09-01",{"$nulls":7},17.388452,null,19.68504,{"$nulls":10},"NAPL",true,false,false,false,false,false,false,false,null,"Pipeline Leak","Fresh PSH as petrol with 10% diesel",{"$nulls":25},5155,"<",5155,"<",5155,"<",5154,null,283505,{"$nulls":3},711340,{"$nulls":20},"clay, basalt","yes","no","4","5"]
[8336,486,"OVCR8","Champion Rd","VIC","AU","Gasoline/Diesel",null,"silty clay","C",null,4266,"SG08",8336,"2007-01-01",{"$nulls":7},17.388452,null,19.68504,{"$nulls":10},"NAPL",true,false,false,false,false,false,false,false,null,"Pipeline Leak","Fresh PSH as petrol with 10% diesel",{"$nulls":25},75269,null,5376,"<",5376,null,25269,{"$nulls":5},159674,{"$nulls":20},"clay, basalt","yes","no","4","5"]
[8337,486,"OVCR8","Champion Rd","VIC","AU","Gasoline/Diesel",null,"silty clay","C",null,4266,"SG08",8337,"2008-07-01",{"$nulls":7},17.388452,null,19.68504,{"$nulls":10},"NAPL",true,false,false,false,false,false,false,false,null,"Pipeline Leak","Fresh PSH as petrol with 10% diesel",{"$nulls":24},"<",9470,"<",9470,"<",9470,"<",18940,"<",9470,"<",null,"<",10000,{"$nulls":20},"clay, basalt","yes","no","4","5"]
[8338,486,"OVCR8","Champion Rd","VIC","AU","Gasoline/Diesel",null,"silty clay","C",null,4267,"SG09",8338,"2007-01-01",{"$nulls":7},16.732284,null,19.68504,{"$nulls":10},"NAPL",true,false,false,false,false,false,false,false,null,"Pipeline Leak","Fresh PSH as petrol with 10% diesel",{"$nulls":24},"<",1,null,3,"<",1,null,3,{"$nulls":5},23,{"$nulls":20},"clay, basalt","yes","yes","4","5"]
[8339,486,"OVCR8","Champion Rd","VIC","AU","Gasoline/Diesel",null,"silty clay","C",null,4267,"SG09",8339,"2008-07-01",{"$nulls":7},16.732284,null,19.68504,{"$nulls":10},"NAPL",true,false,false,false,false,false,false,false,null,"Pipeline Leak","Fresh PSH as petrol with 10% diesel",{"$nulls":24},"<",2.7,"<",3.2,"<",3.7,"<",7.4,"<",3,{"$nulls":3},0,{"$nulls":20},"clay, basalt","yes","yes","4","5"]
[8340,486,"OVCR8","Champion Rd","VIC","AU","Gasoline/Diesel",null,"fill, sandy gravel, clay","C",null,4268,"SG10",8340,"2008-07-01",{"$nulls":7},16.076116,null,19.68504,{"$nulls":10},"NAPL",true,false,false,false,false,false,false,false,null,"Pipeline Leak","Fresh PSH as petrol with 10% diesel",{"$nulls":24},"<",110,"<",130,"<",140,"<",280,null,1800,{"$nulls":3},4560,{"$nulls":20},"clay, basalt","yes","yes","4","5"]
[8341,486,"OVCR8","Champion Rd","VIC","AU","Gasoline/Diesel",null,"fill, sandy gravel, clay","C",null,4268,"SG10",8341,"2007-01-01",{"$nulls":7},16.076116,null,19.68504,{"$nulls":10},"NAPL",true,false,false,false,false,false,false,false,null,"Pipeline Leak","Fresh PSH as petrol with 10% diesel",{"$nulls":24},"<",1,null,2,"<",1,null,5,{"$nulls":5},42,{"$nulls":20},"clay, basalt","yes","yes","4","5"]
[8342,486,"OVCR8","Champion Rd","VIC","AU","Gasoline/Diesel",null,"silty clay","C",null,4269,"SG11",8342,"2007-01-01",{"$nulls":7},16.732284,null,19.68504,{"$nulls":10},"NAPL",true,false,false,false,false,false,false,false,null,"Pipeline Leak","Fresh PSH as petrol with 10% diesel",{"$nulls":25},96,null,29,null,102,null,663,{"$nulls":5},1257,{"$nulls":20},"clay, basalt","yes","yes","4","5"]
[8343,486,"OVCR8","Champion Rd","VIC","AU","Gasoline/Diesel",null,"silty clay","C",null,4269,"SG11",8343,"2008-07-01",{"$nulls":7},16.732284,null,19.68504,{"$nulls":10},"NAPL",true,false,false,false,false,false,false,false,null,"Pipeline Leak","Fresh PSH as petrol with 10% diesel",{"$nulls":24},"<",2.5,null,3.8,"<",3.6,"<",7.2,"<",2.9,{"$nulls":3},3.8,{"$nulls":20},"clay, basalt","yes","yes","4","5"]
[8344,486,"OVCR8","Champion Rd","VIC","AU","Gasoline/Diesel",null,"silty clay","C",null,4269,"SG11",8344,"2008-09-01",{"$nulls":7},16.732284,null,19.68504,{"$nulls":10},"NAPL",true,false,false,false,false,false,false,false,null,"Pipeline Leak","Fresh PSH as petrol with 10% diesel",{"$nulls":24},"<",2.7,null,20,"<",3.6,null,8.8,"<",3,{"$nulls":3},25,{"$nulls":20},"clay, basalt","yes","yes","4","5"]
[8345,486,"OVCR8","Champion Rd","VIC","AU","Gasoline/Diesel",null,"silty clay","C",null,4270,"SG12",8345,"2008-07-01",{"$nulls":7},16.4042,null,19.68504,{"$nulls":10},"NAPL",true,false,false,false,false,false,false,false,null,"Pipeline Leak","Fresh PSH as petrol with 10% diesel",{"$nulls":24},"<",2.7,null,12,"<",3.7,"<",7.4,"<",3,{"$nulls":3},15.5,{"$nulls":20},"clay, basalt","yes","yes","4","5"]
[8346,486,"OVCR8","Champion Rd","VIC","AU","Gasoline/Diesel",null,"silty clay","C",null,4270,"SG12",8346,"2007-01-01",{"$nulls":7},16.4042,null,19.68504,{"$nulls":10},"NAPL",true,false,false,false,false,false,false,false,null,"Pipeline Leak","Fresh PSH as petrol with 10% diesel",{"$nulls":24},"<",1,null,2,"<",1,null,3,{"$nulls":5},26,{"$nulls":20},"clay, basalt","yes","yes","4","5"]
[8347,486,"OVCR8","Champion Rd","VIC","AU","Gasoline/Diesel",null,"clay","C",null,4271,"SG13",8347,"2007-07-01",null,null,"Building",{"$nulls":4},19.192914,null,19.68504,{"$nulls":4},"<",0,null,21.1,null,null,"NAPL",true,false,false,false,false,false,false,false,null,"Pipeline Leak","Fresh PSH as petrol with 10% diesel",{"$nulls":25},3.4,null,36,"<",null,null,17,null,19,{"$nulls":3},128.8,{"$nulls":20},"clay, fractured basalt","yes","unknown","5","5"]
[8348,486,"OVCR8","Champion Rd","VIC","AU","Gasoline/Diesel",null,"clay","C",null,4272,"SG14",8348,"2007-07-01",null,null,"Building",{"$nulls":4},19.192914,null,19.68504,{"$nulls":5},1.3,null,20,null,null,"NAPL",true,false,false,false,false,false,false,false,null,"Pipeline Leak","Fresh PSH as petrol with 10% diesel",{"$nulls":24},"<",null,null,18000,null,3500,null,18900,"<",{"$nulls":4},42070,{"$nulls":20},"clay, fractured basalt","yes","unknown","5","5"]
[8349,486,"OVCR8","Champion Rd","VIC","AU","Gasoline/Diesel",null,"clay","C",null,4273,"SG15",8349,"2007-07-01",null,null,"Building",{"$nulls":4},19.192914,null,19.68504,{"$nulls":5},7.6,null,13.9,null,null,"NAPL",true,false,false,false,false,false,false,false,null,"Pipeline Leak","Fresh PSH as petrol with 10% diesel",{"$nulls":24},"<",null,null,23,"<",null,"<",null,null,5,{"$nulls":3},32.7,{"$nulls":20},"clay, fractured basalt","yes","unknown","5","5"]
[8350,486,"OVCR8","Champion Rd","VIC","AU","Gasoline/Diesel",null,"clay","C",null,4274,"SG16",8350,"2007-07-01",null,null,"Building",{"$nulls":4},19.192914,null,19.68504,{"$nulls":5},1.6,null,19.4,null,null,"NAPL",true,false,false,false,false,false,false,false,null,"Pipeline Leak","Fresh PSH as petrol with 10% diesel",{"$nulls":24},"<",null,null,810,null,36,null,105,null,58,{"$nulls":3},1070.5,{"$nulls":20},"clay, fractured basalt","yes","unknown","5","5"]
[8351,486,"OVCR8","Champion Rd","VIC","AU","Gasoline/Diesel",null,"clay","C",null,4275,"SG17",8351,"2007-07-01",null,null,"Building",{"$nulls":4},19.192914,null,19.68504,{"$nulls":5},2,null,19.4,null,null,"NAPL",true,false,false,false,false,false,false,false,null,"Pipeline Leak","Fresh PSH as petrol with 10% diesel",{"$nulls":24},"<",null,null,92,null,12,null,45.5,"<",{"$nulls":4},149.5,{"$nulls":20},"clay, fractured basalt","yes","unknown","5","5"]
[8352,486,"OVCR8","Champion Rd","VIC","AU","Gasoline/Diesel",null,"clay","C",null,4276,"SG18",8352,"2007-07-01",null,null,"Building",{"$nulls":4},19.192914,null,19.68504,{"$nulls":5},2.6,null,18.8,null,null,"NAPL",true,false,false,false,false,false,false,false,null,"Pipeline Leak","Fresh PSH as petrol with 10% diesel",{"$nulls":24},"<",null,null,12,"<",null,null,4.5,"<",{"$nulls":4},16.5,{"$nulls":20},"clay, fractured basalt","yes","unknown","5","5"]
[8356,486,"OVCR8","Champion Rd","VIC","AU","Gasoline/Diesel",null,"clay, fractured basalt","C",null,4280,"SG19",8356,"2007-07-01",{"$nulls":7},6.56168,null,19.68504,{"$nulls":5},5.1,null,14,null,null,"NAPL",true,false,false,false,false,false,false,false,null,"Pipeline Leak","Fresh PSH as petrol with 10% diesel",{"$nulls":25},420000,null,1400000,"<",null,null,100000,null,1700000,{"$nulls":3},5310000,{"$nulls":20},"fractured basalt","yes","unknown","5","5"]
[8355,486,"OVCR8","Champion Rd","VIC","AU","Gasoline/Diesel",null,"clay, fractured basalt","C",null,4279,"SG19",8355,"2007-07-01",{"$nulls":7},9.84252,null,19.68504,{"$nulls":5},4.2,null,16.5,null,null,"NAPL",true,false,false,false,false,false,false,false,null,"Pipeline Leak","Fresh PSH as petrol with 10% diesel",{"$nulls":25},2600,null,2300,"<",null,"<",null,null,320000,{"$nulls":3},748900,{"$nulls":20},"fractured basalt","yes","unknown","5","5"]
[8354,486,"OVCR8","Champion Rd","VIC","AU","Gasoline/Diesel",null,"clay to 2m","C",null,4278,"SG19",8354,"2007-07-01",{"$nulls":7},13.12336,null,19.68504,{"$nulls":5},4.8,null,16.3,null,null,"NAPL",true,false,false,false,false,false,false,false,null,"Pipeline Leak","Fresh PSH as petrol with 10% diesel",{"$nulls":25},37000,null,140000,null,1700,null,15700,null,420000,{"$nulls":3},1378400,{"$nulls":20},"clay, fractured basalt","yes","unknown","5","5"]
[8353,486,"OVCR8","Champion Rd","VIC","AU","Gasoline/Diesel",null,"clay","C",null,4277,"SG19",8353,"2007-07-01",{"$nulls":7},16.4042,null,19.68504,{"$nulls":5},2.2,null,17.9,null,null,"NAPL",true,false,false,false,false,false,false,false,null,"Pipeline Leak","Fresh PSH as petrol with 10% diesel",{"$nulls":25},1400,null,3100,"<",null,"<",null,null,110000,{"$nulls":3},498700,{"$nulls":20},"clay, fractured basalt","yes","unknown","5","5"]
[8360,486,"OVCR8","Champion Rd","VIC","AU","Gasoline/Diesel",null,"clay, fractured basalt","C",null,4284,"SG20",8360,"2007-07-01",{"$nulls":7},8.2021,null,19.68504,{"$nulls":5},3.2,null,15.4,null,null,"NAPL",true,false,false,false,false,false,false,false,null,"Pipeline Leak","Fresh PSH as petrol with 10% diesel",{"$nulls":24},"<",48,null,870,"<",null,null,12,null,72,{"$nulls":3},1193,{"$nulls":20},"fractured basalt","yes","unknown","5","5"]
[8359,486,"OVCR8","Champion Rd","VIC","AU","Gasoline/Diesel",null,"clay, fractured basalt","C",null,4283,"SG20",8359,"2007-07-01",{"$nulls":7},10.826772,null,19.68504,{"$nulls":5},1.2,null,16.3,null,null,"NAPL",true,false,false,false,false,false,false,false,null,"Pipeline Leak","Fresh PSH as petrol with 10% diesel",{"$nulls":24},"<",null,null,230,"<",null,"<",null,"<",{"$nulls":4},230,{"$nulls":20},"fractured basalt","yes","unknown","5","5"]
[8358,486,"OVCR8","Champion Rd","VIC","AU","Gasoline/Diesel",null,"clay to 1.8m","C",null,4282,"SG20",8358,"2007-07-01",{"$nulls":7},14.107612,null,19.68504,{"$nulls":5},6.7,null,8.1,null,null,"NAPL",true,false,false,false,false,false,false,false,null,"Pipeline Leak","Fresh PSH as petrol with 10% diesel",{"$nulls":24},"<",null,null,1000,null,6,null,21.2,null,8.8,{"$nulls":3},1158.9,{"$nulls":20},"clay, fractured basalt","yes","unknown","5","5"]
[8357,486,"OVCR8","Champion Rd","VIC","AU","Gasoline/Diesel",null,"clay","C",null,4281,"SG20",8357,"2007-07-01",{"$nulls":7},17.060368,null,19.68504,{"$nulls":5},2.7,null,7.8,null,null,"NAPL",true,false,false,false,false,false,false,false,null,"Pipeline Leak","Fresh PSH as petrol with 10% diesel",{"$nulls":24},"<",null,null,880,"<",null,null,23,"<",{"$nulls":4},1036,{"$nulls":20},"clay, fractured basalt","yes","unknown","5","5"]
[8364,486,"OVCR8","Champion Rd","VIC","AU","Gasoline/Diesel",null,"clay, fractured basalt","C",null,4288,"SG21",8364,"2007-07-01",{"$nulls":7},4.92126,null,19.68504,{"$nulls":5},9.4,null,10.1,null,null,"NAPL",true,false,false,false,false,false,false,false,null,"Pipeline Leak","Fresh PSH as petrol with 10% diesel",{"$nulls":24},"<",null,null,460,"<",null,"<",null,null,43,{"$nulls":3},783,{"$nulls":20},"fractured basalt","yes","yes","5","5"]
[8363,486,"OVCR8","Champion Rd","VIC","AU","Gasoline/Diesel",null,"clay, fractured basalt","C",null,4287,"SG21",8363,"2007-07-01",{"$nulls":7},8.2021,null,19.68504,{"$nulls":5},11.5,null,6.6,null,null,"NAPL",true,false,false,false,false,false,false,false,null,"Pipeline Leak","Fresh PSH as petrol with 10% diesel",{"$nulls":24},"<",8,null,800,null,24,null,45.7,null,53,{"$nulls":3},1133,{"$nulls":20},"fractured basalt","yes","yes","5","5"]
[8362,486,"OVCR8","Champion Rd","VIC","AU","Gasoline/Diesel",null,"clay to 2m, basalt","C",null,4286,"SG21",8362,"2007-07-01",{"$nulls":7},11.48294,null,19.68504,{"$nulls":5},4.8,null,15,null,null,"NAPL",true,false,false,false,false,false,false,false,null,"Pipeline Leak","Fresh PSH as petrol with 10% diesel",{"$nulls":24},"<",29,null,930,null,26,null,147,null,220,{"$nulls":3},3034,{"$nulls":20},"fractured basalt","yes","yes","5","5"]
[8361,486,"OVCR8","Champion Rd","VIC","AU","Gasoline/Diesel",null,"clay","C",null,4285,"SG21",8361,"2007-07-01",{"$nulls":7},14.76378,null,19.68504,{"$nulls":5},1.4,null,17.6,null,null,"NAPL",true,false,false,false,false,false,false,false,null,"Pipeline Leak","Fresh PSH as petrol with 10% diesel",{"$nulls":24},"<",4,null,700,null,11,null,43,null,12,{"$nulls":3},843,{"$nulls":20},"clay, fractured basalt","yes","yes","5","5"]
[8368,486,"OVCR8","Champion Rd","VIC","AU","Gasoline/Diesel",null,"clay, fractured basalt","C",null,4292,"SG22",8368,"2007-07-01",{"$nulls":7},6.56168,null,19.68504,{"$nulls":5},1.1,null,18.4,null,null,"NAPL",true,false,false,false,false,false,false,false,null,"Pipeline Leak","Fresh PSH as petrol with 10% diesel",{"$nulls":24},"<",null,"<",null,"<",null,"<",null,null,130000,{"$nulls":3},250000,{"$nulls":20},"fractured basalt","yes","yes","5","5"]
[8367,486,"OVCR8","Champion Rd","VIC","AU","Gasoline/Diesel",null,"clay, fractured basalt","C",null,4291,"SG22",8367,"2007-07-01",{"$nulls":7},9.84252,null,19.68504,{"$nulls":5},0.5,null,19.7,null,null,"NAPL",true,false,false,false,false,false,false,false,null,"Pipeline Leak","Fresh PSH as petrol with 10% diesel",{"$nulls":24},"<",null,"<",null,"<",null,"<",null,null,71000,{"$nulls":3},126200,{"$nulls":20},"fractured basalt","yes","yes","5","5"]
[8366,486,"OVCR8","Champion Rd","VIC","AU","Gasoline/Diesel",null,"clay to 2m","C",null,4290,"SG22",8366,"2007-07-01",{"$nulls":7},13.12336,null,19.68504,{"$nulls":5},0.4,null,19.1,null,null,"NAPL",true,false,false,false,false,false,false,false,null,"Pipeline Leak","Fresh PSH as petrol with 10% diesel",{"$nulls":24},"<",null,null,1100,"<",null,"<",null,null,4800,{"$nulls":3},9300,{"$nulls":20},"clay, fractured basalt","yes","yes","5","5"]
[8365,486,"OVCR8","Champion Rd","VIC","AU","Gasoline/Diesel",null,"clay","C",null,4289,"SG22",8365,"2007-07-01",{"$nulls":7},16.4042,null,19.68504,{"$nulls":5},0.2,null,19.5,null,null,"NAPL",true,false,false,false,false,false,false,false,null,"Pipeline Leak","Fresh PSH as petrol with 10% diesel",{"$nulls":24},"<",null,null,1600,"<",null,"<",null,null,15,{"$nulls":3},2501,{"$nulls":20},"clay, fractured basalt","yes","yes","5","5"]
[8372,486,"OVCR8","Champion Rd","VIC","AU","Gasoline/Diesel",null,"clay, fractured basalt","C",null,4296,"SG23",8372,"2007-07-01",{"$nulls":7},3.28084,null,19.68504,{"$nulls":5},3.8,null,15.5,null,null,"NAPL",true,false,false,false,false,false,false,false,null,"Pipeline Leak","Fresh PSH as petrol with 10% diesel",{"$nulls":24},"<",1800,null,3300,"<",null,"<",null,null,590000,{"$nulls":3},1148100,{"$nulls":20},"fractured basalt","yes","yes","5","5"]
[8371,486,"OVCR8","Champion Rd","VIC","AU","Gasoline/Diesel",null,"clay, fractured basalt","C",null,4295,"SG23",8371,"2007-07-01",{"$nulls":7},6.56168,null,19.68504,{"$nulls":5},3,null,17.2,null,null,"NAPL",true,false,false,false,false,false,false,false,null,"Pipeline Leak","Fresh PSH as petrol with 10% diesel",{"$nulls":24},"<",null,"<",null,"<",null,"<",null,null,360000,{"$nulls":3},598000,{"$nulls":20},"fractured basalt","yes","yes","5","5"]
[8370,486,"OVCR8","Champion Rd","VIC","AU","Gasoline/Diesel",null,"clay to 3m","C",null,4294,"SG23",8370,"2007-07-01",{"$nulls":7},9.84252,null,19.68504,{"$nulls":5},0.1,null,19.9,null,null,"NAPL",true,false,false,false,false,false,false,false,null,"Pipeline Leak","Fresh PSH as petrol with 10% diesel",{"$nulls":24},"<",null,null,3600,"<",null,"<",null,null,100000,{"$nulls":3},165000,{"$nulls":20},"clay, fractured basalt","yes","yes","5","5"]
[8369,486,"OVCR8","Champion Rd","VIC","AU","Gasoline/Diesel",null,"clay","C",null,4293,"SG23",8369,"2007-07-01",{"$nulls":7},14.76378,null,19.68504,{"$nulls":5},1,null,19.9,null,null,"NAPL",true,false,false,false,false,false,false,false,null,"Pipeline Leak","Fresh PSH as petrol with 10% diesel",{"$nulls":24},"<",null,null,19000,"<",null,"<",null,null,7200,{"$nulls":3},38300,{"$nulls":20},"clay, fractured basalt","yes","yes","5","5"]
[8373,486,"OVCR8","Champion Rd","VIC","AU","Gasoline/Diesel",null,"fill","C",null,4297,"SG24",8373,"2008-09-01",{"$nulls":7},17.060368,null,19.68504,{"$nulls":10},"NAPL",true,false,false,false,false,false,false,false,null,"Pipeline Leak","Fresh PSH as petrol with 10% diesel",{"$nulls":24},"<",417,"<",417,"<",417,"<",1250,"<",2083,"<",null,"<",2000,{"$nulls":20},"clay, fractured basalt","yes","yes","5","5"]
[8374,486,"OVCR8","Champion Rd","VIC","AU","Gasoline/Diesel",null,"fill","C",null,4297,"SG24",8374,"2007-07-01",{"$nulls":7},17.060368,null,19.68504,{"$nulls":5},1,null,19.9,null,null,"NAPL",true,false,false,false,false,false,false,false,null,"Pipeline Leak","Fresh PSH as petrol with 10% diesel",{"$nulls":24},"<",null,"<",null,"<",null,"<",null,"<",{"$nulls":3},"<",{"$nulls":21},"clay, fractured basalt","yes","yes","5","5"]
[8375,486,"OVCR8","Champion Rd","VIC","AU","Gasoline/Diesel",null,"clay","C",null,4298,"SG25",8375,"2008-09-01",{"$nulls":7},15.091864,null,19.68504,{"$nulls":10},"NAPL",true,false,false,false,false,false,false,false,null,"Pipeline Leak","Fresh PSH (services backfill area)",{"$nulls":24},"<",5319,"<",5319,"<",5319,"<",115957,"<",26596,{"$nulls":3},122340,{"$nulls":20},"fractured basalt","yes","no","5","5"]
[8376,486,"OVCR8","Champion Rd","VIC","AU","Gasoline/Diesel",null,"clay","C",null,4298,"SG25",8376,"2008-05-01",{"$nulls":7},15.091864,null,19.68504,{"$nulls":10},"NAPL",true,false,false,false,false,false,false,false,null,"Pipeline Leak","Fresh PSH (services backfill area)",{"$nulls":25},153795,null,214191,null,31023,null,173267,{"$nulls":5},819967,{"$nulls":20},"fractured basalt","yes","no","5","5"]
[8377,486,"OVCR8","Champion Rd","VIC","AU","Gasoline/Diesel",null,"clay","C",null,4298,"SG25",8377,"2008-07-01",{"$nulls":7},15.091864,null,19.68504,{"$nulls":10},"NAPL",true,false,false,false,false,false,false,false,null,"Pipeline Leak","Fresh PSH (services backfill area)",{"$nulls":25},20080,null,14056,null,4016,null,38152,null,160643,{"$nulls":3},1311245,{"$nulls":20},"fractured basalt","yes","no","5","5"]
[8379,486,"OVCR8","Champion Rd","VIC","AU","Gasoline/Diesel",null,"clay","C",null,4299,"SG26",8379,"2008-07-01",{"$nulls":7},15.748032,null,19.68504,{"$nulls":10},"NAPL",true,false,false,false,false,false,false,false,null,"Pipeline Leak","Fresh PSH (services backfill area)",{"$nulls":24},"<",1852,"<",1852,"<",1852,"<",3704,"<",1852,"<",null,"<",2000,{"$nulls":20},"fractured basalt","yes","no","4","5"]
[8380,486,"OVCR8","Champion Rd","VIC","AU","Gasoline/Diesel",null,"clay","C",null,4299,"SG26",8380,"2008-09-01",{"$nulls":7},15.748032,null,19.68504,{"$nulls":10},"NAPL",true,false,false,false,false,false,false,false,null,"Pipeline Leak","Fresh PSH (services backfill area)",{"$nulls":24},"<",5747,"<",5747,"<",5747,"<",17241,"<",28736,"<",null,"<",30000,{"$nulls":20},"fractured basalt","yes","no","4","5"]
[8381,486,"OVCR8","Champion Rd","VIC","AU","Gasoline/Diesel",null,"clay","C",null,4299,"SG26",8381,"2008-12-01",{"$nulls":7},15.748032,null,19.68504,{"$nulls":10},"NAPL",true,false,false,false,false,false,false,false,null,"Pipeline Leak","Fresh PSH (services backfill area)",{"$nulls":24},"<",337,"<",337,"<",337,"<",974,"<",1684,"<",null,"<",2000,{"$nulls":20},"fractured basalt","yes","no","4","5"]
[8378,486,"OVCR8","Champion Rd","VIC","AU","Gasoline/Diesel",null,"clay","C",null,4299,"SG26",8378,"2008-05-01",{"$nulls":7},15.748032,null,19.68504,{"$nulls":10},"NAPL",true,false,false,false,false,false,false,false,null,"Pipeline Leak","Fresh PSH (services backfill area)",{"$nulls":25},202,null,303,"<",168,"<",505,{"$nulls":5},2222,{"$nulls":20},"fractured basalt","yes","no","4","5"]
[8382,486,"OVCR8","Champion Rd","VIC","AU","Gasoline/Diesel",null,"clay","C",null,4300,"SG27",8382,"2008-07-01",{"$nulls":7},15.091864,null,19.68504,{"$nulls":10},"NAPL",true,false,false,false,false,false,false,false,null,"Pipeline Leak","Fresh PSH (services backfill area)",{"$nulls":24},"<",1873,"<",1873,"<",1873,"<",3746,"<",1873,"<",null,"<",2000,{"$nulls":20},"fractured basalt","yes","yes","4","5"]
[8383,486,"OVCR8","Champion Rd","VIC","AU","Gasoline/Diesel",null,"clay","C",null,4300,"SG27",8383,"2008-12-01",{"$nulls":7},15.091864,null,19.68504,{"$nulls":10},"NAPL",true,false,false,false,false,false,false,false,null,"Pipeline Leak","Fresh PSH (services backfill area)",{"$nulls":24},"<",4902,"<",4902,"<",4902,"<",14706,"<",24510,"<",null,"<",30000,{"$nulls":20},"fractured basalt","yes","yes","4","5"]
[8384,486,"OVCR8","Champion Rd","VIC","AU","Gasoline/Diesel",null,"clay","C",null,4300,"SG27",8384,"2008-09-01",{"$nulls":7},15.091864,null,19.68504,{"$nulls":10},"NAPL",true,false,false,false,false,false,false,false,null,"Pipeline Leak","Fresh PSH (services backfill area)",{"$nulls":24},"<",340,"<",340,"<",340,"<",1020,"<",1701,"<",null,"<",2000,{"$nulls":20},"fractured basalt","yes","yes","4","5"]
[8385,486,"OVCR8","Champion Rd","VIC","AU","Gasoline/Diesel",null,"clay","C",null,4300,"SG27",8385,"2008-05-01",{"$nulls":7},15.091864,null,19.68504,{"$nulls":10},"NAPL",true,false,false,false,false,false,false,false,null,"Pipeline Leak","Fresh PSH (services backfill area)",{"$nulls":24},"<",160,"<",160,"<",160,"<",481,null,null,"<",null,"<",160,{"$nulls":20},"fractured basalt","yes","yes","4","5"]
[8386,486,"OVCR8","Champion Rd","VIC","AU","Gasoline/Diesel",null,"clay","C",null,4301,"SG28",8386,"2008-12-01",{"$nulls":7},16.4042,null,19.68504,{"$nulls":10},"NAPL",true,false,false,false,false,false,false,false,null,"Pipeline Leak","Fresh PSH (services backfill area)",{"$nulls":24},"<",5682,"<",5682,"<",5682,"<",17046,"<",28409,"<",null,"<",30000,{"$nulls":20},"fractured basalt","yes","yes","4","5"]
[8387,486,"OVCR8","Champion Rd","VIC","AU","Gasoline/Diesel",null,"clay","C",null,4301,"SG28",8387,"2008-09-01",{"$nulls":7},16.4042,null,19.68504,{"$nulls":10},"NAPL",true,false,false,false,false,false,false,false,null,"Pipeline Leak","Fresh PSH (services backfill area)",{"$nulls":24},"<",358,"<",358,"<",358,"<",1075,"<",1792,"<",null,"<",2000,{"$nulls":20},"fractured basalt","yes","yes","4","5"]
[8388,486,"OVCR8","Champion Rd","VIC","AU","Gasoline/Diesel",null,"clay","C",null,4301,"SG28",8388,"2008-07-01",{"$nulls":7},16.4042,null,19.68504,{"$nulls":10},"NAPL",true,false,false,false,false,false,false,false,null,"Pipeline Leak","Fresh PSH (services backfill area)",{"$nulls":24},"<",1634,"<",1634,"<",1634,"<",3268,"<",1634,"<",null,"<",2000,{"$nulls":20},"fractured basalt","yes","yes","4","5"]
[8389,486,"OVCR8","Champion Rd","VIC","AU","Gasoline/Diesel",null,"clay","C",null,4301,"SG28",8389,"2008-05-01",{"$nulls":7},16.4042,null,19.68504,{"$nulls":10},"NAPL",true,false,false,false,false,false,false,false,null,"Pipeline Leak","Fresh PSH (services backfill area)",{"$nulls":24},"<",165,"<",165,"<",165,"<",495,null,null,"<",null,"<",165,{"$nulls":20},"fractured basalt","yes","yes","4","5"]
[8390,486,"OVCR8","Champion Rd","VIC","AU","Gasoline/Diesel",null,"clay","C",null,4302,"SG29",8390,"2008-05-01",{"$nulls":7},16.4042,null,19.68504,{"$nulls":10},"NAPL",true,false,false,false,false,false,false,false,null,"Pipeline Leak","Fresh PSH (services backfill area)",{"$nulls":24},"<",167,"<",167,"<",167,"<",500,null,null,"<",null,"<",167,{"$nulls":20},"fractured basalt","yes","yes","4","5"]
[8391,486,"OVCR8","Champion Rd","VIC","AU","Gasoline/Diesel",null,"clay","C",null,4302,"SG29",8391,"2008-07-01",{"$nulls":7},16.4042,null,19.68504,{"$nulls":10},"NAPL",true,false,false,false,false,false,false,false,null,"Pipeline Leak","Fresh PSH (services backfill area)",{"$nulls":24},"<",1618,"<",1618,"<",1618,"<",3236,"<",1618,"<",null,"<",2000,{"$nulls":20},"fractured basalt","yes","yes","4","5"]
[8392,486,"OVCR8","Champion Rd","VIC","AU","Gasoline/Diesel",null,"clay","C",null,4303,"SG30",8392,"2008-05-01",{"$nulls":7},14.435696,null,19.68504,{"$nulls":10},"NAPL",true,false,false,false,false,false,false,false,null,"Pipeline Leak","Fresh PSH (services backfill area)",{"$nulls":24},"<",167,"<",167,"<",167,"<",500,null,null,"<",null,"<",167,{"$nulls":20},"fractured basalt","yes","yes","4","5"]
[8393,486,"OVCR8","Champion Rd","VIC","AU","Gasoline/Diesel",null,"clay","C",null,4303,"SG30",8393,"2008-12-01",{"$nulls":7},14.435696,null,19.68504,{"$nulls":10},"NAPL",true,false,false,false,false,false,false,false,null,"Pipeline Leak","Fresh PSH (services backfill area)",{"$nulls":24},"<",351,"<",351,"<",351,"<",1053,"<",1754,"<",null,"<",2000,{"$nulls":20},"fractured basalt","yes","yes","4","5"]
[8394,486,"OVCR8","Champion Rd","VIC","AU","Gasoline/Diesel",null,"clay","C",null,4303,"SG30",8394,"2008-07-01",{"$nulls":7},14.435696,null,19.68504,{"$nulls":10},"NAPL",true,false,false,false,false,false,false,false,null,"Pipeline Leak","Fresh PSH (services backfill area)",{"$nulls":24},"<",1618,"<",1618,"<",1618,"<",3236,"<",1618,"<",null,"<",2000,{"$nulls":20},"fractured basalt","yes","yes","4","5"]
[8395,486,"OVCR8","Champion Rd","VIC","AU","Gasoline/Diesel",null,"clay","C",null,4303,"SG30",8395,"2008-09-01",{"$nulls":7},14.435696,null,19.68504,{"$nulls":10},"NAPL",true,false,false,false,false,false,false,false,null,"Pipeline Leak","Fresh PSH (services backfill area)",{"$nulls":24},"<",333,"<",333,"<",333,"<",999,"<",1667,"<",null,"<",2000,{"$nulls":20},"fractured basalt","yes","yes","4","5"]
[8398,486,"OVCR8","Champion Rd","VIC","AU","Gasoline/Diesel",null,"clay","C",null,4305,"SG31/32",8398,"2008-09-01",{"$nulls":7},3.28084,null,22.96588,{"$nulls":10},"NAPL",true,false,false,false,false,false,false,false,null,"Pipeline Leak","Fresh PSH (residential)",{"$nulls":25},470000,null,15000,"<",17000,"<",34000,null,810000,{"$nulls":3},2975000,{"$nulls":20},"fractured basalt","yes","yes","4","5"]
[8399,486,"OVCR8","Champion Rd","VIC","AU","Gasoline/Diesel",null,"clay","C",null,4305,"SG31/32",8399,"2008-05-01",{"$nulls":7},3.28084,null,22.96588,{"$nulls":10},"NAPL",true,false,false,false,false,false,false,false,null,"Pipeline Leak","Fresh PSH (residential)",{"$nulls":25},550000,"<",58000,"<",67000,"<",134000,null,710000,{"$nulls":3},2840000,{"$nulls":20},"fractured basalt","yes","yes","4","5"]
[8396,486,"OVCR8","Champion Rd","VIC","AU","Gasoline/Diesel",null,"clay","C",null,4304,"SG31/32",8396,"2008-05-01",{"$nulls":7},15.419948,null,19.68504,{"$nulls":10},"NAPL",true,false,false,false,false,false,false,false,null,"Pipeline Leak","Fresh PSH (residential)",{"$nulls":24},"<",2.6,null,5.8,"<",3.6,null,8.6,"<",2.9,null,null,"<",11,{"$nulls":20},"fractured basalt","yes","yes","4","5"]
[8397,486,"OVCR8","Champion Rd","VIC","AU","Gasoline/Diesel",null,"clay","C",null,4304,"SG31/32",8397,"2008-09-01",{"$nulls":7},15.419948,null,19.68504,{"$nulls":10},"NAPL",true,false,false,false,false,false,false,false,null,"Pipeline Leak","Fresh PSH (residential)",{"$nulls":24},"<",2.6,null,12,null,3.7,null,23.9,"<",2.8,{"$nulls":3},51,{"$nulls":20},"fractured basalt","yes","yes","4","5"]
[8404,486,"OVCR8","Champion Rd","VIC","AU","Gasoline/Diesel",null,"clay, fractured basalt","C",null,4307,"SG33/34",8404,"2008-09-01",{"$nulls":7},0.984251999999999,null,22.96588,{"$nulls":10},"NAPL",true,false,false,false,false,false,false,false,null,"Pipeline Leak","Fresh PSH (residential)",{"$nulls":25},61429,null,105000,null,714,null,14286,null,864286,{"$nulls":3},1763571,{"$nulls":20},"fractured basalt","yes","yes","4","5"]
[8405,486,"OVCR8","Champion Rd","VIC","AU","Gasoline/Diesel",null,"clay, fractured basalt","C",null,4307,"SG33/34",8405,"2008-07-01",{"$nulls":7},0.984251999999999,null,22.96588,{"$nulls":10},"NAPL",true,false,false,false,false,false,false,false,null,"Pipeline Leak","Fresh PSH (residential)",{"$nulls":25},632653,null,903061,null,5102,null,40816,null,6500000,{"$nulls":3},13020408,{"$nulls":20},"fractured basalt","yes","yes","4","5"]
[8406,486,"OVCR8","Champion Rd","VIC","AU","Gasoline/Diesel",null,"clay, fractured basalt","C",null,4307,"SG33/34",8406,"2008-05-01",{"$nulls":7},0.984251999999999,null,22.96588,{"$nulls":10},"NAPL",true,false,false,false,false,false,false,false,null,"Pipeline Leak","Fresh PSH (residential)",{"$nulls":25},279703,null,407591,null,1815,null,74587,{"$nulls":5},995710,{"$nulls":20},"fractured basalt","yes","yes","4","5"]
[8407,486,"OVCR8","Champion Rd","VIC","AU","Gasoline/Diesel",null,"clay, fractured basalt","C",null,4307,"SG33/34",8407,"2008-12-01",{"$nulls":7},0.984251999999999,null,22.96588,{"$nulls":10},"NAPL",true,false,false,false,false,false,false,false,null,"Pipeline Leak","Fresh PSH (residential)",{"$nulls":25},475248,null,846535,null,9901,null,118812,null,2757426,{"$nulls":3},7430693,{"$nulls":20},"fractured basalt","yes","yes","4","5"]
[8400,486,"OVCR8","Champion Rd","VIC","AU","Gasoline/Diesel",null,"clay","C",null,4306,"SG33/34",8400,"2008-05-01",{"$nulls":7},16.076116,null,19.68504,{"$nulls":10},"NAPL",true,false,false,false,false,false,false,false,null,"Pipeline Leak","Fresh PSH (residential)",{"$nulls":24},"<",165,"<",165,"<",165,"<",495,null,null,"<",null,"<",165,{"$nulls":20},"fractured basalt","yes","yes","4","5"]
[8401,486,"OVCR8","Champion Rd","VIC","AU","Gasoline/Diesel",null,"clay","C",null,4306,"SG33/34",8401,"2008-07-01",{"$nulls":7},16.076116,null,19.68504,{"$nulls":10},"NAPL",true,false,false,false,false,false,false,false,null,"Pipeline Leak","Fresh PSH (residential)",{"$nulls":24},"<",1667,"<",1667,"<",1667,"<",3334,"<",1667,"<",null,"<",2000,{"$nulls":20},"fractured basalt","yes","yes","4","5"]
[8402,486,"OVCR8","Champion Rd","VIC","AU","Gasoline/Diesel",null,"clay","C",null,4306,"SG33/34",8402,"2008-09-01",{"$nulls":7},16.076116,null,19.68504,{"$nulls":10},"NAPL",true,false,false,false,false,false,false,false,null,"Pipeline Leak","Fresh PSH (residential)",{"$nulls":24},"<",347,"<",347,"<",347,"<",1041,"<",1736,"<",null,null,2000,{"$nulls":20},"fractured basalt","yes","yes","4","5"]
[8403,486,"OVCR8","Champion Rd","VIC","AU","Gasoline/Diesel",null,"clay","C",null,4306,"SG33/34",8403,"2008-12-01",{"$nulls":7},16.076116,null,19.68504,{"$nulls":10},"NAPL",true,false,false,false,false,false,false,false,null,"Pipeline Leak","Fresh PSH (residential)",{"$nulls":25},355,"<",355,"<",355,"<",1057,"<",1773,"<",null,null,2000,{"$nulls":20},"fractured basalt","yes","yes","4","5"]
[8412,486,"OVCR8","Champion Rd","VIC","AU","Gasoline/Diesel",null,"clay","C",null,4309,"SG35/36",8412,"2008-09-01",{"$nulls":7},3.608924,null,29.52756,{"$nulls":10},"NAPL",true,false,false,false,false,false,false,false,null,"Pipeline Leak","Fresh PSH (residential)",{"$nulls":25},350000,null,345455,"<",4545,null,63637,null,5313636,{"$nulls":3},10295454,{"$nulls":20},"fractured basalt","yes","yes","4","5"]
[8413,486,"OVCR8","Champion Rd","VIC","AU","Gasoline/Diesel",null,"clay","C",null,4309,"SG35/36",8413,"2008-12-01",{"$nulls":7},3.608924,null,29.52756,{"$nulls":10},"NAPL",true,false,false,false,false,false,false,false,null,"Pipeline Leak","Fresh PSH (residential)",{"$nulls":25},308411,null,350467,"<",4673,null,116823,null,2261682,{"$nulls":3},5672897,{"$nulls":20},"fractured basalt","yes","yes","4","5"]
[8414,486,"OVCR8","Champion Rd","VIC","AU","Gasoline/Diesel",null,"clay","C",null,4309,"SG35/36",8414,"2008-07-01",{"$nulls":7},3.608924,null,29.52756,{"$nulls":10},"NAPL",true,false,false,false,false,false,false,false,null,"Pipeline Leak","Fresh PSH (residential)",{"$nulls":25},280000,null,396667,null,1667,null,48333,null,1728758,{"$nulls":3},5485000,{"$nulls":20},"fractured basalt","yes","yes","4","5"]
[8415,486,"OVCR8","Champion Rd","VIC","AU","Gasoline/Diesel",null,"clay","C",null,4309,"SG35/36",8415,"2008-05-01",{"$nulls":7},3.608924,null,29.52756,{"$nulls":10},"NAPL",true,false,false,false,false,false,false,false,null,"Pipeline Leak","Fresh PSH (residential)",{"$nulls":25},422000,null,660667,null,6833,null,174500,{"$nulls":5},1591667,{"$nulls":20},"fractured basalt","yes","yes","4","5"]
[8408,486,"OVCR8","Champion Rd","VIC","AU","Gasoline/Diesel",null,"clay","C",null,4308,"SG35/36",8408,"2008-12-01",{"$nulls":7},15.748032,null,19.68504,{"$nulls":10},"NAPL",true,false,false,false,false,false,false,false,null,"Pipeline Leak","Fresh PSH (residential)",{"$nulls":24},"<",347,"<",347,"<",347,"<",1041,"<",1736,{"$nulls":3},2778,{"$nulls":20},"fractured basalt","yes","yes","4","5"]
[8409,486,"OVCR8","Champion Rd","VIC","AU","Gasoline/Diesel",null,"clay","C",null,4308,"SG35/36",8409,"2008-05-01",{"$nulls":7},15.748032,null,19.68504,{"$nulls":10},"NAPL",true,false,false,false,false,false,false,false,null,"Pipeline Leak","Fresh PSH (residential)",{"$nulls":24},"<",165,"<",165,"<",165,"<",495,null,null,"<",null,"<",165,{"$nulls":20},"fractured basalt","yes","yes","4","5"]
[8410,486,"OVCR8","Champion Rd","VIC","AU","Gasoline/Diesel",null,"clay","C",null,4308,"SG35/36",8410,"2008-07-01",{"$nulls":7},15.748032,null,19.68504,{"$nulls":10},"NAPL",true,false,false,false,false,false,false,false,null,"Pipeline Leak","Fresh PSH (residential)",{"$nulls":24},"<",1603,"<",1603,"<",1603,"<",3206,null,5128,{"$nulls":3},17950,{"$nulls":20},"fractured basalt","yes","yes","4","5"]
[8411,486,"OVCR8","Champion Rd","VIC","AU","Gasoline/Diesel",null,"clay","C",null,4308,"SG35/36",8411,"2008-09-01",{"$nulls":7},15.748032,null,19.68504,{"$nulls":10},"NAPL",true,false,false,false,false,false,false,false,null,"Pipeline Leak","Fresh PSH (residential)",{"$nulls":24},"<",4717,"<",4717,"<",4717,"<",14151,"<",23585,"<",null,null,30000,{"$nulls":20},"fractured basalt","yes","yes","4","5"]
[8416,486,"OVCR8","Champion Rd","VIC","AU","Gasoline/Diesel",null,"clay","C",null,4310,"SG37",8416,"2008-05-01",{"$nulls":7},16.4042,null,19.68504,{"$nulls":10},"NAPL",true,false,false,false,false,false,false,false,null,"Pipeline Leak","Fresh PSH (residential)",{"$nulls":24},"<",3.4,null,8.1,"<",4.6,null,9.4,"<",3.7,null,null,"<",13,{"$nulls":20},"fractured basalt","yes","yes","4","5"]
[8417,486,"OVCR8","Champion Rd","VIC","AU","Gasoline/Diesel",null,"clay","C",null,4310,"SG37",8417,"2008-09-01",{"$nulls":7},16.4042,null,19.68504,{"$nulls":10},"NAPL",true,false,false,false,false,false,false,false,null,"Pipeline Leak","Fresh PSH (residential)",{"$nulls":24},"<",2.6,null,13,null,3.6,null,20.4,"<",2.9,null,null,"<",47,{"$nulls":20},"fractured basalt","yes","yes","4","5"]
[8418,486,"OVCR8","Champion Rd","VIC","AU","Gasoline/Diesel",null,"clay","C",null,4310,"SG37",8418,"2008-07-01",{"$nulls":7},16.4042,null,19.68504,{"$nulls":10},"NAPL",true,false,false,false,false,false,false,false,null,"Pipeline Leak","Fresh PSH (residential)",{"$nulls":24},"<",2.8,null,4.5,"<",3.9,"<",7.8,"<",3.2,null,null,"<",9,{"$nulls":20},"fractured basalt","yes","yes","4","5"]
[8419,486,"OVCR8","Champion Rd","VIC","AU","Gasoline/Diesel",null,"clay","C",null,4311,"SG38",8419,"2008-07-01",{"$nulls":7},16.4042,null,19.68504,{"$nulls":10},"NAPL",true,false,false,false,false,false,false,false,null,"Pipeline Leak","Fresh PSH (residential)",{"$nulls":25},11,"<",3.8,"<",4.3,null,10,null,3.6,{"$nulls":3},50,{"$nulls":20},"fractured basalt","yes","yes","4","5"]
[8420,486,"OVCR8","Champion Rd","VIC","AU","Gasoline/Diesel",null,"clay","C",null,4311,"SG38",8420,"2008-05-01",{"$nulls":7},16.4042,null,19.68504,{"$nulls":10},"NAPL",true,false,false,false,false,false,false,false,null,"Pipeline Leak","Fresh PSH (residential)",{"$nulls":24},"<",2.5,"<",3,"<",3.4,"<",6.8,"<",2.8,"<",null,"<",3.9,{"$nulls":20},"fractured basalt","yes","yes","4","5"]
[8421,486,"OVCR8","Champion Rd","VIC","AU","Gasoline/Diesel",null,"clay","C",null,4311,"SG38",8421,"2008-09-01",{"$nulls":7},16.4042,null,19.68504,{"$nulls":10},"NAPL",true,false,false,false,false,false,false,false,null,"Pipeline Leak","Fresh PSH (residential)",{"$nulls":25},310,null,28,"<",30,"<",60,"<",2.9,{"$nulls":3},1408,{"$nulls":20},"fractured basalt","yes","yes","4","5"]
[8422,486,"OVCR8","Champion Rd","VIC","AU","Gasoline/Diesel",null,"clay","C",null,4312,"SG39",8422,"2008-09-01",{"$nulls":7},16.4042,null,19.68504,{"$nulls":10},"NAPL",true,false,false,false,false,false,false,false,null,"Pipeline Leak","Fresh PSH (residential)",{"$nulls":24},"<",2.5,null,40,null,4,null,24.3,"<",3.1,{"$nulls":3},94,{"$nulls":20},"fractured basalt","yes","yes","4","5"]
[8423,486,"OVCR8","Champion Rd","VIC","AU","Gasoline/Diesel",null,"clay","C",null,4312,"SG39",8423,"2008-07-01",{"$nulls":7},16.4042,null,19.68504,{"$nulls":10},"NAPL",true,false,false,false,false,false,false,false,null,"Pipeline Leak","Fresh PSH (residential)",{"$nulls":24},"<",2.9,null,16,null,25,null,26,"<",3.2,{"$nulls":3},67,{"$nulls":20},"fractured basalt","yes","yes","4","5"]
[8424,486,"OVCR8","Champion Rd","VIC","AU","Gasoline/Diesel",null,"clay","C",null,4313,"SG40",8424,"2008-05-01",{"$nulls":7},16.4042,null,19.68504,{"$nulls":10},"NAPL",true,false,false,false,false,false,false,false,null,"Pipeline Leak","Fresh PSH (residential)",{"$nulls":24},"<",2.7,null,17,"<",3.6,null,15.3,"<",3,{"$nulls":3},39,{"$nulls":20},"fractured basalt","yes","yes","4","5"]
[8425,486,"OVCR8","Champion Rd","VIC","AU","Gasoline/Diesel",null,"clay","C",null,4313,"SG40",8425,"2008-07-01",{"$nulls":7},16.4042,null,19.68504,{"$nulls":10},"NAPL",true,false,false,false,false,false,false,false,null,"Pipeline Leak","Fresh PSH (residential)",{"$nulls":24},"<",2.7,null,18,"<",3.6,null,9.4,"<",3,{"$nulls":3},23.8,{"$nulls":20},"fractured basalt","yes","yes","4","5"]
[8426,486,"OVCR8","Champion Rd","VIC","AU","Gasoline/Diesel",null,"clay","C",null,4313,"SG40",8426,"2008-09-01",{"$nulls":7},16.4042,null,19.68504,{"$nulls":10},"NAPL",true,false,false,false,false,false,false,false,null,"Pipeline Leak","Fresh PSH (residential)",{"$nulls":24},"<",2.6,null,4.5,"<",3.6,null,9.1,"<",2.9,{"$nulls":3},10,{"$nulls":20},"fractured basalt","yes","yes","4","5"]
[8427,486,"OVCR8","Champion Rd","VIC","AU","Gasoline/Diesel",null,"clay","C",null,4314,"SG41",8427,"2008-09-01",{"$nulls":7},16.4042,null,19.68504,{"$nulls":10},"NAPL",true,false,false,false,false,false,false,false,null,"Pipeline Leak","Fresh PSH (residential)",{"$nulls":24},"<",2.6,null,19,"<",3.5,null,9.8,"<",2.8,{"$nulls":3},25,{"$nulls":20},"fractured basalt","yes","yes","4","5"]
[8428,486,"OVCR8","Champion Rd","VIC","AU","Gasoline/Diesel",null,"clay","C",null,4314,"SG41",8428,"2008-07-01",{"$nulls":7},16.4042,null,19.68504,{"$nulls":10},"NAPL",true,false,false,false,false,false,false,false,null,"Pipeline Leak","Fresh PSH (residential)",{"$nulls":24},"<",2.7,null,14,"<",3.7,null,8.2,"<",3,{"$nulls":3},18.5,{"$nulls":20},"fractured basalt","yes","yes","4","5"]
[8429,486,"OVCR8","Champion Rd","VIC","AU","Gasoline/Diesel",null,"clay","C",null,4314,"SG41",8429,"2008-05-01",{"$nulls":7},16.4042,null,19.68504,{"$nulls":10},"NAPL",true,false,false,false,false,false,false,false,null,"Pipeline Leak","Fresh PSH (residential)",{"$nulls":24},"<",2.7,null,19,"<",3.6,null,11.7,"<",3,{"$nulls":3},27,{"$nulls":20},"fractured basalt","yes","yes","4","5"]
[8430,486,"OVCR8","Champion Rd","VIC","AU","Gasoline/Diesel",null,"clay","C",null,4315,"SG42",8430,"2008-05-01",{"$nulls":7},16.4042,null,19.68504,{"$nulls":10},"NAPL",true,false,false,false,false,false,false,false,null,"Pipeline Leak","Fresh PSH (commercial)",{"$nulls":24},"<",167,"<",167,"<",167,"<",500,null,null,"<",null,"<",167,{"$nulls":20},"fractured basalt","yes","yes","4","5"]
[8431,486,"OVCR8","Champion Rd","VIC","AU","Gasoline/Diesel",null,"clay","C",null,4315,"SG42",8431,"2008-07-01",{"$nulls":7},16.4042,null,19.68504,{"$nulls":10},"NAPL",true,false,false,false,false,false,false,false,null,"Pipeline Leak","Fresh PSH (commercial)",{"$nulls":24},"<",1667,"<",1667,"<",1667,"<",3334,"<",1667,"<",null,"<",2000,{"$nulls":20},"fractured basalt","yes","yes","4","5"]
[8432,486,"OVCR8","Champion Rd","VIC","AU","Gasoline/Diesel",null,"clay","C",null,4315,"SG42",8432,"2008-09-01",{"$nulls":7},16.4042,null,19.68504,{"$nulls":10},"NAPL",true,false,false,false,false,false,false,false,null,"Pipeline Leak","Fresh PSH (commercial)",{"$nulls":24},"<",333,"<",333,"<",333,"<",999,"<",1667,"<",null,"<",2000,{"$nulls":20},"fractured basalt","yes","yes","4","5"]
[8433,486,"OVCR8","Champion Rd","VIC","AU","Gasoline/Diesel",null,"clay","C",null,4315,"SG42",8433,"2008-12-01",{"$nulls":7},16.4042,null,19.68504,{"$nulls":10},"NAPL",true,false,false,false,false,false,false,false,null,"Pipeline Leak","Fresh PSH (commercial)",{"$nulls":24},"<",344,"<",344,"<",344,"<",1031,"<",1718,"<",null,"<",2000,{"$nulls":20},"fractured basalt","yes","yes","4","5"]
[8434,486,"OVCR8","Champion Rd","VIC","AU","Gasoline/Diesel",null,"clay","C",null,4316,"SG43",8434,"2008-07-01",{"$nulls":7},16.4042,null,19.68504,{"$nulls":10},"NAPL",true,false,false,false,false,false,false,false,null,"Pipeline Leak","Fresh PSH (commercial)",{"$nulls":24},"<",1634,"<",1634,"<",1634,"<",3268,"<",1634,"<",null,"<",2000,{"$nulls":20},"fractured basalt","yes","yes","4","5"]
[8435,486,"OVCR8","Champion Rd","VIC","AU","Gasoline/Diesel",null,"clay","C",null,4316,"SG43",8435,"2008-12-01",{"$nulls":7},16.4042,null,19.68504,{"$nulls":10},"NAPL",true,false,false,false,false,false,false,false,null,"Pipeline Leak","Fresh PSH (commercial)",{"$nulls":24},"<",362,"<",362,"<",362,"<",1087,"<",1812,"<",null,"<",2000,{"$nulls":20},"fractured basalt","yes","yes","4","5"]
[8436,486,"OVCR8","Champion Rd","VIC","AU","Gasoline/Diesel",null,"clay","C",null,4316,"SG43",8436,"2008-09-01",{"$nulls":7},16.4042,null,19.68504,{"$nulls":10},"NAPL",true,false,false,false,false,false,false,false,null,"Pipeline Leak","Fresh PSH (commercial)",{"$nulls":24},"<",309,"<",309,"<",309,"<",927,"<",1543,"<",null,"<",2000,{"$nulls":20},"fractured basalt","yes","yes","4","5"]
[8437,486,"OVCR8","Champion Rd","VIC","AU","Gasoline/Diesel",null,"clay","C",null,4316,"SG43",8437,"2008-05-01",{"$nulls":7},16.4042,null,19.68504,{"$nulls":10},"NAPL",true,false,false,false,false,false,false,false,null,"Pipeline Leak","Fresh PSH (commercial)",{"$nulls":24},"<",167,"<",167,"<",167,"<",500,null,null,"<",null,"<",167,{"$nulls":20},"fractured basalt","yes","yes","4","5"]
[8438,486,"OVCR8","Champion Rd","VIC","AU","Gasoline/Diesel",null,"clay","C",null,4317,"SG44",8438,"2008-12-01",{"$nulls":7},16.4042,null,19.68504,{"$nulls":10},"NAPL",true,false,false,false,false,false,false,false,null,"Pipeline Leak","Fresh PSH (commercial)",{"$nulls":24},"<",366,"<",366,"<",366,"<",1099,"<",1832,"<",null,"<",2000,{"$nulls":20},"fractured basalt","yes","yes","4","5"]
[8439,486,"OVCR8","Champion Rd","VIC","AU","Gasoline/Diesel",null,"clay","C",null,4317,"SG44",8439,"2008-07-01",{"$nulls":7},16.4042,null,19.68504,{"$nulls":10},"NAPL",true,false,false,false,false,false,false,false,null,"Pipeline Leak","Fresh PSH (commercial)",{"$nulls":24},"<",1852,"<",1852,"<",1852,"<",3704,"<",1852,"<",null,"<",2000,{"$nulls":20},"fractured basalt","yes","yes","4","5"]
[8440,486,"OVCR8","Champion Rd","VIC","AU","Gasoline/Diesel",null,"clay","C",null,4317,"SG44",8440,"2008-05-01",{"$nulls":7},16.4042,null,19.68504,{"$nulls":10},"NAPL",true,false,false,false,false,false,false,false,null,"Pipeline Leak","Fresh PSH (commercial)",{"$nulls":24},"<",170,"<",170,"<",170,"<",510,null,null,"<",null,"<",170,{"$nulls":20},"fractured basalt","yes","yes","4","5"]
[8441,486,"OVCR8","Champion Rd","VIC","AU","Gasoline/Diesel",null,"clay","C",null,4317,"SG44",8441,"2008-09-01",{"$nulls":7},16.4042,null,19.68504,{"$nulls":10},"NAPL",true,false,false,false,false,false,false,false,null,"Pipeline Leak","Fresh PSH (commercial)",{"$nulls":24},"<",312,"<",312,"<",312,"<",936,null,4361,{"$nulls":3},4361,{"$nulls":20},"fractured basalt","yes","yes","4","5"]
[8442,486,"OVCR8","Champion Rd","VIC","AU","Gasoline/Diesel",null,"clay","C",null,4318,"SG45",8442,"2008-07-01",{"$nulls":7},16.4042,null,19.68504,{"$nulls":10},"NAPL",true,false,false,false,false,false,false,false,null,"Pipeline Leak","Fresh PSH (commercial)",{"$nulls":24},"<",2.7,null,20,"<",3.6,"<",7.2,"<",3,{"$nulls":3},20,{"$nulls":20},"fractured basalt","yes","yes","4","5"]
[8443,486,"OVCR8","Champion Rd","VIC","AU","Gasoline/Diesel",null,"clay","C",null,4318,"SG45",8443,"2008-09-01",{"$nulls":7},16.4042,null,19.68504,{"$nulls":10},"NAPL",true,false,false,false,false,false,false,false,null,"Pipeline Leak","Fresh PSH (commercial)",{"$nulls":24},"<",2.6,null,6.6,"<",3.8,"<",12.7,"<",3.1,{"$nulls":3},16,{"$nulls":20},"fractured basalt","yes","yes","4","5"]
[8444,486,"OVCR8","Champion Rd","VIC","AU","Gasoline/Diesel",null,"clay","C",null,4318,"SG45",8444,"2008-05-01",{"$nulls":7},16.4042,null,19.68504,{"$nulls":10},"NAPL",true,false,false,false,false,false,false,false,null,"Pipeline Leak","Fresh PSH (commercial)",{"$nulls":24},"<",2.4,"<",2.9,"<",3.3,"<",6.6,"<",2.7,"<",null,"<",3.3,{"$nulls":20},"fractured basalt","yes","yes","4","5"]
[8445,486,"OVCR8","Champion Rd","VIC","AU","Gasoline/Diesel",null,"clay","C",null,4319,"SG46",8445,"2008-07-01",{"$nulls":7},16.4042,null,19.68504,{"$nulls":10},"NAPL",true,false,false,false,false,false,false,false,null,"Pipeline Leak","Fresh PSH (commercial)",{"$nulls":24},"<",2.6,null,19,"<",3.6,null,9.6,"<",2.9,{"$nulls":3},25,{"$nulls":20},"fractured basalt","yes","yes","4","5"]
[8446,486,"OVCR8","Champion Rd","VIC","AU","Gasoline/Diesel",null,"clay","C",null,4320,"SG47",8446,"2008-07-01",{"$nulls":7},16.4042,null,19.68504,{"$nulls":10},"NAPL",true,false,false,false,false,false,false,false,null,"Pipeline Leak","Fresh PSH (residential)",{"$nulls":24},"<",2.8,null,4.8,"<",3.9,"<",7.8,"<",3.2,{"$nulls":3},4.8,{"$nulls":20},"fractured basalt","yes","yes","4","5"]
[8447,486,"OVCR8","Champion Rd","VIC","AU","Gasoline/Diesel",null,"clay","C",null,4320,"SG47",8447,"2008-09-01",{"$nulls":7},16.4042,null,19.68504,{"$nulls":10},"NAPL",true,false,false,false,false,false,false,false,null,"Pipeline Leak","Fresh PSH (residential)",{"$nulls":24},"<",2.7,null,19,null,4.4,null,25.9,"<",3,{"$nulls":3},65,{"$nulls":20},"fractured basalt","yes","yes","4","5"]
[8448,488,"OVDP10","Deer Park","VIC","AU","Gasoline",null,"clay","C",null,4321,"SVB1",8448,"2005-06-29",{"$nulls":4},9113,null,null,29.52756,null,32.8084,{"$nulls":10},"NAPL",true,false,false,true,true,false,false,false,null,"UST","PSH - degraded leaded petrol (MW10/11)","MW10/11","2005-06-29","PSH - degraded leaded petrol (MW10/11)",null,154600,null,150000,null,4600,null,76400,null,19900,null,2900,null,24300,{"$nulls":8},0.69,null,4.3,null,1.2,null,4.3,{"$nulls":5},33.2,{"$nulls":20},"clay, basalt","yes","yes","3","2"]
[8449,488,"OVDP10","Deer Park","VIC","AU","Gasoline",null,"clay","C",null,4321,"SVB1",8449,"2005-06-27",{"$nulls":4},9112,null,null,29.52756,null,32.8084,{"$nulls":10},"NAPL",true,false,false,true,true,false,false,false,null,"UST","PSH - degraded leaded petrol (MW10/11)","MW10/11","2005-06-27","PSH - degraded leaded petrol (MW10/11)",null,152600,null,149000,null,3600,null,75400,null,18900,null,1900,null,23300,{"$nulls":7},"<",30.6,null,73.4,null,3.2,null,9,{"$nulls":3},9863,{"$nulls":22},"clay, basalt","yes","yes","3","2"]
[8450,488,"OVDP10","Deer Park","VIC","AU","Gasoline",null,"clay","C",null,4322,"SVB2",8450,"2005-06-27",{"$nulls":4},9114,null,null,29.52756,null,32.8084,{"$nulls":10},"Dissolved",false,false,false,false,false,false,false,false,null,"UST","Dissolved phase (MW06/24)","MW06/24","2005-06-27","Dissolved phase (MW06/24)",null,357,null,35,null,322,null,6,"<",2,"<",2,"<",2,{"$nulls":7},"<",1.1,null,8.7,null,1.5,null,7.3,{"$nulls":3},109.15,{"$nulls":22},"clay, basalt","yes","yes","3","2"]
[8451,488,"OVDP10","Deer Park","VIC","AU","Gasoline",null,"clay","C",null,4322,"SVB2",8451,"2005-06-29",{"$nulls":4},9115,null,null,29.52756,null,32.8084,{"$nulls":10},"Dissolved",false,false,false,false,false,false,false,false,null,"UST","Dissolved phase (MW06/24)","MW06/24","2005-06-29","Dissolved phase (MW06/24)",null,357,null,35,null,322,null,6,"<",2,"<",2,"<",2,{"$nulls":8},87.6,null,21.2,"<",7.1,"<",21.2,{"$nulls":5},196.09,{"$nulls":20},"clay, basalt","yes","yes","3","2"]
[8452,488,"OVDP10","Deer Park","VIC","AU","Gasoline",null,"clay","C",null,4323,"SVB3",8452,"2005-06-29",{"$nulls":4},9117,null,null,29.52756,null,32.8084,{"$nulls":10},"Dissolved",false,false,false,false,false,false,false,false,null,"UST","Dissolved Phase (MW09/20)","MW09/20","2005-06-29","Dissolved Phase (MW09/20)",null,97,"<",20,null,77,null,4,"<",2,"<",2,"<",2,{"$nulls":7},"<",0.79,null,4.7,null,1.4,null,7.1,{"$nulls":5},35.28,{"$nulls":20},"clay, basalt","yes","yes","3","2"]
[8453,488,"OVDP10","Deer Park","VIC","AU","Gasoline",null,"clay","C",null,4323,"SVB3",8453,"2005-06-27",{"$nulls":4},9116,null,null,29.52756,null,32.8084,{"$nulls":10},"Dissolved",false,false,false,false,false,false,false,false,null,"UST","Dissolved Phase (MW09/20)","MW09/20","2005-06-27","Dissolved Phase (MW09/20)",null,97,"<",20,null,77,null,4,"<",2,"<",2,"<",2,{"$nulls":7},"<",0.85,null,22.1,null,1.5,null,5.6,{"$nulls":3},151.3,{"$nulls":22},"clay, basalt","yes","yes","3","2"]
[8454,488,"OVDP10","Deer Park","VIC","AU","Gasoline",null,"clay","C",null,4324,"SVB4",8454,"2005-06-27",{"$nulls":4},9118,null,null,29.855644,null,32.8084,{"$nulls":10},"Dissolved",false,false,false,false,false,false,false,false,null,"UST","Dissolved phase (MW08/18)","MW08/18","2005-06-27","Dissolved phase (MW08/18)",null,136,"<",20,null,116,null,4,"<",2,"<",2,"<",2,{"$nulls":7},"<",1.1,null,13.1,null,1.2,null,3.8,{"$nulls":3},83.95,{"$nulls":22},"clay, basalt","yes","yes","3","2"]
[8455,488,"OVDP10","Deer Park","VIC","AU","Gasoline",null,"clay","C",null,4324,"SVB4",8455,"2005-06-29",{"$nulls":4},9119,null,null,29.855644,null,32.8084,{"$nulls":10},"Dissolved",false,false,false,false,false,false,false,false,null,"UST","Dissolved phase (MW08/18)","MW08/18","2005-06-29","Dissolved phase (MW08/18)",null,136,"<",20,null,116,null,4,"<",2,"<",2,"<",2,{"$nulls":7},"<",0.62,null,3.7,null,1,null,3.9,{"$nulls":5},23.96,{"$nulls":20},"clay, basalt","yes","yes","3","2"]
[8456,488,"OVDP10","Deer Park","VIC","AU","Gasoline",null,"clay","C",null,4325,"SVB5",8456,"2005-06-29",{"$nulls":4},9120,null,null,26.24672,null,32.8084,{"$nulls":10},"Dissolved",false,false,false,true,false,false,false,false,null,"UST","Dissolved Phase (MW02)","MW02","2005-06-29","Dissolved Phase (MW02)",null,7530,null,7200,null,330,null,5500,null,125,null,81,null,28,{"$nulls":8},1.29,null,6.3,null,0.9,null,4.2,{"$nulls":5},23.46,{"$nulls":20},"clay, basalt","yes","yes","3","2"]
[8457,488,"OVDP10","Deer Park","VIC","AU","Gasoline",null,"clay","C",null,4326,"SVB6",8457,"2005-06-29",{"$nulls":4},9121,null,null,26.24672,null,32.8084,{"$nulls":10},"NAPL",false,true,false,true,false,false,false,false,null,"UST","Dissolved Phase (MW04/05)","MW04/05","2005-06-29","Dissolved Phase (MW04/05)",null,27700,null,25200,null,2500,null,14100,null,2000,null,930,null,2600,{"$nulls":8},1.4,null,4.4,null,0.9,null,4.5,{"$nulls":5},36.3,{"$nulls":20},"clay, basalt","yes","yes","3","2"]
[8462,479,"OVE1","Elsternwick","VIC","AU","Gasoline",null,"clayey sand/silty sand","SIC",null,4329,"SG01",8462,"2008-11-01",{"$nulls":7},4.92126,null,21.32546,{"$nulls":5},4,null,20.9,"<",0,"NAPL",true,false,false,false,false,false,false,false,null,"UST","PSH - degraded leaded petrol - MW19",{"$nulls":25},12000000,null,18000000,null,830000,null,3780000,null,16000000,{"$nulls":3},53950000,{"$nulls":21},"no","unknown","4","4"]
[8463,479,"OVE1","Elsternwick","VIC","AU","Gasoline",null,"clayey sand/silty sand","SIC",null,4329,"SG01",8463,"2008-03-01",{"$nulls":7},4.92126,null,21.32546,{"$nulls":5},0.9,null,22.1,null,1.5,"NAPL",true,false,false,false,false,false,false,false,null,"UST","PSH - degraded leaded petrol - MW19",{"$nulls":25},6900000,null,11000000,null,420000,null,1980000,null,8000000,{"$nulls":3},31380000,{"$nulls":21},"no","unknown","4","4"]
[8460,479,"OVE1","Elsternwick","VIC","AU","Gasoline",null,"clayey sand/silty sand","SIC",null,4328,"SG01",8460,"2008-11-01",{"$nulls":7},9.84252,null,21.32546,{"$nulls":5},3,null,20.8,"<",0,"NAPL",true,false,false,false,false,false,false,false,null,"UST","PSH - degraded leaded petrol - MW19",{"$nulls":59},"no","unknown","4","4"]
[8461,479,"OVE1","Elsternwick","VIC","AU","Gasoline",null,"clayey sand/silty sand","SIC",null,4328,"SG01",8461,"2008-03-01",{"$nulls":7},9.84252,null,21.32546,{"$nulls":5},1,null,22,null,1.2,"NAPL",true,false,false,false,false,false,false,false,null,"UST","PSH - degraded leaded petrol - MW19",{"$nulls":25},1400000,null,2400000,null,100000,null,400000,null,4300000,{"$nulls":3},10088000,{"$nulls":21},"no","unknown","4","4"]
[8458,479,"OVE1","Elsternwick","VIC","AU","Gasoline",null,"fill","SIC",null,4327,"SG01",8458,"2008-03-01",{"$nulls":7},18.04462,null,21.32546,{"$nulls":5},0.8,null,22.5,null,1.1,"NAPL",true,false,false,false,false,false,false,false,null,"UST","PSH - degraded leaded petrol - MW19",{"$nulls":25},690,null,2700,null,210,null,1040,null,340,{"$nulls":3},5497,{"$nulls":20},"silty sand","no","unknown","4","4"]
[8459,479,"OVE1","Elsternwick","VIC","AU","Gasoline",null,"fill","SIC",null,4327,"SG01",8459,"2008-11-01",{"$nulls":7},18.04462,null,21.32546,{"$nulls":5},4,null,21,"<",0,"NAPL",true,false,false,false,false,false,false,false,null,"UST","PSH - degraded leaded petrol - MW19",{"$nulls":24},"<",null,"<",null,"<",null,"<",null,"<",null,"<",null,"<",{"$nulls":21},"silty sand","no","unknown","4","4"]
[8466,479,"OVE1","Elsternwick","VIC","AU","Gasoline",null,"clayey sand/silty sand","SIC",null,4331,"SG02",8466,"2008-11-01",{"$nulls":7},4.92126,null,21.32546,{"$nulls":5},3,null,21,"<",0,"NAPL",true,false,false,false,false,false,false,false,null,"UST","PSH - degraded leaded petrol - MW19",{"$nulls":25},6000000,null,10000000,null,910000,null,4320000,null,13000000,{"$nulls":3},38175000,{"$nulls":21},"no","unknown","4","4"]
[8467,479,"OVE1","Elsternwick","VIC","AU","Gasoline",null,"clayey sand/silty sand","SIC",null,4331,"SG02",8467,"2008-03-01",{"$nulls":7},4.92126,null,21.32546,{"$nulls":5},0.9,null,20.5,null,1,"NAPL",true,false,false,false,false,false,false,false,null,"UST","PSH - degraded leaded petrol - MW19",{"$nulls":25},1800000,null,1600000,null,41000,null,11000,null,4700000,{"$nulls":3},9381000,{"$nulls":21},"no","unknown","4","4"]
[8464,479,"OVE1","Elsternwick","VIC","AU","Gasoline",null,"clayey sand/silty sand","SIC",null,4330,"SG02",8464,"2008-11-01",{"$nulls":7},11.48294,null,21.32546,{"$nulls":5},4,null,21,"<",0,"NAPL",true,false,false,false,false,false,false,false,null,"UST","PSH - degraded leaded petrol - MW19",{"$nulls":25},2800000,null,6500000,null,960000,null,3980000,null,15000000,{"$nulls":3},33990000,{"$nulls":20},"silty sand","no","unknown","4","4"]
[8465,479,"OVE1","Elsternwick","VIC","AU","Gasoline",null,"clayey sand/silty sand","SIC",null,4330,"SG02",8465,"2008-03-01",{"$nulls":7},11.48294,null,21.32546,{"$nulls":5},0.8,null,22.6,null,1.1,"NAPL",true,false,false,false,false,false,false,false,null,"UST","PSH - degraded leaded petrol - MW19",{"$nulls":25},1700000,null,4600000,null,440000,null,1960000,null,6600000,{"$nulls":3},20947000,{"$nulls":20},"silty sand","no","unknown","4","4"]
[8468,479,"OVE1","Elsternwick","VIC","AU","Gasoline",null,"fill","SIC",null,4332,"SG03",8468,"2008-11-01",{"$nulls":4},9122,null,null,18.04462,null,21.32546,{"$nulls":5},4,null,21.1,"<",0,"Dissolved",false,false,false,false,false,false,false,false,null,"UST","upgradient - MW14","MW14","2008-11-01","upgradient - MW14",null,80,null,80,"<",null,"<",null,"<",null,"<",null,"<",{"$nulls":42},"silty sand","no","yes","4","2"]
[8469,479,"OVE1","Elsternwick","VIC","AU","Gasoline",null,"fill","SIC",null,4332,"SG03",8469,"2008-03-01",{"$nulls":4},9123,null,null,18.04462,null,21.32546,{"$nulls":5},0.9,null,21.2,null,1.2,"NAPL",false,false,false,false,false,false,false,true,"Aliphatics (hexane) in soil gas >1000 ug/m3","UST","upgradient - MW14","MW14","2008-03-01","upgradient - MW14",null,80,null,80,{"$nulls":18},49,null,490,null,120,null,590,null,120,{"$nulls":3},67642,{"$nulls":20},"silty sand","no","yes","4","2"]
[8470,479,"OVE1","Elsternwick","VIC","AU","Gasoline",null,"fill (sub-slab)","SIC",null,4333,"SG04_(SS)",8470,"2008-03-01",null,null,"Building",null,9124,null,null,20.833334,null,21.32546,{"$nulls":5},1,null,20.5,null,1.1,"Dissolved",false,false,false,false,false,false,false,false,null,"UST","downgradient sub-slab - MW10","MW10","2008-03-01","downgradient sub-slab - MW10",null,350,null,350,"<",null,null,118,null,130,null,13,null,92,{"$nulls":8},3.2,null,9.2,"<",null,"<",null,"<",{"$nulls":4},12.4,{"$nulls":21},"no","yes","4","2"]
[8471,479,"OVE1","Elsternwick","VIC","AU","Gasoline",null,"fill (sub-slab)","SIC",null,4333,"SG04_(SS)",8471,"2008-11-01",null,null,"Building",null,9125,null,null,20.833334,null,21.32546,{"$nulls":4},"<",0,null,20.6,"<",0,"Dissolved",false,false,false,false,false,false,false,false,null,"UST","downgradient sub-slab - MW10","MW10","2008-11-01","downgradient sub-slab - MW10",null,350,null,350,"<",null,null,118,null,130,null,13,null,92,{"$nulls":8},36,null,7.5,"<",null,null,6.2,"<",{"$nulls":4},55.3,{"$nulls":21},"no","yes","4","2"]
[8472,526,"OVF48","Footscray","VIC","AU","Gasoline/Diesel",null,"fill","C",null,4334,"SG01",8472,"2009-07-01",{"$nulls":7},2.952756,null,9.514436,{"$nulls":5},28.5,null,1.3,null,60.5,"NAPL",false,false,false,false,false,false,false,true,"Aliphatics (hexane) in soil gas >1000 ug/m3","UST",{"$nulls":26},16,null,15,"<",3.7,null,3.8,null,82,{"$nulls":3},1054.5,{"$nulls":21},"no","yes","4","5"]
[8473,526,"OVF48","Footscray","VIC","AU","Gasoline/Diesel",null,"fill","C",null,4335,"SG02",8473,"2009-07-01",{"$nulls":7},2.952756,null,9.514436,{"$nulls":5},24,null,0.5,null,70,"NAPL",false,false,false,false,false,false,false,true,"Aliphatics (hexane) in soil gas >1000 ug/m3","UST",{"$nulls":26},63,null,74,null,15,null,68,null,160,{"$nulls":3},1834,{"$nulls":21},"no","yes","4","5"]
[8474,526,"OVF48","Footscray","VIC","AU","Gasoline/Diesel",null,"fill","C",null,4336,"SG03",8474,"2009-07-01",{"$nulls":7},2.952756,null,9.514436,{"$nulls":5},10.3,null,1.4,null,0.2,"Dissolved",false,false,false,false,false,false,false,false,null,"UST","dissolved phase impacts",{"$nulls":24},"<",97,"<",97,"<",110,"<",130,null,660,{"$nulls":3},28880,{"$nulls":21},"no","yes","1","4"]
[8475,526,"OVF48","Footscray","VIC","AU","Gasoline/Diesel",null,"fill","C",null,4337,"SG04",8475,"2009-07-01",{"$nulls":4},9126,null,null,2.952756,null,9.514436,{"$nulls":5},13.1,null,5.3,null,0.6,"NAPL",true,false,false,false,false,false,false,false,null,"UST","dissolved phase impacts - source","SG04-GW","2009-07-01","dissolved phase impacts - source",null,6740,null,4320,null,2420,null,857,{"$nulls":5},1600,{"$nulls":8},830,"<",210,"<",250,"<",570,null,150000,{"$nulls":3},240020,{"$nulls":21},"no","yes","4","5"]
[8476,526,"OVF48","Footscray","VIC","AU","Gasoline/Diesel",null,"fill","C",null,4338,"SS01",8476,"2009-07-01",null,null,"Building",{"$nulls":4},6.069554,null,6.56168,{"$nulls":5},10.3,null,0.5,null,0.1,"Dissolved",false,false,false,false,false,false,false,false,null,"UST",{"$nulls":25},"<",3.4,null,17,"<",4.6,"<",9.2,"<",3.7,{"$nulls":3},2036,{"$nulls":21},"no","yes","1","4"]
[8477,526,"OVF48","Footscray","VIC","AU","Gasoline/Diesel",null,"fill","C",null,4339,"SS02",8477,"2009-07-01",null,null,"Building",{"$nulls":4},6.069554,null,6.56168,{"$nulls":5},3.9,null,13.6,"<",0,"Dissolved",false,false,false,false,false,false,false,false,null,"UST",{"$nulls":25},"<",3.4,null,12,"<",4.6,"<",9.2,"<",3.7,{"$nulls":3},1512,{"$nulls":21},"no","yes","1","4"]
[8478,526,"OVF48","Footscray","VIC","AU","Gasoline/Diesel",null,"fill","C",null,4340,"SS03",8478,"2009-07-01",null,null,"Building",{"$nulls":4},6.069554,null,6.56168,{"$nulls":5},11.1,null,10.2,"<",0,"Dissolved",false,false,false,false,false,false,false,false,null,"UST",{"$nulls":25},"<",3.4,null,11,"<",4.6,"<",9.2,"<",3.7,{"$nulls":3},952.3,{"$nulls":21},"no","yes","1","4"]
[8479,492,"OVL14","Langwarrin","VIC","AU","Gasoline",null,"sandy clay fill","SIC",null,4341,"SV1",8479,"2007-11-01",{"$nulls":4},9127,null,null,1.312336,null,4.593176,{"$nulls":10},"NAPL",true,false,false,true,false,false,false,false,null,"UST","PSH and dissolved phase (MW01, MW02)","MW01, MW02","2007-11-01","PSH and dissolved phase (MW01, MW02)",null,17080,null,4580,null,12500,null,48200,null,34400,null,3820,null,15800,{"$nulls":8},9,null,977,null,27,null,94,{"$nulls":3},99999,{"$nulls":22},"sandy clay, sandstone","no","yes","4","4"]
[8480,492,"OVL14","Langwarrin","VIC","AU","Gasoline",null,"sandy clay fill","SIC",null,4342,"SV2",8480,"2007-11-01",{"$nulls":4},9128,null,null,1.312336,null,4.593176,{"$nulls":10},"NAPL",true,false,false,true,false,false,false,false,null,"UST","PSH and dissolved phase (MW01, MW02)","MW01, MW02","2007-11-01","PSH and dissolved phase (MW01, MW02)",null,17080,null,4580,null,12500,null,48200,null,34400,null,3820,null,15800,{"$nulls":8},2.2,null,456.7,null,10.5,null,34.5,{"$nulls":3},571.7,{"$nulls":22},"sandy clay, sandstone","no","yes","4","4"]
[8481,492,"OVL14","Langwarrin","VIC","AU","Gasoline",null,"sandy clay fill","SIC",null,4343,"SV3",8481,"2007-11-01",{"$nulls":7},1.64042,null,4.92126,{"$nulls":10},"Dissolved",false,false,false,false,false,false,false,false,null,"UST","Dissolved phase (LMW09)",{"$nulls":24},"<",5,null,595,null,14,null,42,{"$nulls":3},1090,{"$nulls":22},"sandy clay, sandstone","no","yes","4","4"]
[8482,492,"OVL14","Langwarrin","VIC","AU","Gasoline",null,"sandy clay fill","SIC",null,4344,"SV4",8482,"2007-11-01",{"$nulls":7},3.28084,null,6.56168,{"$nulls":10},"NAPL",false,false,false,false,false,false,false,true,"Aliphatics (TPH) in soil gas >50000 ug/m3 (where no hexane is reported)","UST","Dissolved phase (LMW08)",{"$nulls":24},"<",6.7,null,1158.3,null,7.8,null,7.8,null,null,"<",99999,{"$nulls":22},"sandy clay, sandstone","no","yes","4","4"]
[8485,480,"OVL2","Laverton","VIC","AU","Gasoline",null,"basalt","C",null,4347,"SG01,06",8485,"2007-07-01",{"$nulls":4},9129,null,null,1.312336,null,20.997376,{"$nulls":5},3.8,null,0,null,98.3,"NAPL",false,false,false,true,true,false,false,true,"Aliphatics (hexane) in soil gas >1000 ug/m3","UST","dissolved phase impacts - MW08","MW08","2007-07-01","dissolved phase impacts - MW08",null,38720,null,38720,{"$nulls":3},8010,null,357,null,1250,null,1282,{"$nulls":8},820000,null,31000,null,190000,null,230000,null,5300000,{"$nulls":3},11560000,{"$nulls":21},"yes","yes","5","5"]
[8484,480,"OVL2","Laverton","VIC","AU","Gasoline",null,"silty clay","C",null,4346,"SG01,06",8484,"2007-07-01",{"$nulls":4},9129,null,null,11.48294,null,20.997376,{"$nulls":5},2,null,7.9,"<",0,"NAPL",false,false,false,true,true,false,false,true,"Aliphatics (hexane) in soil gas >1000 ug/m3","UST","dissolved phase impacts - MW08","MW08","2007-07-01","dissolved phase impacts - MW08",null,38720,null,38720,{"$nulls":3},8010,null,357,null,1250,null,1282,{"$nulls":8},2.1,null,11,null,1.2,null,3.2,null,14,{"$nulls":3},1994.7,{"$nulls":21},"yes","yes","5","5"]
[8483,480,"OVL2","Laverton","VIC","AU","Gasoline",null,"fill","C",null,4345,"SG01,06",8483,"2007-07-01",{"$nulls":4},9129,null,null,19.028872,null,20.997376,{"$nulls":5},0.6,null,18.8,"<",0,"NAPL",false,false,false,true,true,false,false,false,null,"UST","dissolved phase impacts - MW08","MW08","2007-07-01","dissolved phase impacts - MW08",null,38720,null,38720,{"$nulls":3},8010,null,357,null,1250,null,1282,{"$nulls":8},0.59,null,4.5,"<",null,null,1.6,null,3.1,{"$nulls":3},71.37,{"$nulls":20},"basalt","yes","yes","5","5"]
[8488,480,"OVL2","Laverton","VIC","AU","Gasoline",null,"basalt","C",null,4350,"SG02,05",8488,"2007-07-01",{"$nulls":4},9130,null,null,1.312336,null,20.997376,{"$nulls":5},4.7,null,0,null,79.1,"NAPL",false,false,false,false,false,false,false,true,"Aliphatics (hexane) in soil gas >1000 ug/m3","UST","dissolved phase impacts - MW06","MW06","2007-07-01","dissolved phase impacts - MW06",null,510,null,510,{"$nulls":3},103,{"$nulls":3},18,{"$nulls":10},1400000,null,100000,null,420000,null,930000,null,4300000,{"$nulls":3},10945000,{"$nulls":21},"yes","yes","5","5"]
[8487,480,"OVL2","Laverton","VIC","AU","Gasoline",null,"silty clay","C",null,4349,"SG02,05",8487,"2007-07-01",{"$nulls":4},9130,null,null,11.811024,null,20.997376,{"$nulls":5},4.6,null,0,null,14.2,"NAPL",false,false,false,false,false,false,false,true,"Aliphatics (hexane) in soil gas >1000 ug/m3","UST","dissolved phase impacts - MW06","MW06","2007-07-01","dissolved phase impacts - MW06",null,510,null,510,{"$nulls":3},103,{"$nulls":3},18,{"$nulls":10},7200,"<",null,"<",null,"<",null,null,690000,{"$nulls":3},1000200,{"$nulls":21},"yes","yes","5","5"]
[8486,480,"OVL2","Laverton","VIC","AU","Gasoline",null,"fill","C",null,4348,"SG02,05",8486,"2007-07-01",{"$nulls":4},9130,null,null,18.536746,null,20.997376,{"$nulls":5},1.7,null,16.9,"<",0,"NAPL",false,true,false,false,false,false,false,false,null,"UST","dissolved phase impacts - MW06","MW06","2007-07-01","dissolved phase impacts - MW06",null,510,null,510,{"$nulls":3},103,{"$nulls":3},18,{"$nulls":10},0.62,null,4.4,"<",null,null,1.8,null,0.63,{"$nulls":3},48.95,{"$nulls":20},"basalt","yes","yes","5","5"]
[8491,480,"OVL2","Laverton","VIC","AU","Gasoline",null,"basalt","C",null,4353,"SG03,04",8491,"2007-07-01",{"$nulls":4},9131,null,null,2.46063,null,20.997376,{"$nulls":5},1.9,null,0,null,55.8,"NAPL",false,false,false,false,false,false,false,true,"Aliphatics (hexane) in soil gas >1000 ug/m3","UST","dissolved phase impacts - MW03","MW03","2007-07-01","dissolved phase impacts - MW03",null,440,null,440,{"$nulls":3},147,"<",null,null,50,null,9,{"$nulls":8},79000,null,750000,null,25000,null,42000,null,190000,{"$nulls":3},3717000,{"$nulls":21},"yes","yes","5","5"]
[8490,480,"OVL2","Laverton","VIC","AU","Gasoline",null,"silty clay","C",null,4352,"SG03,04",8490,"2007-07-01",{"$nulls":4},9131,null,null,11.154856,null,20.997376,{"$nulls":5},4,null,1.7,null,0.8,"NAPL",false,false,false,false,false,false,false,true,"Aliphatics (hexane) in soil gas >1000 ug/m3","UST","dissolved phase impacts - MW03","MW03","2007-07-01","dissolved phase impacts - MW03",null,440,null,440,{"$nulls":3},147,"<",null,null,50,null,9,{"$nulls":7},"<",0.1,null,390,"<",null,"<",null,null,37000,{"$nulls":3},209790,{"$nulls":21},"yes","yes","5","5"]
[8489,480,"OVL2","Laverton","VIC","AU","Gasoline",null,"fill","C",null,4351,"SG03,04",8489,"2007-07-01",{"$nulls":4},9131,null,null,18.536746,null,20.997376,{"$nulls":4},"<",0,null,20.8,"<",0,"NAPL",false,false,false,false,false,false,false,false,null,"UST","dissolved phase impacts - MW03","MW03","2007-07-01","dissolved phase impacts - MW03",null,440,null,440,{"$nulls":3},147,"<",null,null,50,null,9,{"$nulls":8},0.81,null,0.41,"<",null,"<",null,null,5,{"$nulls":3},10.32,{"$nulls":20},"basalt","yes","yes","5","5"]
[8492,493,"OVM15","Manifold","VIC","AU","Gasoline",null,"fill","SIC",null,4354,"SV01",8492,"2006-06-01",{"$nulls":4},9132,null,null,0.656168,null,3.28084,{"$nulls":10},"Dissolved",false,false,false,false,false,false,false,false,null,"UST","dissolved phase (MW01)","MW01","2006-06-01","dissolved phase (MW01)",null,2835,null,195,null,2640,null,133,"<",null,"<",null,null,2,{"$nulls":8},352,null,17.2,"<",4.3,"<",12.9,{"$nulls":3},8075.8,{"$nulls":22},"silty clay, clay","no","unknown","3","4"]
[8493,493,"OVM15","Manifold","VIC","AU","Gasoline",null,"fill","SIC",null,4355,"SV02",8493,"2006-06-01",{"$nulls":4},9133,9134,null,2.624672,null,4.92126,{"$nulls":10},"NAPL",false,false,false,false,false,true,true,true,"Aliphatics (TPH) in soil gas >50000 ug/m3 (where no hexane is reported)","UST","dissolved phase (MW11); soil (mg/kg)","MW11","2006-06-01","dissolved phase (MW11)",null,6210,null,3610,null,2600,null,2840,null,10,null,182,null,101,{"$nulls":8},737.3,null,84.8,null,103.2,null,106,{"$nulls":3},94374.4,null,null,"SV02-S","soil (mg/kg)",null,10.2,null,13.3,null,230,null,1137,null,549.9,null,4.9,null,545,{"$nulls":4},"silty clay, clay","no","unknown","3","4"]
[8494,496,"OVPE18","Prahran East","VIC","AU","Gasoline",null,"silty clay/sandy clay","SIC",null,4356,"SV01",8494,"2008-01-01",{"$nulls":7},13.12336,null,16.4042,{"$nulls":10},"NAPL",true,false,false,false,false,false,false,false,null,"UST","PSH onsite - degraded petrol",{"$nulls":24},"<",0.8,null,11,"<",0.83,"<",2.5,null,null,"<",123,{"$nulls":22},"silty clay/sandy clay","no","unknown","4","4"]
[8496,496,"OVPE18","Prahran East","VIC","AU","Gasoline",null,"silty clay/sandy clay","SIC",null,4358,"SV02",8496,"2008-01-01",{"$nulls":7},3.28084,null,16.4042,{"$nulls":10},"NAPL",true,false,false,false,false,false,false,false,null,"UST","PSH onsite - degraded petrol",{"$nulls":25},4454,null,718,"<",718,{"$nulls":5},704022,{"$nulls":23},"no","unknown","4","4"]
[8495,496,"OVPE18","Prahran East","VIC","AU","Gasoline",null,"silty clay/sandy clay","SIC",null,4357,"SV02",8495,"2008-01-01",{"$nulls":7},13.12336,null,16.4042,{"$nulls":10},"NAPL",true,false,false,false,false,false,false,false,null,"UST","PSH onsite - degraded petrol",{"$nulls":25},2.83,null,2.5,"<",0.83,"<",2.5,{"$nulls":3},888,{"$nulls":22},"silty clay/sandy clay","no","unknown","4","4"]
[8497,497,"OVR19","Reservoir","VIC","AU","Gasoline",null,"fill, silty clay","C",null,4359,"SV01",8497,"2004-09-01",{"$nulls":4},9199,null,null,23.8188984,null,26.24672,{"$nulls":10},"Dissolved",false,false,false,false,false,false,false,false,null,"UST","dissolved phase offsite","SV01-GW","2004-09-01","dissolved phase offsite",null,null,"<",null,"<",null,"<",null,"<",null,"<",null,"<",{"$nulls":8},"<",3.8,null,10.6,"<",3.8,"<",7.6,{"$nulls":26},"basalt","yes","yes","3","2"]
[8498,497,"OVR19","Reservoir","VIC","AU","Gasoline",null,"fill, silty clay","C",null,4360,"SV02",8498,"2004-09-01",{"$nulls":4},9135,null,null,24.6719168,null,26.24672,{"$nulls":10},"Dissolved",false,false,false,false,false,false,false,false,null,"UST","dissolved phase offsite","SV02-GW","2004-09-01","dissolved phase offsite",null,77,null,77,"<",null,null,2,"<",null,"<",null,"<",{"$nulls":8},"<",3.5,null,13.2,"<",3.5,"<",6.9,{"$nulls":26},"basalt","yes","yes","3","2"]
[8499,497,"OVR19","Reservoir","VIC","AU","Gasoline",null,"fill, silty clay","C",null,4361,"SV03",8499,"2004-09-01",{"$nulls":4},9136,null,null,24.1469824,null,26.24672,{"$nulls":10},"Dissolved",false,false,false,false,false,false,false,false,null,"UST","dissolved phase offsite - near service line","SV03-GW","2004-09-01","dissolved phase offsite - near service line",null,77,null,77,"<",null,null,2,"<",null,"<",null,"<",{"$nulls":8},"<",3.6,null,9.4,"<",3.6,"<",7.3,{"$nulls":26},"basalt","yes","yes","3","2"]
[8500,499,"OVS21","Sandringham","VIC","AU","Gasoline",null,"sand with minor fill","S",null,4362,"SV01",8500,"2005-05-01",{"$nulls":4},9137,null,null,14.435696,null,17.388452,{"$nulls":10},"NAPL",false,true,false,true,true,false,false,false,null,"UST","dissolved phase","SV01-GW","2005-05-01","dissolved phase",null,1034400,null,1010000,null,24400,null,81800,null,175000,null,44200,null,291200,{"$nulls":8},7.4,null,5.6,null,1.9,null,4.8,{"$nulls":26},"sand, clayey sand, sand","no","yes","3","1"]
[8501,499,"OVS21","Sandringham","VIC","AU","Gasoline",null,"sand with minor fill","S",null,4362,"SV01",8501,"2006-03-01",{"$nulls":7},14.435696,null,17.388452,{"$nulls":10},"NAPL",true,false,false,false,false,false,false,false,null,"UST","PSH (MW9)",{"$nulls":25},865,"<",88.3,"<",88.3,"<",88.3,{"$nulls":3},367231,{"$nulls":22},"sand, clayey sand, sand","no","unknown","3","1"]
[8502,499,"OVS21","Sandringham","VIC","AU","Gasoline",null,"sand with minor fill","S",null,4363,"SV02",8502,"2005-05-01",{"$nulls":4},9138,null,null,15.091864,null,17.388452,{"$nulls":10},"NAPL",false,true,false,true,true,false,false,false,null,"UST","dissolved phase (MW07/18)","MW07/18","2005-05-01","dissolved phase (MW07/18)",null,200000,null,186000,null,14000,null,70400,null,84800,"<",1000,null,19600,{"$nulls":7},"<",2.8,null,13.5,"<",2.8,"<",8.5,{"$nulls":26},"sand, clayey sand, sand","no","yes","3","1"]
[8503,499,"OVS21","Sandringham","VIC","AU","Gasoline",null,"sand with minor fill","S",null,4363,"SV02",8503,"2006-03-01",{"$nulls":4},9139,null,null,15.091864,null,17.388452,{"$nulls":10},"NAPL",false,true,false,true,true,false,false,false,null,"UST","dissolved phase (MW07/18)","MW07/18","2006-03-01","dissolved phase (MW07/18)",null,200000,null,186000,null,14000,null,70400,null,84800,"<",1000,null,19600,{"$nulls":7},"<",0.8,null,6.3,null,1.9,null,5.1,{"$nulls":26},"sand, clayey sand, sand","no","yes","3","1"]
[8504,499,"OVS21","Sandringham","VIC","AU","Gasoline",null,"sand with minor fill","S",null,4364,"SV03",8504,"2006-03-01",{"$nulls":4},9141,null,null,15.419948,null,17.388452,{"$nulls":10},"NAPL",false,true,false,true,true,false,false,false,null,"UST","dissolved phase (MW15/16)","MW15/16","2006-03-01","dissolved phase (MW15/16)",null,58700,null,52500,null,6200,null,21600,null,21700,null,1000,null,6880,{"$nulls":8},1.4,null,301.8,null,1.9,null,10,{"$nulls":26},"sand, clayey sand, sand","no","yes","3","1"]
[8505,499,"OVS21","Sandringham","VIC","AU","Gasoline",null,"sand with minor fill","S",null,4364,"SV03",8505,"2005-05-01",{"$nulls":4},9140,null,null,15.419948,null,17.388452,{"$nulls":10},"NAPL",false,true,false,true,true,false,false,false,null,"UST","dissolved phase (MW15/16)","MW15/16","2005-05-01","dissolved phase (MW15/16)",null,58700,null,52500,null,6200,null,21600,null,21700,null,1000,null,6880,{"$nulls":7},"<",0.9,null,6,null,2.3,null,6.9,{"$nulls":26},"sand, clayey sand, sand","no","yes","3","1"]
[8507,550,"OVVS72","Vermont South","VIC","AU","Gasoline",null,"siltstone","C",null,4366,"SVB1",8507,"2009-09-01",{"$nulls":4},9142,null,null,6.56168,null,32.8084,{"$nulls":5},9.3,null,7.8,"<",0.01,"Dissolved",false,false,false,false,false,false,false,false,null,"UST","Outer edge dissolved plume (MW47)","MW47","2009-09-01","Outer edge dissolved plume (MW47)",null,155,"<",20,null,135,null,3,"<",2,"<",2,null,8,{"$nulls":8},26,"<",10,null,63,null,200,null,500,null,1100,{"$nulls":23},"yes","yes","5","5"]
[8506,550,"OVVS72","Vermont South","VIC","AU","Gasoline",null,"clay, silty clay","C",null,4365,"SVB1",8506,"2009-09-01",{"$nulls":4},9142,null,null,26.24672,null,32.8084,{"$nulls":5},2.2,null,18,"<",0.01,"Dissolved",false,false,false,false,false,false,false,false,null,"UST","Outer edge dissolved plume (MW47)","MW47","2009-09-01","Outer edge dissolved plume (MW47)",null,155,"<",20,null,135,null,3,"<",2,"<",2,null,8,{"$nulls":7},"<",10,"<",10,"<",10,null,21,"<",100,"<",100,{"$nulls":22},"siltstone","yes","yes","5","5"]
[8509,550,"OVVS72","Vermont South","VIC","AU","Gasoline",null,"siltstone","C",null,4368,"SVB2",8509,"2009-09-01",{"$nulls":4},9143,null,null,4.92126,null,32.8084,{"$nulls":5},13,null,4.6,"<",0.01,"NAPL",false,true,false,false,false,false,false,false,null,"UST","Dissolved plume (MW13)","MW13","2009-09-01","Dissolved plume (MW13)",null,480,null,280,"<",200,null,131,"<",2,"<",2,null,4,{"$nulls":7},"<",100,"<",100,"<",100,"<",100,null,19000,null,20400,{"$nulls":23},"yes","yes","5","5"]
[8508,550,"OVVS72","Vermont South","VIC","AU","Gasoline",null,"clay (1.2m), siltstone","C",null,4367,"SVB2",8508,"2009-09-01",{"$nulls":4},9143,null,null,24.6063,null,32.8084,{"$nulls":5},3.2,null,17,"<",0.01,"NAPL",false,true,false,false,false,false,false,false,null,"UST","Dissolved plume (MW13)","MW13","2009-09-01","Dissolved plume (MW13)",null,480,null,280,"<",200,null,131,"<",2,"<",2,null,4,{"$nulls":7},"<",10,"<",10,"<",10,"<",10,"<",100,"<",100,{"$nulls":22},"siltstone","yes","yes","5","5"]
[8511,550,"OVVS72","Vermont South","VIC","AU","Gasoline",null,"siltstone","C",null,4370,"SVB3",8511,"2009-09-01",{"$nulls":7},6.56168,null,32.8084,{"$nulls":5},14,null,8.9,"<",0.01,"NAPL",true,false,false,false,false,false,false,false,null,"UST","PSH (MW34)",{"$nulls":25},74000,null,180000,null,33000,null,210000,null,1500000,null,3034700,{"$nulls":23},"yes","yes","5","5"]
[8510,550,"OVVS72","Vermont South","VIC","AU","Gasoline",null,"clay, silty clay","C",null,4369,"SVB3",8510,"2009-09-01",{"$nulls":7},26.24672,null,32.8084,{"$nulls":5},2.8,null,18,"<",0.01,"NAPL",true,false,false,false,false,false,false,false,null,"UST","PSH (MW34)",{"$nulls":24},"<",10,"<",10,null,14,null,48,null,300,null,400,{"$nulls":22},"siltstone","yes","yes","5","5"]
[8513,550,"OVVS72","Vermont South","VIC","AU","Gasoline",null,"siltstone","C",null,4372,"SVB4",8513,"2009-09-01",{"$nulls":7},6.56168,null,32.8084,{"$nulls":5},6.4,null,0.2,null,1.2,"NAPL",true,false,false,false,false,false,false,false,null,"UST","PSH (MW37)",{"$nulls":25},890,null,1200,null,45000,null,100000,null,1000000,null,6299000,{"$nulls":23},"yes","yes","5","5"]
[8512,550,"OVVS72","Vermont South","VIC","AU","Gasoline",null,"clay, silty clay","C",null,4371,"SVB4",8512,"2009-09-01",{"$nulls":7},26.24672,null,32.8084,{"$nulls":5},3.1,null,15,"<",0.01,"NAPL",true,false,false,false,false,false,false,false,null,"UST","PSH (MW37)",{"$nulls":25},12,"<",10,null,30,null,86,null,100,null,400,{"$nulls":22},"siltstone","yes","yes","5","5"]
[8515,550,"OVVS72","Vermont South","VIC","AU","Gasoline",null,"siltstone","C",null,4374,"SVB5",8515,"2009-09-01",{"$nulls":7},3.28084,null,32.8084,{"$nulls":5},12,null,0.3,null,4.7,"NAPL",true,false,false,false,false,false,false,false,null,"UST","PSH (MW39)",{"$nulls":25},1900000,null,26000,null,28000,null,880000,null,4500000,null,8894000,{"$nulls":23},"yes","yes","5","5"]
[8514,550,"OVVS72","Vermont South","VIC","AU","Gasoline",null,"clay, silty clay","C",null,4373,"SVB5",8514,"2009-09-01",{"$nulls":7},26.24672,null,32.8084,{"$nulls":5},3.2,null,1,"<",0.01,"NAPL",true,false,false,false,false,false,false,false,null,"UST","PSH (MW39)",{"$nulls":25},170,"<",10,null,280,null,1100,null,600,null,2800,{"$nulls":22},"siltstone","yes","yes","5","5"]
[8516,555,"OVW77","Wantirna","VIC","AU","Gasoline",null,"silty clay","C",null,4375,"SV01",8516,"2009-09-01",{"$nulls":4},9144,null,null,0.656168,null,3.937008,{"$nulls":5},2.7,null,15.5,"<",0,"NAPL",false,true,false,true,true,false,false,false,null,"UST","Dissolved phase","SV01-GW","2009-09-01","Dissolved phase",null,48860,null,47300,null,1560,null,10900,null,22300,null,2300,null,18100,{"$nulls":7},"<",0.8,null,2,"<",0.8,"<",2.5,{"$nulls":3},267,{"$nulls":22},"silty clay","no","yes","4","3"]
[8517,555,"OVW77","Wantirna","VIC","AU","Gasoline",null,"concrete, silty clay","C",null,4376,"SV02",8517,"2009-09-01",null,null,"Pavement",null,9145,null,null,0.656168,null,3.937008,{"$nulls":5},0.1,null,20.8,"<",0,"NAPL",false,true,false,true,true,false,false,false,null,"UST","Dissolved phase","SV02-GW","2009-09-01","Dissolved phase",null,48860,null,47300,null,1560,null,10900,null,22300,null,2300,null,18100,{"$nulls":7},"<",2,null,2.8,"<",1.3,"<",3.8,{"$nulls":3},640,{"$nulls":22},"silty clay","no","yes","4","3"]
[8518,555,"OVW77","Wantirna","VIC","AU","Gasoline",null,"concrete, silty sandy clay","C",null,4377,"SV03",8518,"2009-09-01",null,null,"Pavement",null,9146,null,null,0.656168,null,3.937008,{"$nulls":4},"<",0,null,20.6,"<",0,"NAPL",false,true,false,true,true,false,false,false,null,"UST","Dissolved phase","SV03-GW","2009-09-01","Dissolved phase",null,48860,null,47300,null,1560,null,10900,null,22300,null,2300,null,18100,{"$nulls":8},23,null,53,"<",8.3,null,106.7,{"$nulls":3},28916,{"$nulls":22},"silty clay","no","yes","4","3"]
[8519,501,"OVYL23","Yarraville Lab","VIC","AU","Gasoline",null,"Newer Volcanics","C",null,4378,"SS01L",8519,"2005-12-01",null,null,"Building",{"$nulls":4},29.035434,null,29.52756,{"$nulls":4},"<",0,null,20,null,null,"NAPL",true,false,false,false,false,false,false,false,null,"UST","PSH beneath whole site (petrol)",{"$nulls":25},1.3,null,90,null,2.9,null,19.6,null,3.4,{"$nulls":3},125.1,{"$nulls":20},"clay/basalt","yes","yes","4","3"]
[8520,501,"OVYL23","Yarraville Lab","VIC","AU","Gasoline",null,"Newer Volcanics","C",null,4379,"SS02L",8520,"2005-12-01",null,null,"Building",{"$nulls":4},29.035434,null,29.52756,{"$nulls":4},"<",0,null,19.9,null,null,"NAPL",true,false,false,false,false,false,false,false,null,"UST","PSH beneath whole site (petrol)",{"$nulls":25},3,null,220,null,10,null,69,null,4.9,{"$nulls":3},332.3,{"$nulls":20},"clay/basalt","yes","yes","4","3"]
[8521,501,"OVYL23","Yarraville Lab","VIC","AU","Gasoline",null,"concrete, clay","C",null,4380,"SV01",8521,"2005-12-01",null,null,"Pavement",{"$nulls":4},26.24672,null,29.52756,{"$nulls":5},0.2,null,15.5,null,null,"NAPL",true,false,false,false,false,false,false,false,null,"UST","PSH beneath whole site (petrol)",{"$nulls":24},"<",0.5,null,9.8,"<",0.69,null,2.73,"<",0.56,{"$nulls":24},"basalt","yes","yes","4","3"]
[8522,501,"OVYL23","Yarraville Lab","VIC","AU","Gasoline",null,"concrete, clay","C",null,4381,"SV02",8522,"2005-12-01",null,null,"Pavement",{"$nulls":4},26.24672,null,29.52756,{"$nulls":5},0.8,null,11.3,null,null,"NAPL",true,false,false,false,false,false,false,false,null,"UST","PSH beneath whole site (petrol)",{"$nulls":25},0.7,null,6.7,"<",0.74,null,1.7,null,0.6,{"$nulls":24},"basalt","yes","yes","4","3"]
[8523,501,"OVYL23","Yarraville Lab","VIC","AU","Gasoline",null,"concrete, clay","C",null,4382,"SV03",8523,"2005-12-01",null,null,"Pavement",{"$nulls":4},26.24672,null,29.52756,{"$nulls":5},2.5,null,4.8,null,null,"NAPL",true,false,false,false,false,false,false,false,null,"UST","PSH beneath whole site (petrol)",{"$nulls":24},"<",0.61,null,0.011,"<",0.83,null,3.5,"<",0.67,{"$nulls":24},"basalt","yes","yes","4","3"]
[8524,501,"OVYL23","Yarraville Lab","VIC","AU","Gasoline",null,"concrete, clay","C",null,4383,"SV04",8524,"2005-12-01",null,null,"Pavement",{"$nulls":4},26.24672,null,29.52756,{"$nulls":5},1.1,null,15.8,null,null,"NAPL",true,false,false,false,false,false,false,false,null,"UST","PSH beneath whole site (petrol)",{"$nulls":24},"<",0.57,null,0.0082,"<",0.78,"<",1.8,"<",0.63,{"$nulls":24},"basalt","yes","yes","4","3"]
[8525,501,"OVYL23","Yarraville Lab","VIC","AU","Gasoline",null,"concrete, clay","C",null,4384,"SV05",8525,"2005-12-01",null,null,"Pavement",{"$nulls":4},26.24672,null,29.52756,{"$nulls":5},1.3,null,3.5,null,null,"NAPL",true,false,false,false,false,false,false,false,null,"UST","PSH beneath whole site (petrol)",{"$nulls":25},0.7,null,0.0072,"<",0.73,null,2.7,"<",0.59,{"$nulls":24},"basalt","yes","yes","4","3"]
[8526,502,"OVYT24","Yarraville Terminal","VIC","AU","Gasoline",null,"Newer Volcanics","C",null,4385,"SS03",8526,"2008-06-01",null,null,"Building",{"$nulls":4},25.754594,null,26.24672,{"$nulls":5},2.3,null,7.8,null,null,"NAPL",true,false,false,false,false,false,false,false,null,"Terminal","PSH beneath whole site (petrol)",{"$nulls":25},2.5,null,65,null,3.1,null,21.2,null,5.5,{"$nulls":3},112.64,{"$nulls":20},"clay/basalt","yes","unknown","4","5"]
[8527,502,"OVYT24","Yarraville Terminal","VIC","AU","Gasoline",null,"Newer Volcanics","C",null,4386,"SS04",8527,"2008-06-01",null,null,"Building",{"$nulls":4},25.754594,null,26.24672,{"$nulls":5},0.2,null,18.6,null,null,"NAPL",true,false,false,false,false,false,false,false,null,"Terminal","PSH beneath whole site (petrol)",{"$nulls":25},4,null,70,null,3.6,null,19.1,null,5.4,{"$nulls":3},117.6,{"$nulls":20},"clay/basalt","yes","unknown","4","5"]
[8528,502,"OVYT24","Yarraville Terminal","VIC","AU","Gasoline",null,"Shallow Unit Zone","C",null,4387,"SS05",8528,"2008-06-01",null,null,"Building",{"$nulls":4},25.754594,null,26.24672,{"$nulls":5},0.5,null,17.7,null,null,"NAPL",true,false,false,false,false,false,false,false,null,"Terminal","PSH beneath whole site (petrol)",{"$nulls":25},1.7,null,100,null,4.9,null,32.7,null,0.97,{"$nulls":3},156.49,{"$nulls":20},"clay/basalt","yes","unknown","4","5"]
[8529,502,"OVYT24","Yarraville Terminal","VIC","AU","Gasoline",null,null,"C",null,4388,"SS06",8529,"2008-06-01",null,null,"Building",{"$nulls":4},25.754594,null,26.24672,{"$nulls":5},0.5,null,17.7,null,null,"NAPL",true,false,false,false,false,false,false,false,null,"Terminal","PSH beneath whole site (petrol)",{"$nulls":25},1.5,null,60,null,3,null,16.5,null,0.9,{"$nulls":3},88.4,{"$nulls":20},"clay/basalt","yes","unknown","4","5"]
[8531,521,"PAC43","Chisholm","ACT","AU","Gasoline",null,"sandy/silty fill","SIC",null,4390,"NWC",8531,"2006-05-01",{"$nulls":4},9147,null,null,7.217848,null,13.779528,{"$nulls":10},"NAPL",true,false,false,true,false,false,false,false,null,"UST","Dissolved phase from spill","NWC-GW","2006-05-01","Dissolved phase from spill",null,10170,null,10100,null,70,null,21900,null,36600,null,2300,null,6200,{"$nulls":8},2.4,null,11.4,null,1.5,null,18,null,null,"<",22,{"$nulls":23},"no","yes","3","3"]
[8530,521,"PAC43","Chisholm","ACT","AU","Gasoline",null,"sandy/silty fill","SIC",null,4389,"NWC",8530,"2006-05-01",{"$nulls":4},9147,null,null,10.498688,null,13.779528,{"$nulls":10},"NAPL",true,false,false,true,false,false,false,false,null,"UST","Dissolved phase from spill","NWC-GW","2006-05-01","Dissolved phase from spill",null,10170,null,10100,null,70,null,21900,null,36600,null,2300,null,6200,{"$nulls":8},1,null,5.6,null,3.1,null,17,null,null,"<",22,{"$nulls":23},"no","yes","3","3"]
[8533,521,"PAC43","Chisholm","ACT","AU","Gasoline",null,"sandy/silty fill","SIC",null,4392,"SEC",8533,"2006-05-01",{"$nulls":4},9148,null,null,7.217848,null,13.779528,{"$nulls":10},"NAPL",true,false,false,true,false,false,false,false,null,"UST","Dissolved phase from spill","SEC-GW","2006-05-01","Dissolved phase from spill",null,10170,null,10100,null,70,null,21900,null,36600,null,2300,null,6200,{"$nulls":8},2.8,null,12.3,null,6.5,null,35.1,null,null,"<",22,{"$nulls":23},"no","yes","3","3"]
[8532,521,"PAC43","Chisholm","ACT","AU","Gasoline",null,"sandy/silty fill","SIC",null,4391,"SEC",8532,"2006-05-01",{"$nulls":4},9148,null,null,10.498688,null,13.779528,{"$nulls":10},"NAPL",true,false,false,true,false,false,false,false,null,"UST","Dissolved phase from spill","SEC-GW","2006-05-01","Dissolved phase from spill",null,10170,null,10100,null,70,null,21900,null,36600,null,2300,null,6200,{"$nulls":8},0.8,null,13.2,null,8.5,null,42.1,null,null,"<",22,{"$nulls":23},"no","yes","3","3"]
[8535,521,"PAC43","Chisholm","ACT","AU","Gasoline",null,"sandy/silty fill","SIC",null,4394,"SWC",8535,"2006-05-01",{"$nulls":4},9149,null,null,7.874016,null,13.779528,{"$nulls":10},"NAPL",true,false,false,true,false,false,false,false,null,"UST","Dissolved phase from spill","SWC-GW","2006-05-01","Dissolved phase from spill",null,10170,null,10100,null,70,null,21900,null,36600,null,2300,null,6200,{"$nulls":8},9.6,null,21.1,null,9.6,null,55.3,null,null,"<",22,{"$nulls":23},"no","yes","3","3"]
[8534,521,"PAC43","Chisholm","ACT","AU","Gasoline",null,"sandy/silty fill","SIC",null,4393,"SWC",8534,"2006-05-01",{"$nulls":4},9149,null,null,10.498688,null,13.779528,{"$nulls":10},"NAPL",true,false,false,true,false,false,false,false,null,"UST","Dissolved phase from spill","SWC-GW","2006-05-01","Dissolved phase from spill",null,10170,null,10100,null,70,null,21900,null,36600,null,2300,null,6200,{"$nulls":8},3.2,null,25.4,null,7,null,23.8,null,null,"<",22,{"$nulls":23},"no","yes","3","3"]
[8536,520,"PNC42","Cammeray","NSW","AU","Gasoline",null,"sandy clay","SIC",null,4395,"BP01",8536,"2008-08-01",null,null,"Building",{"$nulls":4},0.492126,null,0.984252,{"$nulls":10},"NAPL",true,false,false,false,false,false,false,false,null,"UST","PSH from petrol spill",{"$nulls":24},"<",null,"<",null,"<",null,"<",null,null,90000,{"$nulls":3},1197000,{"$nulls":21},"no","unknown","4","5"]
[8537,520,"PNC42","Cammeray","NSW","AU","Gasoline",null,"sandy clay","SIC",null,4396,"BP04",8537,"2008-08-01",null,null,"Building",{"$nulls":4},0.492126,null,0.984252,{"$nulls":10},"NAPL",true,false,false,false,false,false,false,false,null,"UST","PSH from petrol spill",{"$nulls":25},380000,null,5400000,null,100000,null,2550000,null,3600000,{"$nulls":3},18680000,{"$nulls":21},"no","unknown","4","5"]
[8538,520,"PNC42","Cammeray","NSW","AU","Gasoline",null,"sandy clay","SIC",null,4397,"BP06",8538,"2008-08-01",null,null,"Building",{"$nulls":4},7.709974,null,8.2021,{"$nulls":10},"NAPL",true,false,false,false,false,false,false,false,null,"UST","PSH from petrol spill",{"$nulls":25},2.3,null,14,null,1.1,null,7.2,null,4.4,{"$nulls":3},116,{"$nulls":21},"no","unknown","4","5"]
[8539,520,"PNC42","Cammeray","NSW","AU","Gasoline",null,"sandy clay","SIC",null,4398,"BP07",8539,"2008-08-01",null,null,"Building",{"$nulls":4},7.709974,null,8.2021,{"$nulls":10},"NAPL",true,false,false,false,false,false,false,false,null,"UST","PSH from petrol spill",{"$nulls":25},5.8,null,44,null,2.2,null,26.2,null,12,{"$nulls":3},220,{"$nulls":21},"no","unknown","4","5"]
[8542,519,"PVBN41","Brighton North","VIC","AU","Gasoline",null,"sandy clay/gravel","SIC",null,4401,"SG1",8542,"2008-11-01",{"$nulls":4},9150,null,null,1.64042,null,18.04462,{"$nulls":5},2.9,null,15.9,null,81.2,"NAPL",false,false,false,true,false,false,false,true,"Aliphatics (TPH) in soil gas >50000 ug/m3 (where no hexane is reported)","UST","dissolved phase","SG1-GW","2008-11-01","dissolved phase",null,12700,null,4600,null,8100,null,29400,null,36500,null,1990,null,10530,{"$nulls":8},270000,null,450000,null,34000,null,71000,null,22000000,null,16200000,{"$nulls":23},"no","yes","4","5"]
[8541,519,"PVBN41","Brighton North","VIC","AU","Gasoline",null,"sandy clay/gravel","SIC",null,4400,"SG1",8541,"2008-11-01",{"$nulls":4},9150,null,null,8.2021,null,18.04462,{"$nulls":5},0.1,null,20.8,null,0.1,"NAPL",false,true,false,true,false,false,false,false,null,"UST","dissolved phase","SG1-GW","2008-11-01","dissolved phase",null,12700,null,4600,null,8100,null,29400,null,36500,null,1990,null,10530,{"$nulls":7},"<",100,"<",100,"<",100,"<",100,null,130,null,1800,{"$nulls":23},"no","yes","4","5"]
[8540,519,"PVBN41","Brighton North","VIC","AU","Gasoline",null,"fill (silty sand)","SIC",null,4399,"SG1",8540,"2008-11-01",{"$nulls":4},9150,null,null,14.76378,null,18.04462,{"$nulls":5},0.6,null,17.4,null,0.1,"NAPL",false,true,false,true,false,false,false,false,null,"UST","dissolved phase","SG1-GW","2008-11-01","dissolved phase",null,12700,null,4600,null,8100,null,29400,null,36500,null,1990,null,10530,{"$nulls":7},"<",100,"<",100,"<",100,"<",100,null,100,null,3900,{"$nulls":23},"no","yes","4","5"]
[8545,519,"PVBN41","Brighton North","VIC","AU","Gasoline",null,"sandy clay/gravel","SIC",null,4404,"SG2",8545,"2008-11-01",{"$nulls":4},9151,null,null,1.64042,null,18.04462,{"$nulls":5},0.7,null,15.7,null,36,"NAPL",false,false,false,true,false,false,false,true,"Aliphatics (TPH) in soil gas >50000 ug/m3 (where no hexane is reported)","UST","dissolved phase","SG2-GW","2008-11-01","dissolved phase",null,12700,null,4600,null,8100,null,29400,null,36500,null,1990,null,10530,{"$nulls":7},"<",5000,"<",5000,"<",5000,"<",5000,null,420000,null,5650000,{"$nulls":23},"no","yes","4","5"]
[8544,519,"PVBN41","Brighton North","VIC","AU","Gasoline",null,"sandy clay","SIC",null,4403,"SG2",8544,"2008-11-01",{"$nulls":4},9151,null,null,8.2021,null,18.04462,{"$nulls":5},0.7,null,17.4,null,0.1,"NAPL",false,true,false,true,false,false,false,false,null,"UST","dissolved phase","SG2-GW","2008-11-01","dissolved phase",null,12700,null,4600,null,8100,null,29400,null,36500,null,1990,null,10530,{"$nulls":7},"<",100,"<",100,"<",100,"<",100,null,130,null,3300,{"$nulls":23},"no","yes","4","5"]
[8543,519,"PVBN41","Brighton North","VIC","AU","Gasoline",null,"fill (silty sand)","SIC",null,4402,"SG2",8543,"2008-11-01",{"$nulls":4},9151,null,null,14.76378,null,18.04462,{"$nulls":5},0.1,null,19.5,null,0.1,"NAPL",false,true,false,true,false,false,false,false,null,"UST","dissolved phase","SG2-GW","2008-11-01","dissolved phase",null,12700,null,4600,null,8100,null,29400,null,36500,null,1990,null,10530,{"$nulls":7},"<",100,"<",100,"<",100,"<",100,null,120,null,2030,{"$nulls":23},"no","yes","4","5"]
[8548,519,"PVBN41","Brighton North","VIC","AU","Gasoline",null,"sandy clay/gravel","SIC",null,4407,"SG3",8548,"2008-11-01",{"$nulls":4},9152,null,null,1.64042,null,18.04462,{"$nulls":5},2.2,null,13.1,null,84.7,"NAPL",false,false,false,true,false,false,false,true,"Aliphatics (TPH) in soil gas >50000 ug/m3 (where no hexane is reported)","UST","dissolved phase","SG3-GW","2008-11-01","dissolved phase",null,12700,null,4600,null,8100,null,29400,null,36500,null,1990,null,10530,{"$nulls":7},"<",5000,null,44000,"<",5000,"<",5000,null,6200000,null,51000000,{"$nulls":23},"no","yes","4","5"]
[8547,519,"PVBN41","Brighton North","VIC","AU","Gasoline",null,"sandy clay/gravel","SIC",null,4406,"SG3",8547,"2008-11-01",{"$nulls":4},9152,null,null,8.2021,null,18.04462,{"$nulls":5},4.4,null,15.6,null,0.1,"NAPL",false,true,false,true,false,false,false,false,null,"UST","dissolved phase","SG3-GW","2008-11-01","dissolved phase",null,12700,null,4600,null,8100,null,29400,null,36500,null,1990,null,10530,{"$nulls":8},200,null,490,"<",100,"<",100,null,140,null,13100,{"$nulls":23},"no","yes","4","5"]
[8546,519,"PVBN41","Brighton North","VIC","AU","Gasoline",null,"fill (silty sand)","SIC",null,4405,"SG3",8546,"2008-11-01",{"$nulls":4},9152,null,null,14.76378,null,18.04462,{"$nulls":5},0.1,null,19.1,null,0.1,"NAPL",false,true,false,true,false,false,false,false,null,"UST","dissolved phase","SG3-GW","2008-11-01","dissolved phase",null,12700,null,4600,null,8100,null,29400,null,36500,null,1990,null,10530,{"$nulls":7},"<",100,"<",100,"<",100,"<",100,null,140,null,1190,{"$nulls":23},"no","yes","4","5"]
[8549,522,"UVD44","Donald","VIC","AU","Gasoline",null,"topsoil/loam/sandy clay","SIC",null,4408,"SV01",8549,"2008-02-01",{"$nulls":4},9153,null,null,6.56168,null,13.12336,{"$nulls":10},"NAPL",false,true,false,true,false,false,false,false,null,"UST","Dissolved phase","SV01-GW","2008-02-01","Dissolved phase",null,5000,"<",null,null,5000,null,12000,null,18000,null,4600,null,22000,{"$nulls":8},0.78,null,4.4,"<",null,null,1.7,null,1.4,null,10.62,{"$nulls":22},"silty/sandy clay","no","yes","4","5"]
[8550,522,"UVD44","Donald","VIC","AU","Gasoline",null,"topsoil/loam/sandy clay","SIC",null,4409,"SV02",8550,"2008-02-01",{"$nulls":4},9154,null,null,6.56168,null,13.12336,{"$nulls":10},"NAPL",false,true,false,true,false,false,false,false,null,"UST","Dissolved phase","SV02-GW","2008-02-01","Dissolved phase",null,5000,"<",null,null,5000,null,12000,null,18000,null,4600,null,22000,{"$nulls":8},1.8,null,27,null,2.9,null,12,null,4.2,null,143.06,{"$nulls":22},"silty/sandy clay","no","yes","4","5"]
[8551,522,"UVD44","Donald","VIC","AU","Gasoline",null,"topsoil/loam/sandy clay","SIC",null,4410,"SV03",8551,"2008-02-01",{"$nulls":4},9155,null,null,6.56168,null,13.12336,{"$nulls":10},"NAPL",false,true,false,true,false,false,false,false,null,"UST","Dissolved phase","SV03-GW","2008-02-01","Dissolved phase",null,5000,"<",null,null,5000,null,12000,null,18000,null,4600,null,22000,{"$nulls":8},0.79,null,4.2,"<",null,null,1.5,null,1.8,null,9.79,{"$nulls":22},"silty/sandy clay","no","yes","4","5"]
[8552,599,"XNB121","Barham","NSW","AU","Gasoline/Diesel",null,"clay, silty clay","C",null,4411,"SG4",8552,"2010-04-01",{"$nulls":5},9156,null,0,null,14.76378,{"$nulls":5},14,null,3.4,null,0.09,"NAPL",false,false,false,false,false,true,true,true,"Aliphatics (TPH) in soil gas >50000 ug/m3 (where no hexane is reported)","UST","Soil impacts (BH4) (mg/kg data)",{"$nulls":25},7000000,null,11300000,null,710000,null,3600000,null,4600000,null,139340000,null,null,"BH4","Soil impacts (BH4) (mg/kg data)",null,23.8,null,233,null,57.9,null,343.1,null,1310,null,1040,null,270,{"$nulls":4},"silty clay","no","yes","4","4"]
[8553,599,"XNB121","Barham","NSW","AU","Gasoline/Diesel",null,"subslab","C",null,4412,"SS1",8553,"2010-04-01",null,null,"Building",null,null,9157,null,1.148294,null,1.64042,{"$nulls":5},2.9,null,17,"<",0.01,"NAPL",false,false,false,false,false,true,true,false,null,"UST","Subslab (3m northwest of SG4)",{"$nulls":24},"<",47,"<",56,"<",64,"<",128,"<",52,null,385,null,null,"SS1-S","Subslab (3m northwest of SG4)",null,23.8,null,233,null,57.9,null,343.1,null,1310,null,1040,null,270,{"$nulls":5},"no","yes","4","4"]
[8554,599,"XNB121","Barham","NSW","AU","Gasoline/Diesel",null,"subslab","C",null,4413,"SS2",8554,"2010-04-01",null,null,"Building",null,null,9158,null,1.148294,null,1.64042,{"$nulls":5},10,null,10,"<",0.01,"NAPL",false,false,false,false,false,true,true,false,null,"UST","Subslab 2m west of SG4",{"$nulls":24},"<",46,"<",54,"<",63,"<",126,"<",51,null,492,null,null,"SS2-S","Subslab 2m west of SG4",null,23.8,null,233,null,57.9,null,343.1,null,1310,null,1040,null,270,{"$nulls":5},"no","yes","4","4"]
[8555,599,"XNB121","Barham","NSW","AU","Gasoline/Diesel",null,"subslab","C",null,4414,"SS3",8555,"2010-04-01",null,null,"Building",null,null,9159,null,1.148294,null,1.64042,{"$nulls":5},6.3,null,14,"<",0.1,"NAPL",false,false,false,false,false,true,true,false,null,"UST","Subslab (3m southwest of SG4)",{"$nulls":24},"<",45,null,387,"<",31,"<",122,"<",50,null,1107,null,null,"SS3-S","Subslab (3m southwest of SG4)",null,23.8,null,233,null,57.9,null,343.1,null,1310,null,1040,null,270,{"$nulls":5},"no","yes","4","4"]
[8556,600,"XNLR122","Lightning Ridge","NSW","AU","Gasoline/Diesel",null,"fill, claystone/siltstone","C",null,4415,"SG4",8556,"2010-04-01",{"$nulls":5},9160,null,11.48294,null,19.68504,{"$nulls":5},2.3,null,17,"<",0.01,"NAPL",false,false,false,false,false,true,true,true,"Aliphatics (TPH) in soil gas >50000 ug/m3 (where no hexane is reported)","UST","Soil impacts (BH8) (mg/kg data)",{"$nulls":24},"<",300,null,4000,"<",410,"<",820,null,120000,null,2944800,null,null,"BH8","Soil impacts (BH8) (mg/kg data)",null,31.2,null,280,null,88,null,581,null,3930,null,2380,null,1550,{"$nulls":4},"siltstone/clay","no","yes","4","3"]
[8557,600,"XNLR122","Lightning Ridge","NSW","AU","Gasoline/Diesel",null,"subslab","C",null,4416,"SS1",8557,"2010-04-01",null,null,"Building",null,null,9161,null,19.192914,null,19.68504,{"$nulls":5},4.2,null,16,"<",0.01,"NAPL",false,false,false,false,false,true,true,false,null,"UST","Subslab (2m southeast of BH8 - edge of slab)",{"$nulls":24},"<",42,"<",50,"<",57,"<",114,"<",46,null,532,null,null,"BH8","Subslab (2m southeast of BH8 - edge of slab)",null,31.2,null,280,null,88,null,581,null,3930,null,2380,null,1550,{"$nulls":5},"no","yes","4","3"]
[8558,600,"XNLR122","Lightning Ridge","NSW","AU","Gasoline/Diesel",null,"subslab","C",null,4417,"SS2",8558,"2010-04-01",null,null,"Building",null,null,9162,null,19.192914,null,19.68504,{"$nulls":5},1.4,null,18,"<",0.01,"NAPL",false,false,false,false,false,true,true,false,null,"UST","Subslab (2m east of BH8 - edge of slab)",{"$nulls":24},"<",44,"<",52,"<",60,"<",120,"<",49,null,1390,null,null,"BH8","Subslab (2m east of BH8 - edge of slab)",null,31.2,null,280,null,88,null,581,null,3930,null,2380,null,1550,{"$nulls":5},"no","yes","4","3"]
[8559,600,"XNLR122","Lightning Ridge","NSW","AU","Gasoline/Diesel",null,"subslab","C",null,4418,"SS3",8559,"2010-04-01",null,null,"Building",null,null,9163,null,19.192914,null,19.68504,{"$nulls":5},1.1,null,17,"<",0.01,"NAPL",false,false,false,false,false,true,true,false,null,"UST","Subslab (4m east of BH8 - centre of slab)",{"$nulls":24},"<",48,"<",57,"<",66,"<",132,"<",53,null,1554,null,null,"BH8","Subslab (4m east of BH8 - centre of slab)",null,31.2,null,280,null,88,null,581,null,3930,null,2380,null,1550,{"$nulls":5},"no","yes","4","3"]
[8561,601,"XNM123","Minto","NSW","AU","Gasoline/Diesel",null,"weathered shale/sandstone","C",null,4420,"SV1",8561,"2010-11-01",{"$nulls":4},9164,null,null,2.788714,null,12.139108,{"$nulls":7},0.1,null,24.8,"NAPL",true,false,false,true,true,false,false,false,null,"UST","PSH and dissolved phase (MW11)","MW11","2010-11-01","PSH and dissolved phase (MW11)",null,55700,null,46000,null,9700,null,18000,null,18000,null,2400,null,12700,{"$nulls":8},10000,"<",210,"<",240,"<",480,null,17000,null,2846086,{"$nulls":23},"yes","yes","4","3"]
[8560,601,"XNM123","Minto","NSW","AU","Gasoline/Diesel",null,"silty clay","C",null,4419,"SV1",8560,"2010-11-01",{"$nulls":4},9164,null,null,6.233596,null,12.139108,{"$nulls":5},8.5,null,9,null,0.6,"NAPL",true,false,false,true,true,false,false,false,null,"UST","PSH and dissolved phase (MW11)","MW11","2010-11-01","PSH and dissolved phase (MW11)",null,55700,null,46000,null,9700,null,18000,null,18000,null,2400,null,12700,{"$nulls":7},"<",23,"<",27,"<",31,"<",62,null,58,null,24646,{"$nulls":22},"shale/sandstone","yes","yes","4","3"]
[8563,601,"XNM123","Minto","NSW","AU","Gasoline/Diesel",null,"weathered shale/sandstone","C",null,4422,"SV2",8563,"2010-11-01",{"$nulls":4},9165,null,null,2.788714,null,12.139108,{"$nulls":5},15.6,null,3.3,null,21.8,"NAPL",false,false,false,true,false,false,false,true,"Aliphatics (TPH) in soil gas >50000 ug/m3 (where no hexane is reported)","UST","Dissolved phase (MW10)","MW10","2010-11-01","Dissolved phase (MW10)",null,27200,null,22000,null,5200,null,6100,null,9500,null,2700,null,10800,{"$nulls":8},240,"<",99,"<",110,"<",220,null,63000,null,1424530,{"$nulls":23},"yes","yes","4","3"]
[8562,601,"XNM123","Minto","NSW","AU","Gasoline/Diesel",null,"silty clay","C",null,4421,"SV2",8562,"2010-11-01",{"$nulls":4},9165,null,null,6.889764,null,12.139108,{"$nulls":5},15.5,null,4.9,null,3.3,"NAPL",false,false,false,true,false,false,false,true,"Aliphatics (TPH) in soil gas >50000 ug/m3 (where no hexane is reported)","UST","Dissolved phase (MW10)","MW10","2010-11-01","Dissolved phase (MW10)",null,27200,null,22000,null,5200,null,6100,null,9500,null,2700,null,10800,{"$nulls":8},48,"<",56,"<",64,"<",128,null,12000,null,271718,{"$nulls":22},"shale/sandstone","yes","yes","4","3"]
[8565,601,"XNM123","Minto","NSW","AU","Gasoline/Diesel",null,"weathered shale/sandstone","C",null,4424,"SV3",8565,"2010-11-01",{"$nulls":4},9200,null,null,2.624672,null,12.139108,{"$nulls":5},18.8,null,1.2,"<",0,"Dissolved",false,false,false,false,false,false,false,false,null,"UST","Adjacent to dissolved phase (MW3)","MW3","2010-11-01","Adjacent to dissolved phase (MW3)",null,null,"<",null,"<",null,"<",null,"<",null,"<",null,"<",{"$nulls":9},4.6,"<",5.4,"<",6.3,"<",12.6,"<",5.1,null,3456,{"$nulls":23},"yes","yes","4","4"]
[8564,601,"XNM123","Minto","NSW","AU","Gasoline/Diesel",null,"silty clay","C",null,4423,"SV3",8564,"2010-11-01",{"$nulls":4},9200,null,null,6.889764,null,12.139108,{"$nulls":5},12,null,7.8,null,0.2,"Dissolved",false,false,false,false,false,false,false,false,null,"UST","Adjacent to dissolved phase (MW3)","MW3","2010-11-01","Adjacent to dissolved phase (MW3)",null,null,"<",null,"<",null,"<",null,"<",null,"<",null,"<",{"$nulls":8},"<",4.5,"<",5.3,"<",6.1,"<",12.2,"<",5,null,579,{"$nulls":22},"shale/sandstone","yes","yes","4","4"]
[8566,602,"XVD124","Drysdale","VIC","AU","Gasoline/Diesel",null,"silty sand gravel","SIC",null,4425,"MW12",8566,"2009-10-01",{"$nulls":4},9166,null,null,0,null,75.45932,{"$nulls":10},"NAPL",true,false,false,true,true,false,false,false,null,"UST","PSH (MW12) - headspace from GW well","MW12","2009-10-01","PSH (MW12) - headspace from GW well",null,98000,null,83000,null,15000,null,25000,null,2600,null,40000,null,15000,{"$nulls":7},"<",2502230,"<",4500949,"<",459590,"<",234900,{"$nulls":5},8533652,{"$nulls":21},"no","yes","1","3"]
[8567,602,"XVD124","Drysdale","VIC","AU","Gasoline/Diesel",null,"silty sand gravel","SIC",null,4426,"MW13",8567,"2009-10-01",{"$nulls":4},9167,null,null,0,null,75.45932,{"$nulls":10},"NAPL",true,false,false,true,true,false,false,false,null,"UST","PSH (MW13) - headspace from GW well","MW13","2009-10-01","PSH (MW13) - headspace from GW well",null,600000,null,130000,null,470000,null,47000,null,3300,null,59000,null,18000,{"$nulls":7},"<",3736300,"<",6410665,"<",589940,"<",2802200,{"$nulls":5},14085784,{"$nulls":21},"no","yes","1","3"]
[8568,602,"XVD124","Drysdale","VIC","AU","Gasoline/Diesel",null,"silty sand gravel","SIC",null,4427,"MW6",8568,"2009-10-01",{"$nulls":4},9168,null,null,0,null,75.45932,{"$nulls":10},"NAPL",true,false,false,true,true,false,false,false,null,"UST","PSH (MW6) - headspace from GW well","MW6","2009-10-01","PSH (MW6) - headspace from GW well",null,98000,null,83000,null,15000,null,25000,null,2600,null,40000,null,15000,{"$nulls":7},"<",3224750,"<",4282870,"<",317440,"<",2267400,{"$nulls":5},10457660,{"$nulls":21},"no","yes","1","3"]
[8569,602,"XVD124","Drysdale","VIC","AU","Gasoline/Diesel",null,null,"SIC",null,4428,"VB1",8569,"2009-10-01",{"$nulls":4},9169,null,null,19.68504,null,75.45932,{"$nulls":10},"NAPL",true,false,false,true,true,false,false,false,null,"UST","PSH (MW12)","MW12","2009-10-01","PSH (MW12)",null,98000,null,83000,null,15000,null,25000,null,2600,null,40000,null,15000,{"$nulls":7},"<",5,"<",5,"<",5,"<",5,{"$nulls":27},"no","yes","1","3"]
[8570,602,"XVD124","Drysdale","VIC","AU","Gasoline/Diesel",null,"silty sand gravel","SIC",null,4429,"VB2",8570,"2009-10-01",{"$nulls":4},9170,null,null,64.632548,null,68.89764,{"$nulls":10},"Dissolved",false,false,false,false,false,false,false,false,null,"UST","Dissolved phase MW03","VB2-GW","2009-10-01","Dissolved phase MW03",null,9030,null,8600,null,430,null,4300,null,160,null,3500,null,700,{"$nulls":7},"<",5,"<",5,"<",5,"<",5,{"$nulls":27},"no","yes","1","1"]
[8571,602,"XVD124","Drysdale","VIC","AU","Gasoline/Diesel",null,"silty sand gravel","SIC",null,4430,"VB3",8571,"2009-10-01",{"$nulls":4},9171,null,null,26.902888,null,75.45932,{"$nulls":10},"NAPL",true,false,false,true,true,false,false,false,null,"UST","PSH (MW12)","MW12","2009-10-01","PSH (MW12)",null,98000,null,83000,null,15000,null,25000,null,2600,null,40000,null,15000,{"$nulls":7},"<",17777,"<",106660,"<",13206,"<",86345,{"$nulls":27},"no","yes","1","3"]
[8572,602,"XVD124","Drysdale","VIC","AU","Gasoline/Diesel",null,"silty sand gravel","SIC",null,4431,"VB4",8572,"2009-10-01",{"$nulls":4},9172,null,null,19.68504,null,75.45932,{"$nulls":10},"NAPL",true,false,false,true,true,false,false,false,null,"UST","PSH (MW12)","MW12","2009-10-01","PSH (MW12)",null,98000,null,83000,null,15000,null,25000,null,2600,null,40000,null,15000,{"$nulls":7},"<",940000,"<",640000,"<",139000,"<",630000,{"$nulls":27},"no","yes","1","3"]
[8573,602,"XVD124","Drysdale","VIC","AU","Gasoline/Diesel",null,"silty sand gravel","SIC",null,4432,"VB5",8573,"2009-10-01",{"$nulls":4},9173,null,null,9.84252,null,75.45932,{"$nulls":10},"NAPL",true,false,false,true,true,false,false,false,null,"UST","PSH (MW12)","MW12","2009-10-01","PSH (MW12)",null,98000,null,83000,null,15000,null,25000,null,2600,null,40000,null,15000,{"$nulls":7},"<",930000,"<",950000,"<",28000,"<",71000,{"$nulls":27},"no","yes","1","3"]
[8574,602,"XVD124","Drysdale","VIC","AU","Gasoline/Diesel",null,"sand, clayey sand","SIC",null,4433,"VB6",8574,"2009-10-01",{"$nulls":4},9174,null,null,73.162732,null,77.427824,{"$nulls":10},"NAPL",true,false,false,true,true,false,false,false,null,"UST","PSH (MW23)","MW23","2009-10-01","PSH (MW23)",null,83000,null,69000,null,14000,null,14000,null,2800,null,28000,null,18000,{"$nulls":7},"<",5,"<",5,"<",5,"<",5,{"$nulls":27},"no","yes","1","1"]
[8575,602,"XVD124","Drysdale","VIC","AU","Gasoline/Diesel",null,"sand, clayey sand","SIC",null,4434,"VB7",8575,"2009-10-01",{"$nulls":4},9201,null,null,67.913388,null,72.17848,{"$nulls":5},0.1,null,20.5,"<",0,"Dissolved",false,false,false,false,false,false,false,false,null,"UST","Offsite upgradient","VB7-GW","2009-10-01","Offsite upgradient",null,null,"<",null,"<",null,"<",null,"<",null,"<",null,"<",{"$nulls":8},"<",5,"<",5,"<",5,"<",5,{"$nulls":27},"no","yes","1","1"]
[8576,602,"XVD124","Drysdale","VIC","AU","Gasoline/Diesel",null,"sand, clayey sand","SIC",null,4435,"VB8",8576,"2009-10-01",{"$nulls":4},9202,null,null,67.913388,null,72.17848,{"$nulls":5},0.4,null,20.1,"<",0,"Dissolved",false,false,false,false,false,false,false,false,null,"UST","Offsite upgradient","VB8-GW","2009-10-01","Offsite upgradient",null,null,"<",null,"<",null,"<",null,"<",null,"<",null,"<",{"$nulls":8},"<",5,"<",5,"<",5,"<",5,{"$nulls":27},"no","yes","1","1"]
[8578,531,"XVK53","Keysborough","VIC","AU","Gasoline/Diesel",null,"fill, sandy, gravel, clay","SIC",null,4437,"SG01",8578,"2009-08-01",{"$nulls":4},9175,null,null,1.64042,null,13.12336,{"$nulls":5},0.8,null,4.8,null,0.6,"NAPL",true,false,false,false,true,false,false,false,null,"UST","Dissolved and PSH in groundwater (GW20)","GW20","2009-08-01","Dissolved and PSH in groundwater (GW20)",null,49000,null,28000,null,21000,null,760,null,23000,null,3900,null,45000,{"$nulls":7},"<",28,"<",33,"<",38,"<",38,"<",31,{"$nulls":3},2186,{"$nulls":21},"no","unknown","5","5"]
[8577,531,"XVK53","Keysborough","VIC","AU","Gasoline/Diesel",null,"fill, sandy, gravel, clay","SIC",null,4436,"SG01",8577,"2009-08-01",{"$nulls":4},9175,null,null,8.2021,null,13.12336,{"$nulls":5},1,null,6.9,null,0.2,"NAPL",true,false,false,false,true,false,false,false,null,"UST","Dissolved and PSH in groundwater (GW20)","GW20","2009-08-01","Dissolved and PSH in groundwater (GW20)",null,49000,null,28000,null,21000,null,760,null,23000,null,3900,null,45000,{"$nulls":7},"<",28,"<",33,"<",38,"<",38,"<",31,{"$nulls":3},1276,{"$nulls":20},"sandy clay","no","unknown","5","5"]
[8580,531,"XVK53","Keysborough","VIC","AU","Gasoline/Diesel",null,"sandy clay","SIC",null,4439,"SG02",8580,"2009-08-01",{"$nulls":4},9176,null,null,1.64042,null,13.12336,{"$nulls":5},13.8,null,0,null,8.8,"NAPL",false,false,false,false,false,false,false,true,"Aliphatics (hexane) in soil gas >1000 ug/m3","UST","Dissolved phase (GW35)","GW35","2009-08-01","Dissolved phase (GW35)",null,1500,null,1300,null,200,null,1600,null,79,null,70,null,930,{"$nulls":8},55,null,65,null,75,null,75,null,340,{"$nulls":3},16570,{"$nulls":21},"no","yes","5","5"]
[8579,531,"XVK53","Keysborough","VIC","AU","Gasoline/Diesel",null,"fill, sandy, gravel, clay","SIC",null,4438,"SG02",8579,"2009-08-01",{"$nulls":4},9176,null,null,8.2021,null,13.12336,{"$nulls":5},10.6,null,0,null,7.1,"NAPL",false,false,false,false,false,false,false,true,"Aliphatics (hexane) in soil gas >1000 ug/m3","UST","Dissolved phase (GW35)","GW35","2009-08-01","Dissolved phase (GW35)",null,1500,null,1300,null,200,null,1600,null,79,null,70,null,930,{"$nulls":8},45,"<",33,"<",37,"<",37,null,320,{"$nulls":3},16970,{"$nulls":20},"sandy clay","no","yes","5","5"]
[8582,531,"XVK53","Keysborough","VIC","AU","Gasoline/Diesel",null,"sandy clay","SIC",null,4441,"SG03",8582,"2009-08-01",{"$nulls":4},9177,null,null,1.64042,null,13.12336,{"$nulls":5},2.3,null,7.4,"<",0,"Dissolved",false,false,false,false,false,false,false,false,null,"UST","Dissolved phase (GW40)","GW40","2009-08-01","Dissolved phase (GW40)",null,200,"<",100,"<",100,"<",1,"<",1,"<",1,"<",1,{"$nulls":8},12,null,27,null,3.9,null,3.9,null,250,{"$nulls":3},1336.8,{"$nulls":21},"no","yes","5","5"]
[8581,531,"XVK53","Keysborough","VIC","AU","Gasoline/Diesel",null,"fill, sandy, gravel, clay","SIC",null,4440,"SG03",8581,"2009-08-01",{"$nulls":4},9177,null,null,8.2021,null,13.12336,{"$nulls":5},4.2,null,3.9,"<",0,"Dissolved",false,false,false,false,false,false,false,false,null,"UST","Dissolved phase (GW40)","GW40","2009-08-01","Dissolved phase (GW40)",null,200,"<",100,"<",100,"<",1,"<",1,"<",1,"<",1,{"$nulls":8},6.4,null,13,null,3.9,null,14.7,null,30,{"$nulls":3},700.7,{"$nulls":20},"sandy clay","no","yes","5","5"]
[8584,531,"XVK53","Keysborough","VIC","AU","Gasoline/Diesel",null,"sandy clay","SIC",null,4443,"SG04",8584,"2009-08-01",{"$nulls":4},9178,null,null,1.64042,null,13.12336,{"$nulls":5},14.2,null,0.1,null,9.6,"NAPL",false,false,false,true,true,false,false,true,"Aliphatics (hexane) in soil gas >1000 ug/m3","UST","Dissolved phase (MW2)","MW2","2009-08-01","Dissolved phase (MW2)",null,120000,null,100000,null,20000,null,20000,null,30000,null,4000,null,20000,{"$nulls":8},2400,null,320,null,370,null,370,null,190000,{"$nulls":3},967230,{"$nulls":21},"no","yes","5","5"]
[8583,531,"XVK53","Keysborough","VIC","AU","Gasoline/Diesel",null,"sandy clay","SIC",null,4442,"SG04",8583,"2009-08-01",{"$nulls":4},9178,null,null,8.2021,null,13.12336,{"$nulls":5},12.8,null,0,null,1.5,"NAPL",false,false,false,true,true,false,false,true,"Aliphatics (hexane) in soil gas >1000 ug/m3","UST","Dissolved phase (MW2)","MW2","2009-08-01","Dissolved phase (MW2)",null,120000,null,100000,null,20000,null,20000,null,30000,null,4000,null,20000,{"$nulls":8},280,null,320,null,380,null,380,null,8500,{"$nulls":3},149640,{"$nulls":20},"sandy clay","no","yes","5","5"]
[8585,530,"XVW52","Warragul","VIC","AU","Gasoline/Diesel",null,"fill, sub-slab","SIC",null,4444,"SS01",8585,"2009-08-01",null,null,"Building",null,9179,null,null,6.069554,null,6.56168,{"$nulls":5},0.5,null,19.4,"<",0,"NAPL",true,false,false,true,false,false,false,false,null,"UST","PSH in groundwater and some residual soil impact","SS01-GW","2009-08-01","PSH in groundwater and some residual soil impact",null,14000,null,5000,null,9000,null,6200,null,8900,null,2900,null,19000,{"$nulls":7},"<",10,null,3100,"<",14,"<",28,"<",11,"<",null,"<",3332,{"$nulls":20},"sandy clay","no","no","5","3"]
[8586,530,"XVW52","Warragul","VIC","AU","Gasoline/Diesel",null,"fill, sub-slab","SIC",null,4445,"SS02",8586,"2009-08-01",null,null,"Building",null,9180,null,null,6.069554,null,6.56168,{"$nulls":5},0.6,null,19.5,"<",0,"NAPL",true,false,false,true,false,false,false,false,null,"UST","PSH in groundwater and some residual soil impact","SS02-GW","2009-08-01","PSH in groundwater and some residual soil impact",null,14000,null,5000,null,9000,null,6200,null,8900,null,2900,null,19000,{"$nulls":7},"<",11,null,2300,"<",14,"<",28,"<",12,"<",null,"<",2541,{"$nulls":20},"sandy clay","no","no","5","3"]
[8587,530,"XVW52","Warragul","VIC","AU","Gasoline/Diesel",null,"fill, sub-slab","SIC",null,4446,"SS03",8587,"2009-08-01",null,null,"Building",null,9181,null,null,6.069554,null,6.56168,{"$nulls":5},0.4,null,19.7,"<",0,"NAPL",true,false,false,true,false,false,false,false,null,"UST","PSH in groundwater and some residual soil impact","SS03-GW","2009-08-01","PSH in groundwater and some residual soil impact",null,14000,null,5000,null,9000,null,6200,null,8900,null,2900,null,19000,{"$nulls":8},4,null,630,"<",4.7,"<",9.4,"<",3.8,"<",null,"<",709.3,{"$nulls":20},"sandy clay","no","no","5","3"]
[8589,598,"XWB120","Ballajura","AUWA","AU","Gasoline/Diesel",null,"sand","S",null,4448,"SV1",8589,"2010-08-01",{"$nulls":4},9182,null,null,6.56168,null,19.68504,{"$nulls":5},3.5,null,17,"<",0.01,"Dissolved",false,false,false,false,false,false,false,false,null,"UST","Dissolved phase (MW15)","MW15","2010-08-01","Dissolved phase (MW15)",null,19400,null,18000,null,1400,null,180,null,9500,null,800,null,7800,{"$nulls":7},"<",10,null,13,"<",10,null,17,null,null,"<",100,{"$nulls":22},"sand","no","unknown","4","4"]
[8588,598,"XWB120","Ballajura","AUWA","AU","Gasoline/Diesel",null,"sand","S",null,4447,"SV1",8588,"2010-08-01",{"$nulls":4},9182,null,null,14.76378,null,19.68504,{"$nulls":5},2.2,null,18,"<",0.01,"Dissolved",false,false,false,false,false,false,false,false,null,"UST","Dissolved phase (MW15)","MW15","2010-08-01","Dissolved phase (MW15)",null,19400,null,18000,null,1400,null,180,null,9500,null,800,null,7800,{"$nulls":7},"<",10,"<",10,"<",10,"<",10,null,null,"<",100,{"$nulls":22},"sand","no","unknown","4","4"]
[8591,598,"XWB120","Ballajura","AUWA","AU","Gasoline/Diesel",null,"sand","S",null,4450,"SV2",8591,"2010-08-01",{"$nulls":4},9183,null,null,6.56168,null,19.68504,{"$nulls":5},2,null,18,"<",0.01,"Dissolved",false,false,false,false,false,false,false,false,null,"UST","Dissolved phase (MW19 and MW20)","MW19 and MW20","2010-08-01","Dissolved phase (MW19 and MW20)",null,4310,null,3700,null,610,null,90,null,770,null,460,null,2100,{"$nulls":7},"<",10,"<",10,"<",10,"<",10,null,null,"<",100,{"$nulls":22},"sand","no","yes","4","4"]
[8590,598,"XWB120","Ballajura","AUWA","AU","Gasoline/Diesel",null,"sand","S",null,4449,"SV2",8590,"2010-08-01",{"$nulls":4},9183,null,null,14.76378,null,19.68504,{"$nulls":5},1.2,null,20,"<",0.01,"Dissolved",false,false,false,false,false,false,false,false,null,"UST","Dissolved phase (MW19 and MW20)","MW19 and MW20","2010-08-01","Dissolved phase (MW19 and MW20)",null,4310,null,3700,null,610,null,90,null,770,null,460,null,2100,{"$nulls":7},"<",10,"<",10,"<",10,"<",10,null,null,"<",100,{"$nulls":22},"sand","no","yes","4","4"]
[8593,598,"XWB120","Ballajura","AUWA","AU","Gasoline/Diesel",null,"sand","S",null,4452,"SV3",8593,"2010-08-01",{"$nulls":4},9184,null,null,6.56168,null,19.68504,{"$nulls":5},1.6,null,19,"<",0.01,"Dissolved",false,false,false,false,false,false,false,false,null,"UST","Dissolved phase (MW18 and PB1A)","MW18 and PB1A","2010-08-01","Dissolved phase (MW18 and PB1A)",null,456,null,360,null,96,null,5,null,2.6,null,75,null,250,{"$nulls":7},"<",10,"<",10,"<",10,"<",10,null,null,"<",100,{"$nulls":22},"sand","no","yes","4","4"]
[8592,598,"XWB120","Ballajura","AUWA","AU","Gasoline/Diesel",null,"sand","S",null,4451,"SV3",8592,"2010-08-01",{"$nulls":4},9184,null,null,14.76378,null,19.68504,{"$nulls":5},1.1,null,20,"<",0.01,"Dissolved",false,false,false,false,false,false,false,false,null,"UST","Dissolved phase (MW18 and PB1A)","MW18 and PB1A","2010-08-01","Dissolved phase (MW18 and PB1A)",null,456,null,360,null,96,null,5,null,2.6,null,75,null,250,{"$nulls":7},"<",10,"<",10,"<",10,"<",10,null,null,"<",100,{"$nulls":22},"sand","no","yes","4","4"]